Name every bird species in the world - Passerines - Statistics

General Stats
  • This quiz has been taken 61 times
  • The average score is 83 of 6470
Answer Stats
English name Scientific name Family % Correct
American Robin Turdus migratorius Turdidae (Thrushes and Allies)
56%
European Robin Erithacus rubecula Muscicapidae (Old World Flycatchers)
56%
Great Tit Parus major Paridae (Tits, Chickadees, and Titmice)
56%
American Crow Corvus brachyrhynchos Corvidae (Crows, Jays, and Magpies)
50%
Blue Jay Cyanocitta cristata Corvidae (Crows, Jays, and Magpies)
50%
Common Raven Corvus corax Corvidae (Crows, Jays, and Magpies)
50%
House Sparrow Passer domesticus Passeridae (Old World Sparrows)
50%
European Starling Sturnus vulgaris Sturnidae (Starlings)
44%
Barn Swallow Hirundo rustica Hirundinidae (Swallows)
38%
Long-tailed Tit Aegithalos caudatus Aegithalidae (Long-tailed Tits)
38%
Black-capped Chickadee Poecile atricapillus Paridae (Tits, Chickadees, and Titmice)
31%
Blackthroat Calliope obscura Muscicapidae (Old World Flycatchers)
31%
Cactus Wren Campylorhynchus brunneicapillus Troglodytidae (Wrens)
31%
Carolina Wren Thryothorus ludovicianus Troglodytidae (Wrens)
31%
Eurasian Jay Garrulus glandarius Corvidae (Crows, Jays, and Magpies)
31%
Eurasian Magpie Pica pica Corvidae (Crows, Jays, and Magpies)
31%
Fish Crow Corvus ossifragus Corvidae (Crows, Jays, and Magpies)
31%
Northern Cardinal Cardinalis cardinalis Cardinalidae (Cardinals and Allies)
31%
Winter Wren Troglodytes hiemalis Troglodytidae (Wrens)
31%
Zebra Finch Taeniopygia guttata Estrildidae (Waxbills and Allies)
31%
Australian Magpie Gymnorhina tibicen Artamidae (Woodswallows, Bellmagpies, and Allies)
25%
Black-billed Magpie Pica hudsonia Corvidae (Crows, Jays, and Magpies)
25%
Carrion Crow Corvus corone Corvidae (Crows, Jays, and Magpies)
25%
Coal Tit Periparus ater Paridae (Tits, Chickadees, and Titmice)
25%
Eurasian Blackbird Turdus merula Turdidae (Thrushes and Allies)
25%
Eurasian Jackdaw Corvus monedula Corvidae (Crows, Jays, and Magpies)
25%
Eurasian Skylark Alauda arvensis Alaudidae (Larks)
25%
Eurasian Tree Sparrow Passer montanus Passeridae (Old World Sparrows)
25%
Gouldian Finch Chloebia gouldiae Estrildidae (Waxbills and Allies)
25%
House Crow Corvus splendens Corvidae (Crows, Jays, and Magpies)
25%
House Finch Haemorhous mexicanus Fringillidae (Finches, Euphonias, and Allies)
25%
Olive Warbler Peucedramus taeniatus Peucedramidae (Olive Warbler)
25%
Redwing Turdus iliacus Turdidae (Thrushes and Allies)
25%
Rook Corvus frugilegus Corvidae (Crows, Jays, and Magpies)
25%
Song Thrush Turdus philomelos Turdidae (Thrushes and Allies)
25%
Steller's Jay Cyanocitta stelleri Corvidae (Crows, Jays, and Magpies)
25%
Thick-billed Raven Corvus crassirostris Corvidae (Crows, Jays, and Magpies)
25%
Tree Swallow Tachycineta bicolor Hirundinidae (Swallows)
25%
American Goldfinch Spinus tristis Fringillidae (Finches, Euphonias, and Allies)
19%
American Pipit Anthus rubescens Motacillidae (Wagtails and Pipits)
19%
American Redstart Setophaga ruticilla Parulidae (New World Warblers)
19%
Apostlebird Struthidea cinerea Corcoracidae (White-winged Chough and Apostlebird)
19%
Australian Raven Corvus coronoides Corvidae (Crows, Jays, and Magpies)
19%
Baltimore Oriole Icterus galbula Icteridae (Troupials and Allies)
19%
Bewick's Wren Thryomanes bewickii Troglodytidae (Wrens)
19%
Black-and-white Warbler Mniotilta varia Parulidae (New World Warblers)
19%
Blackpoll Warbler Setophaga striata Parulidae (New World Warblers)
19%
Black-throated Blue Warbler Setophaga caerulescens Parulidae (New World Warblers)
19%
Blue-gray Gnatcatcher Polioptila caerulea Polioptilidae (Gnatcatchers)
19%
California Scrub-Jay Aphelocoma californica Corvidae (Crows, Jays, and Magpies)
19%
Carolina Chickadee Poecile carolinensis Paridae (Tits, Chickadees, and Titmice)
19%
Cedar Waxwing Bombycilla cedrorum Bombycillidae (Waxwings)
19%
Cerulean Warbler Setophaga cerulea Parulidae (New World Warblers)
19%
Chipping Sparrow Spizella passerina Passerellidae (New World Sparrows)
19%
Clark's Nutcracker Nucifraga columbiana Corvidae (Crows, Jays, and Magpies)
19%
Cliff Swallow Petrochelidon pyrrhonota Hirundinidae (Swallows)
19%
Common Yellowthroat Geothlypis trichas Parulidae (New World Warblers)
19%
Corn Bunting Emberiza calandra Emberizidae (Old World Buntings)
19%
Crested Lark Galerida cristata Alaudidae (Larks)
19%
Double-barred Finch Stizoptera bichenovii Estrildidae (Waxbills and Allies)
19%
Eastern Bluebird Sialia sialis Turdidae (Thrushes and Allies)
19%
Eastern Towhee Pipilo erythrophthalmus Passerellidae (New World Sparrows)
19%
Eurasian Blue Tit Cyanistes caeruleus Paridae (Tits, Chickadees, and Titmice)
19%
European Goldfinch Carduelis carduelis Fringillidae (Finches, Euphonias, and Allies)
19%
Florida Scrub-Jay Aphelocoma coerulescens Corvidae (Crows, Jays, and Magpies)
19%
Forest Raven Corvus tasmanicus Corvidae (Crows, Jays, and Magpies)
19%
Gray Wagtail Motacilla cinerea Motacillidae (Wagtails and Pipits)
19%
Greater Bird-of-Paradise Paradisaea apoda Paradisaeidae (Birds-of-Paradise)
19%
Green Jay Cyanocorax yncas Corvidae (Crows, Jays, and Magpies)
19%
Hermit Thrush Catharus guttatus Turdidae (Thrushes and Allies)
19%
Hooded Crow Corvus cornix Corvidae (Crows, Jays, and Magpies)
19%
House Wren Troglodytes aedon Troglodytidae (Wrens)
19%
Iiwi Drepanis coccinea Fringillidae (Finches, Euphonias, and Allies)
19%
Japanese Waxwing Bombycilla japonica Bombycillidae (Waxwings)
19%
Kirtland's Warbler Setophaga kirtlandii Parulidae (New World Warblers)
19%
Loggerhead Shrike Lanius ludovicianus Laniidae (Shrikes)
19%
Magnolia Warbler Setophaga magnolia Parulidae (New World Warblers)
19%
Marsh Tit Poecile palustris Paridae (Tits, Chickadees, and Titmice)
19%
Mountain Bluebird Sialia currucoides Turdidae (Thrushes and Allies)
19%
New Caledonian Crow Corvus moneduloides Corvidae (Crows, Jays, and Magpies)
19%
Northern Mockingbird Mimus polyglottos Mimidae (Mockingbirds and Thrashers)
19%
Northern Parula Setophaga americana Parulidae (New World Warblers)
19%
Pink Robin Petroica rodinogaster Petroicidae (Australasian Robins)
19%
Przevalski's Pinktail Urocynchramus pylzowi Urocynchramidae (Przevalski's Pinktail)
19%
Puerto Rican Tanager Nesospingus speculiferus Nesospingidae (Puerto Rican Tanager)
19%
Purple Martin Progne subis Hirundinidae (Swallows)
19%
Red-eyed Vireo Vireo olivaceus Vireonidae (Vireos, Shrike-Babblers, and Erpornis)
19%
Redthroat Pyrrholaemus brunneus Acanthizidae (Thornbills and Allies)
19%
Red Warbler Cardellina rubra Parulidae (New World Warblers)
19%
Rock Wren Salpinctes obsoletus Troglodytidae (Wrens)
19%
Scaly-breasted Munia Lonchura punctulata Estrildidae (Waxbills and Allies)
19%
Scarlet Tanager Piranga olivacea Cardinalidae (Cardinals and Allies)
19%
Song Sparrow Melospiza melodia Passerellidae (New World Sparrows)
19%
Stitchbird Notiomystis cincta Notiomystidae (Stitchbird)
19%
Tennessee Warbler Leiothlypis peregrina Parulidae (New World Warblers)
19%
Tropical Parula Setophaga pitiayumi Parulidae (New World Warblers)
19%
Western Bluebird Sialia mexicana Turdidae (Thrushes and Allies)
19%
White-throated Sparrow Zonotrichia albicollis Passerellidae (New World Sparrows)
19%
White Wagtail Motacilla alba Motacillidae (Wagtails and Pipits)
19%
White-winged Chough Corcorax melanorhamphos Corcoracidae (White-winged Chough and Apostlebird)
19%
Wood Thrush Hylocichla mustelina Turdidae (Thrushes and Allies)
19%
Wrenthrush Zeledonia coronata Zeledoniidae (Wrenthrush)
19%
Yellow-billed Magpie Pica nuttalli Corvidae (Crows, Jays, and Magpies)
19%
Yellow-breasted Chat Icteria virens Icteriidae (Yellow-breasted Chat)
19%
Yellow-rumped Warbler Setophaga coronata Parulidae (New World Warblers)
19%
Zitting Cisticola Cisticola juncidis Cisticolidae (Cisticolas and Allies)
19%
Acadian Flycatcher Empidonax virescens Tyrannidae (Tyrant Flycatchers)
13%
Bachman's Warbler Vermivora bachmanii Parulidae (New World Warblers)
13%
Bank Swallow Riparia riparia Hirundinidae (Swallows)
13%
Bassian Thrush Zoothera lunulata Turdidae (Thrushes and Allies)
13%
Bearded Reedling Panurus biarmicus Panuridae (Bearded Reedling)
13%
Beautiful Firetail Stagonopleura bella Estrildidae (Waxbills and Allies)
13%
Bell's Vireo Vireo bellii Vireonidae (Vireos, Shrike-Babblers, and Erpornis)
13%
Bicknell's Thrush Catharus bicknelli Turdidae (Thrushes and Allies)
13%
Blackburnian Warbler Setophaga fusca Parulidae (New World Warblers)
13%
Black Grasswren Amytornis housei Maluridae (Fairywrens)
13%
Black-headed Grosbeak Pheucticus melanocephalus Cardinalidae (Cardinals and Allies)
13%
Black-headed Honeyeater Melithreptus affinis Meliphagidae (Honeyeaters)
13%
Black Phoebe Sayornis nigricans Tyrannidae (Tyrant Flycatchers)
13%
Black-tailed Gnatcatcher Polioptila melanura Polioptilidae (Gnatcatchers)
13%
Black-tailed Treecreeper Climacteris melanurus Climacteridae (Australasian Treecreepers)
13%
Black-throated Finch Poephila cincta Estrildidae (Waxbills and Allies)
13%
Black-throated Gray Warbler Setophaga nigrescens Parulidae (New World Warblers)
13%
Black-throated Green Warbler Setophaga virens Parulidae (New World Warblers)
13%
Black-throated Magpie-Jay Calocitta colliei Corvidae (Crows, Jays, and Magpies)
13%
Blue-breasted Fairywren Malurus pulcherrimus Maluridae (Fairywrens)
13%
Blue-faced Honeyeater Entomyzon cyanotis Meliphagidae (Honeyeaters)
13%
Blue-faced Parrotfinch Erythrura trichroa Estrildidae (Waxbills and Allies)
13%
Blue Grosbeak Passerina caerulea Cardinalidae (Cardinals and Allies)
13%
Blue-winged Warbler Vermivora cyanoptera Parulidae (New World Warblers)
13%
Boat-tailed Grackle Quiscalus major Icteridae (Troupials and Allies)
13%
Bohemian Waxwing Bombycilla garrulus Bombycillidae (Waxwings)
13%
Brewer's Blackbird Euphagus cyanocephalus Icteridae (Troupials and Allies)
13%
Brewer's Sparrow Spizella breweri Passerellidae (New World Sparrows)
13%
Brown Creeper Certhia americana Certhiidae (Treecreepers)
13%
Brown-headed Honeyeater Melithreptus brevirostris Meliphagidae (Honeyeaters)
13%
Brown-headed Nuthatch Sitta pusilla Sittidae (Nuthatches)
13%
Brown Honeyeater Lichmera indistincta Meliphagidae (Honeyeaters)
13%
Brown Thrasher Toxostoma rufum Mimidae (Mockingbirds and Thrashers)
13%
Buff-sided Robin Poecilodryas cerviniventris Petroicidae (Australasian Robins)
13%
Bushtit Psaltriparus minimus Aegithalidae (Long-tailed Tits)
13%
California Gnatcatcher Polioptila californica Polioptilidae (Gnatcatchers)
13%
California Thrasher Toxostoma redivivum Mimidae (Mockingbirds and Thrashers)
13%
Canada Jay Perisoreus canadensis Corvidae (Crows, Jays, and Magpies)
13%
Carpentarian Grasswren Amytornis dorotheae Maluridae (Fairywrens)
13%
Cassin's Finch Haemorhous cassinii Fringillidae (Finches, Euphonias, and Allies)
13%
Cetti's Warbler Cettia cetti Scotocercidae (Bush Warblers and Allies)
13%
Chestnut-backed Chickadee Poecile rufescens Paridae (Tits, Chickadees, and Titmice)
13%
Chestnut-breasted Munia Lonchura castaneothorax Estrildidae (Waxbills and Allies)
13%
Chestnut-collared Longspur Calcarius ornatus Calcariidae (Longspurs and Snow Buntings)
13%
Chihuahuan Raven Corvus cryptoleucus Corvidae (Crows, Jays, and Magpies)
13%
Cinereous Tit Parus cinereus Paridae (Tits, Chickadees, and Titmice)
13%
Common Chaffinch Fringilla coelebs Fringillidae (Finches, Euphonias, and Allies)
13%
Common Grackle Quiscalus quiscula Icteridae (Troupials and Allies)
13%
Common Myna Acridotheres tristis Sturnidae (Starlings)
13%
Cordilleran Flycatcher Empidonax occidentalis Tyrannidae (Tyrant Flycatchers)
13%
Crescent Honeyeater Phylidonyris pyrrhopterus Meliphagidae (Honeyeaters)
13%
Crested Shrikejay Platylophus galericulatus Platylophidae (Crested Shrikejay)
13%
Crimson Finch Neochmia phaeton Estrildidae (Waxbills and Allies)
13%
Cryptic Honeyeater Microptilotis imitatrix Meliphagidae (Honeyeaters)
13%
Curve-billed Thrasher Toxostoma curvirostre Mimidae (Mockingbirds and Thrashers)
13%
Dark-eyed Junco Junco hyemalis Passerellidae (New World Sparrows)
13%
Diamond Firetail Stagonopleura guttata Estrildidae (Waxbills and Allies)
13%
Dusky Grasswren Amytornis purnelli Maluridae (Fairywrens)
13%
Dusky Robin Melanodryas vittata Petroicidae (Australasian Robins)
13%
Eastern Meadowlark Sturnella magna Icteridae (Troupials and Allies)
13%
Eastern Phoebe Sayornis phoebe Tyrannidae (Tyrant Flycatchers)
13%
Eastern Yellow Robin Eopsaltria australis Petroicidae (Australasian Robins)
13%
Emperor Fairywren Malurus cyanocephalus Maluridae (Fairywrens)
13%
Eurasian Nuthatch Sitta europaea Sittidae (Nuthatches)
13%
Eurasian Siskin Spinus spinus Fringillidae (Finches, Euphonias, and Allies)
13%
Eurasian Wren Troglodytes troglodytes Troglodytidae (Wrens)
13%
European Greenfinch Chloris chloris Fringillidae (Finches, Euphonias, and Allies)
13%
Fieldfare Turdus pilaris Turdidae (Thrushes and Allies)
13%
Field Sparrow Spizella pusilla Passerellidae (New World Sparrows)
13%
Flame Robin Petroica phoenicea Petroicidae (Australasian Robins)
13%
Golden-winged Warbler Vermivora chrysoptera Parulidae (New World Warblers)
13%
Graceful Honeyeater Microptilotis gracilis Meliphagidae (Honeyeaters)
13%
Gray-cheeked Thrush Catharus minimus Turdidae (Thrushes and Allies)
13%
Gray-headed Robin Heteromyias cinereifrons Petroicidae (Australasian Robins)
13%
Gray Honeyeater Conopophila whitei Meliphagidae (Honeyeaters)
13%
Greater Melampitta Melampitta gigantea Melampittidae (Melampittas)
13%
Great-tailed Grackle Quiscalus mexicanus Icteridae (Troupials and Allies)
13%
Green-tailed Towhee Pipilo chlorurus Passerellidae (New World Sparrows)
13%
Hawfinch Coccothraustes coccothraustes Fringillidae (Finches, Euphonias, and Allies)
13%
Helmeted Friarbird Philemon buceroides Meliphagidae (Honeyeaters)
13%
Hooded Robin Melanodryas cucullata Petroicidae (Australasian Robins)
13%
Hooded Warbler Setophaga citrina Parulidae (New World Warblers)
13%
Horned Lark Eremophila alpestris Alaudidae (Larks)
13%
Indonesian Honeyeater Lichmera limbata Meliphagidae (Honeyeaters)
13%
Island Scrub-Jay Aphelocoma insularis Corvidae (Crows, Jays, and Magpies)
13%
Lapland Longspur Calcarius lapponicus Calcariidae (Longspurs and Snow Buntings)
13%
Lark Bunting Calamospiza melanocorys Passerellidae (New World Sparrows)
13%
Lesser Goldfinch Spinus psaltria Fringillidae (Finches, Euphonias, and Allies)
13%
Lesser Melampitta Melampitta lugubris Melampittidae (Melampittas)
13%
Lewin's Honeyeater Meliphaga lewinii Meliphagidae (Honeyeaters)
13%
Lincoln's Sparrow Melospiza lincolnii Passerellidae (New World Sparrows)
13%
Little Crow Corvus bennetti Corvidae (Crows, Jays, and Magpies)
13%
Little Friarbird Philemon citreogularis Meliphagidae (Honeyeaters)
13%
Little Raven Corvus mellori Corvidae (Crows, Jays, and Magpies)
13%
Little Wattlebird Anthochaera chrysoptera Meliphagidae (Honeyeaters)
13%
Little Woodswallow Artamus minor Artamidae (Woodswallows, Bellmagpies, and Allies)
13%
Long-tailed Finch Poephila acuticauda Estrildidae (Waxbills and Allies)
13%
Lovely Fairywren Malurus amabilis Maluridae (Fairywrens)
13%
Mangrove Honeyeater Gavicalis fasciogularis Meliphagidae (Honeyeaters)
13%
Mangrove Robin Eopsaltria pulverulenta Petroicidae (Australasian Robins)
13%
Marsh Wren Cistothorus palustris Troglodytidae (Wrens)
13%
Meadow Pipit Anthus pratensis Motacillidae (Wagtails and Pipits)
13%
Mexican Chickadee Poecile sclateri Paridae (Tits, Chickadees, and Titmice)
13%
Mistle Thrush Turdus viscivorus Turdidae (Thrushes and Allies)
13%
Mountain Chickadee Poecile gambeli Paridae (Tits, Chickadees, and Titmice)
13%
Nelson's Sparrow Ammospiza nelsoni Passerellidae (New World Sparrows)
13%
New Holland Honeyeater Phylidonyris novaehollandiae Meliphagidae (Honeyeaters)
13%
Noisy Friarbird Philemon corniculatus Meliphagidae (Honeyeaters)
13%
Norfolk Robin Petroica multicolor Petroicidae (Australasian Robins)
13%
Northern Scrub-Robin Drymodes superciliaris Petroicidae (Australasian Robins)
13%
Olive-sided Flycatcher Contopus cooperi Tyrannidae (Tyrant Flycatchers)
13%
Opalton Grasswren Amytornis rowleyi Maluridae (Fairywrens)
13%
Oriental Magpie Pica serica Corvidae (Crows, Jays, and Magpies)
13%
Ovenbird Seiurus aurocapilla Parulidae (New World Warblers)
13%
Pacific Robin Petroica pusilla Petroicidae (Australasian Robins)
13%
Pacific-slope Flycatcher Empidonax difficilis Tyrannidae (Tyrant Flycatchers)
13%
Pacific Wren Troglodytes pacificus Troglodytidae (Wrens)
13%
Painted Firetail Emblema pictum Estrildidae (Waxbills and Allies)
13%
Painted Redstart Myioborus pictus Parulidae (New World Warblers)
13%
Pale-yellow Robin Tregellasia capito Petroicidae (Australasian Robins)
13%
Palmchat Dulus dominicus Dulidae (Palmchat)
13%
Papuan Treecreeper Cormobates placens Climacteridae (Australasian Treecreepers)
13%
Pictorella Munia Heteromunia pectoralis Estrildidae (Waxbills and Allies)
13%
Pied Crow Corvus albus Corvidae (Crows, Jays, and Magpies)
13%
Pine Siskin Spinus pinus Fringillidae (Finches, Euphonias, and Allies)
13%
Pine Warbler Setophaga pinus Parulidae (New World Warblers)
13%
Pinyon Jay Gymnorhinus cyanocephalus Corvidae (Crows, Jays, and Magpies)
13%
Plum-headed Finch Aidemosyne modesta Estrildidae (Waxbills and Allies)
13%
Purple-backed Fairywren Malurus assimilis Maluridae (Fairywrens)
13%
Purple-crowned Fairywren Malurus coronatus Maluridae (Fairywrens)
13%
Purple Finch Haemorhous purpureus Fringillidae (Finches, Euphonias, and Allies)
13%
Pygmy Nuthatch Sitta pygmaea Sittidae (Nuthatches)
13%
Red-backed Fairywren Malurus melanocephalus Maluridae (Fairywrens)
13%
Red-breasted Nuthatch Sitta canadensis Sittidae (Nuthatches)
13%
Red-browed Firetail Neochmia temporalis Estrildidae (Waxbills and Allies)
13%
Red-browed Treecreeper Climacteris erythrops Climacteridae (Australasian Treecreepers)
13%
Red-capped Robin Petroica goodenovii Petroicidae (Australasian Robins)
13%
Red Crossbill Loxia curvirostra Fringillidae (Finches, Euphonias, and Allies)
13%
Red-eared Firetail Stagonopleura oculata Estrildidae (Waxbills and Allies)
13%
Red-headed Myzomela Myzomela erythrocephala Meliphagidae (Honeyeaters)
13%
Red-throated Pipit Anthus cervinus Motacillidae (Wagtails and Pipits)
13%
Red Wattlebird Anthochaera carunculata Meliphagidae (Honeyeaters)
13%
Red-whiskered Bulbul Pycnonotus jocosus Pycnonotidae (Bulbuls)
13%
Red-winged Blackbird Agelaius phoeniceus Icteridae (Troupials and Allies)
13%
Red-winged Fairywren Malurus elegans Maluridae (Fairywrens)
13%
Regent Honeyeater Anthochaera phrygia Meliphagidae (Honeyeaters)
13%
Rifleman Acanthisitta chloris Acanthisittidae (New Zealand Wrens)
13%
Ring Ouzel Turdus torquatus Turdidae (Thrushes and Allies)
13%
Rose-breasted Grosbeak Pheucticus ludovicianus Cardinalidae (Cardinals and Allies)
13%
Rose Robin Petroica rosea Petroicidae (Australasian Robins)
13%
Rufous Fantail Rhipidura rufifrons Rhipiduridae (Fantails)
13%
Rufous Treecreeper Climacteris rufus Climacteridae (Australasian Treecreepers)
13%
Russet-tailed Thrush Zoothera heinei Turdidae (Thrushes and Allies)
13%
Satin Bowerbird Ptilonorhynchus violaceus Ptilonorhynchidae (Bowerbirds)
13%
Say's Phoebe Sayornis saya Tyrannidae (Tyrant Flycatchers)
13%
Scarlet Myzomela Myzomela sanguinolenta Meliphagidae (Honeyeaters)
13%
Scarlet Robin Petroica boodang Petroicidae (Australasian Robins)
13%
Scissor-tailed Flycatcher Tyrannus forficatus Tyrannidae (Tyrant Flycatchers)
13%
Short-tailed Grasswren Amytornis merrotsyi Maluridae (Fairywrens)
13%
Silver-crowned Friarbird Philemon argenticeps Meliphagidae (Honeyeaters)
13%
Snow Bunting Plectrophenax nivalis Calcariidae (Longspurs and Snow Buntings)
13%
Snow Mountain Robin Petroica archboldi Petroicidae (Australasian Robins)
13%
Southern Scrub-Robin Drymodes brunneopygia Petroicidae (Australasian Robins)
13%
South Island Robin Petroica australis Petroicidae (Australasian Robins)
13%
Spanish Sparrow Passer hispaniolensis Passeridae (Old World Sparrows)
13%
Splendid Fairywren Malurus splendens Maluridae (Fairywrens)
13%
Spotted Elachura Elachura formosa Elachuridae (Spotted Elachura)
13%
Spotted Flycatcher Muscicapa striata Muscicapidae (Old World Flycatchers)
13%
Spotted Towhee Pipilo maculatus Passerellidae (New World Sparrows)
13%
Star Finch Bathilda ruficauda Estrildidae (Waxbills and Allies)
13%
Striated Grasswren Amytornis striatus Maluridae (Fairywrens)
13%
Strong-billed Honeyeater Melithreptus validirostris Meliphagidae (Honeyeaters)
13%
Summer Tanager Piranga rubra Cardinalidae (Cardinals and Allies)
13%
Superb Fairywren Malurus cyaneus Maluridae (Fairywrens)
13%
Swainson's Thrush Catharus ustulatus Turdidae (Thrushes and Allies)
13%
Swainson's Warbler Limnothlypis swainsonii Parulidae (New World Warblers)
13%
Thick-billed Longspur Rhynchophanes mccownii Calcariidae (Longspurs and Snow Buntings)
13%
Townsend's Solitaire Myadestes townsendi Turdidae (Thrushes and Allies)
13%
Townsend's Warbler Setophaga townsendi Parulidae (New World Warblers)
13%
Varied Honeyeater Gavicalis versicolor Meliphagidae (Honeyeaters)
13%
Varied Thrush Ixoreus naevius Turdidae (Thrushes and Allies)
13%
Variegated Fairywren Malurus lamberti Maluridae (Fairywrens)
13%
Veery Catharus fuscescens Turdidae (Thrushes and Allies)
13%
Wallcreeper Tichodroma muraria Tichodromidae (Wallcreeper)
13%
Western Grasswren Amytornis textilis Maluridae (Fairywrens)
13%
Western Wattlebird Anthochaera lunulata Meliphagidae (Honeyeaters)
13%
Western Yellow Robin Eopsaltria griseogularis Petroicidae (Australasian Robins)
13%
Western Yellow Wagtail Motacilla flava Motacillidae (Wagtails and Pipits)
13%
White-breasted Nuthatch Sitta carolinensis Sittidae (Nuthatches)
13%
White-breasted Robin Eopsaltria georgiana Petroicidae (Australasian Robins)
13%
White-browed Robin Poecilodryas superciliosa Petroicidae (Australasian Robins)
13%
White-browed Treecreeper Climacteris affinis Climacteridae (Australasian Treecreepers)
13%
White-cheeked Honeyeater Phylidonyris niger Meliphagidae (Honeyeaters)
13%
White-crowned Sparrow Zonotrichia leucophrys Passerellidae (New World Sparrows)
13%
White-faced Robin Tregellasia leucops Petroicidae (Australasian Robins)
13%
White-naped Honeyeater Melithreptus lunatus Meliphagidae (Honeyeaters)
13%
White-throated Grasswren Amytornis woodwardi Maluridae (Fairywrens)
13%
White-throated Honeyeater Melithreptus albogularis Meliphagidae (Honeyeaters)
13%
White-throated Treecreeper Cormobates leucophaea Climacteridae (Australasian Treecreepers)
13%
White-winged Crossbill Loxia leucoptera Fringillidae (Finches, Euphonias, and Allies)
13%
White-winged Fairywren Malurus leucopterus Maluridae (Fairywrens)
13%
Willow Flycatcher Empidonax traillii Tyrannidae (Tyrant Flycatchers)
13%
Willow Tit Poecile montanus Paridae (Tits, Chickadees, and Titmice)
13%
Willow Warbler Phylloscopus trochilus Phylloscopidae (Leaf Warblers)
13%
Wilson's Bird-of-Paradise Cicinnurus respublica Paradisaeidae (Birds-of-Paradise)
13%
Woodhouse's Scrub-Jay Aphelocoma woodhouseii Corvidae (Crows, Jays, and Magpies)
13%
Worm-eating Warbler Helmitheros vermivorum Parulidae (New World Warblers)
13%
Yellow Cardinal Gubernatrix cristata Thraupidae (Tanagers and Allies)
13%
Yellow-faced Honeyeater Caligavis chrysops Meliphagidae (Honeyeaters)
13%
Yellow-rumped Munia Lonchura flaviprymna Estrildidae (Waxbills and Allies)
13%
Yellow-throated Honeyeater Nesoptilotis flavicollis Meliphagidae (Honeyeaters)
13%
Yellow-tufted Honeyeater Lichenostomus melanops Meliphagidae (Honeyeaters)
13%
Yellow Warbler Setophaga petechia Parulidae (New World Warblers)
13%
Yellow Wattlebird Anthochaera paradoxa Meliphagidae (Honeyeaters)
13%
Abert's Towhee Melozone aberti Passerellidae (New World Sparrows)
6%
African Blue Tit Cyanistes teneriffae Paridae (Tits, Chickadees, and Titmice)
6%
Akiapolaau Hemignathus wilsoni Fringillidae (Finches, Euphonias, and Allies)
6%
Akikiki Oreomystis bairdi Fringillidae (Finches, Euphonias, and Allies)
6%
Alder Flycatcher Empidonax alnorum Tyrannidae (Tyrant Flycatchers)
6%
Altamira Oriole Icterus gularis Icteridae (Troupials and Allies)
6%
American Dipper Cinclus mexicanus Cinclidae (Dippers)
6%
American Tree Sparrow Spizelloides arborea Passerellidae (New World Sparrows)
6%
Apapane Himatione sanguinea Fringillidae (Finches, Euphonias, and Allies)
6%
Arafura Fantail Rhipidura dryas Rhipiduridae (Fantails)
6%
Ashy-bellied White-eye Zosterops citrinella Zosteropidae (White-eyes, Yuhinas, and Allies)
6%
Ashy Drongo Dicrurus leucophaeus Dicruridae (Drongos)
6%
Ashy Woodswallow Artamus fuscus Artamidae (Woodswallows, Bellmagpies, and Allies)
6%
Asian Fairy-bluebird Irena puella Irenidae (Fairy-bluebirds)
6%
Atherton Scrubwren Sericornis keri Acanthizidae (Thornbills and Allies)
6%
Audubon's Oriole Icterus graduacauda Icteridae (Troupials and Allies)
6%
Australasian Bushlark Mirafra javanica Alaudidae (Larks)
6%
Australasian Figbird Sphecotheres vieilloti Oriolidae (Old World Orioles)
6%
Australasian Pipit Anthus novaeseelandiae Motacillidae (Wagtails and Pipits)
6%
Australian Logrunner Orthonyx temminckii Orthonychidae (Logrunners)
6%
Australian Reed Warbler Acrocephalus australis Acrocephalidae (Reed Warblers and Allies)
6%
Azure Jay Cyanocorax caeruleus Corvidae (Crows, Jays, and Magpies)
6%
Azure-naped Jay Cyanocorax heilprini Corvidae (Crows, Jays, and Magpies)
6%
Azure-winged Magpie Cyanopica cyanus Corvidae (Crows, Jays, and Magpies)
6%
Bahama Mockingbird Mimus gundlachii Mimidae (Mockingbirds and Thrashers)
6%
Bahama Oriole Icterus northropi Icteridae (Troupials and Allies)
6%
Bahama Warbler Setophaga flavescens Parulidae (New World Warblers)
6%
Baird's Sparrow Centronyx bairdii Passerellidae (New World Sparrows)
6%
Bali Myna Leucopsar rothschildi Sturnidae (Starlings)
6%
Banded Cotinga Cotinga maculata Cotingidae (Cotingas)
6%
Banded Whiteface Aphelocephala nigricincta Acanthizidae (Thornbills and Allies)
6%
Bar-breasted Honeyeater Ramsayornis fasciatus Meliphagidae (Honeyeaters)
6%
Barred Cuckooshrike Coracina lineata Campephagidae (Cuckooshrikes)
6%
Bay-breasted Warbler Setophaga castanea Parulidae (New World Warblers)
6%
Beautiful Jay Cyanolyca pulchra Corvidae (Crows, Jays, and Magpies)
6%
Beautiful Nuthatch Sitta formosa Sittidae (Nuthatches)
6%
Bell Miner Manorina melanophrys Meliphagidae (Honeyeaters)
6%
Bell's Sparrow Artemisiospiza belli Passerellidae (New World Sparrows)
6%
Bendire's Thrasher Toxostoma bendirei Mimidae (Mockingbirds and Thrashers)
6%
Bishop's Oo Moho bishopi Mohoidae (Hawaiian Honeyeaters)
6%
Black-capped Gnatcatcher Polioptila nigriceps Polioptilidae (Gnatcatchers)
6%
Black-chinned Honeyeater Melithreptus gularis Meliphagidae (Honeyeaters)
6%
Black-crested Titmouse Baeolophus atricristatus Paridae (Tits, Chickadees, and Titmice)
6%
Black Currawong Strepera fuliginosa Artamidae (Woodswallows, Bellmagpies, and Allies)
6%
Black-eared Miner Manorina melanotis Meliphagidae (Honeyeaters)
6%
Black-faced Cuckooshrike Coracina novaehollandiae Campephagidae (Cuckooshrikes)
6%
Black-faced Monarch Monarcha melanopsis Monarchidae (Monarch Flycatchers)
6%
Black Honeyeater Sugomel nigrum Meliphagidae (Honeyeaters)
6%
Black-naped Monarch Hypothymis azurea Monarchidae (Monarch Flycatchers)
6%
Black Redstart Phoenicurus ochruros Muscicapidae (Old World Flycatchers)
6%
Black-throated Sparrow Amphispiza bilineata Passerellidae (New World Sparrows)
6%
Black-vented Oriole Icterus wagleri Icteridae (Troupials and Allies)
6%
Black-whiskered Vireo Vireo altiloquus Vireonidae (Vireos, Shrike-Babblers, and Erpornis)
6%
Black-winged Monarch Monarcha frater Monarchidae (Monarch Flycatchers)
6%
Blue-and-white Swallow Pygochelidon cyanoleuca Hirundinidae (Swallows)
6%
Blue Bunting Cyanocompsa parellina Cardinalidae (Cardinals and Allies)
6%
Blue Cotinga Cotinga nattererii Cotingidae (Cotingas)
6%
Bluethroat Luscinia svecica Muscicapidae (Old World Flycatchers)
6%
Bobolink Dolichonyx oryzivorus Icteridae (Troupials and Allies)
6%
Boreal Chickadee Poecile hudsonicus Paridae (Tits, Chickadees, and Titmice)
6%
Bornean Bristlehead Pityriasis gymnocephala Pityriasidae (Bristlehead)
6%
Botteri's Sparrow Peucaea botterii Passerellidae (New World Sparrows)
6%
Bower's Shrikethrush Colluricincla boweri Pachycephalidae (Whistlers and Allies)
6%
Bridled Honeyeater Bolemoreus frenatus Meliphagidae (Honeyeaters)
6%
Broad-billed Flycatcher Myiagra ruficollis Monarchidae (Monarch Flycatchers)
6%
Bronzed Cowbird Molothrus aeneus Icteridae (Troupials and Allies)
6%
Brown Dipper Cinclus pallasii Cinclidae (Dippers)
6%
Brown Gerygone Gerygone mouki Acanthizidae (Thornbills and Allies)
6%
Brown-headed Cowbird Molothrus ater Icteridae (Troupials and Allies)
6%
Brown-headed Crow Corvus fuscicapillus Corvidae (Crows, Jays, and Magpies)
6%
Brownish-flanked Bush Warbler Horornis fortipes Scotocercidae (Bush Warblers and Allies)
6%
Brown Shrike Lanius cristatus Laniidae (Shrikes)
6%
Brown Songlark Cincloramphus cruralis Locustellidae (Grassbirds and Allies)
6%
Brown Thornbill Acanthiza pusilla Acanthizidae (Thornbills and Allies)
6%
Brown Treecreeper Climacteris picumnus Climacteridae (Australasian Treecreepers)
6%
Buff-breasted Flycatcher Empidonax fulvifrons Tyrannidae (Tyrant Flycatchers)
6%
Buff-rumped Thornbill Acanthiza reguloides Acanthizidae (Thornbills and Allies)
6%
Bullock's Oriole Icterus bullockii Icteridae (Troupials and Allies)
6%
California Towhee Melozone crissalis Passerellidae (New World Sparrows)
6%
Campo Troupial Icterus jamacaii Icteridae (Troupials and Allies)
6%
Canada Warbler Cardellina canadensis Parulidae (New World Warblers)
6%
Canyon Towhee Melozone fusca Passerellidae (New World Sparrows)
6%
Canyon Wren Catherpes mexicanus Troglodytidae (Wrens)
6%
Cape Crow Corvus capensis Corvidae (Crows, Jays, and Magpies)
6%
Cape May Warbler Setophaga tigrina Parulidae (New World Warblers)
6%
Cape Sparrow Passer melanurus Passeridae (Old World Sparrows)
6%
Cape Sugarbird Promerops cafer Promeropidae (Sugarbirds)
6%
Cassia Crossbill Loxia sinesciuris Fringillidae (Finches, Euphonias, and Allies)
6%
Cassin's Sparrow Peucaea cassinii Passerellidae (New World Sparrows)
6%
Cave Swallow Petrochelidon fulva Hirundinidae (Swallows)
6%
Cayenne Jay Cyanocorax cayanus Corvidae (Crows, Jays, and Magpies)
6%
Celestial Monarch Hypothymis coelestis Monarchidae (Monarch Flycatchers)
6%
Chatham Robin Petroica traversi Petroicidae (Australasian Robins)
6%
Chestnut-breasted Quail-thrush Cinclosoma castaneothorax Cinclosomatidae (Quail-thrushes and Jewel-babblers)
6%
Chestnut-breasted Whiteface Aphelocephala pectoralis Acanthizidae (Thornbills and Allies)
6%
Chestnut-crowned Babbler Pomatostomus ruficeps Pomatostomidae (Pseudo-Babblers)
6%
Chestnut Quail-thrush Cinclosoma castanotum Cinclosomatidae (Quail-thrushes and Jewel-babblers)
6%
Chestnut-rumped Heathwren Hylacola pyrrhopygia Acanthizidae (Thornbills and Allies)
6%
Chestnut-rumped Thornbill Acanthiza uropygialis Acanthizidae (Thornbills and Allies)
6%
Chestnut-sided Warbler Setophaga pensylvanica Parulidae (New World Warblers)
6%
Chowchilla Orthonyx spaldingii Orthonychidae (Logrunners)
6%
Cinnamon Quail-thrush Cinclosoma cinnamomeum Cinclosomatidae (Quail-thrushes and Jewel-babblers)
6%
Citrine Wagtail Motacilla citreola Motacillidae (Wagtails and Pipits)
6%
Citrine Warbler Myiothlypis luteoviridis Parulidae (New World Warblers)
6%
Clamorous Reed Warbler Acrocephalus stentoreus Acrocephalidae (Reed Warblers and Allies)
6%
Clay-colored Sparrow Spizella pallida Passerellidae (New World Sparrows)
6%
Cocoa Thrush Turdus fumigatus Turdidae (Thrushes and Allies)
6%
Common Bulbul Pycnonotus barbatus Pycnonotidae (Bulbuls)
6%
Common Chiffchaff Phylloscopus collybita Phylloscopidae (Leaf Warblers)
6%
Common Cicadabird Edolisoma tenuirostre Campephagidae (Cuckooshrikes)
6%
Common Firecrest Regulus ignicapilla Regulidae (Kinglets)
6%
Common Miner Geositta cunicularia Furnariidae (Ovenbirds and Woodcreepers)
6%
Common Nightingale Luscinia megarhynchos Muscicapidae (Old World Flycatchers)
6%
Common Redpoll Acanthis flammea Fringillidae (Finches, Euphonias, and Allies)
6%
Connecticut Warbler Oporornis agilis Parulidae (New World Warblers)
6%
Copperback Quail-thrush Cinclosoma clarum Cinclosomatidae (Quail-thrushes and Jewel-babblers)
6%
Couch's Kingbird Tyrannus couchii Tyrannidae (Tyrant Flycatchers)
6%
Crested Berrypecker Paramythia montium Paramythiidae (Tit Berrypecker and Crested Berrypecker)
6%
Crested Tit Lophophanes cristatus Paridae (Tits, Chickadees, and Titmice)
6%
Crimson Chat Epthianura tricolor Meliphagidae (Honeyeaters)
6%
Crimson Sunbird Aethopyga siparaja Nectariniidae (Sunbirds and Spiderhunters)
6%
Crissal Thrasher Toxostoma crissale Mimidae (Mockingbirds and Thrashers)
6%
Cuban Crow Corvus nasicus Corvidae (Crows, Jays, and Magpies)
6%
Curl-crested Jay Cyanocorax cristatellus Corvidae (Crows, Jays, and Magpies)
6%
Dapple-throat Arcanator orostruthus Modulatricidae (Dapple-throat and Allies)
6%
Dunnock Prunella modularis Prunellidae (Accentors)
6%
Dupont's Lark Chersophilus duponti Alaudidae (Larks)
6%
Dusky Myzomela Myzomela obscura Meliphagidae (Honeyeaters)
6%
Dusky Warbler Phylloscopus fuscatus Phylloscopidae (Leaf Warblers)
6%
Dusky Woodswallow Artamus cyanopterus Artamidae (Woodswallows, Bellmagpies, and Allies)
6%
Dwarf Jay Cyanolyca nanus Corvidae (Crows, Jays, and Magpies)
6%
Eastern Chat-Tanager Calyptophilus frugivorus Calyptophilidae (Chat-Tanagers)
6%
Eastern Kingbird Tyrannus tyrannus Tyrannidae (Tyrant Flycatchers)
6%
Eastern Nicator Nicator gularis Nicatoridae (Nicators)
6%
Eastern Spinebill Acanthorhynchus tenuirostris Meliphagidae (Honeyeaters)
6%
Eastern Wood-Pewee Contopus virens Tyrannidae (Tyrant Flycatchers)
6%
Eastern Yellow Wagtail Motacilla tschutschensis Motacillidae (Wagtails and Pipits)
6%
Elegant Tit Periparus elegans Paridae (Tits, Chickadees, and Titmice)
6%
Elfin-woods Warbler Setophaga angelae Parulidae (New World Warblers)
6%
Eungella Honeyeater Bolemoreus hindwoodi Meliphagidae (Honeyeaters)
6%
Eurasian Blackcap Sylvia atricapilla Sylviidae (Sylviid Warblers, Parrotbills, and Allies)
6%
Eurasian Bullfinch Pyrrhula pyrrhula Fringillidae (Finches, Euphonias, and Allies)
6%
Eurasian Golden Oriole Oriolus oriolus Oriolidae (Old World Orioles)
6%
Eurasian Nutcracker Nucifraga caryocatactes Corvidae (Crows, Jays, and Magpies)
6%
Eurasian Penduline-Tit Remiz pendulinus Remizidae (Penduline-Tits)
6%
Eurasian Treecreeper Certhia familiaris Certhiidae (Treecreepers)
6%
European Pied Flycatcher Ficedula hypoleuca Muscicapidae (Old World Flycatchers)
6%
European Serin Serinus serinus Fringillidae (Finches, Euphonias, and Allies)
6%
European Stonechat Saxicola rubicola Muscicapidae (Old World Flycatchers)
6%
Evening Grosbeak Coccothraustes vespertinus Fringillidae (Finches, Euphonias, and Allies)
6%
Eyrean Grasswren Amytornis goyderi Maluridae (Fairywrens)
6%
Fairy Gerygone Gerygone palpebrosa Acanthizidae (Thornbills and Allies)
6%
Fairy Martin Petrochelidon ariel Hirundinidae (Swallows)
6%
Fawn-breasted Bowerbird Chlamydera cerviniventris Ptilonorhynchidae (Bowerbirds)
6%
Fernwren Oreoscopus gutturalis Acanthizidae (Thornbills and Allies)
6%
Fire-breasted Flowerpecker Dicaeum ignipectus Dicaeidae (Flowerpeckers)
6%
Five-striped Sparrow Amphispizopsis quinquestriata Passerellidae (New World Sparrows)
6%
Flame Bowerbird Sericulus ardens Ptilonorhynchidae (Bowerbirds)
6%
Fork-tailed Flycatcher Tyrannus savana Tyrannidae (Tyrant Flycatchers)
6%
Fox Sparrow Passerella iliaca Passerellidae (New World Sparrows)
6%
Frill-necked Monarch Arses lorealis Monarchidae (Monarch Flycatchers)
6%
Fuscous Honeyeater Ptilotula fusca Meliphagidae (Honeyeaters)
6%
Garden Warbler Sylvia borin Sylviidae (Sylviid Warblers, Parrotbills, and Allies)
6%
Giant Antpitta Grallaria gigantea Grallariidae (Antpittas)
6%
Gibber Chat Ashbyia lovensis Meliphagidae (Honeyeaters)
6%
Gilbert's Honeyeater Melithreptus chloropsis Meliphagidae (Honeyeaters)
6%
Gilbert's Whistler Pachycephala inornata Pachycephalidae (Whistlers and Allies)
6%
Gilt-edged Tanager Tangara cyanoventris Thraupidae (Tanagers and Allies)
6%
Goldcrest Regulus regulus Regulidae (Kinglets)
6%
Golden Bowerbird Amblyornis newtoniana Ptilonorhynchidae (Bowerbirds)
6%
Golden-crowned Kinglet Regulus satrapa Regulidae (Kinglets)
6%
Golden-crowned Sparrow Zonotrichia atricapilla Passerellidae (New World Sparrows)
6%
Golden-headed Cisticola Cisticola exilis Cisticolidae (Cisticolas and Allies)
6%
Golden Whistler Pachycephala pectoralis Pachycephalidae (Whistlers and Allies)
6%
Goldie's Bird-of-Paradise Paradisaea decora Paradisaeidae (Birds-of-Paradise)
6%
Grace's Warbler Setophaga graciae Parulidae (New World Warblers)
6%
Grasshopper Sparrow Ammodramus savannarum Passerellidae (New World Sparrows)
6%
Gray Catbird Dumetella carolinensis Mimidae (Mockingbirds and Thrashers)
6%
Gray Crow Corvus tristis Corvidae (Crows, Jays, and Magpies)
6%
Gray-crowned Babbler Pomatostomus temporalis Pomatostomidae (Pseudo-Babblers)
6%
Gray Currawong Strepera versicolor Artamidae (Woodswallows, Bellmagpies, and Allies)
6%
Gray Fantail Rhipidura albiscapa Rhipiduridae (Fantails)
6%
Gray Flycatcher Empidonax wrightii Tyrannidae (Tyrant Flycatchers)
6%
Gray-fronted Honeyeater Ptilotula plumula Meliphagidae (Honeyeaters)
6%
Gray Gerygone Gerygone igata Acanthizidae (Thornbills and Allies)
6%
Gray Grasswren Amytornis barbatus Maluridae (Fairywrens)
6%
Gray-headed Chickadee Poecile cinctus Paridae (Tits, Chickadees, and Titmice)
6%
Gray-headed Honeyeater Ptilotula keartlandi Meliphagidae (Honeyeaters)
6%
Gray Shrikethrush Colluricincla harmonica Pachycephalidae (Whistlers and Allies)
6%
Gray Tit Melaniparus afer Paridae (Tits, Chickadees, and Titmice)
6%
Gray Vireo Vireo vicinior Vireonidae (Vireos, Shrike-Babblers, and Erpornis)
6%
Gray Whistler Pachycephala simplex Pachycephalidae (Whistlers and Allies)
6%
Great Bowerbird Chlamydera nuchalis Ptilonorhynchidae (Bowerbirds)
6%
Great Reed Warbler Acrocephalus arundinaceus Acrocephalidae (Reed Warblers and Allies)
6%
Green-backed Gerygone Gerygone chloronota Acanthizidae (Thornbills and Allies)
6%
Green-backed Honeyeater Glycichaera fallax Meliphagidae (Honeyeaters)
6%
Green Broadbill Calyptomena viridis Calyptomenidae (African and Green Broadbills)
6%
Green Catbird Ailuroedus crassirostris Ptilonorhynchidae (Bowerbirds)
6%
Green-faced Parrotfinch Erythrura viridifacies Estrildidae (Waxbills and Allies)
6%
Green Oriole Oriolus flavocinctus Oriolidae (Old World Orioles)
6%
Green Warbler Phylloscopus nitidus Phylloscopidae (Leaf Warblers)
6%
Ground Cuckooshrike Coracina maxima Campephagidae (Cuckooshrikes)
6%
Hall's Babbler Pomatostomus halli Pomatostomidae (Pseudo-Babblers)
6%
Hammond's Flycatcher Empidonax hammondii Tyrannidae (Tyrant Flycatchers)
6%
Harris's Sparrow Zonotrichia querula Passerellidae (New World Sparrows)
6%
Hawaiian Crow Corvus hawaiiensis Corvidae (Crows, Jays, and Magpies)
6%
Hawaii Oo Moho nobilis Mohoidae (Hawaiian Honeyeaters)
6%
Henslow's Sparrow Centronyx henslowii Passerellidae (New World Sparrows)
6%
Hepatic Tanager Piranga flava Cardinalidae (Cardinals and Allies)
6%
Hermit Warbler Setophaga occidentalis Parulidae (New World Warblers)
6%
Hoary Redpoll Acanthis hornemanni Fringillidae (Finches, Euphonias, and Allies)
6%
Hooded Oriole Icterus cucullatus Icteridae (Troupials and Allies)
6%
Hutton's Vireo Vireo huttoni Vireonidae (Vireos, Shrike-Babblers, and Erpornis)
6%
Hylocitrea Hylocitrea bonensis Hylocitreidae (Hylocitrea)
6%
Hypocolius Hypocolius ampelinus Hypocoliidae (Hypocolius)
6%
Iberian Chiffchaff Phylloscopus ibericus Phylloscopidae (Leaf Warblers)
6%
Iberian Gray Shrike Lanius meridionalis Laniidae (Shrikes)
6%
Iberian Magpie Cyanopica cooki Corvidae (Crows, Jays, and Magpies)
6%
Indigo Bunting Passerina cyanea Cardinalidae (Cardinals and Allies)
6%
Inland Thornbill Acanthiza apicalis Acanthizidae (Thornbills and Allies)
6%
Italian Sparrow Passer italiae Passeridae (Old World Sparrows)
6%
Jacky-winter Microeca fascinans Petroicidae (Australasian Robins)
6%
Jamaican Crow Corvus jamaicensis Corvidae (Crows, Jays, and Magpies)
6%
Javan Myna Acridotheres javanicus Sturnidae (Starlings)
6%
Jerdon's Leafbird Chloropsis jerdoni Chloropseidae (Leafbirds)
6%
Juniper Titmouse Baeolophus ridgwayi Paridae (Tits, Chickadees, and Titmice)
6%
Kalkadoon Grasswren Amytornis ballarae Maluridae (Fairywrens)
6%
Kauai Oo Moho braccatus Mohoidae (Hawaiian Honeyeaters)
6%
Kentucky Warbler Geothlypis formosa Parulidae (New World Warblers)
6%
Kimberley Honeyeater Territornis fordiana Meliphagidae (Honeyeaters)
6%
King-of-Saxony Bird-of-Paradise Pteridophora alberti Paradisaeidae (Birds-of-Paradise)
6%
Kioea Chaetoptila angustipluma Mohoidae (Hawaiian Honeyeaters)
6%
Large-billed Gerygone Gerygone magnirostris Acanthizidae (Thornbills and Allies)
6%
Large-billed Scrubwren Sericornis magnirostra Acanthizidae (Thornbills and Allies)
6%
Lark Sparrow Chondestes grammacus Passerellidae (New World Sparrows)
6%
Lawrence's Goldfinch Spinus lawrencei Fringillidae (Finches, Euphonias, and Allies)
6%
Leaden Flycatcher Myiagra rubecula Monarchidae (Monarch Flycatchers)
6%
Least Flycatcher Empidonax minimus Tyrannidae (Tyrant Flycatchers)
6%
LeConte's Sparrow Ammospiza leconteii Passerellidae (New World Sparrows)
6%
LeConte's Thrasher Toxostoma lecontei Mimidae (Mockingbirds and Thrashers)
6%
Lemon-bellied Flycatcher Microeca flavigaster Petroicidae (Australasian Robins)
6%
Lesser Bird-of-Paradise Paradisaea minor Paradisaeidae (Birds-of-Paradise)
6%
Lesser Redpoll Acanthis cabaret Fringillidae (Finches, Euphonias, and Allies)
6%
Lesser Whitethroat Curruca curruca Sylviidae (Sylviid Warblers, Parrotbills, and Allies)
6%
Light-vented Bulbul Pycnonotus sinensis Pycnonotidae (Bulbuls)
6%
Little Grassbird Poodytes gramineus Locustellidae (Grassbirds and Allies)
6%
Long-billed Thrasher Toxostoma longirostre Mimidae (Mockingbirds and Thrashers)
6%
Louisiana Waterthrush Parkesia motacilla Parulidae (New World Warblers)
6%
Lucy's Warbler Leiothlypis luciae Parulidae (New World Warblers)
6%
MacGillivray's Warbler Geothlypis tolmiei Parulidae (New World Warblers)
6%
Magnificent Bird-of-Paradise Cicinnurus magnificus Paradisaeidae (Birds-of-Paradise)
6%
Magnificent Riflebird Ptiloris magnificus Paradisaeidae (Birds-of-Paradise)
6%
Magpie-lark Grallina cyanoleuca Monarchidae (Monarch Flycatchers)
6%
Mallee Emuwren Stipiturus mallee Maluridae (Fairywrens)
6%
Mangrove Fantail Rhipidura phasiana Rhipiduridae (Fantails)
6%
Mangrove Gerygone Gerygone levigaster Acanthizidae (Thornbills and Allies)
6%
Mangrove Whistler Pachycephala cinerea Pachycephalidae (Whistlers and Allies)
6%
Many-colored Rush Tyrant Tachuris rubrigastra Tyrannidae (Tyrant Flycatchers)
6%
Marsh Warbler Acrocephalus palustris Acrocephalidae (Reed Warblers and Allies)
6%
Masked Finch Poephila personata Estrildidae (Waxbills and Allies)
6%
Maui Parrotbill Pseudonestor xanthophrys Fringillidae (Finches, Euphonias, and Allies)
6%
Mexican Jay Aphelocoma wollweberi Corvidae (Crows, Jays, and Magpies)
6%
Mistletoebird Dicaeum hirundinaceum Dicaeidae (Flowerpeckers)
6%
Mountain Bulbul Ixos mcclellandii Pycnonotidae (Bulbuls)
6%
Mountain Thornbill Acanthiza katherina Acanthizidae (Thornbills and Allies)
6%
Nashville Warbler Leiothlypis ruficapilla Parulidae (New World Warblers)
6%
Noisy Miner Manorina melanocephala Meliphagidae (Honeyeaters)
6%
Northern Fantail Rhipidura rufiventris Rhipiduridae (Fantails)
6%
Northern Rough-winged Swallow Stelgidopteryx serripennis Hirundinidae (Swallows)
6%
Northern Shrike Lanius borealis Laniidae (Shrikes)
6%
Northern Waterthrush Parkesia noveboracensis Parulidae (New World Warblers)
6%
Northern Wheatear Oenanthe oenanthe Muscicapidae (Old World Flycatchers)
6%
North Island Robin Petroica longipes Petroicidae (Australasian Robins)
6%
Nullarbor Quail-thrush Cinclosoma alisteri Cinclosomatidae (Quail-thrushes and Jewel-babblers)
6%
Oahu Oo Moho apicalis Mohoidae (Hawaiian Honeyeaters)
6%
Olive-backed Oriole Oriolus sagittatus Oriolidae (Old World Orioles)
6%
Olive-backed Pipit Anthus hodgsoni Motacillidae (Wagtails and Pipits)
6%
Olive-backed Sunbird Cinnyris jugularis Nectariniidae (Sunbirds and Spiderhunters)
6%
Olive Sparrow Arremonops rufivirgatus Passerellidae (New World Sparrows)
6%
Olive Whistler Pachycephala olivacea Pachycephalidae (Whistlers and Allies)
6%
Omao Myadestes obscurus Turdidae (Thrushes and Allies)
6%
Orange Chat Epthianura aurifrons Meliphagidae (Honeyeaters)
6%
Orange-crowned Warbler Leiothlypis celata Parulidae (New World Warblers)
6%
Orchard Oriole Icterus spurius Icteridae (Troupials and Allies)
6%
Ou Psittirostra psittacea Fringillidae (Finches, Euphonias, and Allies)
6%
Pacific Swallow Hirundo tahitica Hirundinidae (Swallows)
6%
Painted Bunting Passerina ciris Cardinalidae (Cardinals and Allies)
6%
Painted Quail-thrush Cinclosoma ajax Cinclosomatidae (Quail-thrushes and Jewel-babblers)
6%
Pale White-eye Zosterops flavilateralis Zosteropidae (White-eyes, Yuhinas, and Allies)
6%
Pallas's Leaf Warbler Phylloscopus proregulus Phylloscopidae (Leaf Warblers)
6%
Palm Warbler Setophaga palmarum Parulidae (New World Warblers)
6%
Paperbark Flycatcher Myiagra nana Monarchidae (Monarch Flycatchers)
6%
Papuan Logrunner Orthonyx novaeguineae Orthonychidae (Logrunners)
6%
Papuan Scrub-Robin Drymodes beccarii Petroicidae (Australasian Robins)
6%
Paradise Riflebird Ptiloris paradiseus Paradisaeidae (Birds-of-Paradise)
6%
Parrot Crossbill Loxia pytyopsittacus Fringillidae (Finches, Euphonias, and Allies)
6%
Pere David's Tit Poecile davidi Paridae (Tits, Chickadees, and Titmice)
6%
Phainopepla Phainopepla nitens Ptiliogonatidae (Silky-flycatchers)
6%
Philadelphia Vireo Vireo philadelphicus Vireonidae (Vireos, Shrike-Babblers, and Erpornis)
6%
Philippine Leaf Warbler Phylloscopus olivaceus Phylloscopidae (Leaf Warblers)
6%
Pied Currawong Strepera graculina Artamidae (Woodswallows, Bellmagpies, and Allies)
6%
Pied Honeyeater Certhionyx variegatus Meliphagidae (Honeyeaters)
6%
Pied Monarch Arses kaupi Monarchidae (Monarch Flycatchers)
6%
Pilotbird Pycnoptilus floccosus Acanthizidae (Thornbills and Allies)
6%
Pine Grosbeak Pinicola enucleator Fringillidae (Finches, Euphonias, and Allies)
6%
Pink-headed Warbler Cardellina versicolor Parulidae (New World Warblers)
6%
Piratic Flycatcher Legatus leucophaius Tyrannidae (Tyrant Flycatchers)
6%
Plumbeous Warbler Setophaga plumbea Parulidae (New World Warblers)
6%
Plush-crested Jay Cyanocorax chrysops Corvidae (Crows, Jays, and Magpies)
6%
Poo-uli Melamprosops phaeosoma Fringillidae (Finches, Euphonias, and Allies)
6%
Prothonotary Warbler Protonotaria citrea Parulidae (New World Warblers)
6%
Purple-gaped Honeyeater Lichenostomus cratitius Meliphagidae (Honeyeaters)
6%
Purplish-backed Jay Cyanocorax beecheii Corvidae (Crows, Jays, and Magpies)
6%
Purplish Jay Cyanocorax cyanomelas Corvidae (Crows, Jays, and Magpies)
6%
Pygmy Cupwing Pnoepyga pusilla Pnoepygidae (Cupwings)
6%
Red-backed Shrike Lanius collurio Laniidae (Shrikes)
6%
Red-billed Blue-Magpie Urocissa erythroryncha Corvidae (Crows, Jays, and Magpies)
6%
Red-crested Cardinal Paroaria coronata Thraupidae (Tanagers and Allies)
6%
Red-faced Warbler Cardellina rubrifrons Parulidae (New World Warblers)
6%
Red-lored Whistler Pachycephala rufogularis Pachycephalidae (Whistlers and Allies)
6%
Red-rumped Swallow Cecropis daurica Hirundinidae (Swallows)
6%
Red-vented Bulbul Pycnonotus cafer Pycnonotidae (Bulbuls)
6%
Reed Bunting Emberiza schoeniclus Emberizidae (Old World Buntings)
6%
Regent Bowerbird Sericulus chrysocephalus Ptilonorhynchidae (Bowerbirds)
6%
Rock Pipit Anthus petrosus Motacillidae (Wagtails and Pipits)
6%
Rock Sparrow Petronia petronia Passeridae (Old World Sparrows)
6%
Rockwarbler Origma solitaria Acanthizidae (Thornbills and Allies)
6%
Royal Flycatcher Onychorhynchus coronatus Oxyruncidae (Sharpbill, Royal Flycatcher, and Allies)
6%
Ruby-crowned Kinglet Corthylio calendula Regulidae (Kinglets)
6%
Rufous-backed Robin Turdus rufopalliatus Turdidae (Thrushes and Allies)
6%
Rufous-banded Honeyeater Conopophila albogularis Meliphagidae (Honeyeaters)
6%
Rufous-crowned Emuwren Stipiturus ruficeps Maluridae (Fairywrens)
6%
Rufous-crowned Sparrow Aimophila ruficeps Passerellidae (New World Sparrows)
6%
Rufous Fieldwren Calamanthus campestris Acanthizidae (Thornbills and Allies)
6%
Rufous Grasswren Amytornis whitei Maluridae (Fairywrens)
6%
Rufous Hornero Furnarius rufus Furnariidae (Ovenbirds and Woodcreepers)
6%
Rufous Shrikethrush Colluricincla rufogaster Pachycephalidae (Whistlers and Allies)
6%
Rufous Songlark Cincloramphus mathewsi Locustellidae (Grassbirds and Allies)
6%
Rufous-throated Honeyeater Conopophila rufogularis Meliphagidae (Honeyeaters)
6%
Rufous Whistler Pachycephala rufiventris Pachycephalidae (Whistlers and Allies)
6%
Rufous-winged Sparrow Peucaea carpalis Passerellidae (New World Sparrows)
6%
Rustic Bunting Emberiza rustica Emberizidae (Old World Buntings)
6%
Sagebrush Sparrow Artemisiospiza nevadensis Passerellidae (New World Sparrows)
6%
Sage Thrasher Oreoscoptes montanus Mimidae (Mockingbirds and Thrashers)
6%
Saltmarsh Sparrow Ammospiza caudacuta Passerellidae (New World Sparrows)
6%
San Blas Jay Cyanocorax sanblasianus Corvidae (Crows, Jays, and Magpies)
6%
Sandstone Shrikethrush Colluricincla woodwardi Pachycephalidae (Whistlers and Allies)
6%
Satin Flycatcher Myiagra cyanoleuca Monarchidae (Monarch Flycatchers)
6%
Savannah Sparrow Passerculus sandwichensis Passerellidae (New World Sparrows)
6%
Schlegel's Asity Philepitta schlegeli Philepittidae (Asities)
6%
Scottish Crossbill Loxia scotica Fringillidae (Finches, Euphonias, and Allies)
6%
Scrubtit Acanthornis magna Acanthizidae (Thornbills and Allies)
6%
Seaside Sparrow Ammospiza maritima Passerellidae (New World Sparrows)
6%
Sedge Wren Cistothorus stellaris Troglodytidae (Wrens)
6%
Sharpbill Oxyruncus cristatus Oxyruncidae (Sharpbill, Royal Flycatcher, and Allies)
6%
Short-toed Treecreeper Certhia brachydactyla Certhiidae (Treecreepers)
6%
Shy Heathwren Hylacola cauta Acanthizidae (Thornbills and Allies)
6%
Siberian Accentor Prunella montanella Prunellidae (Accentors)
6%
Siberian Blue Robin Larvivora cyane Muscicapidae (Old World Flycatchers)
6%
Siberian Jay Perisoreus infaustus Corvidae (Crows, Jays, and Magpies)
6%
Siberian Thrush Geokichla sibirica Turdidae (Thrushes and Allies)
6%
Sichuan Jay Perisoreus internigrans Corvidae (Crows, Jays, and Magpies)
6%
Silvereye Zosterops lateralis Zosteropidae (White-eyes, Yuhinas, and Allies)
6%
Silvery-throated Jay Cyanolyca argentigula Corvidae (Crows, Jays, and Magpies)
6%
Sinaloa Crow Corvus sinaloae Corvidae (Crows, Jays, and Magpies)
6%
Singing Bushlark Mirafra cantillans Alaudidae (Larks)
6%
Singing Honeyeater Gavicalis virescens Meliphagidae (Honeyeaters)
6%
Slaty-backed Thornbill Acanthiza robustirostris Acanthizidae (Thornbills and Allies)
6%
Slender-billed Thornbill Acanthiza iredalei Acanthizidae (Thornbills and Allies)
6%
Smith's Longspur Calcarius pictus Calcariidae (Longspurs and Snow Buntings)
6%
Southern Emuwren Stipiturus malachurus Maluridae (Fairywrens)
6%
Southern Rough-winged Swallow Stelgidopteryx ruficollis Hirundinidae (Swallows)
6%
Southern Whiteface Aphelocephala leucopsis Acanthizidae (Thornbills and Allies)
6%
Spangled Drongo Dicrurus bracteatus Dicruridae (Drongos)
6%
Spectacled Monarch Symposiachrus trivirgatus Monarchidae (Monarch Flycatchers)
6%
Spiny-cheeked Honeyeater Acanthagenys rufogularis Meliphagidae (Honeyeaters)
6%
Spotless Starling Sturnus unicolor Sturnidae (Starlings)
6%
Spotted Bowerbird Chlamydera maculata Ptilonorhynchidae (Bowerbirds)
6%
Spotted Catbird Ailuroedus maculosus Ptilonorhynchidae (Bowerbirds)
6%
Spotted Quail-thrush Cinclosoma punctatum Cinclosomatidae (Quail-thrushes and Jewel-babblers)
6%
Sprague's Pipit Anthus spragueii Motacillidae (Wagtails and Pipits)
6%
Streak-backed Oriole Icterus pustulatus Icteridae (Troupials and Allies)
6%
Streaked Spiderhunter Arachnothera magna Nectariniidae (Sunbirds and Spiderhunters)
6%
Striated Fieldwren Calamanthus fuliginosus Acanthizidae (Thornbills and Allies)
6%
Striated Laughingthrush Grammatoptila striata Leiothrichidae (Laughingthrushes and Allies)
6%
Striated Thornbill Acanthiza lineata Acanthizidae (Thornbills and Allies)
6%
Subalpine Robin Petroica bivittata Petroicidae (Australasian Robins)
6%
Sulphur-bellied Flycatcher Myiodynastes luteiventris Tyrannidae (Tyrant Flycatchers)
6%
Superb Lyrebird Menura novaehollandiae Menuridae (Lyrebirds)
6%
Superb Starling Lamprotornis superbus Sturnidae (Starlings)
6%
Swainson's Sparrow Passer swainsonii Passeridae (Old World Sparrows)
6%
Swamp Sparrow Melospiza georgiana Passerellidae (New World Sparrows)
6%
Tamaulipas Crow Corvus imparatus Corvidae (Crows, Jays, and Magpies)
6%
Tasmanian Thornbill Acanthiza ewingii Acanthizidae (Thornbills and Allies)
6%
Tawny-crowned Honeyeater Gliciphila melanops Meliphagidae (Honeyeaters)
6%
Tawny Grassbird Cincloramphus timoriensis Locustellidae (Grassbirds and Allies)
6%
Thick-billed Grasswren Amytornis modestus Maluridae (Fairywrens)
6%
Thick-billed Kingbird Tyrannus crassirostris Tyrannidae (Tyrant Flycatchers)
6%
Tiger Shrike Lanius tigrinus Laniidae (Shrikes)
6%
Tit Berrypecker Oreocharis arfaki Paramythiidae (Tit Berrypecker and Crested Berrypecker)
6%
Tomtit Petroica macrocephala Petroicidae (Australasian Robins)
6%
Tooth-billed Bowerbird Scenopoeetes dentirostris Ptilonorhynchidae (Bowerbirds)
6%
Torresian Crow Corvus orru Corvidae (Crows, Jays, and Magpies)
6%
Transvolcanic Jay Aphelocoma ultramarina Corvidae (Crows, Jays, and Magpies)
6%
Tree Martin Petrochelidon nigricans Hirundinidae (Swallows)
6%
Tricolored Blackbird Agelaius tricolor Icteridae (Troupials and Allies)
6%
Trilling Cisticola Cisticola woosnami Cisticolidae (Cisticolas and Allies)
6%
Tropical Kingbird Tyrannus melancholicus Tyrannidae (Tyrant Flycatchers)
6%
Tropical Mockingbird Mimus gilvus Mimidae (Mockingbirds and Thrashers)
6%
Tropical Scrubwren Sericornis beccarii Acanthizidae (Thornbills and Allies)
6%
Trumpet Manucode Phonygammus keraudrenii Paradisaeidae (Birds-of-Paradise)
6%
Tufted Flycatcher Mitrephanes phaeocercus Tyrannidae (Tyrant Flycatchers)
6%
Tufted Jay Cyanocorax dickeyi Corvidae (Crows, Jays, and Magpies)
6%
Tufted Titmouse Baeolophus bicolor Paridae (Tits, Chickadees, and Titmice)
6%
Turquoise Jay Cyanolyca turcosa Corvidae (Crows, Jays, and Magpies)
6%
Unicolored Jay Aphelocoma unicolor Corvidae (Crows, Jays, and Magpies)
6%
Vermilion Flycatcher Pyrocephalus rubinus Tyrannidae (Tyrant Flycatchers)
6%
Vesper Sparrow Pooecetes gramineus Passerellidae (New World Sparrows)
6%
Victoria's Riflebird Ptiloris victoriae Paradisaeidae (Birds-of-Paradise)
6%
Violaceous Euphonia Euphonia violacea Fringillidae (Finches, Euphonias, and Allies)
6%
Violaceous Jay Cyanocorax violaceus Corvidae (Crows, Jays, and Magpies)
6%
Violet-backed Starling Cinnyricinclus leucogaster Sturnidae (Starlings)
6%
Violet-green Swallow Tachycineta thalassina Hirundinidae (Swallows)
6%
Virginia's Warbler Leiothlypis virginiae Parulidae (New World Warblers)
6%
Vitelline Warbler Setophaga vitellina Parulidae (New World Warblers)
6%
Warbling Vireo Vireo gilvus Vireonidae (Vireos, Shrike-Babblers, and Erpornis)
6%
Warbling White-eye Zosterops japonicus Zosteropidae (White-eyes, Yuhinas, and Allies)
6%
Water Pipit Anthus spinoletta Motacillidae (Wagtails and Pipits)
6%
Weebill Smicrornis brevirostris Acanthizidae (Thornbills and Allies)
6%
Welcome Swallow Hirundo neoxena Hirundinidae (Swallows)
6%
Western Bowerbird Chlamydera guttata Ptilonorhynchidae (Bowerbirds)
6%
Western Chat-Tanager Calyptophilus tertius Calyptophilidae (Chat-Tanagers)
6%
Western Fieldwren Calamanthus montanellus Acanthizidae (Thornbills and Allies)
6%
Western Gerygone Gerygone fusca Acanthizidae (Thornbills and Allies)
6%
Western Kingbird Tyrannus verticalis Tyrannidae (Tyrant Flycatchers)
6%
Western Meadowlark Sturnella neglecta Icteridae (Troupials and Allies)
6%
Western Nicator Nicator chloris Nicatoridae (Nicators)
6%
Western Quail-thrush Cinclosoma marginatum Cinclosomatidae (Quail-thrushes and Jewel-babblers)
6%
Western Spindalis Spindalis zena Spindalidae (Spindalises)
6%
Western Spinebill Acanthorhynchus superciliosus Meliphagidae (Honeyeaters)
6%
Western Tanager Piranga ludoviciana Cardinalidae (Cardinals and Allies)
6%
Western Thornbill Acanthiza inornata Acanthizidae (Thornbills and Allies)
6%
Western Wood-Pewee Contopus sordidulus Tyrannidae (Tyrant Flycatchers)
6%
White-backed Swallow Cheramoeca leucosterna Hirundinidae (Swallows)
6%
White-bellied Cuckooshrike Coracina papuensis Campephagidae (Cuckooshrikes)
6%
White-breasted Whistler Pachycephala lanioides Pachycephalidae (Whistlers and Allies)
6%
White-breasted Woodswallow Artamus leucorynchus Artamidae (Woodswallows, Bellmagpies, and Allies)
6%
White-browed Babbler Pomatostomus superciliosus Pomatostomidae (Pseudo-Babblers)
6%
White-browed Scrubwren Sericornis frontalis Acanthizidae (Thornbills and Allies)
6%
White-browed Woodswallow Artamus superciliosus Artamidae (Woodswallows, Bellmagpies, and Allies)
6%
White-eared Honeyeater Nesoptilotis leucotis Meliphagidae (Honeyeaters)
6%
White-eyed Vireo Vireo griseus Vireonidae (Vireos, Shrike-Babblers, and Erpornis)
6%
White-fronted Chat Epthianura albifrons Meliphagidae (Honeyeaters)
6%
White-fronted Honeyeater Purnella albifrons Meliphagidae (Honeyeaters)
6%
White-gaped Honeyeater Stomiopera unicolor Meliphagidae (Honeyeaters)
6%
Whitehead Mohoua albicilla Mohouidae (Whiteheads)
6%
White-necked Raven Corvus albicollis Corvidae (Crows, Jays, and Magpies)
6%
White-plumed Honeyeater Ptilotula penicillata Meliphagidae (Honeyeaters)
6%
White-throated Dipper Cinclus cinclus Cinclidae (Dippers)
6%
White-throated Gerygone Gerygone olivacea Acanthizidae (Thornbills and Allies)
6%
White-throated Jay Cyanolyca mirabilis Corvidae (Crows, Jays, and Magpies)
6%
White-throated Magpie-Jay Calocitta formosa Corvidae (Crows, Jays, and Magpies)
6%
White-tufted Honeyeater Lichmera squamata Meliphagidae (Honeyeaters)
6%
White-winged Cotinga Xipholena atropurpurea Cotingidae (Cotingas)
6%
Willie-wagtail Rhipidura leucophrys Rhipiduridae (Fantails)
6%
Wilson's Warbler Cardellina pusilla Parulidae (New World Warblers)
6%
Wrentit Chamaea fasciata Sylviidae (Sylviid Warblers, Parrotbills, and Allies)
6%
Yellow-bellied Hyliota Hyliota flavigaster Hyliotidae (Hyliotas)
6%
Yellow Bishop Euplectes capensis Ploceidae (Weavers and Allies)
6%
Yellow-breasted Bowerbird Chlamydera lauterbachi Ptilonorhynchidae (Bowerbirds)
6%
Yellow Canary Crithagra flaviventris Fringillidae (Finches, Euphonias, and Allies)
6%
Yellow Chat Epthianura crocea Meliphagidae (Honeyeaters)
6%
Yellow-eyed Junco Junco phaeonotus Passerellidae (New World Sparrows)
6%
Yellow-green Vireo Vireo flavoviridis Vireonidae (Vireos, Shrike-Babblers, and Erpornis)
6%
Yellowhammer Emberiza citrinella Emberizidae (Old World Buntings)
6%
Yellowhead Mohoua ochrocephala Mohouidae (Whiteheads)
6%
Yellow-headed Blackbird Xanthocephalus xanthocephalus Icteridae (Troupials and Allies)
6%
Yellow Honeyeater Stomiopera flava Meliphagidae (Honeyeaters)
6%
Yellow-legged Flycatcher Microeca griseoceps Petroicidae (Australasian Robins)
6%
Yellow Oriole Icterus nigrogularis Icteridae (Troupials and Allies)
6%
Yellow-plumed Honeyeater Ptilotula ornata Meliphagidae (Honeyeaters)
6%
Yellow-rumped Thornbill Acanthiza chrysorrhoa Acanthizidae (Thornbills and Allies)
6%
Yellow-spotted Honeyeater Meliphaga notata Meliphagidae (Honeyeaters)
6%
Yellow Thornbill Acanthiza nana Acanthizidae (Thornbills and Allies)
6%
Yellow-throated Euphonia Euphonia hirundinacea Fringillidae (Finches, Euphonias, and Allies)
6%
Yellow-throated Miner Manorina flavigula Meliphagidae (Honeyeaters)
6%
Yellow-throated Scrubwren Sericornis citreogularis Acanthizidae (Thornbills and Allies)
6%
Yellow-throated Vireo Vireo flavifrons Vireonidae (Vireos, Shrike-Babblers, and Erpornis)
6%
Yellow-tinted Honeyeater Ptilotula flavescens Meliphagidae (Honeyeaters)
6%
Abbott's Babbler Malacocincla abbotti Pellorneidae (Ground Babblers and Allies)
0%
Abbott's Starling Poeoptera femoralis Sturnidae (Starlings)
0%
Abd al Kuri Sparrow Passer hemileucus Passeridae (Old World Sparrows)
0%
Aberdare Cisticola Cisticola aberdare Cisticolidae (Cisticolas and Allies)
0%
Aberrant Bush Warbler Horornis flavolivaceus Scotocercidae (Bush Warblers and Allies)
0%
Abyssinian Catbird Sylvia galinieri Sylviidae (Sylviid Warblers, Parrotbills, and Allies)
0%
Abyssinian Crimsonwing Cryptospiza salvadorii Estrildidae (Waxbills and Allies)
0%
Abyssinian Ground-Thrush Geokichla piaggiae Turdidae (Thrushes and Allies)
0%
Abyssinian Longclaw Macronyx flavicollis Motacillidae (Wagtails and Pipits)
0%
Abyssinian Slaty-Flycatcher Melaenornis chocolatinus Muscicapidae (Old World Flycatchers)
0%
Abyssinian Thrush Turdus abyssinicus Turdidae (Thrushes and Allies)
0%
Abyssinian Wheatear Oenanthe lugubris Muscicapidae (Old World Flycatchers)
0%
Abyssinian White-eye Zosterops abyssinicus Zosteropidae (White-eyes, Yuhinas, and Allies)
0%
Aceh Bulbul Pycnonotus snouckaerti Pycnonotidae (Bulbuls)
0%
Acre Antshrike Thamnophilus divisorius Thamnophilidae (Typical Antbirds)
0%
Acre Tody-Tyrant Hemitriccus cohnhafti Tyrannidae (Tyrant Flycatchers)
0%
Adelaide's Warbler Setophaga adelaidae Parulidae (New World Warblers)
0%
Afghan Babbler Argya huttoni Leiothrichidae (Laughingthrushes and Allies)
0%
Afghan Snowfinch Montifringilla theresae Passeridae (Old World Sparrows)
0%
African Bare-eyed Thrush Turdus tephronotus Turdidae (Thrushes and Allies)
0%
African Black-headed Oriole Oriolus larvatus Oriolidae (Old World Orioles)
0%
African Blue Flycatcher Elminia longicauda Stenostiridae (Fairy Flycatchers)
0%
African Broadbill Smithornis capensis Calyptomenidae (African and Green Broadbills)
0%
African Citril Crithagra citrinelloides Fringillidae (Finches, Euphonias, and Allies)
0%
African Crested-Flycatcher Trochocercus cyanomelas Monarchidae (Monarch Flycatchers)
0%
African Desert Warbler Curruca deserti Sylviidae (Sylviid Warblers, Parrotbills, and Allies)
0%
African Dusky Flycatcher Muscicapa adusta Muscicapidae (Old World Flycatchers)
0%
African Firefinch Lagonosticta rubricata Estrildidae (Waxbills and Allies)
0%
African Forest-Flycatcher Fraseria ocreata Muscicapidae (Old World Flycatchers)
0%
African Golden Oriole Oriolus auratus Oriolidae (Old World Orioles)
0%
African Golden-Weaver Ploceus subaureus Ploceidae (Weavers and Allies)
0%
African Gray Flycatcher Bradornis microrhynchus Muscicapidae (Old World Flycatchers)
0%
African Hill Babbler Sylvia abyssinica Sylviidae (Sylviid Warblers, Parrotbills, and Allies)
0%
African Paradise-Flycatcher Terpsiphone viridis Monarchidae (Monarch Flycatchers)
0%
African Penduline-Tit Anthoscopus caroli Remizidae (Penduline-Tits)
0%
African Pied Starling Lamprotornis bicolor Sturnidae (Starlings)
0%
African Pied Wagtail Motacilla aguimp Motacillidae (Wagtails and Pipits)
0%
African Pipit Anthus cinnamomeus Motacillidae (Wagtails and Pipits)
0%
African Pitta Pitta angolensis Pittidae (Pittas)
0%
African Reed Warbler Acrocephalus baeticatus Acrocephalidae (Reed Warblers and Allies)
0%
African River Martin Pseudochelidon eurystomina Hirundinidae (Swallows)
0%
African Shrike-flycatcher Megabyas flammulatus Vangidae (Vangas, Helmetshrikes, and Allies)
0%
African Silverbill Euodice cantans Estrildidae (Waxbills and Allies)
0%
African Spotted Creeper Salpornis salvadori Certhiidae (Treecreepers)
0%
African Stonechat Saxicola torquatus Muscicapidae (Old World Flycatchers)
0%
African Tailorbird Artisornis metopias Cisticolidae (Cisticolas and Allies)
0%
African Thrush Turdus pelios Turdidae (Thrushes and Allies)
0%
African Yellow-Warbler Iduna natalensis Acrocephalidae (Reed Warblers and Allies)
0%
Agile Tit-Tyrant Uromyias agilis Tyrannidae (Tyrant Flycatchers)
0%
Aguiguan Reed Warbler Acrocephalus nijoi Acrocephalidae (Reed Warblers and Allies)
0%
Agulhas Lark Certhilauda brevirostris Alaudidae (Larks)
0%
Akekee Loxops caeruleirostris Fringillidae (Finches, Euphonias, and Allies)
0%
Akohekohe Palmeria dolei Fringillidae (Finches, Euphonias, and Allies)
0%
Alagoas Antwren Myrmotherula snowi Thamnophilidae (Typical Antbirds)
0%
Alagoas Foliage-gleaner Philydor novaesi Furnariidae (Ovenbirds and Woodcreepers)
0%
Alagoas Tyrannulet Phylloscartes ceciliae Tyrannidae (Tyrant Flycatchers)
0%
Ala Shan Redstart Phoenicurus alaschanicus Muscicapidae (Old World Flycatchers)
0%
Albertine Boubou Laniarius holomelas Malaconotidae (Bushshrikes and Allies)
0%
Albert's Lyrebird Menura alberti Menuridae (Lyrebirds)
0%
Aldabra Brush-Warbler Nesillas aldabrana Acrocephalidae (Reed Warblers and Allies)
0%
Aldabra Drongo Dicrurus aldabranus Dicruridae (Drongos)
0%
Aldabra Fody Foudia aldabrana Ploceidae (Weavers and Allies)
0%
Aldabra White-eye Zosterops aldabrensis Zosteropidae (White-eyes, Yuhinas, and Allies)
0%
Algerian Nuthatch Sitta ledanti Sittidae (Nuthatches)
0%
Allpahuayo Antbird Percnostola arenarum Thamnophilidae (Typical Antbirds)
0%
Alor Myzomela Myzomela prawiradilagae Meliphagidae (Honeyeaters)
0%
Alpine Accentor Prunella collaris Prunellidae (Accentors)
0%
Alpine Leaf Warbler Phylloscopus occisinensis Phylloscopidae (Leaf Warblers)
0%
Alpine Munia Lonchura monticola Estrildidae (Waxbills and Allies)
0%
Alpine Pipit Anthus gutturalis Motacillidae (Wagtails and Pipits)
0%
Alpine Thrush Zoothera mollissima Turdidae (Thrushes and Allies)
0%
Alström's Warbler Phylloscopus soror Phylloscopidae (Leaf Warblers)
0%
Alta Floresta Antpitta Hylopezus whittakeri Grallariidae (Antpittas)
0%
Altai Accentor Prunella himalayana Prunellidae (Accentors)
0%
Altamira Yellowthroat Geothlypis flavovelata Parulidae (New World Warblers)
0%
Amami Thrush Zoothera major Turdidae (Thrushes and Allies)
0%
Amani Sunbird Hedydipna pallidigaster Nectariniidae (Sunbirds and Spiderhunters)
0%
Amaui Myadestes woahensis Turdidae (Thrushes and Allies)
0%
Amazonian Antpitta Myrmothera berlepschi Grallariidae (Antpittas)
0%
Amazonian Antshrike Thamnophilus amazonicus Thamnophilidae (Typical Antbirds)
0%
Amazonian Barred-Woodcreeper Dendrocolaptes certhia Furnariidae (Ovenbirds and Woodcreepers)
0%
Amazonian Black-Tyrant Knipolegus poecilocercus Tyrannidae (Tyrant Flycatchers)
0%
Amazonian Grosbeak Cyanoloxia rothschildii Cardinalidae (Cardinals and Allies)
0%
Amazonian Scrub-Flycatcher Sublegatus obscurior Tyrannidae (Tyrant Flycatchers)
0%
Amazonian Streaked-Antwren Myrmotherula multostriata Thamnophilidae (Typical Antbirds)
0%
Amazonian Tyrannulet Inezia subflava Tyrannidae (Tyrant Flycatchers)
0%
Amazonian Umbrellabird Cephalopterus ornatus Cotingidae (Cotingas)
0%
Ambon White-eye Zosterops kuehni Zosteropidae (White-eyes, Yuhinas, and Allies)
0%
Amethyst Sunbird Chalcomitra amethystina Nectariniidae (Sunbirds and Spiderhunters)
0%
Ampay Tapaculo Scytalopus whitneyi Rhinocryptidae (Tapaculos)
0%
Amur Paradise-Flycatcher Terpsiphone incei Monarchidae (Monarch Flycatchers)
0%
Amur Stonechat Saxicola stejnegeri Muscicapidae (Old World Flycatchers)
0%
Anambra Waxbill Estrilda poliopareia Estrildidae (Waxbills and Allies)
0%
Ancash Tapaculo Scytalopus affinis Rhinocryptidae (Tapaculos)
0%
Anchieta's Sunbird Anthreptes anchietae Nectariniidae (Sunbirds and Spiderhunters)
0%
Ancient Antwren Herpsilochmus gentryi Thamnophilidae (Typical Antbirds)
0%
Andaman Bulbul Brachypodius fuscoflavescens Pycnonotidae (Bulbuls)
0%
Andaman Cuckooshrike Coracina dobsoni Campephagidae (Cuckooshrikes)
0%
Andaman Drongo Dicrurus andamanensis Dicruridae (Drongos)
0%
Andaman Flowerpecker Dicaeum virescens Dicaeidae (Flowerpeckers)
0%
Andaman Shama Copsychus albiventris Muscicapidae (Old World Flycatchers)
0%
Andaman Treepie Dendrocitta bayleii Corvidae (Crows, Jays, and Magpies)
0%
Andean Cock-of-the-rock Rupicola peruvianus Cotingidae (Cotingas)
0%
Andean Negrito Lessonia oreas Tyrannidae (Tyrant Flycatchers)
0%
Andean Siskin Spinus spinescens Fringillidae (Finches, Euphonias, and Allies)
0%
Andean Slaty Thrush Turdus nigriceps Turdidae (Thrushes and Allies)
0%
Andean Solitaire Myadestes ralloides Turdidae (Thrushes and Allies)
0%
Andean Swallow Orochelidon andecola Hirundinidae (Swallows)
0%
Andean Tit-Spinetail Leptasthenura andicola Furnariidae (Ovenbirds and Woodcreepers)
0%
Angola Batis Batis minulla Platysteiridae (Wattle-eyes and Batises)
0%
Angola Cave-Chat Xenocopsychus ansorgei Muscicapidae (Old World Flycatchers)
0%
Angola Helmetshrike Prionops gabela Vangidae (Vangas, Helmetshrikes, and Allies)
0%
Angola Lark Mirafra angolensis Alaudidae (Larks)
0%
Angola Slaty-Flycatcher Melaenornis brunneus Muscicapidae (Old World Flycatchers)
0%
Angola Swallow Hirundo angolensis Hirundinidae (Swallows)
0%
Angola Waxbill Coccopygia bocagei Estrildidae (Waxbills and Allies)
0%
Anianiau Magumma parva Fringillidae (Finches, Euphonias, and Allies)
0%
Anjouan Brush-Warbler Nesillas longicaudata Acrocephalidae (Reed Warblers and Allies)
0%
Anjouan Sunbird Cinnyris comorensis Nectariniidae (Sunbirds and Spiderhunters)
0%
Anjouan White-eye Zosterops anjuanensis Zosteropidae (White-eyes, Yuhinas, and Allies)
0%
Ankober Serin Crithagra ankoberensis Fringillidae (Finches, Euphonias, and Allies)
0%
Annam Limestone Babbler Gypsophila annamensis Pellorneidae (Ground Babblers and Allies)
0%
Annam Prinia Prinia rocki Cisticolidae (Cisticolas and Allies)
0%
Annobon White-eye Zosterops griseovirescens Zosteropidae (White-eyes, Yuhinas, and Allies)
0%
Ansorge's Greenbul Eurillas ansorgei Pycnonotidae (Bulbuls)
0%
Antillean Euphonia Chlorophonia musica Fringillidae (Finches, Euphonias, and Allies)
0%
Antillean Siskin Spinus dominicensis Fringillidae (Finches, Euphonias, and Allies)
0%
Antioquia Bristle-Tyrant Phylloscartes lanyoni Tyrannidae (Tyrant Flycatchers)
0%
Antioquia Brushfinch Atlapetes blancae Passerellidae (New World Sparrows)
0%
Antioquia Wren Thryophilus sernai Troglodytidae (Wrens)
0%
Apical Flycatcher Myiarchus apicalis Tyrannidae (Tyrant Flycatchers)
0%
Apolinar's Wren Cistothorus apolinari Troglodytidae (Wrens)
0%
Apo Myna Goodfellowia miranda Sturnidae (Starlings)
0%
Apo Sunbird Aethopyga boltoni Nectariniidae (Sunbirds and Spiderhunters)
0%
Appert's Tetraka Xanthomixis apperti Bernieridae (Malagasy Warblers)
0%
Apricot-breasted Sunbird Cinnyris buettikoferi Nectariniidae (Sunbirds and Spiderhunters)
0%
Apurimac Brushfinch Atlapetes forbesi Passerellidae (New World Sparrows)
0%
Apurimac Spinetail Synallaxis courseni Furnariidae (Ovenbirds and Woodcreepers)
0%
Aquatic Warbler Acrocephalus paludicola Acrocephalidae (Reed Warblers and Allies)
0%
Arabian Babbler Argya squamiceps Leiothrichidae (Laughingthrushes and Allies)
0%
Arabian Golden Sparrow Passer euchlorus Passeridae (Old World Sparrows)
0%
Arabian Grosbeak Rhynchostruthus percivali Fringillidae (Finches, Euphonias, and Allies)
0%
Arabian Lark Eremalauda eremodites Alaudidae (Larks)
0%
Arabian Warbler Curruca leucomelaena Sylviidae (Sylviid Warblers, Parrotbills, and Allies)
0%
Arabian Waxbill Estrilda rufibarba Estrildidae (Waxbills and Allies)
0%
Arabian Wheatear Oenanthe lugentoides Muscicapidae (Old World Flycatchers)
0%
Arafura Shrikethrush Colluricincla megarhyncha Pachycephalidae (Whistlers and Allies)
0%
Araripe Manakin Antilophia bokermanni Pipridae (Manakins)
0%
Araucaria Tit-Spinetail Leptasthenura setaria Furnariidae (Ovenbirds and Woodcreepers)
0%
Archbold's Bowerbird Archboldia papuensis Ptilonorhynchidae (Bowerbirds)
0%
Archbold's Newtonia Newtonia archboldi Vangidae (Vangas, Helmetshrikes, and Allies)
0%
Archer's Robin-Chat Cossypha archeri Muscicapidae (Old World Flycatchers)
0%
Arctic Warbler Phylloscopus borealis Phylloscopidae (Leaf Warblers)
0%
Arfak Astrapia Astrapia nigra Paradisaeidae (Birds-of-Paradise)
0%
Arfak Catbird Ailuroedus arfakianus Ptilonorhynchidae (Bowerbirds)
0%
Arfak Honeyeater Melipotes gymnops Meliphagidae (Honeyeaters)
0%
Aripuana Antwren Herpsilochmus stotzi Thamnophilidae (Typical Antbirds)
0%
Arnot's Chat Myrmecocichla arnotti Muscicapidae (Old World Flycatchers)
0%
Arrowhead Warbler Setophaga pharetra Parulidae (New World Warblers)
0%
Arrow-marked Babbler Turdoides jardineii Leiothrichidae (Laughingthrushes and Allies)
0%
Ashambu Laughingthrush Montecincla meridionalis Leiothrichidae (Laughingthrushes and Allies)
0%
Ash-breasted Antbird Myrmoborus lugubris Thamnophilidae (Typical Antbirds)
0%
Ash-breasted Sierra Finch Geospizopsis plebejus Thraupidae (Tanagers and Allies)
0%
Ash-breasted Tit-Tyrant Anairetes alpinus Tyrannidae (Tyrant Flycatchers)
0%
Ash-browed Spinetail Cranioleuca curtata Furnariidae (Ovenbirds and Woodcreepers)
0%
Ash-colored Tapaculo Myornis senilis Rhinocryptidae (Tapaculos)
0%
Ash's Lark Mirafra ashi Alaudidae (Larks)
0%
Ash-throated Antwren Herpsilochmus parkeri Thamnophilidae (Typical Antbirds)
0%
Ash-throated Casiornis Casiornis fuscus Tyrannidae (Tyrant Flycatchers)
0%
Ash-throated Flycatcher Myiarchus cinerascens Tyrannidae (Tyrant Flycatchers)
0%
Ash-throated Gnateater Conopophaga peruviana Conopophagidae (Gnateaters)
0%
Ash-winged Antwren Euchrepomis spodioptila Thamnophilidae (Typical Antbirds)
0%
Ashy Antwren Myrmotherula grisea Thamnophilidae (Typical Antbirds)
0%
Ashy-breasted Flycatcher Muscicapa randi Muscicapidae (Old World Flycatchers)
0%
Ashy Bulbul Hemixos flavala Pycnonotidae (Bulbuls)
0%
Ashy Cisticola Cisticola cinereolus Cisticolidae (Cisticolas and Allies)
0%
Ashy-crowned Sparrow-Lark Eremopterix griseus Alaudidae (Larks)
0%
Ashy Flowerpecker Dicaeum vulneratum Dicaeidae (Flowerpeckers)
0%
Ashy Flycatcher Fraseria caerulescens Muscicapidae (Old World Flycatchers)
0%
Ashy-fronted Bulbul Pycnonotus cinereifrons Pycnonotidae (Bulbuls)
0%
Ashy-headed Babbler Pellorneum cinereiceps Pellorneidae (Ground Babblers and Allies)
0%
Ashy-headed Greenlet Hylophilus pectoralis Vireonidae (Vireos, Shrike-Babblers, and Erpornis)
0%
Ashy-headed Laughingthrush Argya cinereifrons Leiothrichidae (Laughingthrushes and Allies)
0%
Ashy-headed Tyrannulet Phyllomyias cinereiceps Tyrannidae (Tyrant Flycatchers)
0%
Ashy Minivet Pericrocotus divaricatus Campephagidae (Cuckooshrikes)
0%
Ashy Myzomela Myzomela cineracea Meliphagidae (Honeyeaters)
0%
Ashy Prinia Prinia socialis Cisticolidae (Cisticolas and Allies)
0%
Ashy Robin Heteromyias albispecularis Petroicidae (Australasian Robins)
0%
Ashy Starling Lamprotornis unicolor Sturnidae (Starlings)
0%
Ashy Tailorbird Orthotomus ruficeps Cisticolidae (Cisticolas and Allies)
0%
Ashy-throated Chlorospingus Chlorospingus canigularis Passerellidae (New World Sparrows)
0%
Ashy-throated Parrotbill Sinosuthora alphonsiana Sylviidae (Sylviid Warblers, Parrotbills, and Allies)
0%
Ashy-throated Warbler Phylloscopus maculipennis Phylloscopidae (Leaf Warblers)
0%
Ashy Thrush Geokichla cinerea Turdidae (Thrushes and Allies)
0%
Ashy Tit Melaniparus cinerascens Paridae (Tits, Chickadees, and Titmice)
0%
Asian Brown Flycatcher Muscicapa dauurica Muscicapidae (Old World Flycatchers)
0%
Asian Desert Warbler Curruca nana Sylviidae (Sylviid Warblers, Parrotbills, and Allies)
0%
Asian Glossy Starling Aplonis panayensis Sturnidae (Starlings)
0%
Asian Golden Weaver Ploceus hypoxanthus Ploceidae (Weavers and Allies)
0%
Asian House-Martin Delichon dasypus Hirundinidae (Swallows)
0%
Asian Pied Starling Gracupica contra Sturnidae (Starlings)
0%
Asian Rosy-Finch Leucosticte arctoa Fringillidae (Finches, Euphonias, and Allies)
0%
Asian Short-toed Lark Alaudala cheleensis Alaudidae (Larks)
0%
Asian Stubtail Urosphena squameiceps Scotocercidae (Bush Warblers and Allies)
0%
Asir Magpie Pica asirensis Corvidae (Crows, Jays, and Magpies)
0%
Assam Laughingthrush Trochalopteron chrysopterum Leiothrichidae (Laughingthrushes and Allies)
0%
Atlas Flycatcher Ficedula speculigera Muscicapidae (Old World Flycatchers)
0%
Atoll Starling Aplonis feadensis Sturnidae (Starlings)
0%
Austral Blackbird Curaeus curaeus Icteridae (Troupials and Allies)
0%
Austral Canastero Asthenes anthoides Furnariidae (Ovenbirds and Woodcreepers)
0%
Australian Yellow White-eye Zosterops luteus Zosteropidae (White-eyes, Yuhinas, and Allies)
0%
Austral Negrito Lessonia rufa Tyrannidae (Tyrant Flycatchers)
0%
Austral Thrush Turdus falcklandii Turdidae (Thrushes and Allies)
0%
Ayacucho Antpitta Grallaria ayacuchensis Grallariidae (Antpittas)
0%
Ayacucho Thistletail Asthenes ayacuchensis Furnariidae (Ovenbirds and Woodcreepers)
0%
Ayeyarwady Bulbul Pycnonotus blanfordi Pycnonotidae (Bulbuls)
0%
Azara's Spinetail Synallaxis azarae Furnariidae (Ovenbirds and Woodcreepers)
0%
Azores Bullfinch Pyrrhula murina Fringillidae (Finches, Euphonias, and Allies)
0%
Aztec Thrush Ridgwayia pinicola Turdidae (Thrushes and Allies)
0%
Azure-breasted Pitta Pitta steerii Pittidae (Pittas)
0%
Azure-crested Flycatcher Myiagra azureocapilla Monarchidae (Monarch Flycatchers)
0%
Azure-hooded Jay Cyanolyca cucullata Corvidae (Crows, Jays, and Magpies)
0%
Azure-rumped Tanager Poecilostreptus cabanisi Thraupidae (Tanagers and Allies)
0%
Azure-shouldered Tanager Thraupis cyanoptera Thraupidae (Tanagers and Allies)
0%
Azure Tit Cyanistes cyanus Paridae (Tits, Chickadees, and Titmice)
0%
Babbling Starling Neocichla gutturalis Sturnidae (Starlings)
0%
Bachman's Sparrow Peucaea aestivalis Passerellidae (New World Sparrows)
0%
Baglafecht Weaver Ploceus baglafecht Ploceidae (Weavers and Allies)
0%
Bagobo Robin Leonardina woodi Muscicapidae (Old World Flycatchers)
0%
Bahama Nuthatch Sitta insularis Sittidae (Nuthatches)
0%
Bahama Swallow Tachycineta cyaneoviridis Hirundinidae (Swallows)
0%
Bahama Yellowthroat Geothlypis rostrata Parulidae (New World Warblers)
0%
Bahia Antwren Herpsilochmus pileatus Thamnophilidae (Typical Antbirds)
0%
Bahia Spinetail Synallaxis cinerea Furnariidae (Ovenbirds and Woodcreepers)
0%
Bahia Tapaculo Eleoscytalopus psychopompus Rhinocryptidae (Tapaculos)
0%
Bahia Tyrannulet Phylloscartes beckeri Tyrannidae (Tyrant Flycatchers)
0%
Baikal Bush Warbler Locustella davidi Locustellidae (Grassbirds and Allies)
0%
Baird's Flycatcher Myiodynastes bairdii Tyrannidae (Tyrant Flycatchers)
0%
Baird's Junco Junco bairdi Passerellidae (New World Sparrows)
0%
Baka Indigobird Vidua larvaticola Viduidae (Indigobirds)
0%
Balearic Warbler Curruca balearica Sylviidae (Sylviid Warblers, Parrotbills, and Allies)
0%
Balicassiao Dicrurus balicassius Dicruridae (Drongos)
0%
Baliem Whistler Pachycephala balim Pachycephalidae (Whistlers and Allies)
0%
Ballman's Malimbe Malimbus ballmanni Ploceidae (Weavers and Allies)
0%
Bamboo Antshrike Cymbilaimus sanctaemariae Thamnophilidae (Typical Antbirds)
0%
Bamboo Warbler Locustella alfredi Locustellidae (Grassbirds and Allies)
0%
Bamenda Apalis Apalis bamendae Cisticolidae (Cisticolas and Allies)
0%
Bananal Antbird Cercomacra ferdinandi Thamnophilidae (Typical Antbirds)
0%
Bananaquit Coereba flaveola Thraupidae (Tanagers and Allies)
0%
Banasura Laughingthrush Montecincla jerdoni Leiothrichidae (Laughingthrushes and Allies)
0%
Banda Myzomela Myzomela boiei Meliphagidae (Honeyeaters)
0%
Banda Sea Pitta Pitta vigorsii Pittidae (Pittas)
0%
Band-backed Wren Campylorhynchus zonatus Troglodytidae (Wrens)
0%
Banded Antbird Dichrozona cincta Thamnophilidae (Typical Antbirds)
0%
Banded Broadbill Eurylaimus javanicus Eurylaimidae (Asian and Grauer's Broadbills)
0%
Banded Honeyeater Cissomela pectoralis Meliphagidae (Honeyeaters)
0%
Banded Martin Neophedina cincta Hirundinidae (Swallows)
0%
Banded Parisoma Curruca boehmi Sylviidae (Sylviid Warblers, Parrotbills, and Allies)
0%
Banded Prinia Prinia bairdii Cisticolidae (Cisticolas and Allies)
0%
Banded Sunbird Anthreptes rubritorques Nectariniidae (Sunbirds and Spiderhunters)
0%
Banded Wattle-eye Platysteira laticincta Platysteiridae (Wattle-eyes and Batises)
0%
Banded White-eye Zosterops vellalavella Zosteropidae (White-eyes, Yuhinas, and Allies)
0%
Banded Wren Thryophilus pleurostictus Troglodytidae (Wrens)
0%
Band-tailed Antbird Hypocnemoides maculicauda Thamnophilidae (Typical Antbirds)
0%
Band-tailed Antshrike Thamnophilus melanothorax Thamnophilidae (Typical Antbirds)
0%
Band-tailed Antwren Myrmotherula urosticta Thamnophilidae (Typical Antbirds)
0%
Band-tailed Cacique Cacicus latirostris Icteridae (Troupials and Allies)
0%
Band-tailed Earthcreeper Ochetorhynchus phoenicurus Furnariidae (Ovenbirds and Woodcreepers)
0%
Band-tailed Fruiteater Pipreola intermedia Cotingidae (Cotingas)
0%
Band-tailed Manakin Pipra fasciicauda Pipridae (Manakins)
0%
Band-tailed Seedeater Catamenia analis Thraupidae (Tanagers and Allies)
0%
Band-tailed Sierra Finch Rhopospina alaudina Thraupidae (Tanagers and Allies)
0%
Banggai Crow Corvus unicolor Corvidae (Crows, Jays, and Magpies)
0%
Banggai Jungle-Flycatcher Cyornis pelingensis Muscicapidae (Old World Flycatchers)
0%
Bangwa Warbler Bradypterus bangwaensis Locustellidae (Grassbirds and Allies)
0%
Bank Myna Acridotheres ginginianus Sturnidae (Starlings)
0%
Bannerman's Sunbird Cyanomitra bannermani Nectariniidae (Sunbirds and Spiderhunters)
0%
Bannerman's Weaver Ploceus bannermani Ploceidae (Weavers and Allies)
0%
Barbados Bullfinch Loxigilla barbadensis Thraupidae (Tanagers and Allies)
0%
Bar-bellied Cuckooshrike Coracina striata Campephagidae (Cuckooshrikes)
0%
Bar-bellied Pitta Hydrornis elliotii Pittidae (Pittas)
0%
Bar-bellied Woodcreeper Hylexetastes stresemanni Furnariidae (Ovenbirds and Woodcreepers)
0%
Bar-breasted Firefinch Lagonosticta rufopicta Estrildidae (Waxbills and Allies)
0%
Barbuda Warbler Setophaga subita Parulidae (New World Warblers)
0%
Bar-crested Antshrike Thamnophilus multistriatus Thamnophilidae (Typical Antbirds)
0%
Bare-cheeked Babbler Turdoides gymnogenys Leiothrichidae (Laughingthrushes and Allies)
0%
Bare-crowned Antbird Gymnocichla nudiceps Thamnophilidae (Typical Antbirds)
0%
Bare-eyed Antbird Rhegmatorhina gymnops Thamnophilidae (Typical Antbirds)
0%
Bare-eyed Myna Streptocitta albertinae Sturnidae (Starlings)
0%
Bare-eyed White-eye Zosterops superciliosus Zosteropidae (White-eyes, Yuhinas, and Allies)
0%
Bare-faced Bulbul Nok hualon Pycnonotidae (Bulbuls)
0%
Bare-headed Laughingthrush Melanocichla calva Timaliidae (Tree-Babblers, Scimitar-Babblers, and Allies)
0%
Bare-necked Fruitcrow Gymnoderus foetidus Cotingidae (Cotingas)
0%
Bare-necked Umbrellabird Cephalopterus glabricollis Cotingidae (Cotingas)
0%
Bare-throated Bellbird Procnias nudicollis Cotingidae (Cotingas)
0%
Bare-throated Whistler Pachycephala nudigula Pachycephalidae (Whistlers and Allies)
0%
Barlow's Lark Calendulauda barlowi Alaudidae (Larks)
0%
Barratt's Warbler Bradypterus barratti Locustellidae (Grassbirds and Allies)
0%
Barred Antshrike Thamnophilus doliatus Thamnophilidae (Typical Antbirds)
0%
Barred Antthrush Chamaeza mollissima Formicariidae (Antthrushes)
0%
Barred Becard Pachyramphus versicolor Tityridae (Tityras and Allies)
0%
Barred Fruiteater Pipreola arcuata Cotingidae (Cotingas)
0%
Barred Honeyeater Gliciphila undulata Meliphagidae (Honeyeaters)
0%
Barred Laughingthrush Ianthocincla lunulata Leiothrichidae (Laughingthrushes and Allies)
0%
Barred Warbler Curruca nisoria Sylviidae (Sylviid Warblers, Parrotbills, and Allies)
0%
Barred Wren-Warbler Calamonastes fasciolatus Cisticolidae (Cisticolas and Allies)
0%
Bar-tailed Lark Ammomanes cinctura Alaudidae (Larks)
0%
Bar-tailed Treecreeper Certhia himalayana Certhiidae (Treecreepers)
0%
Bar-throated Apalis Apalis thoracica Cisticolidae (Cisticolas and Allies)
0%
Bar-winged Flycatcher-shrike Hemipus picatus Vangidae (Vangas, Helmetshrikes, and Allies)
0%
Bar-winged Oriole Icterus maculialatus Icteridae (Troupials and Allies)
0%
Bar-winged Prinia Prinia familiaris Cisticolidae (Cisticolas and Allies)
0%
Bar-winged Weaver Ploceus angolensis Ploceidae (Weavers and Allies)
0%
Bar-winged Wood-Wren Henicorhina leucoptera Troglodytidae (Wrens)
0%
Bar-winged Wren-Babbler Spelaeornis troglodytoides Timaliidae (Tree-Babblers, Scimitar-Babblers, and Allies)
0%
Basra Reed Warbler Acrocephalus griseldis Acrocephalidae (Reed Warblers and Allies)
0%
Bates's Paradise-Flycatcher Terpsiphone batesi Monarchidae (Monarch Flycatchers)
0%
Bates's Sunbird Cinnyris batesi Nectariniidae (Sunbirds and Spiderhunters)
0%
Bates's Weaver Ploceus batesi Ploceidae (Weavers and Allies)
0%
Baudo Oropendola Psarocolius cassini Icteridae (Troupials and Allies)
0%
Baumann's Greenbul Phyllastrephus baumanni Pycnonotidae (Bulbuls)
0%
Bay Antpitta Grallaria capitalis Grallariidae (Antpittas)
0%
Baya Weaver Ploceus philippinus Ploceidae (Weavers and Allies)
0%
Bay-backed Shrike Lanius vittatus Laniidae (Shrikes)
0%
Bay-capped Wren-Spinetail Spartonoica maluroides Furnariidae (Ovenbirds and Woodcreepers)
0%
Bay-chested Warbling Finch Castanozoster thoracicus Thraupidae (Tanagers and Allies)
0%
Bay-crowned Brushfinch Atlapetes seebohmi Passerellidae (New World Sparrows)
0%
Bay-headed Tanager Tangara gyrola Thraupidae (Tanagers and Allies)
0%
Bay-ringed Tyrannulet Phylloscartes sylviolus Tyrannidae (Tyrant Flycatchers)
0%
Bay-vented Cotinga Doliornis sclateri Cotingidae (Cotingas)
0%
Bay Wren Cantorchilus nigricapillus Troglodytidae (Wrens)
0%
Bearded Bellbird Procnias averano Cotingidae (Cotingas)
0%
Bearded Scrub-Robin Cercotrichas quadrivirgata Muscicapidae (Old World Flycatchers)
0%
Bearded Tachuri Polystictus pectoralis Tyrannidae (Tyrant Flycatchers)
0%
Beautiful Sibia Heterophasia pulchella Leiothrichidae (Laughingthrushes and Allies)
0%
Beautiful Sunbird Cinnyris pulchellus Nectariniidae (Sunbirds and Spiderhunters)
0%
Beautiful Treerunner Margarornis bellulus Furnariidae (Ovenbirds and Woodcreepers)
0%
Bedford's Paradise-Flycatcher Terpsiphone bedfordi Monarchidae (Monarch Flycatchers)
0%
Beesley's Lark Chersomanes beesleyi Alaudidae (Larks)
0%
Beijing Babbler Rhopophilus pekinensis Sylviidae (Sylviid Warblers, Parrotbills, and Allies)
0%
Belding's Yellowthroat Geothlypis beldingi Parulidae (New World Warblers)
0%
Belford's Melidectes Melidectes belfordi Meliphagidae (Honeyeaters)
0%
Belted Flycatcher Xenotriccus callizonus Tyrannidae (Tyrant Flycatchers)
0%
Bengal Bushlark Mirafra assamica Alaudidae (Larks)
0%
Benguela Lark Certhilauda benguelensis Alaudidae (Larks)
0%
Benguet Bush Warbler Locustella seebohmi Locustellidae (Grassbirds and Allies)
0%
Berlepsch's Canastero Asthenes berlepschi Furnariidae (Ovenbirds and Woodcreepers)
0%
Bermuda Towhee Pipilo naufragus Passerellidae (New World Sparrows)
0%
Bernier's Vanga Oriolia bernieri Vangidae (Vangas, Helmetshrikes, and Allies)
0%
Berthelot's Pipit Anthus berthelotii Motacillidae (Wagtails and Pipits)
0%
Bertoni's Antbird Drymophila rubricollis Thamnophilidae (Typical Antbirds)
0%
Bertram's Weaver Ploceus bertrandi Ploceidae (Weavers and Allies)
0%
Beryl-spangled Tanager Tangara nigroviridis Thraupidae (Tanagers and Allies)
0%
Bhutan Laughingthrush Trochalopteron imbricatum Leiothrichidae (Laughingthrushes and Allies)
0%
Biak Flycatcher Myiagra atra Monarchidae (Monarch Flycatchers)
0%
Biak Gerygone Gerygone hypoxantha Acanthizidae (Thornbills and Allies)
0%
Biak Leaf Warbler Phylloscopus misoriensis Phylloscopidae (Leaf Warblers)
0%
Biak Monarch Symposiachrus brehmii Monarchidae (Monarch Flycatchers)
0%
Biak Whistler Pachycephala melanorhyncha Pachycephalidae (Whistlers and Allies)
0%
Biak White-eye Zosterops mysorensis Zosteropidae (White-eyes, Yuhinas, and Allies)
0%
Bianchi's Warbler Phylloscopus valentini Phylloscopidae (Leaf Warblers)
0%
Bicol Ground-Warbler Robsonius sorsogonensis Locustellidae (Grassbirds and Allies)
0%
Bicolored Antbird Gymnopithys bicolor Thamnophilidae (Typical Antbirds)
0%
Bicolored Antpitta Grallaria rufocinerea Grallariidae (Antpittas)
0%
Bicolored Antvireo Dysithamnus occidentalis Thamnophilidae (Typical Antbirds)
0%
Bicolored Conebill Conirostrum bicolor Thraupidae (Tanagers and Allies)
0%
Bicolored Flowerpecker Dicaeum bicolor Dicaeidae (Flowerpeckers)
0%
Bicolored Mouse-Warbler Crateroscelis nigrorufa Acanthizidae (Thornbills and Allies)
0%
Bicolored Wren Campylorhynchus griseus Troglodytidae (Wrens)
0%
Biet's Laughingthrush Ianthocincla bieti Leiothrichidae (Laughingthrushes and Allies)
0%
Bimaculated Lark Melanocorypha bimaculata Alaudidae (Larks)
0%
Bioko Batis Batis poensis Platysteiridae (Wattle-eyes and Batises)
0%
Bioko Speirops Zosterops brunneus Zosteropidae (White-eyes, Yuhinas, and Allies)
0%
Bismarck Black Myzomela Myzomela pammelaena Meliphagidae (Honeyeaters)
0%
Bismarck Crow Corvus insularis Corvidae (Crows, Jays, and Magpies)
0%
Bismarck Fantail Rhipidura dahli Rhipiduridae (Fantails)
0%
Bismarck Honeyeater Vosea whitemanensis Meliphagidae (Honeyeaters)
0%
Bismarck Munia Lonchura melaena Estrildidae (Waxbills and Allies)
0%
Bismarck Thicketbird Cincloramphus grosvenori Locustellidae (Grassbirds and Allies)
0%
Bismarck Whistler Pachycephala citreogaster Pachycephalidae (Whistlers and Allies)
0%
Bismarck Woodswallow Artamus insignis Artamidae (Woodswallows, Bellmagpies, and Allies)
0%
Black-and-chestnut Warbling Finch Poospiza whitii Thraupidae (Tanagers and Allies)
0%
Black-and-cinnamon Fantail Rhipidura nigrocinnamomea Rhipiduridae (Fantails)
0%
Black-and-crimson Oriole Oriolus cruentus Oriolidae (Old World Orioles)
0%
Black-and-gold Cotinga Lipaugus ater Cotingidae (Cotingas)
0%
Black-and-gold Tanager Bangsia melanochlamys Thraupidae (Tanagers and Allies)
0%
Black-and-orange Flycatcher Ficedula nigrorufa Muscicapidae (Old World Flycatchers)
0%
Black-and-red Broadbill Cymbirhynchus macrorhynchos Eurylaimidae (Asian and Grauer's Broadbills)
0%
Black-and-rufous Swallow Hirundo nigrorufa Hirundinidae (Swallows)
0%
Black-and-rufous Warbling Finch Poospiza nigrorufa Thraupidae (Tanagers and Allies)
0%
Black-and-tawny Seedeater Sporophila nigrorufa Thraupidae (Tanagers and Allies)
0%
Black-and-white Antbird Myrmochanes hemileucus Thamnophilidae (Typical Antbirds)
0%
Black-and-white Becard Pachyramphus albogriseus Tityridae (Tityras and Allies)
0%
Black-and-white Bulbul Brachypodius melanoleucos Pycnonotidae (Bulbuls)
0%
Black-and-white Mannikin Spermestes bicolor Estrildidae (Waxbills and Allies)
0%
Black-and-white Monarch Symposiachrus barbatus Monarchidae (Monarch Flycatchers)
0%
Black-and-white Monjita Heteroxolmis dominicana Tyrannidae (Tyrant Flycatchers)
0%
Black-and-white Seedeater Sporophila luctuosa Thraupidae (Tanagers and Allies)
0%
Black-and-white Shrike-flycatcher Bias musicus Vangidae (Vangas, Helmetshrikes, and Allies)
0%
Black-and-white Tanager Conothraupis speculigera Thraupidae (Tanagers and Allies)
0%
Black-and-white Tody-Flycatcher Poecilotriccus capitalis Tyrannidae (Tyrant Flycatchers)
0%
Black-and-white Triller Lalage melanoleuca Campephagidae (Cuckooshrikes)
0%
Black-and-yellow Broadbill Eurylaimus ochromalus Eurylaimidae (Asian and Grauer's Broadbills)
0%
Black-and-yellow Grosbeak Mycerobas icterioides Fringillidae (Finches, Euphonias, and Allies)
0%
Black-and-yellow Silky-flycatcher Phainoptila melanoxantha Ptiliogonatidae (Silky-flycatchers)
0%
Black-and-yellow Tanager Chrysothlypis chrysomelas Thraupidae (Tanagers and Allies)
0%
Black Antbird Cercomacroides serva Thamnophilidae (Typical Antbirds)
0%
Black Antshrike Thamnophilus nigriceps Thamnophilidae (Typical Antbirds)
0%
Black-backed Antshrike Thamnophilus melanonotus Thamnophilidae (Typical Antbirds)
0%
Black-backed Bush Tanager Urothraupis stolzmanni Thraupidae (Tanagers and Allies)
0%
Black-backed Butcherbird Cracticus mentalis Artamidae (Woodswallows, Bellmagpies, and Allies)
0%
Black-backed Cisticola Cisticola eximius Cisticolidae (Cisticolas and Allies)
0%
Black-backed Forktail Enicurus immaculatus Muscicapidae (Old World Flycatchers)
0%
Black-backed Grosbeak Pheucticus aureoventris Cardinalidae (Cardinals and Allies)
0%
Black-backed Oriole Icterus abeillei Icteridae (Troupials and Allies)
0%
Black-backed Puffback Dryoscopus cubla Malaconotidae (Bushshrikes and Allies)
0%
Black-backed Sibia Heterophasia melanoleuca Leiothrichidae (Laughingthrushes and Allies)
0%
Black-backed Tanager Stilpnia peruviana Thraupidae (Tanagers and Allies)
0%
Black-backed Tody-Flycatcher Poecilotriccus pulchellus Tyrannidae (Tyrant Flycatchers)
0%
Black-backed Water-Tyrant Fluvicola albiventer Tyrannidae (Tyrant Flycatchers)
0%
Black-banded Flycatcher Ficedula timorensis Muscicapidae (Old World Flycatchers)
0%
Black-banded Woodcreeper Dendrocolaptes picumnus Furnariidae (Ovenbirds and Woodcreepers)
0%
Black-bellied Antwren Formicivora melanogaster Thamnophilidae (Typical Antbirds)
0%
Black-bellied Cicadabird Edolisoma montanum Campephagidae (Cuckooshrikes)
0%
Black-bellied Firefinch Lagonosticta rara Estrildidae (Waxbills and Allies)
0%
Black-bellied Gnateater Conopophaga melanogaster Conopophagidae (Gnateaters)
0%
Black-bellied Myzomela Myzomela erythromelas Meliphagidae (Honeyeaters)
0%
Black-bellied Seedcracker Pyrenestes ostrinus Estrildidae (Waxbills and Allies)
0%
Black-bellied Seedeater Sporophila melanogaster Thraupidae (Tanagers and Allies)
0%
Black-bellied Starling Notopholia corusca Sturnidae (Starlings)
0%
Black-bellied Sunbird Cinnyris nectarinioides Nectariniidae (Sunbirds and Spiderhunters)
0%
Black-bellied Tanager Ramphocelus melanogaster Thraupidae (Tanagers and Allies)
0%
Black-bellied Wren Pheugopedius fasciatoventris Troglodytidae (Wrens)
0%
Black-belted Flowerpecker Dicaeum haematostictum Dicaeidae (Flowerpeckers)
0%
Black Berrypecker Melanocharis nigra Melanocharitidae (Berrypeckers and Longbills)
0%
Black-bibbed Cuckooshrike Edolisoma mindanense Campephagidae (Cuckooshrikes)
0%
Black-bibbed Monarch Symposiachrus mundus Monarchidae (Monarch Flycatchers)
0%
Black-bibbed Tit Poecile hypermelaenus Paridae (Tits, Chickadees, and Titmice)
0%
Black-billed Flycatcher Aphanotriccus audax Tyrannidae (Tyrant Flycatchers)
0%
Black-billed Nightingale-Thrush Catharus gracilirostris Turdidae (Thrushes and Allies)
0%
Black-billed Peppershrike Cyclarhis nigrirostris Vireonidae (Vireos, Shrike-Babblers, and Erpornis)
0%
Black-billed Scythebill Campylorhamphus falcularius Furnariidae (Ovenbirds and Woodcreepers)
0%
Black-billed Seed-Finch Sporophila atrirostris Thraupidae (Tanagers and Allies)
0%
Black-billed Shrike-Tyrant Agriornis montanus Tyrannidae (Tyrant Flycatchers)
0%
Black-billed Sicklebill Drepanornis albertisi Paradisaeidae (Birds-of-Paradise)
0%
Black-billed Thrush Turdus ignobilis Turdidae (Thrushes and Allies)
0%
Black-billed Treehunter Thripadectes melanorhynchus Furnariidae (Ovenbirds and Woodcreepers)
0%
Black-billed Weaver Ploceus melanogaster Ploceidae (Weavers and Allies)
0%
Black Bishop Euplectes gierowii Ploceidae (Weavers and Allies)
0%
Black-breasted Boatbill Machaerirhynchus nigripectus Machaerirhynchidae (Boatbills)
0%
Black-breasted Munia Lonchura teerinki Estrildidae (Waxbills and Allies)
0%
Black-breasted Myzomela Myzomela vulnerata Meliphagidae (Honeyeaters)
0%
Black-breasted Parrotbill Paradoxornis flavirostris Sylviidae (Sylviid Warblers, Parrotbills, and Allies)
0%
Black-breasted Thrush Turdus dissimilis Turdidae (Thrushes and Allies)
0%
Black-breasted Weaver Ploceus benghalensis Ploceidae (Weavers and Allies)
0%
Black-browed Babbler Malacocincla perspicillata Pellorneidae (Ground Babblers and Allies)
0%
Black-browed Fulvetta Alcippe grotei Leiothrichidae (Laughingthrushes and Allies)
0%
Black-browed Mountain Greenbul Arizelocichla fusciceps Pycnonotidae (Bulbuls)
0%
Black-browed Reed Warbler Acrocephalus bistrigiceps Acrocephalidae (Reed Warblers and Allies)
0%
Black-browed Tit Aegithalos iouschistos Aegithalidae (Long-tailed Tits)
0%
Black-browed Triller Lalage atrovirens Campephagidae (Cuckooshrikes)
0%
Black Bulbul Hypsipetes leucocephalus Pycnonotidae (Bulbuls)
0%
Black Bushbird Neoctantes niger Thamnophilidae (Typical Antbirds)
0%
Black Butcherbird Cracticus quoyi Artamidae (Woodswallows, Bellmagpies, and Allies)
0%
Blackcap Babbler Turdoides reinwardtii Leiothrichidae (Laughingthrushes and Allies)
0%
Blackcap Illadopsis Illadopsis cleaveri Pellorneidae (Ground Babblers and Allies)
0%
Black-capped Antwren Herpsilochmus atricapillus Thamnophilidae (Typical Antbirds)
0%
Black-capped Apalis Apalis nigriceps Cisticolidae (Cisticolas and Allies)
0%
Black-capped Babbler Pellorneum capistratum Pellorneidae (Ground Babblers and Allies)
0%
Black-capped Becard Pachyramphus marginatus Tityridae (Tityras and Allies)
0%
Black-capped Bulbul Rubigula melanicterus Pycnonotidae (Bulbuls)
0%
Black-capped Catbird Ailuroedus melanocephalus Ptilonorhynchidae (Bowerbirds)
0%
Black-capped Donacobius Donacobius atricapilla Donacobiidae (Donacobius)
0%
Black-capped Flycatcher Empidonax atriceps Tyrannidae (Tyrant Flycatchers)
0%
Black-capped Foliage-gleaner Philydor atricapillus Furnariidae (Ovenbirds and Woodcreepers)
0%
Black-capped Hemispingus Kleinothraupis atropileus Thraupidae (Tanagers and Allies)
0%
Black-capped Piprites Piprites pileata Tyrannidae (Tyrant Flycatchers)
0%
Black-capped Pygmy-Tyrant Myiornis atricapillus Tyrannidae (Tyrant Flycatchers)
0%
Black-capped Rufous-Warbler Bathmocercus cerviniventris Cisticolidae (Cisticolas and Allies)
0%
Black-capped Siskin Spinus atriceps Fringillidae (Finches, Euphonias, and Allies)
0%
Black-capped Social-Weaver Pseudonigrita cabanisi Ploceidae (Weavers and Allies)
0%
Black-capped Sparrow Arremon abeillei Passerellidae (New World Sparrows)
0%
Black-capped Speirops Zosterops lugubris Zosteropidae (White-eyes, Yuhinas, and Allies)
0%
Black-capped Swallow Atticora pileata Hirundinidae (Swallows)
0%
Black-capped Tanager Stilpnia heinei Thraupidae (Tanagers and Allies)
0%
Black-capped Tyrannulet Phyllomyias nigrocapillus Tyrannidae (Tyrant Flycatchers)
0%
Black-capped Vireo Vireo atricapilla Vireonidae (Vireos, Shrike-Babblers, and Erpornis)
0%
Black-capped Warbling Finch Microspingus melanoleucus Thraupidae (Tanagers and Allies)
0%
Black-capped White-eye Zosterops atricapilla Zosteropidae (White-eyes, Yuhinas, and Allies)
0%
Black-capped Woodland-Warbler Phylloscopus herberti Phylloscopidae (Leaf Warblers)
0%
Black Catbird Melanoptila glabrirostris Mimidae (Mockingbirds and Thrashers)
0%
Black-cheeked Ant-Tanager Habia atrimaxillaris Cardinalidae (Cardinals and Allies)
0%
Black-cheeked Gnateater Conopophaga melanops Conopophagidae (Gnateaters)
0%
Black-cheeked Mountain Tanager Anisognathus melanogenys Thraupidae (Tanagers and Allies)
0%
Black-cheeked Warbler Basileuterus melanogenys Parulidae (New World Warblers)
0%
Black-cheeked Waxbill Brunhilda charmosyna Estrildidae (Waxbills and Allies)
0%
Black-chested Fruiteater Pipreola lubomirskii Cotingidae (Cotingas)
0%
Black-chested Honeyeater Lichmera notabilis Meliphagidae (Honeyeaters)
0%
Black-chested Jay Cyanocorax affinis Corvidae (Crows, Jays, and Magpies)
0%
Black-chested Mountain Tanager Cnemathraupis eximia Thraupidae (Tanagers and Allies)
0%
Black-chested Prinia Prinia flavicans Cisticolidae (Cisticolas and Allies)
0%
Black-chested Sparrow Peucaea humeralis Passerellidae (New World Sparrows)
0%
Black-chested Tyrant Taeniotriccus andrei Tyrannidae (Tyrant Flycatchers)
0%
Black-chinned Antbird Hypocnemoides melanopogon Thamnophilidae (Typical Antbirds)
0%
Black-chinned Babbler Cyanoderma pyrrhops Timaliidae (Tree-Babblers, Scimitar-Babblers, and Allies)
0%
Black-chinned Monarch Symposiachrus boanensis Monarchidae (Monarch Flycatchers)
0%
Black-chinned Mountain Tanager Anisognathus notabilis Thraupidae (Tanagers and Allies)
0%
Black-chinned Robin Poecilodryas brachyura Petroicidae (Australasian Robins)
0%
Black-chinned Siskin Spinus barbatus Fringillidae (Finches, Euphonias, and Allies)
0%
Black-chinned Sparrow Spizella atrogularis Passerellidae (New World Sparrows)
0%
Black-chinned Weaver Ploceus nigrimentus Ploceidae (Weavers and Allies)
0%
Black-chinned Whistler Pachycephala mentalis Pachycephalidae (Whistlers and Allies)
0%
Black-chinned Yuhina Yuhina nigrimenta Zosteropidae (White-eyes, Yuhinas, and Allies)
0%
Black Cicadabird Edolisoma melas Campephagidae (Cuckooshrikes)
0%
Black-collared Apalis Oreolais pulcher Cisticolidae (Cisticolas and Allies)
0%
Black-collared Bulbul Neolestes torquatus Pycnonotidae (Bulbuls)
0%
Black-collared Jay Cyanolyca armillata Corvidae (Crows, Jays, and Magpies)
0%
Black-collared Starling Gracupica nigricollis Sturnidae (Starlings)
0%
Black-collared Swallow Pygochelidon melanoleuca Hirundinidae (Swallows)
0%
Black-cowled Oriole Icterus prosthemelas Icteridae (Troupials and Allies)
0%
Black-cowled Saltator Saltator nigriceps Thraupidae (Tanagers and Allies)
0%
Black-crested Antshrike Sakesphorus canadensis Thamnophilidae (Typical Antbirds)
0%
Black-crested Bulbul Rubigula flaviventris Pycnonotidae (Bulbuls)
0%
Black-crested Finch Lophospingus pusillus Thraupidae (Tanagers and Allies)
0%
Black-crested Tit-Tyrant Anairetes nigrocristatus Tyrannidae (Tyrant Flycatchers)
0%
Black-crested Warbler Myiothlypis nigrocristata Parulidae (New World Warblers)
0%
Black-crowned Antpitta Pittasoma michleri Conopophagidae (Gnateaters)
0%
Black-crowned Antshrike Thamnophilus atrinucha Thamnophilidae (Typical Antbirds)
0%
Black-crowned Babbler Sterrhoptilus nigrocapitatus Zosteropidae (White-eyes, Yuhinas, and Allies)
0%
Black-crowned Barwing Actinodura sodangorum Leiothrichidae (Laughingthrushes and Allies)
0%
Black-crowned Fulvetta Schoeniparus klossi Pellorneidae (Ground Babblers and Allies)
0%
Black-crowned Monjita Neoxolmis coronatus Tyrannidae (Tyrant Flycatchers)
0%
Black-crowned Palm-Tanager Phaenicophilus palmarum Phaenicophilidae (Hispaniolan Tanagers)
0%
Black-crowned Pitta Erythropitta ussheri Pittidae (Pittas)
0%
Black-crowned Sparrow-Lark Eremopterix nigriceps Alaudidae (Larks)
0%
Black-crowned Tchagra Tchagra senegalus Malaconotidae (Bushshrikes and Allies)
0%
Black-crowned Tityra Tityra inquisitor Tityridae (Tityras and Allies)
0%
Black-crowned Waxbill Estrilda nonnula Estrildidae (Waxbills and Allies)
0%
Black-crowned White-eye Zosterops atrifrons Zosteropidae (White-eyes, Yuhinas, and Allies)
0%
Black Cuckooshrike Campephaga flava Campephagidae (Cuckooshrikes)
0%
Black Drongo Dicrurus macrocercus Dicruridae (Drongos)
0%
Black-eared Catbird Ailuroedus melanotis Ptilonorhynchidae (Bowerbirds)
0%
Black-eared Ground-Thrush Geokichla camaronensis Turdidae (Thrushes and Allies)
0%
Black-eared Hemispingus Sphenopsis melanotis Thraupidae (Tanagers and Allies)
0%
Black-eared Seedeater Crithagra mennelli Fringillidae (Finches, Euphonias, and Allies)
0%
Black-eared Shrike-Babbler Pteruthius melanotis Vireonidae (Vireos, Shrike-Babblers, and Erpornis)
0%
Black-eared Sparrow-Lark Eremopterix australis Alaudidae (Larks)
0%
Black-faced Antbird Myrmoborus myotherinus Thamnophilidae (Typical Antbirds)
0%
Black-faced Antthrush Formicarius analis Formicariidae (Antthrushes)
0%
Black-faced Apalis Apalis personata Cisticolidae (Cisticolas and Allies)
0%
Black-faced Babbler Turdoides melanops Leiothrichidae (Laughingthrushes and Allies)
0%
Black-faced Brushfinch Atlapetes melanolaemus Passerellidae (New World Sparrows)
0%
Black-faced Bunting Emberiza spodocephala Emberizidae (Old World Buntings)
0%
Black-faced Canary Crithagra capistrata Fringillidae (Finches, Euphonias, and Allies)
0%
Black-faced Cotinga Conioptilon mcilhennyi Cotingidae (Cotingas)
0%
Black-faced Dacnis Dacnis lineata Thraupidae (Tanagers and Allies)
0%
Black-faced Firefinch Lagonosticta larvata Estrildidae (Waxbills and Allies)
0%
Black-faced Grassquit Melanospiza bicolor Thraupidae (Tanagers and Allies)
0%
Black-faced Grosbeak Caryothraustes poliogaster Cardinalidae (Cardinals and Allies)
0%
Black-faced Laughingthrush Trochalopteron affine Leiothrichidae (Laughingthrushes and Allies)
0%
Black-faced Munia Lonchura molucca Estrildidae (Waxbills and Allies)
0%
Black-faced Pitta Pitta anerythra Pittidae (Pittas)
0%
Black-faced Rufous-Warbler Bathmocercus rufus Cisticolidae (Cisticolas and Allies)
0%
Black-faced Solitaire Myadestes melanops Turdidae (Thrushes and Allies)
0%
Black-faced Tanager Schistochlamys melanopis Thraupidae (Tanagers and Allies)
0%
Black-faced Warbler Abroscopus schisticeps Scotocercidae (Bush Warblers and Allies)
0%
Black-faced Waxbill Brunhilda erythronotos Estrildidae (Waxbills and Allies)
0%
Black-faced Woodswallow Artamus cinereus Artamidae (Woodswallows, Bellmagpies, and Allies)
0%
Black Fantail Rhipidura atra Rhipiduridae (Fantails)
0%
Black Flowerpiercer Diglossa humeralis Thraupidae (Tanagers and Allies)
0%
Black-fronted Bulbul Pycnonotus nigricans Pycnonotidae (Bulbuls)
0%
Black-fronted Bushshrike Telophorus nigrifrons Malaconotidae (Bushshrikes and Allies)
0%
Black-fronted Flowerpecker Dicaeum igniferum Dicaeidae (Flowerpeckers)
0%
Black-fronted Ground-Tyrant Muscisaxicola frontalis Tyrannidae (Tyrant Flycatchers)
0%
Black-fronted Tyrannulet Phylloscartes nigrifrons Tyrannidae (Tyrant Flycatchers)
0%
Black-fronted White-eye Zosterops minor Zosteropidae (White-eyes, Yuhinas, and Allies)
0%
Black-goggled Tanager Trichothraupis melanops Thraupidae (Tanagers and Allies)
0%
Black-headed Antbird Percnostola rufifrons Thamnophilidae (Typical Antbirds)
0%
Black-headed Antthrush Formicarius nigricapillus Formicariidae (Antthrushes)
0%
Black-headed Apalis Apalis melanocephala Cisticolidae (Cisticolas and Allies)
0%
Black-headed Berryeater Carpornis melanocephala Cotingidae (Cotingas)
0%
Black-headed Brushfinch Arremon atricapillus Passerellidae (New World Sparrows)
0%
Black-headed Bulbul Brachypodius melanocephalos Pycnonotidae (Bulbuls)
0%
Black-headed Bunting Emberiza melanocephala Emberizidae (Old World Buntings)
0%
Black-headed Canary Serinus alario Fringillidae (Finches, Euphonias, and Allies)
0%
Black-headed Cuckooshrike Lalage melanoptera Campephagidae (Cuckooshrikes)
0%
Black-headed Gonolek Laniarius erythrogaster Malaconotidae (Bushshrikes and Allies)
0%
Black-headed Greenfinch Chloris ambigua Fringillidae (Finches, Euphonias, and Allies)
0%
Black-headed Hemispingus Pseudospingus verticalis Thraupidae (Tanagers and Allies)
0%
Black-headed Jay Garrulus lanceolatus Corvidae (Crows, Jays, and Magpies)
0%
Black-headed Mountain Finch Leucosticte brandti Fringillidae (Finches, Euphonias, and Allies)
0%
Black-headed Myzomela Myzomela melanocephala Meliphagidae (Honeyeaters)
0%
Black-headed Nightingale-Thrush Catharus mexicanus Turdidae (Thrushes and Allies)
0%
Black-headed Paradise-Flycatcher Terpsiphone rufiventer Monarchidae (Monarch Flycatchers)
0%
Black-headed Parrotbill Psittiparus margaritae Sylviidae (Sylviid Warblers, Parrotbills, and Allies)
0%
Black-headed Penduline-Tit Remiz macronyx Remizidae (Penduline-Tits)
0%
Black-headed Saltator Saltator atriceps Thraupidae (Tanagers and Allies)
0%
Black-headed Shrike-Babbler Pteruthius rufiventer Vireonidae (Vireos, Shrike-Babblers, and Erpornis)
0%
Black-headed Sibia Heterophasia desgodinsi Leiothrichidae (Laughingthrushes and Allies)
0%
Black-headed Siskin Spinus notatus Fringillidae (Finches, Euphonias, and Allies)
0%
Black-headed Tanager Stilpnia cyanoptera Thraupidae (Tanagers and Allies)
0%
Black-headed Tody-Flycatcher Todirostrum nigriceps Tyrannidae (Tyrant Flycatchers)
0%
Black-headed Waxbill Estrilda atricapilla Estrildidae (Waxbills and Allies)
0%
Black-headed Weaver Ploceus melanocephalus Ploceidae (Weavers and Allies)
0%
Black-headed Whistler Pachycephala monacha Pachycephalidae (Whistlers and Allies)
0%
Black-headed White-eye Zosterops hypoxanthus Zosteropidae (White-eyes, Yuhinas, and Allies)
0%
Black-hooded Antshrike Thamnophilus bridgesi Thamnophilidae (Typical Antbirds)
0%
Black-hooded Antwren Formicivora erythronotos Thamnophilidae (Typical Antbirds)
0%
Black-hooded Laughingthrush Garrulax milleti Leiothrichidae (Laughingthrushes and Allies)
0%
Black-hooded Oriole Oriolus xanthornus Oriolidae (Old World Orioles)
0%
Black-hooded Sierra Finch Phrygilus atriceps Thraupidae (Tanagers and Allies)
0%
Black-hooded Thrush Turdus olivater Turdidae (Thrushes and Allies)
0%
Blackish Antbird Cercomacroides nigrescens Thamnophilidae (Typical Antbirds)
0%
Blackish-blue Seedeater Amaurospiza moesta Cardinalidae (Cardinals and Allies)
0%
Blackish Cinclodes Cinclodes antarcticus Furnariidae (Ovenbirds and Woodcreepers)
0%
Blackish Cuckooshrike Analisoma coerulescens Campephagidae (Cuckooshrikes)
0%
Blackish-gray Antshrike Thamnophilus nigrocinereus Thamnophilidae (Typical Antbirds)
0%
Blackish-headed Spinetail Synallaxis tithys Furnariidae (Ovenbirds and Woodcreepers)
0%
Blackish Pewee Contopus nigrescens Tyrannidae (Tyrant Flycatchers)
0%
Blackish Tapaculo Scytalopus latrans Rhinocryptidae (Tapaculos)
0%
Black Lark Melanocorypha yeltoniensis Alaudidae (Larks)
0%
Black Laughingthrush Melanocichla lugubris Timaliidae (Tree-Babblers, Scimitar-Babblers, and Allies)
0%
Black-legged Dacnis Dacnis nigripes Thraupidae (Tanagers and Allies)
0%
Black-lored Babbler Turdoides sharpei Leiothrichidae (Laughingthrushes and Allies)
0%
Black-lored Cisticola Cisticola nigriloris Cisticolidae (Cisticolas and Allies)
0%
Black-lored Waxbill Estrilda nigriloris Estrildidae (Waxbills and Allies)
0%
Black Magpie Platysmurus leucopterus Corvidae (Crows, Jays, and Magpies)
0%
Black Mamo Drepanis funerea Fringillidae (Finches, Euphonias, and Allies)
0%
Black Manakin Xenopipo atronitens Pipridae (Manakins)
0%
Black-masked Finch Coryphaspiza melanotis Thraupidae (Tanagers and Allies)
0%
Black Munia Lonchura stygia Estrildidae (Waxbills and Allies)
0%
Black-naped Oriole Oriolus chinensis Oriolidae (Old World Orioles)
0%
Black-necked Eremomela Eremomela atricollis Cisticolidae (Cisticolas and Allies)
0%
Black-necked Red-Cotinga Phoenicircus nigricollis Cotingidae (Cotingas)
0%
Black-necked Wattle-eye Platysteira chalybea Platysteiridae (Wattle-eyes and Batises)
0%
Black-necked Weaver Ploceus nigricollis Ploceidae (Weavers and Allies)
0%
Black-necklaced Scimitar-Babbler Erythrogenys erythrocnemis Timaliidae (Tree-Babblers, Scimitar-Babblers, and Allies)
0%
Black Oriole Oriolus hosii Oriolidae (Old World Orioles)
0%
Black Oropendola Psarocolius guatimozinus Icteridae (Troupials and Allies)
0%
Black Pitohui Melanorectes nigrescens Pachycephalidae (Whistlers and Allies)
0%
Black-polled Yellowthroat Geothlypis speciosa Parulidae (New World Warblers)
0%
Black-ringed White-eye Zosterops anomalus Zosteropidae (White-eyes, Yuhinas, and Allies)
0%
Black Rosy-Finch Leucosticte atrata Fringillidae (Finches, Euphonias, and Allies)
0%
Black-rumped Magpie Pica bottanensis Corvidae (Crows, Jays, and Magpies)
0%
Black-rumped Waxbill Estrilda troglodytes Estrildidae (Waxbills and Allies)
0%
Black Sawwing Psalidoprocne pristoptera Hirundinidae (Swallows)
0%
Black Scrub-Robin Cercotrichas podobe Muscicapidae (Old World Flycatchers)
0%
Black Shama Copsychus cebuensis Muscicapidae (Old World Flycatchers)
0%
Black Sicklebill Epimachus fastosus Paradisaeidae (Birds-of-Paradise)
0%
Black-sided Flowerpecker Dicaeum monticolum Dicaeidae (Flowerpeckers)
0%
Black-sided Robin Poecilodryas hypoleuca Petroicidae (Australasian Robins)
0%
Black Siskin Spinus atratus Fringillidae (Finches, Euphonias, and Allies)
0%
Black Sittella Daphoenositta miranda Neosittidae (Sittellas)
0%
Blacksmith Thrush Turdus subalaris Turdidae (Thrushes and Allies)
0%
Black Solitaire Entomodestes coracinus Turdidae (Thrushes and Allies)
0%
Black-spectacled Brushfinch Atlapetes melanopsis Passerellidae (New World Sparrows)
0%
Black-spotted Bare-eye Phlegopsis nigromaculata Thamnophilidae (Typical Antbirds)
0%
Blackstart Oenanthe melanura Muscicapidae (Old World Flycatchers)
0%
Black-streaked Scimitar-Babbler Erythrogenys gravivox Timaliidae (Tree-Babblers, Scimitar-Babblers, and Allies)
0%
Black-striped Sparrow Arremonops conirostris Passerellidae (New World Sparrows)
0%
Black-striped Woodcreeper Xiphorhynchus lachrymosus Furnariidae (Ovenbirds and Woodcreepers)
0%
Black Sunbird Leptocoma aspasia Nectariniidae (Sunbirds and Spiderhunters)
0%
Black-tailed Antbird Myrmoborus melanurus Thamnophilidae (Typical Antbirds)
0%
Black-tailed Flycatcher Myiobius atricaudus Oxyruncidae (Sharpbill, Royal Flycatcher, and Allies)
0%
Black-tailed Leaftosser Sclerurus caudacutus Furnariidae (Ovenbirds and Woodcreepers)
0%
Black-tailed Monarch Symposiachrus verticalis Monarchidae (Monarch Flycatchers)
0%
Black-tailed Oriole Oriolus percivali Oriolidae (Old World Orioles)
0%
Black-tailed Tityra Tityra cayana Tityridae (Tityras and Allies)
0%
Black-tailed Waxbill Glaucestrilda perreini Estrildidae (Waxbills and Allies)
0%
Black-tailed Whistler Pachycephala melanura Pachycephalidae (Whistlers and Allies)
0%
Black Thicket-Fantail Rhipidura maculipectus Rhipiduridae (Fantails)
0%
Black-thighed Grosbeak Pheucticus tibialis Cardinalidae (Cardinals and Allies)
0%
Black-throated Accentor Prunella atrogularis Prunellidae (Accentors)
0%
Black-throated Antbird Myrmophylax atrothorax Thamnophilidae (Typical Antbirds)
0%
Black-throated Antshrike Frederickena viridis Thamnophilidae (Typical Antbirds)
0%
Black-throated Apalis Apalis jacksoni Cisticolidae (Cisticolas and Allies)
0%
Black-throated Babbler Stachyris nigricollis Timaliidae (Tree-Babblers, Scimitar-Babblers, and Allies)
0%
Black-throated Canary Crithagra atrogularis Fringillidae (Finches, Euphonias, and Allies)
0%
Black-throated Flowerpiercer Diglossa brunneiventris Thraupidae (Tanagers and Allies)
0%
Black-throated Grosbeak Saltator fuliginosus Thraupidae (Tanagers and Allies)
0%
Black-throated Honeyeater Caligavis subfrenata Meliphagidae (Honeyeaters)
0%
Black-throated Huet-huet Pteroptochos tarnii Rhinocryptidae (Tapaculos)
0%
Black-throated Jay Cyanolyca pumilo Corvidae (Crows, Jays, and Magpies)
0%
Black-throated Laughingthrush Pterorhinus chinensis Leiothrichidae (Laughingthrushes and Allies)
0%
Black-throated Malimbe Malimbus cassini Ploceidae (Weavers and Allies)
0%
Black-throated Munia Lonchura kelaarti Estrildidae (Waxbills and Allies)
0%
Black-throated Parrotbill Suthora nipalensis Sylviidae (Sylviid Warblers, Parrotbills, and Allies)
0%
Black-throated Prinia Prinia atrogularis Cisticolidae (Cisticolas and Allies)
0%
Black-throated Robin Poecilodryas albonotata Petroicidae (Australasian Robins)
0%
Black-throated Saltator Saltatricula atricollis Thraupidae (Tanagers and Allies)
0%
Black-throated Shrikebill Clytorhynchus nigrogularis Monarchidae (Monarch Flycatchers)
0%
Black-throated Shrike-Tanager Lanio aurantius Thraupidae (Tanagers and Allies)
0%
Black-throated Spinetail Synallaxis castanea Furnariidae (Ovenbirds and Woodcreepers)
0%
Black-throated Sunbird Aethopyga saturata Nectariniidae (Sunbirds and Spiderhunters)
0%
Black-throated Thistletail Asthenes harterti Furnariidae (Ovenbirds and Woodcreepers)
0%
Black-throated Thrush Turdus atrogularis Turdidae (Thrushes and Allies)
0%
Black-throated Tit Aegithalos concinnus Aegithalidae (Long-tailed Tits)
0%
Black-throated Tody-Tyrant Hemitriccus granadensis Tyrannidae (Tyrant Flycatchers)
0%
Black-throated Wattle-eye Platysteira peltata Platysteiridae (Wattle-eyes and Batises)
0%
Black-throated Wren Pheugopedius atrogularis Troglodytidae (Wrens)
0%
Black-throated Wren-Babbler Turdinus atrigularis Pellorneidae (Ground Babblers and Allies)
0%
Black Thrush Turdus infuscatus Turdidae (Thrushes and Allies)
0%
Black-tipped Cotinga Carpodectes hopkei Cotingidae (Cotingas)
0%
Black-tipped Monarch Symposiachrus loricatus Monarchidae (Monarch Flycatchers)
0%
Black Wheatear Oenanthe leucura Muscicapidae (Old World Flycatchers)
0%
Black-winged Bishop Euplectes hordeaceus Ploceidae (Weavers and Allies)
0%
Black-winged Cuckooshrike Lalage melaschistos Campephagidae (Cuckooshrikes)
0%
Black-winged Flycatcher-shrike Hemipus hirundinaceus Vangidae (Vangas, Helmetshrikes, and Allies)
0%
Black-winged Oriole Oriolus nigripennis Oriolidae (Old World Orioles)
0%
Black-winged Saltator Saltator atripennis Thraupidae (Tanagers and Allies)
0%
Black-winged Snowfinch Montifringilla adamsi Passeridae (Old World Sparrows)
0%
Black-winged Starling Acridotheres melanopterus Sturnidae (Starlings)
0%
Blanford's Lark Calandrella blanfordi Alaudidae (Larks)
0%
Blanford's Rosefinch Agraphospiza rubescens Fringillidae (Finches, Euphonias, and Allies)
0%
Blanford's Snowfinch Montifringilla blanfordi Passeridae (Old World Sparrows)
0%
Blood-breasted Flowerpecker Dicaeum sanguinolentum Dicaeidae (Flowerpeckers)
0%
Blue-and-black Tanager Tangara vassorii Thraupidae (Tanagers and Allies)
0%
Blue-and-gold Tanager Bangsia arcaei Thraupidae (Tanagers and Allies)
0%
Blue-and-white Flycatcher Cyanoptila cyanomelana Muscicapidae (Old World Flycatchers)
0%
Blue-and-white Mockingbird Melanotis hypoleucus Mimidae (Mockingbirds and Thrashers)
0%
Blue-and-yellow Tanager Rauenia bonariensis Thraupidae (Tanagers and Allies)
0%
Blue-backed Conebill Conirostrum sitticolor Thraupidae (Tanagers and Allies)
0%
Blue-backed Manakin Chiroxiphia pareola Pipridae (Manakins)
0%
Blue-backed Tanager Cyanicterus cyanicterus Thraupidae (Tanagers and Allies)
0%
Blue-banded Pitta Erythropitta arquata Pittidae (Pittas)
0%
Blue-billed Black-Tyrant Knipolegus cyanirostris Tyrannidae (Tyrant Flycatchers)
0%
Blue-billed Malimbe Malimbus nitens Ploceidae (Weavers and Allies)
0%
Blue Bird-of-Paradise Paradisaea rudolphi Paradisaeidae (Birds-of-Paradise)
0%
Blue-black Grassquit Volatinia jacarina Thraupidae (Tanagers and Allies)
0%
Blue-black Grosbeak Cyanoloxia cyanoides Cardinalidae (Cardinals and Allies)
0%
Blue-breasted Flycatcher Cyornis herioti Muscicapidae (Old World Flycatchers)
0%
Blue-breasted Pitta Erythropitta erythrogaster Pittidae (Pittas)
0%
Blue-browed Tanager Tangara cyanotis Thraupidae (Tanagers and Allies)
0%
Blue-capped Cordonbleu Uraeginthus cyanocephalus Estrildidae (Waxbills and Allies)
0%
Blue-capped Ifrita Ifrita kowaldi Ifritidae (Ifrita)
0%
Blue-capped Redstart Phoenicurus coeruleocephala Muscicapidae (Old World Flycatchers)
0%
Blue-capped Rock-Thrush Monticola cinclorhyncha Muscicapidae (Old World Flycatchers)
0%
Blue-capped Tanager Sporathraupis cyanocephala Thraupidae (Tanagers and Allies)
0%
Blue-crowned Chlorophonia Chlorophonia occipitalis Fringillidae (Finches, Euphonias, and Allies)
0%
Blue-crowned Laughingthrush Pterorhinus courtoisi Leiothrichidae (Laughingthrushes and Allies)
0%
Blue-crowned Manakin Lepidothrix coronata Pipridae (Manakins)
0%
Blue Cuckooshrike Cyanograucalus azureus Campephagidae (Cuckooshrikes)
0%
Blue Dacnis Dacnis cayana Thraupidae (Tanagers and Allies)
0%
Blue Finch Rhopospina caerulescens Thraupidae (Tanagers and Allies)
0%
Blue-fronted Flycatcher Cyornis hoevelli Muscicapidae (Old World Flycatchers)
0%
Blue-fronted Redstart Phoenicurus frontalis Muscicapidae (Old World Flycatchers)
0%
Blue-fronted Robin Cinclidium frontale Muscicapidae (Old World Flycatchers)
0%
Blue-gray Robin Peneothello cyanus Petroicidae (Australasian Robins)
0%
Blue-gray Saltator Saltator coerulescens Thraupidae (Tanagers and Allies)
0%
Blue-gray Tanager Thraupis episcopus Thraupidae (Tanagers and Allies)
0%
Blue-headed Crested-Flycatcher Trochocercus nitens Monarchidae (Monarch Flycatchers)
0%
Blue-headed Fantail Rhipidura cyaniceps Rhipiduridae (Fantails)
0%
Blue-headed Pitta Hydrornis baudii Pittidae (Pittas)
0%
Blue-headed Sunbird Cyanomitra alinae Nectariniidae (Sunbirds and Spiderhunters)
0%
Blue-headed Vireo Vireo solitarius Vireonidae (Vireos, Shrike-Babblers, and Erpornis)
0%
Blue Jewel-babbler Ptilorrhoa caerulescens Cinclosomatidae (Quail-thrushes and Jewel-babblers)
0%
Blue-lored Antbird Hafferia immaculata Thamnophilidae (Typical Antbirds)
0%
Blue-masked Leafbird Chloropsis venusta Chloropseidae (Leafbirds)
0%
Blue Mockingbird Melanotis caerulescens Mimidae (Mockingbirds and Thrashers)
0%
Blue Mountain Vireo Vireo osburni Vireonidae (Vireos, Shrike-Babblers, and Erpornis)
0%
Blue-naped Chlorophonia Chlorophonia cyanea Fringillidae (Finches, Euphonias, and Allies)
0%
Blue-naped Pitta Hydrornis nipalensis Pittidae (Pittas)
0%
Blue-necked Tanager Stilpnia cyanicollis Thraupidae (Tanagers and Allies)
0%
Blue Nuthatch Sitta azurea Sittidae (Nuthatches)
0%
Blue Paradise-Flycatcher Terpsiphone cyanescens Monarchidae (Monarch Flycatchers)
0%
Blue Pitta Hydrornis cyaneus Pittidae (Pittas)
0%
Blue Rock-Thrush Monticola solitarius Muscicapidae (Old World Flycatchers)
0%
Blue-rumped Manakin Lepidothrix isidorei Pipridae (Manakins)
0%
Blue-rumped Pitta Hydrornis soror Pittidae (Pittas)
0%
Blue Seedeater Amaurospiza concolor Cardinalidae (Cardinals and Allies)
0%
Blue-shouldered Robin-Chat Cossypha cyanocampter Muscicapidae (Old World Flycatchers)
0%
Blue-throated Brown Sunbird Cyanomitra cyanolaema Nectariniidae (Sunbirds and Spiderhunters)
0%
Blue-throated Flycatcher Cyornis rubeculoides Muscicapidae (Old World Flycatchers)
0%
Blue Vanga Cyanolanius madagascarinus Vangidae (Vangas, Helmetshrikes, and Allies)
0%
Blue-wattled Bulbul Pycnonotus nieuwenhuisii Pycnonotidae (Bulbuls)
0%
Blue-whiskered Tanager Tangara johannae Thraupidae (Tanagers and Allies)
0%
Blue Whistling-Thrush Myophonus caeruleus Muscicapidae (Old World Flycatchers)
0%
Blue-winged Laughingthrush Trochalopteron squamatum Leiothrichidae (Laughingthrushes and Allies)
0%
Blue-winged Leafbird Chloropsis cochinchinensis Chloropseidae (Leafbirds)
0%
Blue-winged Minla Actinodura cyanouroptera Leiothrichidae (Laughingthrushes and Allies)
0%
Blue-winged Mountain Tanager Anisognathus somptuosus Thraupidae (Tanagers and Allies)
0%
Blue-winged Pitta Pitta moluccensis Pittidae (Pittas)
0%
Bluish Flowerpiercer Diglossa caerulescens Thraupidae (Tanagers and Allies)
0%
Bluish-slate Antshrike Thamnomanes schistogynus Thamnophilidae (Typical Antbirds)
0%
Blunt-winged Warbler Acrocephalus concinens Acrocephalidae (Reed Warblers and Allies)
0%
Blyth's Leaf Warbler Phylloscopus reguloides Phylloscopidae (Leaf Warblers)
0%
Blyth's Paradise-Flycatcher Terpsiphone affinis Monarchidae (Monarch Flycatchers)
0%
Blyth's Pipit Anthus godlewskii Motacillidae (Wagtails and Pipits)
0%
Blyth's Reed Warbler Acrocephalus dumetorum Acrocephalidae (Reed Warblers and Allies)
0%
Blyth's Rosefinch Carpodacus grandis Fringillidae (Finches, Euphonias, and Allies)
0%
Blyth's Shrike-Babbler Pteruthius aeralatus Vireonidae (Vireos, Shrike-Babblers, and Erpornis)
0%
Boa Nova Tapaculo Scytalopus gonzagai Rhinocryptidae (Tapaculos)
0%
Boat-billed Flycatcher Megarynchus pitangua Tyrannidae (Tyrant Flycatchers)
0%
Boat-billed Tody-Tyrant Hemitriccus josephinae Tyrannidae (Tyrant Flycatchers)
0%
Bob-tailed Weaver Brachycope anomala Ploceidae (Weavers and Allies)
0%
Bocage's Akalat Sheppardia bocagei Muscicapidae (Old World Flycatchers)
0%
Bocage's Sunbird Nectarinia bocagii Nectariniidae (Sunbirds and Spiderhunters)
0%
Bocage's Weaver Ploceus temporalis Ploceidae (Weavers and Allies)
0%
Böhm's Flycatcher Bradornis boehmi Muscicapidae (Old World Flycatchers)
0%
Bohol Sunbird Aethopyga decorosa Nectariniidae (Sunbirds and Spiderhunters)
0%
Bokmakierie Telophorus zeylonus Malaconotidae (Bushshrikes and Allies)
0%
Bold-striped Tit-Babbler Mixornis bornensis Timaliidae (Tree-Babblers, Scimitar-Babblers, and Allies)
0%
Bolivian Antpitta Grallaria cochabambae Grallariidae (Antpittas)
0%
Bolivian Blackbird Oreopsar bolivianus Icteridae (Troupials and Allies)
0%
Bolivian Brushfinch Atlapetes rufinucha Passerellidae (New World Sparrows)
0%
Bolivian Earthcreeper Tarphonomus harterti Furnariidae (Ovenbirds and Woodcreepers)
0%
Bolivian Recurvebill Syndactyla striata Furnariidae (Ovenbirds and Woodcreepers)
0%
Bolivian Slaty-Antshrike Thamnophilus sticturus Thamnophilidae (Typical Antbirds)
0%
Bolivian Spinetail Cranioleuca henricae Furnariidae (Ovenbirds and Woodcreepers)
0%
Bolivian Tapaculo Scytalopus bolivianus Rhinocryptidae (Tapaculos)
0%
Bolivian Tyrannulet Zimmerius bolivianus Tyrannidae (Tyrant Flycatchers)
0%
Bolivian Warbling Finch Poospiza boliviana Thraupidae (Tanagers and Allies)
0%
Bonin Grosbeak Carpodacus ferreorostris Fringillidae (Finches, Euphonias, and Allies)
0%
Bonin Thrush Zoothera terrestris Turdidae (Thrushes and Allies)
0%
Bonin White-eye Apalopteron familiare Zosteropidae (White-eyes, Yuhinas, and Allies)
0%
Booted Warbler Iduna caligata Acrocephalidae (Reed Warblers and Allies)
0%
Boran Cisticola Cisticola bodessa Cisticolidae (Cisticolas and Allies)
0%
Bornean Banded-Pitta Hydrornis schwaneri Pittidae (Pittas)
0%
Bornean Blue Flycatcher Cyornis superbus Muscicapidae (Old World Flycatchers)
0%
Bornean Bulbul Rubigula montis Pycnonotidae (Bulbuls)
0%
Bornean Green-Magpie Cissa jefferyi Corvidae (Crows, Jays, and Magpies)
0%
Bornean Leafbird Chloropsis kinabaluensis Chloropseidae (Leafbirds)
0%
Bornean Spiderhunter Arachnothera everetti Nectariniidae (Sunbirds and Spiderhunters)
0%
Bornean Stubtail Urosphena whiteheadi Scotocercidae (Bush Warblers and Allies)
0%
Bornean Treepie Dendrocitta cinerascens Corvidae (Crows, Jays, and Magpies)
0%
Bornean Whistler Pachycephala hypoxantha Pachycephalidae (Whistlers and Allies)
0%
Bornean Whistling-Thrush Myophonus borneensis Muscicapidae (Old World Flycatchers)
0%
Bornean Wren-Babbler Ptilocichla leucogrammica Pellorneidae (Ground Babblers and Allies)
0%
Botha's Lark Spizocorys fringillaris Alaudidae (Larks)
0%
Boucard's Wren Campylorhynchus jocosus Troglodytidae (Wrens)
0%
Bougainville Crow Corvus meeki Corvidae (Crows, Jays, and Magpies)
0%
Bougainville Honeyeater Stresemannia bougainvillei Meliphagidae (Honeyeaters)
0%
Bougainville Hooded Whistler Pachycephala richardsi Pachycephalidae (Whistlers and Allies)
0%
Bougainville Monarch Monarcha erythrostictus Monarchidae (Monarch Flycatchers)
0%
Bougainville Thicketbird Cincloramphus llaneae Locustellidae (Grassbirds and Allies)
0%
Bougainville Thrush Zoothera atrigena Turdidae (Thrushes and Allies)
0%
Boulder Chat Pinarornis plumosus Muscicapidae (Old World Flycatchers)
0%
Boulder Finch Idiopsar brachyurus Thraupidae (Tanagers and Allies)
0%
Boulton's Batis Batis margaritae Platysteiridae (Wattle-eyes and Batises)
0%
Boyer's Cuckooshrike Coracina boyeri Campephagidae (Cuckooshrikes)
0%
Brahminy Starling Sturnia pagodarum Sturnidae (Starlings)
0%
Brambling Fringilla montifringilla Fringillidae (Finches, Euphonias, and Allies)
0%
Bran-colored Flycatcher Myiophobus fasciatus Tyrannidae (Tyrant Flycatchers)
0%
Brasilia Tapaculo Scytalopus novacapitalis Rhinocryptidae (Tapaculos)
0%
Brass's Friarbird Philemon brassi Meliphagidae (Honeyeaters)
0%
Brassy-breasted Tanager Tangara desmaresti Thraupidae (Tanagers and Allies)
0%
Braun's Bushshrike Laniarius brauni Malaconotidae (Bushshrikes and Allies)
0%
Brazilian Tanager Ramphocelus bresilius Thraupidae (Tanagers and Allies)
0%
Brazza's Martin Phedina brazzae Hirundinidae (Swallows)
0%
Bridled Sparrow Peucaea mystacalis Passerellidae (New World Sparrows)
0%
Bridled Titmouse Baeolophus wollweberi Paridae (Tits, Chickadees, and Titmice)
0%
Bridled White-eye Zosterops conspicillatus Zosteropidae (White-eyes, Yuhinas, and Allies)
0%
Bright-rumped Attila Attila spadiceus Tyrannidae (Tyrant Flycatchers)
0%
Bright-rumped Yellow-Finch Sicalis uropygialis Thraupidae (Tanagers and Allies)
0%
Brimstone Canary Crithagra sulphurata Fringillidae (Finches, Euphonias, and Allies)
0%
Bristle-crowned Starling Onychognathus salvadorii Sturnidae (Starlings)
0%
Bristled Grassbird Schoenicola striatus Locustellidae (Grassbirds and Allies)
0%
Broad-billed Fairywren Chenorhamphus grayi Maluridae (Fairywrens)
0%
Broad-billed Warbler Tickellia hodgsoni Scotocercidae (Bush Warblers and Allies)
0%
Broad-tailed Grassbird Schoenicola platyurus Locustellidae (Grassbirds and Allies)
0%
Broad-tailed Paradise-Whydah Vidua obtusa Viduidae (Indigobirds)
0%
Bronzed Drongo Dicrurus aeneus Dicruridae (Drongos)
0%
Bronze-green Euphonia Euphonia mesochrysa Fringillidae (Finches, Euphonias, and Allies)
0%
Bronze Mannikin Spermestes cucullata Estrildidae (Waxbills and Allies)
0%
Bronze-olive Pygmy-Tyrant Pseudotriccus pelzelni Tyrannidae (Tyrant Flycatchers)
0%
Bronze Parotia Parotia berlepschi Paradisaeidae (Birds-of-Paradise)
0%
Bronze Sunbird Nectarinia kilimensis Nectariniidae (Sunbirds and Spiderhunters)
0%
Bronze-tailed Starling Lamprotornis chalcurus Sturnidae (Starlings)
0%
Brooks's Leaf Warbler Phylloscopus subviridis Phylloscopidae (Leaf Warblers)
0%
Brown Accentor Prunella fulvescens Prunellidae (Accentors)
0%
Brown-and-yellow Marshbird Pseudoleistes virescens Icteridae (Troupials and Allies)
0%
Brown Babbler Turdoides plebejus Leiothrichidae (Laughingthrushes and Allies)
0%
Brown-backed Chat-Tyrant Ochthoeca fumicolor Tyrannidae (Tyrant Flycatchers)
0%
Brown-backed Flowerpecker Dicaeum everetti Dicaeidae (Flowerpeckers)
0%
Brown-backed Honeyeater Ramsayornis modestus Meliphagidae (Honeyeaters)
0%
Brown-backed Mockingbird Mimus dorsalis Mimidae (Mockingbirds and Thrashers)
0%
Brown-backed Scrub-Robin Cercotrichas hartlaubi Muscicapidae (Old World Flycatchers)
0%
Brown-backed Solitaire Myadestes occidentalis Turdidae (Thrushes and Allies)
0%
Brown-backed Whistler Pachycephala modesta Pachycephalidae (Whistlers and Allies)
0%
Brown-banded Antpitta Grallaria milleri Grallariidae (Antpittas)
0%
Brown-bellied Stipplethroat Epinecrophylla gutturalis Thamnophilidae (Typical Antbirds)
0%
Brown-bellied Swallow Orochelidon murina Hirundinidae (Swallows)
0%
Brown-billed Scythebill Campylorhamphus pusillus Furnariidae (Ovenbirds and Woodcreepers)
0%
Brown-breasted Bulbul Pycnonotus xanthorrhous Pycnonotidae (Bulbuls)
0%
Brown-breasted Flycatcher Muscicapa muttui Muscicapidae (Old World Flycatchers)
0%
Brown-breasted Gerygone Gerygone ruficollis Acanthizidae (Thornbills and Allies)
0%
Brown-breasted Pygmy-Tyrant Hemitriccus obsoletus Tyrannidae (Tyrant Flycatchers)
0%
Brown Bullfinch Pyrrhula nipalensis Fringillidae (Finches, Euphonias, and Allies)
0%
Brown Bush Warbler Locustella luteoventris Locustellidae (Grassbirds and Allies)
0%
Brown Cacholote Pseudoseisura lophotes Furnariidae (Ovenbirds and Woodcreepers)
0%
Brown-capped Babbler Pellorneum fuscocapillus Pellorneidae (Ground Babblers and Allies)
0%
Brown-capped Fantail Rhipidura diluta Rhipiduridae (Fantails)
0%
Brown-capped Laughingthrush Trochalopteron austeni Leiothrichidae (Laughingthrushes and Allies)
0%
Brown-capped Redstart Myioborus brunniceps Parulidae (New World Warblers)
0%
Brown-capped Rosy-Finch Leucosticte australis Fringillidae (Finches, Euphonias, and Allies)
0%
Brown-capped Tit-Spinetail Leptasthenura fuliginiceps Furnariidae (Ovenbirds and Woodcreepers)
0%
Brown-capped Tyrannulet Ornithion brunneicapillus Tyrannidae (Tyrant Flycatchers)
0%
Brown-capped Vireo Vireo leucophrys Vireonidae (Vireos, Shrike-Babblers, and Erpornis)
0%
Brown-capped Weaver Ploceus insignis Ploceidae (Weavers and Allies)
0%
Brown-cheeked Bulbul Alophoixus bres Pycnonotidae (Bulbuls)
0%
Brown-cheeked Fulvetta Alcippe poioicephala Leiothrichidae (Laughingthrushes and Allies)
0%
Brown-chested Alethe Chamaetylas poliocephala Muscicapidae (Old World Flycatchers)
0%
Brown-chested Jungle-Flycatcher Cyornis brunneatus Muscicapidae (Old World Flycatchers)
0%
Brown-chested Martin Progne tapera Hirundinidae (Swallows)
0%
Brown-crested Flycatcher Myiarchus tyrannulus Tyrannidae (Tyrant Flycatchers)
0%
Brown-crowned Tchagra Tchagra australis Malaconotidae (Bushshrikes and Allies)
0%
Brown-eared Bulbul Hypsipetes amaurotis Pycnonotidae (Bulbuls)
0%
Brown Emutail Bradypterus brunneus Locustellidae (Grassbirds and Allies)
0%
Brown Fantail Rhipidura drownei Rhipiduridae (Fantails)
0%
Brown Firefinch Lagonosticta nitidula Estrildidae (Waxbills and Allies)
0%
Brown-flanked Tanager Thlypopsis pectoralis Thraupidae (Tanagers and Allies)
0%
Brown Fulvetta Alcippe brunneicauda Leiothrichidae (Laughingthrushes and Allies)
0%
Brown-headed Apalis Apalis alticola Cisticolidae (Cisticolas and Allies)
0%
Brown-headed Greenlet Hylophilus brunneiceps Vireonidae (Vireos, Shrike-Babblers, and Erpornis)
0%
Brown-headed Thrush Turdus chrysolaus Turdidae (Thrushes and Allies)
0%
Brown Illadopsis Illadopsis fulvescens Pellorneidae (Ground Babblers and Allies)
0%
Brownish Elaenia Elaenia pelzelni Tyrannidae (Tyrant Flycatchers)
0%
Brownish-headed Antbird Myrmelastes brunneiceps Thamnophilidae (Typical Antbirds)
0%
Brownish Twistwing Cnipodectes subbrunneus Tyrannidae (Tyrant Flycatchers)
0%
Brown Jay Psilorhinus morio Corvidae (Crows, Jays, and Magpies)
0%
Brown-necked Raven Corvus ruficollis Corvidae (Crows, Jays, and Magpies)
0%
Brown Oriole Oriolus szalayi Oriolidae (Old World Orioles)
0%
Brown Parisoma Curruca lugens Sylviidae (Sylviid Warblers, Parrotbills, and Allies)
0%
Brown Parrotbill Cholornis unicolor Sylviidae (Sylviid Warblers, Parrotbills, and Allies)
0%
Brown Prinia Prinia polychroa Cisticolidae (Cisticolas and Allies)
0%
Brown Rock Chat Oenanthe fusca Muscicapidae (Old World Flycatchers)
0%
Brown-rumped Bunting Emberiza affinis Emberizidae (Old World Buntings)
0%
Brown-rumped Foliage-gleaner Automolus melanopezus Furnariidae (Ovenbirds and Woodcreepers)
0%
Brown-rumped Minivet Pericrocotus cantonensis Campephagidae (Cuckooshrikes)
0%
Brown-rumped Seedeater Crithagra tristriata Fringillidae (Finches, Euphonias, and Allies)
0%
Brown-rumped Tapaculo Scytalopus latebricola Rhinocryptidae (Tapaculos)
0%
Brown Scrub-Robin Cercotrichas signata Muscicapidae (Old World Flycatchers)
0%
Brown Sicklebill Epimachus meyeri Paradisaeidae (Birds-of-Paradise)
0%
Brown-streaked Flycatcher Muscicapa williamsoni Muscicapidae (Old World Flycatchers)
0%
Brown-tailed Chat Oenanthe scotocerca Muscicapidae (Old World Flycatchers)
0%
Brown Tanager Orchesticus abeillei Thraupidae (Tanagers and Allies)
0%
Brown-throated Fulvetta Fulvetta ludlowi Sylviidae (Sylviid Warblers, Parrotbills, and Allies)
0%
Brown-throated Sunbird Anthreptes malacensis Nectariniidae (Sunbirds and Spiderhunters)
0%
Brown-throated Wattle-eye Platysteira cyanea Platysteiridae (Wattle-eyes and Batises)
0%
Brown Tit-Babbler Macronus striaticeps Timaliidae (Tree-Babblers, Scimitar-Babblers, and Allies)
0%
Brown Trembler Cinclocerthia ruficauda Mimidae (Mockingbirds and Thrashers)
0%
Brown Twinspot Clytospiza monteiri Estrildidae (Waxbills and Allies)
0%
Brown-winged Parrotbill Sinosuthora brunnea Sylviidae (Sylviid Warblers, Parrotbills, and Allies)
0%
Brown-winged Schiffornis Schiffornis turdina Tityridae (Tityras and Allies)
0%
Brown-winged Starling Aplonis grandis Sturnidae (Starlings)
0%
Brown Woodland-Warbler Phylloscopus umbrovirens Phylloscopidae (Leaf Warblers)
0%
Brubru Nilaus afer Malaconotidae (Bushshrikes and Allies)
0%
Brujo Flycatcher Pyrocephalus nanus Tyrannidae (Tyrant Flycatchers)
0%
Bubbling Cisticola Cisticola bulliens Cisticolidae (Cisticolas and Allies)
0%
Buff-banded Bushbird Cincloramphus bivittatus Locustellidae (Grassbirds and Allies)
0%
Buff-banded Tyrannulet Mecocerculus hellmayri Tyrannidae (Tyrant Flycatchers)
0%
Buff-barred Warbler Phylloscopus pulcher Phylloscopidae (Leaf Warblers)
0%
Buff-bellied Monarch Neolalage banksiana Monarchidae (Monarch Flycatchers)
0%
Buff-bellied Tanager Thlypopsis inornata Thraupidae (Tanagers and Allies)
0%
Buff-bellied Warbler Phyllolais pulchella Cisticolidae (Cisticolas and Allies)
0%
Buff-breasted Babbler Pellorneum tickelli Pellorneidae (Ground Babblers and Allies)
0%
Buff-breasted Earthcreeper Upucerthia validirostris Furnariidae (Ovenbirds and Woodcreepers)
0%
Buff-breasted Mountain Tanager Dubusia taeniata Thraupidae (Tanagers and Allies)
0%
Buff-breasted Tody-Tyrant Hemitriccus mirandae Tyrannidae (Tyrant Flycatchers)
0%
Buff-breasted Wren Cantorchilus leucotis Troglodytidae (Wrens)
0%
Buff-bridled Inca-Finch Incaspiza laeta Thraupidae (Tanagers and Allies)
0%
Buff-browed Foliage-gleaner Syndactyla rufosuperciliata Furnariidae (Ovenbirds and Woodcreepers)
0%
Buff-cheeked Greenlet Pachysylvia muscicapina Vireonidae (Vireos, Shrike-Babblers, and Erpornis)
0%
Buff-cheeked Tody-Flycatcher Poecilotriccus senex Tyrannidae (Tyrant Flycatchers)
0%
Buff-chested Babbler Cyanoderma ambiguum Timaliidae (Tree-Babblers, Scimitar-Babblers, and Allies)
0%
Buff-faced Scrubwren Sericornis perspicillatus Acanthizidae (Thornbills and Allies)
0%
Buff-fronted Foliage-gleaner Dendroma rufa Furnariidae (Ovenbirds and Woodcreepers)
0%
Buff-rumped Warbler Myiothlypis fulvicauda Parulidae (New World Warblers)
0%
Buff-shouldered Widowbird Euplectes psammacromius Ploceidae (Weavers and Allies)
0%
Buff-streaked Chat Campicoloides bifasciatus Muscicapidae (Old World Flycatchers)
0%
Buff-throated Apalis Apalis rufogularis Cisticolidae (Cisticolas and Allies)
0%
Buff-throated Foliage-gleaner Automolus ochrolaemus Furnariidae (Ovenbirds and Woodcreepers)
0%
Buff-throated Purpletuft Iodopleura pipra Tityridae (Tityras and Allies)
0%
Buff-throated Saltator Saltator maximus Thraupidae (Tanagers and Allies)
0%
Buff-throated Sunbird Chalcomitra adelberti Nectariniidae (Sunbirds and Spiderhunters)
0%
Buff-throated Tody-Tyrant Hemitriccus rufigularis Tyrannidae (Tyrant Flycatchers)
0%
Buff-throated Warbler Phylloscopus subaffinis Phylloscopidae (Leaf Warblers)
0%
Buff-throated Warbling Finch Microspingus lateralis Thraupidae (Tanagers and Allies)
0%
Buff-throated Woodcreeper Xiphorhynchus guttatus Furnariidae (Ovenbirds and Woodcreepers)
0%
Buff-vented Bulbul Iole crypta Pycnonotidae (Bulbuls)
0%
Buff-winged Cinclodes Cinclodes fuscus Furnariidae (Ovenbirds and Woodcreepers)
0%
Buffy-fronted Seedeater Sporophila frontalis Thraupidae (Tanagers and Allies)
0%
Buffy Laughingthrush Pterorhinus berthemyi Leiothrichidae (Laughingthrushes and Allies)
0%
Buffy Pipit Anthus vaalensis Motacillidae (Wagtails and Pipits)
0%
Buffy Tuftedcheek Pseudocolaptes lawrencii Furnariidae (Ovenbirds and Woodcreepers)
0%
Bugun Liocichla Liocichla bugunorum Leiothrichidae (Laughingthrushes and Allies)
0%
Bull-headed Shrike Lanius bucephalus Laniidae (Shrikes)
0%
Bundok Flycatcher Ficedula luzoniensis Muscicapidae (Old World Flycatchers)
0%
Burchell's Starling Lamprotornis australis Sturnidae (Starlings)
0%
Burmese Bushlark Mirafra microptera Alaudidae (Larks)
0%
Burmese Nuthatch Sitta neglecta Sittidae (Nuthatches)
0%
Burmese Prinia Prinia cooki Cisticolidae (Cisticolas and Allies)
0%
Burmese Shrike Lanius collurioides Laniidae (Shrikes)
0%
Burmese Yuhina Yuhina humilis Zosteropidae (White-eyes, Yuhinas, and Allies)
0%
Burnished-buff Tanager Stilpnia cayana Thraupidae (Tanagers and Allies)
0%
Burnt-neck Eremomela Eremomela usticollis Cisticolidae (Cisticolas and Allies)
0%
Buru Bush Warbler Locustella disturbans Locustellidae (Grassbirds and Allies)
0%
Buru Cuckooshrike Coracina fortis Campephagidae (Cuckooshrikes)
0%
Buru Flowerpecker Dicaeum erythrothorax Dicaeidae (Flowerpeckers)
0%
Buru Friarbird Philemon moluccensis Meliphagidae (Honeyeaters)
0%
Buru Golden-Bulbul Alophoixus mystacalis Pycnonotidae (Bulbuls)
0%
Buru Honeyeater Lichmera deningeri Meliphagidae (Honeyeaters)
0%
Buru Jungle-Flycatcher Eumyias additus Muscicapidae (Old World Flycatchers)
0%
Buru Oriole Oriolus bouroensis Oriolidae (Old World Orioles)
0%
Buru Thrush Geokichla dumasi Turdidae (Thrushes and Allies)
0%
Buru White-eye Zosterops buruensis Zosteropidae (White-eyes, Yuhinas, and Allies)
0%
Bush Blackcap Sylvia nigricapillus Sylviidae (Sylviid Warblers, Parrotbills, and Allies)
0%
Bush Pipit Anthus caffer Motacillidae (Wagtails and Pipits)
0%
Bush Wren Xenicus longipes Acanthisittidae (New Zealand Wrens)
0%
Bushy-crested Jay Cyanocorax melanocyaneus Corvidae (Crows, Jays, and Magpies)
0%
Caatinga Antwren Herpsilochmus sellowi Thamnophilidae (Typical Antbirds)
0%
Caatinga Black-Tyrant Knipolegus franciscanus Tyrannidae (Tyrant Flycatchers)
0%
Caatinga Cacholote Pseudoseisura cristata Furnariidae (Ovenbirds and Woodcreepers)
0%
Cabanis's Bunting Emberiza cabanisi Emberizidae (Old World Buntings)
0%
Cabanis's Greenbul Phyllastrephus cabanisi Pycnonotidae (Bulbuls)
0%
Cabanis's Ground-Sparrow Melozone cabanisi Passerellidae (New World Sparrows)
0%
Cabanis's Spinetail Synallaxis cabanisi Furnariidae (Ovenbirds and Woodcreepers)
0%
Cabanis's Wren Cantorchilus modestus Troglodytidae (Wrens)
0%
Cachar Bulbul Iole cacharensis Pycnonotidae (Bulbuls)
0%
Cachar Wedge-billed Babbler Stachyris roberti Timaliidae (Tree-Babblers, Scimitar-Babblers, and Allies)
0%
Cactus Canastero Pseudasthenes cactorum Furnariidae (Ovenbirds and Woodcreepers)
0%
Cajamarca Antpitta Grallaria cajamarcae Grallariidae (Antpittas)
0%
Calandra Lark Melanocorypha calandra Alaudidae (Larks)
0%
Cambodian Laughingthrush Garrulax ferrarius Leiothrichidae (Laughingthrushes and Allies)
0%
Cambodian Tailorbird Orthotomus chaktomuk Cisticolidae (Cisticolas and Allies)
0%
Cameroon Indigobird Vidua camerunensis Viduidae (Indigobirds)
0%
Cameroon Mountain Greenbul Arizelocichla montana Pycnonotidae (Bulbuls)
0%
Cameroon Olive-Greenbul Phyllastrephus poensis Pycnonotidae (Bulbuls)
0%
Cameroon Speirops Zosterops melanocephalus Zosteropidae (White-eyes, Yuhinas, and Allies)
0%
Cameroon Sunbird Cyanomitra oritis Nectariniidae (Sunbirds and Spiderhunters)
0%
Campbell's Fairywren Chenorhamphus campbelli Maluridae (Fairywrens)
0%
Campina Thrush Turdus arthuri Turdidae (Thrushes and Allies)
0%
Campo Miner Geositta poeciloptera Furnariidae (Ovenbirds and Woodcreepers)
0%
Canary Islands Chiffchaff Phylloscopus canariensis Phylloscopidae (Leaf Warblers)
0%
Canebrake Groundcreeper Clibanornis dendrocolaptoides Furnariidae (Ovenbirds and Woodcreepers)
0%
Canebrake Wren Cantorchilus zeledoni Troglodytidae (Wrens)
0%
Canyon Canastero Asthenes pudibunda Furnariidae (Ovenbirds and Woodcreepers)
0%
Cape Batis Batis capensis Platysteiridae (Wattle-eyes and Batises)
0%
Cape Bulbul Pycnonotus capensis Pycnonotidae (Bulbuls)
0%
Cape Bunting Emberiza capensis Emberizidae (Old World Buntings)
0%
Cape Canary Serinus canicollis Fringillidae (Finches, Euphonias, and Allies)
0%
Cape Clapper Lark Mirafra apiata Alaudidae (Larks)
0%
Cape Crombec Sylvietta rufescens Macrosphenidae (African Warblers)
0%
Cape Grassbird Sphenoeacus afer Macrosphenidae (African Warblers)
0%
Cape Lark Certhilauda curvirostris Alaudidae (Larks)
0%
Cape Robin-Chat Cossypha caffra Muscicapidae (Old World Flycatchers)
0%
Cape Rockjumper Chaetops frenatus Chaetopidae (Rockjumpers)
0%
Cape Rock-Thrush Monticola rupestris Muscicapidae (Old World Flycatchers)
0%
Cape Siskin Crithagra totta Fringillidae (Finches, Euphonias, and Allies)
0%
Cape Starling Lamprotornis nitens Sturnidae (Starlings)
0%
Cape Verde Sparrow Passer iagoensis Passeridae (Old World Sparrows)
0%
Cape Verde Swamp Warbler Acrocephalus brevipennis Acrocephalidae (Reed Warblers and Allies)
0%
Cape Wagtail Motacilla capensis Motacillidae (Wagtails and Pipits)
0%
Cape Weaver Ploceus capensis Ploceidae (Weavers and Allies)
0%
Cape White-eye Zosterops virens Zosteropidae (White-eyes, Yuhinas, and Allies)
0%
Capped Conebill Conirostrum albifrons Thraupidae (Tanagers and Allies)
0%
Capped Wheatear Oenanthe pileata Muscicapidae (Old World Flycatchers)
0%
Capped White-eye Zosterops fuscicapilla Zosteropidae (White-eyes, Yuhinas, and Allies)
0%
Capuchin Babbler Turdoides atripennis Leiothrichidae (Laughingthrushes and Allies)
0%
Capuchinbird Perissocephalus tricolor Cotingidae (Cotingas)
0%
Caqueta Seedeater Sporophila murallae Thraupidae (Tanagers and Allies)
0%
Caracas Brushfinch Arremon phaeopleurus Passerellidae (New World Sparrows)
0%
Caracas Tapaculo Scytalopus caracae Rhinocryptidae (Tapaculos)
0%
Carbonated Sierra Finch Rhopospina carbonaria Thraupidae (Tanagers and Allies)
0%
Cardinal Myzomela Myzomela cardinalis Meliphagidae (Honeyeaters)
0%
Cardinal Quelea Quelea cardinalis Ploceidae (Weavers and Allies)
0%
Caribbean Elaenia Elaenia martinica Tyrannidae (Tyrant Flycatchers)
0%
Caribbean Martin Progne dominicensis Hirundinidae (Swallows)
0%
Carib Grackle Quiscalus lugubris Icteridae (Troupials and Allies)
0%
Carmelite Sunbird Chalcomitra fuliginosa Nectariniidae (Sunbirds and Spiderhunters)
0%
Carmiol's Tanager Chlorothraupis carmioli Cardinalidae (Cardinals and Allies)
0%
Carola's Parotia Parotia carolae Paradisaeidae (Birds-of-Paradise)
0%
Caroline Islands White-eye Zosterops semperi Zosteropidae (White-eyes, Yuhinas, and Allies)
0%
Caroline Reed Warbler Acrocephalus syrinx Acrocephalidae (Reed Warblers and Allies)
0%
Carp's Tit Melaniparus carpi Paridae (Tits, Chickadees, and Titmice)
0%
Carrizal Seedeater Amaurospiza carrizalensis Cardinalidae (Cardinals and Allies)
0%
Carruthers's Cisticola Cisticola carruthersi Cisticolidae (Cisticolas and Allies)
0%
Caspian Tit Poecile hyrcanus Paridae (Tits, Chickadees, and Titmice)
0%
Casqued Cacique Cacicus oseryi Icteridae (Troupials and Allies)
0%
Cassin's Flycatcher Muscicapa cassini Muscicapidae (Old World Flycatchers)
0%
Cassin's Kingbird Tyrannus vociferans Tyrannidae (Tyrant Flycatchers)
0%
Cassin's Vireo Vireo cassinii Vireonidae (Vireos, Shrike-Babblers, and Erpornis)
0%
Castelnau's Antshrike Thamnophilus cryptoleucus Thamnophilidae (Typical Antbirds)
0%
Cattle Tyrant Machetornis rixosa Tyrannidae (Tyrant Flycatchers)
0%
Caura Antbird Myrmelastes caurensis Thamnophilidae (Typical Antbirds)
0%
Ceara Gnateater Conopophaga cearae Conopophagidae (Gnateaters)
0%
Ceara Woodcreeper Xiphorhynchus atlanticus Furnariidae (Ovenbirds and Woodcreepers)
0%
Cebu Flowerpecker Dicaeum quadricolor Dicaeidae (Flowerpeckers)
0%
Cerulean-capped Manakin Lepidothrix coeruleocapilla Pipridae (Manakins)
0%
Cerulean Cuckooshrike Coracina temminckii Campephagidae (Cuckooshrikes)
0%
Cerulean Flycatcher Eutrichomyias rowleyi Rhipiduridae (Fantails)
0%
Chabert Vanga Leptopterus chabert Vangidae (Vangas, Helmetshrikes, and Allies)
0%
Chachapoyas Antpitta Grallaria gravesi Grallariidae (Antpittas)
0%
Chaco Earthcreeper Tarphonomus certhioides Furnariidae (Ovenbirds and Woodcreepers)
0%
Chaco Sparrow Rhynchospiza strigiceps Passerellidae (New World Sparrows)
0%
Chalk-browed Mockingbird Mimus saturninus Mimidae (Mockingbirds and Thrashers)
0%
Chami Antpitta Grallaria alvarezi Grallariidae (Antpittas)
0%
Chapada Flycatcher Guyramemua affine Tyrannidae (Tyrant Flycatchers)
0%
Chapin's Apalis Apalis chapini Cisticolidae (Cisticolas and Allies)
0%
Chapin's Flycatcher Fraseria lendu Muscicapidae (Old World Flycatchers)
0%
Chapin's Mountain-Babbler Turdoides chapini Leiothrichidae (Laughingthrushes and Allies)
0%
Chapman's Antshrike Thamnophilus zarumae Thamnophilidae (Typical Antbirds)
0%
Chapman's Bristle-Tyrant Phylloscartes chapmani Tyrannidae (Tyrant Flycatchers)
0%
Charlotte's Bulbul Iole charlottae Pycnonotidae (Bulbuls)
0%
Chat Flycatcher Agricola infuscatus Muscicapidae (Old World Flycatchers)
0%
Chatham Island Bellbird Anthornis melanocephala Meliphagidae (Honeyeaters)
0%
Chatham Island Gerygone Gerygone albofrontata Acanthizidae (Thornbills and Allies)
0%
Chatham Islands Fernbird Poodytes rufescens Locustellidae (Grassbirds and Allies)
0%
Chattering Cisticola Cisticola anonymus Cisticolidae (Cisticolas and Allies)
0%
Chattering Giant-Honeyeater Gymnomyza viridis Meliphagidae (Honeyeaters)
0%
Chattering Gnatwren Ramphocaenus sticturus Polioptilidae (Gnatcatchers)
0%
Checker-throated Stipplethroat Epinecrophylla fulviventris Thamnophilidae (Typical Antbirds)
0%
Cherrie's Antwren Myrmotherula cherriei Thamnophilidae (Typical Antbirds)
0%
Cherry-throated Tanager Nemosia rourei Thraupidae (Tanagers and Allies)
0%
Chestnut Antpitta Grallaria blakei Grallariidae (Antpittas)
0%
Chestnut-backed Antbird Poliocrania exsul Thamnophilidae (Typical Antbirds)
0%
Chestnut-backed Antshrike Thamnophilus palliatus Thamnophilidae (Typical Antbirds)
0%
Chestnut-backed Jewel-babbler Ptilorrhoa castanonota Cinclosomatidae (Quail-thrushes and Jewel-babblers)
0%
Chestnut-backed Laughingthrush Pterorhinus nuchalis Leiothrichidae (Laughingthrushes and Allies)
0%
Chestnut-backed Scimitar-Babbler Pomatorhinus montanus Timaliidae (Tree-Babblers, Scimitar-Babblers, and Allies)
0%
Chestnut-backed Sparrow-Lark Eremopterix leucotis Alaudidae (Larks)
0%
Chestnut-backed Sparrow-Weaver Plocepasser rufoscapulatus Ploceidae (Weavers and Allies)
0%
Chestnut-backed Tanager Stilpnia preciosa Thraupidae (Tanagers and Allies)
0%
Chestnut-backed Thornbird Phacellodomus dorsalis Furnariidae (Ovenbirds and Woodcreepers)
0%
Chestnut-backed Thrush Geokichla dohertyi Turdidae (Thrushes and Allies)
0%
Chestnut-bellied Cotinga Doliornis remseni Cotingidae (Cotingas)
0%
Chestnut-bellied Euphonia Euphonia pectoralis Fringillidae (Finches, Euphonias, and Allies)
0%
Chestnut-bellied Fantail Rhipidura hyperythra Rhipiduridae (Fantails)
0%
Chestnut-bellied Flowerpiercer Diglossa gloriosissima Thraupidae (Tanagers and Allies)
0%
Chestnut-bellied Monarch Monarcha castaneiventris Monarchidae (Monarch Flycatchers)
0%
Chestnut-bellied Mountain Tanager Dubusia castaneoventris Thraupidae (Tanagers and Allies)
0%
Chestnut-bellied Nuthatch Sitta cinnamoventris Sittidae (Nuthatches)
0%
Chestnut-bellied Rock-Thrush Monticola rufiventris Muscicapidae (Old World Flycatchers)
0%
Chestnut-bellied Seedeater Sporophila castaneiventris Thraupidae (Tanagers and Allies)
0%
Chestnut-bellied Seed-Finch Sporophila angolensis Thraupidae (Tanagers and Allies)
0%
Chestnut-bellied Starling Lamprotornis pulcher Sturnidae (Starlings)
0%
Chestnut-bellied Thrush Turdus fulviventris Turdidae (Thrushes and Allies)
0%
Chestnut-bellied Tit Sittiparus castaneoventris Paridae (Tits, Chickadees, and Titmice)
0%
Chestnut-belted Gnateater Conopophaga aurita Conopophagidae (Gnateaters)
0%
Chestnut-breasted Chlorophonia Chlorophonia pyrrhophrys Fringillidae (Finches, Euphonias, and Allies)
0%
Chestnut-breasted Mountain Finch Poospizopsis caesar Thraupidae (Tanagers and Allies)
0%
Chestnut-breasted Nigrita Nigrita bicolor Estrildidae (Waxbills and Allies)
0%
Chestnut-breasted Wren Cyphorhinus thoracicus Troglodytidae (Wrens)
0%
Chestnut Bulbul Hemixos castanonotus Pycnonotidae (Bulbuls)
0%
Chestnut Bunting Emberiza rutila Emberizidae (Old World Buntings)
0%
Chestnut-capped Babbler Timalia pileata Timaliidae (Tree-Babblers, Scimitar-Babblers, and Allies)
0%
Chestnut-capped Blackbird Chrysomus ruficapillus Icteridae (Troupials and Allies)
0%
Chestnut-capped Brushfinch Arremon brunneinucha Passerellidae (New World Sparrows)
0%
Chestnut-capped Flycatcher Erythrocercus mccallii Scotocercidae (Bush Warblers and Allies)
0%
Chestnut-capped Foliage-gleaner Clibanornis rectirostris Furnariidae (Ovenbirds and Woodcreepers)
0%
Chestnut-capped Laughingthrush Pterorhinus mitratus Leiothrichidae (Laughingthrushes and Allies)
0%
Chestnut-capped Piha Lipaugus weberi Cotingidae (Cotingas)
0%
Chestnut-capped Thrush Geokichla interpres Turdidae (Thrushes and Allies)
0%
Chestnut-capped Warbler Basileuterus delattrii Parulidae (New World Warblers)
0%
Chestnut-cheeked Starling Agropsar philippensis Sturnidae (Starlings)
0%
Chestnut-collared Swallow Petrochelidon rufocollaris Hirundinidae (Swallows)
0%
Chestnut-crested Antbird Rhegmatorhina cristata Thamnophilidae (Typical Antbirds)
0%
Chestnut-crested Cotinga Ampelion rufaxilla Cotingidae (Cotingas)
0%
Chestnut-crested Yuhina Staphida everetti Zosteropidae (White-eyes, Yuhinas, and Allies)
0%
Chestnut-crowned Antpitta Grallaria ruficapilla Grallariidae (Antpittas)
0%
Chestnut-crowned Becard Pachyramphus castaneus Tityridae (Tityras and Allies)
0%
Chestnut-crowned Bush Warbler Cettia major Scotocercidae (Bush Warblers and Allies)
0%
Chestnut-crowned Foliage-gleaner Automolus rufipileatus Furnariidae (Ovenbirds and Woodcreepers)
0%
Chestnut-crowned Gnateater Conopophaga castaneiceps Conopophagidae (Gnateaters)
0%
Chestnut-crowned Laughingthrush Trochalopteron erythrocephalum Leiothrichidae (Laughingthrushes and Allies)
0%
Chestnut-crowned Sparrow-Weaver Plocepasser superciliosus Ploceidae (Weavers and Allies)
0%
Chestnut-crowned Warbler Phylloscopus castaniceps Phylloscopidae (Leaf Warblers)
0%
Chestnut-eared Bunting Emberiza fucata Emberizidae (Old World Buntings)
0%
Chestnut-eared Laughingthrush Ianthocincla konkakinhensis Leiothrichidae (Laughingthrushes and Allies)
0%
Chestnut-faced Babbler Zosterornis whiteheadi Zosteropidae (White-eyes, Yuhinas, and Allies)
0%
Chestnut-flanked White-eye Zosterops erythropleurus Zosteropidae (White-eyes, Yuhinas, and Allies)
0%
Chestnut-fronted Helmetshrike Prionops scopifrons Vangidae (Vangas, Helmetshrikes, and Allies)
0%
Chestnut-headed Oropendola Psarocolius wagleri Icteridae (Troupials and Allies)
0%
Chestnut-headed Sparrow-Lark Eremopterix signatus Alaudidae (Larks)
0%
Chestnut-headed Tanager Thlypopsis pyrrhocoma Thraupidae (Tanagers and Allies)
0%
Chestnut-headed Tesia Cettia castaneocoronata Scotocercidae (Bush Warblers and Allies)
0%
Chestnut-hooded Laughingthrush Pterorhinus treacheri Leiothrichidae (Laughingthrushes and Allies)
0%
Chestnut Munia Lonchura atricapilla Estrildidae (Waxbills and Allies)
0%
Chestnut-naped Antpitta Grallaria nuchalis Grallariidae (Antpittas)
0%
Chestnut-naped Forktail Enicurus ruficapillus Muscicapidae (Old World Flycatchers)
0%
Chestnut-rumped Babbler Stachyris maculata Timaliidae (Tree-Babblers, Scimitar-Babblers, and Allies)
0%
Chestnut-rumped Woodcreeper Xiphorhynchus pardalotus Furnariidae (Ovenbirds and Woodcreepers)
0%
Chestnut Seedeater Sporophila cinnamomea Thraupidae (Tanagers and Allies)
0%
Chestnut-shouldered Antwren Euchrepomis humeralis Thamnophilidae (Typical Antbirds)
0%
Chestnut-sided Shrike-Vireo Vireolanius melitophrys Vireonidae (Vireos, Shrike-Babblers, and Erpornis)
0%
Chestnut Sparrow Passer eminibey Passeridae (Old World Sparrows)
0%
Chestnut-tailed Antbird Sciaphylax hemimelaena Thamnophilidae (Typical Antbirds)
0%
Chestnut-tailed Jungle-Flycatcher Cyornis ruficauda Muscicapidae (Old World Flycatchers)
0%
Chestnut-tailed Minla Actinodura strigula Leiothrichidae (Laughingthrushes and Allies)
0%
Chestnut-tailed Starling Sturnia malabarica Sturnidae (Starlings)
0%
Chestnut-throated Apalis Apalis porphyrolaema Cisticolidae (Cisticolas and Allies)
0%
Chestnut-throated Flycatcher Myiagra castaneigularis Monarchidae (Monarch Flycatchers)
0%
Chestnut-throated Huet-huet Pteroptochos castaneus Rhinocryptidae (Tapaculos)
0%
Chestnut-throated Seedeater Sporophila telasco Thraupidae (Tanagers and Allies)
0%
Chestnut-throated Spinetail Synallaxis cherriei Furnariidae (Ovenbirds and Woodcreepers)
0%
Chestnut Thrush Turdus rubrocanus Turdidae (Thrushes and Allies)
0%
Chestnut-vented Conebill Conirostrum speciosum Thraupidae (Tanagers and Allies)
0%
Chestnut-vented Nuthatch Sitta nagaensis Sittidae (Nuthatches)
0%
Chestnut-vented Warbler Curruca subcoerulea Sylviidae (Sylviid Warblers, Parrotbills, and Allies)
0%
Chestnut Wattle-eye Platysteira castanea Platysteiridae (Wattle-eyes and Batises)
0%
Chestnut Weaver Ploceus rubiginosus Ploceidae (Weavers and Allies)
0%
Chestnut-winged Babbler Cyanoderma erythropterum Timaliidae (Tree-Babblers, Scimitar-Babblers, and Allies)
0%
Chestnut-winged Cinclodes Cinclodes albidiventris Furnariidae (Ovenbirds and Woodcreepers)
0%
Chestnut-winged Foliage-gleaner Dendroma erythroptera Furnariidae (Ovenbirds and Woodcreepers)
0%
Chestnut-winged Hookbill Ancistrops strigilatus Furnariidae (Ovenbirds and Woodcreepers)
0%
Chestnut-winged Starling Onychognathus fulgidus Sturnidae (Starlings)
0%
Chico's Tyrannulet Zimmerius chicomendesi Tyrannidae (Tyrant Flycatchers)
0%
Chiguanco Thrush Turdus chiguanco Turdidae (Thrushes and Allies)
0%
Chilean Mockingbird Mimus thenca Mimidae (Mockingbirds and Thrashers)
0%
Chilean Swallow Tachycineta leucopyga Hirundinidae (Swallows)
0%
Chiming Wedgebill Psophodes occidentalis Psophodidae (Whipbirds and Wedgebills)
0%
Chinchipe Spinetail Synallaxis chinchipensis Furnariidae (Ovenbirds and Woodcreepers)
0%
Chinese Babax Pterorhinus lanceolatus Leiothrichidae (Laughingthrushes and Allies)
0%
Chinese Beautiful Rosefinch Carpodacus davidianus Fringillidae (Finches, Euphonias, and Allies)
0%
Chinese Blackbird Turdus mandarinus Turdidae (Thrushes and Allies)
0%
Chinese Blue Flycatcher Cyornis glaucicomans Muscicapidae (Old World Flycatchers)
0%
Chinese Bush Warbler Locustella tacsanowskia Locustellidae (Grassbirds and Allies)
0%
Chinese Cupwing Pnoepyga mutica Pnoepygidae (Cupwings)
0%
Chinese Fulvetta Fulvetta striaticollis Sylviidae (Sylviid Warblers, Parrotbills, and Allies)
0%
Chinese Grassbird Graminicola striatus Pellorneidae (Ground Babblers and Allies)
0%
Chinese Gray Shrike Lanius sphenocercus Laniidae (Shrikes)
0%
Chinese Hwamei Garrulax canorus Leiothrichidae (Laughingthrushes and Allies)
0%
Chinese Leaf Warbler Phylloscopus yunnanensis Phylloscopidae (Leaf Warblers)
0%
Chinese Penduline-Tit Remiz consobrinus Remizidae (Penduline-Tits)
0%
Chinese Rubythroat Calliope tschebaiewi Muscicapidae (Old World Flycatchers)
0%
Chinese Shortwing Brachypteryx sinensis Muscicapidae (Old World Flycatchers)
0%
Chinese Thrush Otocichla mupinensis Turdidae (Thrushes and Allies)
0%
Chinese White-browed Rosefinch Carpodacus dubius Fringillidae (Finches, Euphonias, and Allies)
0%
Chin Hills Wren-Babbler Spelaeornis oatesi Timaliidae (Tree-Babblers, Scimitar-Babblers, and Allies)
0%
Chinspot Batis Batis molitor Platysteiridae (Wattle-eyes and Batises)
0%
Chirinda Apalis Apalis chirindensis Cisticolidae (Cisticolas and Allies)
0%
Chiriqui Foliage-gleaner Automolus exsertus Furnariidae (Ovenbirds and Woodcreepers)
0%
Chirping Cisticola Cisticola pipiens Cisticolidae (Cisticolas and Allies)
0%
Chirruping Wedgebill Psophodes cristatus Psophodidae (Whipbirds and Wedgebills)
0%
Chivi Vireo Vireo chivi Vireonidae (Vireos, Shrike-Babblers, and Erpornis)
0%
Chocolate-vented Tyrant Neoxolmis rufiventris Tyrannidae (Tyrant Flycatchers)
0%
Choco Sirystes Sirystes albogriseus Tyrannidae (Tyrant Flycatchers)
0%
Choco Tapaculo Scytalopus chocoensis Rhinocryptidae (Tapaculos)
0%
Choco Tyrannulet Zimmerius albigularis Tyrannidae (Tyrant Flycatchers)
0%
Choco Vireo Vireo masteri Vireonidae (Vireos, Shrike-Babblers, and Erpornis)
0%
Cholo Alethe Chamaetylas choloensis Muscicapidae (Old World Flycatchers)
0%
Chopi Blackbird Gnorimopsar chopi Icteridae (Troupials and Allies)
0%
Chorister Robin-Chat Cossypha dichroa Muscicapidae (Old World Flycatchers)
0%
Chotoy Spinetail Schoeniophylax phryganophilus Furnariidae (Ovenbirds and Woodcreepers)
0%
Christmas Island White-eye Zosterops natalis Zosteropidae (White-eyes, Yuhinas, and Allies)
0%
Chubb's Cisticola Cisticola chubbi Cisticolidae (Cisticolas and Allies)
0%
Chucao Tapaculo Scelorchilus rubecula Rhinocryptidae (Tapaculos)
0%
Churring Cisticola Cisticola njombe Cisticolidae (Cisticolas and Allies)
0%
Chusquea Tapaculo Scytalopus parkeri Rhinocryptidae (Tapaculos)
0%
Cinderella Waxbill Glaucestrilda thomensis Estrildidae (Waxbills and Allies)
0%
Cinereous Antshrike Thamnomanes caesius Thamnophilidae (Typical Antbirds)
0%
Cinereous Becard Pachyramphus rufus Tityridae (Tityras and Allies)
0%
Cinereous-breasted Spinetail Synallaxis hypospodia Furnariidae (Ovenbirds and Woodcreepers)
0%
Cinereous Bulbul Hemixos cinereus Pycnonotidae (Bulbuls)
0%
Cinereous Bunting Emberiza cineracea Emberizidae (Old World Buntings)
0%
Cinereous Conebill Conirostrum cinereum Thraupidae (Tanagers and Allies)
0%
Cinereous Finch Piezorina cinerea Thraupidae (Tanagers and Allies)
0%
Cinereous Ground-Tyrant Muscisaxicola cinereus Tyrannidae (Tyrant Flycatchers)
0%
Cinereous Mourner Laniocera hypopyrra Tityridae (Tityras and Allies)
0%
Cinereous Tyrant Knipolegus striaticeps Tyrannidae (Tyrant Flycatchers)
0%
Cinereous Warbling Finch Microspingus cinereus Thraupidae (Tanagers and Allies)
0%
Cinnamon Attila Attila cinnamomeus Tyrannidae (Tyrant Flycatchers)
0%
Cinnamon Becard Pachyramphus cinnamomeus Tityridae (Tityras and Allies)
0%
Cinnamon-bellied Flowerpiercer Diglossa baritula Thraupidae (Tanagers and Allies)
0%
Cinnamon-bellied Ground-Tyrant Muscisaxicola capistratus Tyrannidae (Tyrant Flycatchers)
0%
Cinnamon-bellied Saltator Saltator grandis Thraupidae (Tanagers and Allies)
0%
Cinnamon Bracken-Warbler Bradypterus cinnamomeus Locustellidae (Grassbirds and Allies)
0%
Cinnamon-breasted Bunting Emberiza tahapisi Emberizidae (Old World Buntings)
0%
Cinnamon-breasted Tody-Tyrant Hemitriccus cinnamomeipectus Tyrannidae (Tyrant Flycatchers)
0%
Cinnamon-browed Melidectes Melidectes ochromelas Meliphagidae (Honeyeaters)
0%
Cinnamon-chested Flycatcher Ficedula buruensis Muscicapidae (Old World Flycatchers)
0%
Cinnamon-crested Spadebill Platyrinchus saturatus Tyrannidae (Tyrant Flycatchers)
0%
Cinnamon-faced Tyrannulet Phylloscartes parkeri Tyrannidae (Tyrant Flycatchers)
0%
Cinnamon Flycatcher Pyrrhomyias cinnamomeus Tyrannidae (Tyrant Flycatchers)
0%
Cinnamon Ibon Hypocryptadius cinnamomeus Passeridae (Old World Sparrows)
0%
Cinnamon Manakin-Tyrant Neopipo cinnamomea Tyrannidae (Tyrant Flycatchers)
0%
Cinnamon-rumped Foliage-gleaner Philydor pyrrhodes Furnariidae (Ovenbirds and Woodcreepers)
0%
Cinnamon-rumped Seedeater Sporophila torqueola Thraupidae (Tanagers and Allies)
0%
Cinnamon-tailed Fantail Rhipidura fuscorufa Rhipiduridae (Fantails)
0%
Cinnamon-tailed Sparrow Peucaea sumichrasti Passerellidae (New World Sparrows)
0%
Cinnamon Tanager Schistochlamys ruficapillus Thraupidae (Tanagers and Allies)
0%
Cinnamon-throated Woodcreeper Dendrexetastes rufigula Furnariidae (Ovenbirds and Woodcreepers)
0%
Cinnamon-vented Piha Lipaugus lanioides Cotingidae (Cotingas)
0%
Cinnamon Warbling Finch Poospiza ornata Thraupidae (Tanagers and Allies)
0%
Cinnamon Weaver Ploceus badius Ploceidae (Weavers and Allies)
0%
Cipo Canastero Asthenes luizae Furnariidae (Ovenbirds and Woodcreepers)
0%
Cirl Bunting Emberiza cirlus Emberizidae (Old World Buntings)
0%
Citril Finch Carduelis citrinella Fringillidae (Finches, Euphonias, and Allies)
0%
Citrine Canary-Flycatcher Culicicapa helianthea Stenostiridae (Fairy Flycatchers)
0%
Citron-bellied Attila Attila citriniventris Tyrannidae (Tyrant Flycatchers)
0%
Citron-headed Yellow-Finch Sicalis luteocephala Thraupidae (Tanagers and Allies)
0%
Clarion Wren Troglodytes tanneri Troglodytidae (Wrens)
0%
Clarke's Weaver Ploceus golandi Ploceidae (Weavers and Allies)
0%
Claudia's Leaf Warbler Phylloscopus claudiae Phylloscopidae (Leaf Warblers)
0%
Clay-colored Thrush Turdus grayi Turdidae (Thrushes and Allies)
0%
Clicking Shrike-Babbler Pteruthius intermedius Vireonidae (Vireos, Shrike-Babblers, and Erpornis)
0%
Cliff Flycatcher Hirundinea ferruginea Tyrannidae (Tyrant Flycatchers)
0%
Cloud Cisticola Cisticola textrix Cisticolidae (Cisticolas and Allies)
0%
Cloud-scraping Cisticola Cisticola dambo Cisticolidae (Cisticolas and Allies)
0%
Club-winged Manakin Machaeropterus deliciosus Pipridae (Manakins)
0%
Coal-crested Finch Charitospiza eucosma Thraupidae (Tanagers and Allies)
0%
Coastal Boubou Laniarius nigerrimus Malaconotidae (Bushshrikes and Allies)
0%
Coastal Cisticola Cisticola haematocephalus Cisticolidae (Cisticolas and Allies)
0%
Coastal Miner Geositta peruviana Furnariidae (Ovenbirds and Woodcreepers)
0%
Cobb's Wren Troglodytes cobbi Troglodytidae (Wrens)
0%
Cocha Antshrike Thamnophilus praecox Thamnophilidae (Typical Antbirds)
0%
Cochabamba Mountain Finch Poospiza garleppi Thraupidae (Tanagers and Allies)
0%
Cockerell's Fantail Rhipidura cockerelli Rhipiduridae (Fantails)
0%
Cock-tailed Tyrant Alectrurus tricolor Tyrannidae (Tyrant Flycatchers)
0%
Cocoa Woodcreeper Xiphorhynchus susurrans Furnariidae (Ovenbirds and Woodcreepers)
0%
Cocos Finch Pinaroloxias inornata Thraupidae (Tanagers and Allies)
0%
Cocos Flycatcher Nesotriccus ridgwayi Tyrannidae (Tyrant Flycatchers)
0%
Coiba Spinetail Cranioleuca dissita Furnariidae (Ovenbirds and Woodcreepers)
0%
Coleto Sarcops calvus Sturnidae (Starlings)
0%
Colima Warbler Leiothlypis crissalis Parulidae (New World Warblers)
0%
Collared Antshrike Thamnophilus bernardi Thamnophilidae (Typical Antbirds)
0%
Collared Babbler Gampsorhynchus torquatus Pellorneidae (Ground Babblers and Allies)
0%
Collared Bush-Robin Tarsiger johnstoniae Muscicapidae (Old World Flycatchers)
0%
Collared Crescentchest Melanopareia torquata Melanopareiidae (Crescentchests)
0%
Collared Crow Corvus pectoralis Corvidae (Crows, Jays, and Magpies)
0%
Collared Finchbill Spizixos semitorques Pycnonotidae (Bulbuls)
0%
Collared Flycatcher Ficedula albicollis Muscicapidae (Old World Flycatchers)
0%
Collared Gnatwren Microbates collaris Polioptilidae (Gnatcatchers)
0%
Collared Grosbeak Mycerobas affinis Fringillidae (Finches, Euphonias, and Allies)
0%
Collared Lark Mirafra collaris Alaudidae (Larks)
0%
Collared Laughingthrush Trochalopteron yersini Leiothrichidae (Laughingthrushes and Allies)
0%
Collared Myna Acridotheres albocinctus Sturnidae (Starlings)
0%
Collared Palm-Thrush Cichladusa arquata Muscicapidae (Old World Flycatchers)
0%
Collared Redstart Myioborus torquatus Parulidae (New World Warblers)
0%
Collared Sunbird Hedydipna collaris Nectariniidae (Sunbirds and Spiderhunters)
0%
Collared Towhee Pipilo ocai Passerellidae (New World Sparrows)
0%
Collared Treepie Dendrocitta frontalis Corvidae (Crows, Jays, and Magpies)
0%
Collared Warbling Finch Poospiza hispaniolensis Thraupidae (Tanagers and Allies)
0%
Common Babbler Argya caudata Leiothrichidae (Laughingthrushes and Allies)
0%
Common Cactus-Finch Geospiza scandens Thraupidae (Tanagers and Allies)
0%
Common Chlorospingus Chlorospingus flavopectus Passerellidae (New World Sparrows)
0%
Common Grasshopper-Warbler Locustella naevia Locustellidae (Grassbirds and Allies)
0%
Common Green-Magpie Cissa chinensis Corvidae (Crows, Jays, and Magpies)
0%
Common Hill Myna Gracula religiosa Sturnidae (Starlings)
0%
Common House-Martin Delichon urbicum Hirundinidae (Swallows)
0%
Common Iora Aegithina tiphia Aegithinidae (Ioras)
0%
Common Jery Neomixis tenella Cisticolidae (Cisticolas and Allies)
0%
Common Newtonia Newtonia brunneicauda Vangidae (Vangas, Helmetshrikes, and Allies)
0%
Common Redstart Phoenicurus phoenicurus Muscicapidae (Old World Flycatchers)
0%
Common Rosefinch Carpodacus erythrinus Fringillidae (Finches, Euphonias, and Allies)
0%
Common Scale-backed Antbird Willisornis poecilinotus Thamnophilidae (Typical Antbirds)
0%
Common Square-tailed Drongo Dicrurus ludwigii Dicruridae (Drongos)
0%
Common Sunbird-Asity Neodrepanis coruscans Philepittidae (Asities)
0%
Common Tailorbird Orthotomus sutorius Cisticolidae (Cisticolas and Allies)
0%
Common Tody-Flycatcher Todirostrum cinereum Tyrannidae (Tyrant Flycatchers)
0%
Common Waxbill Estrilda astrild Estrildidae (Waxbills and Allies)
0%
Common Woodshrike Tephrodornis pondicerianus Vangidae (Vangas, Helmetshrikes, and Allies)
0%
Comoro Drongo Dicrurus fuscipennis Dicruridae (Drongos)
0%
Comoros Cuckooshrike Coracina cucullata Campephagidae (Cuckooshrikes)
0%
Comoro Thrush Turdus bewsheri Turdidae (Thrushes and Allies)
0%
Comoro White-eye Zosterops mouroniensis Zosteropidae (White-eyes, Yuhinas, and Allies)
0%
Compact Weaver Pachyphantes superciliosus Ploceidae (Weavers and Allies)
0%
Cone-billed Tanager Conothraupis mesoleuca Thraupidae (Tanagers and Allies)
0%
Congo Martin Riparia congica Hirundinidae (Swallows)
0%
Congo Moor Chat Myrmecocichla tholloni Muscicapidae (Old World Flycatchers)
0%
Congo Sunbird Cinnyris congensis Nectariniidae (Sunbirds and Spiderhunters)
0%
Cook Islands Reed Warbler Acrocephalus kerearako Acrocephalidae (Reed Warblers and Allies)
0%
Coopmans's Elaenia Elaenia brachyptera Tyrannidae (Tyrant Flycatchers)
0%
Copper Seedeater Sporophila bouvreuil Thraupidae (Tanagers and Allies)
0%
Copper Sunbird Cinnyris cupreus Nectariniidae (Sunbirds and Spiderhunters)
0%
Copper-tailed Starling Hylopsar cupreocauda Sturnidae (Starlings)
0%
Copper-throated Sunbird Leptocoma calcostetha Nectariniidae (Sunbirds and Spiderhunters)
0%
Coral-billed Scimitar-Babbler Pomatorhinus ferruginosus Timaliidae (Tree-Babblers, Scimitar-Babblers, and Allies)
0%
Coraya Wren Pheugopedius coraya Troglodytidae (Wrens)
0%
Cordillera Azul Antbird Myrmoderus eowilsoni Thamnophilidae (Typical Antbirds)
0%
Cordillera Ground-Warbler Robsonius rabori Locustellidae (Grassbirds and Allies)
0%
Cordilleran Canastero Asthenes modesta Furnariidae (Ovenbirds and Woodcreepers)
0%
Cordoba Cinclodes Cinclodes comechingonus Furnariidae (Ovenbirds and Woodcreepers)
0%
Correndera Pipit Anthus correndera Motacillidae (Wagtails and Pipits)
0%
Corsican Finch Carduelis corsicana Fringillidae (Finches, Euphonias, and Allies)
0%
Corsican Nuthatch Sitta whiteheadi Sittidae (Nuthatches)
0%
Costa Rican Brushfinch Arremon costaricensis Passerellidae (New World Sparrows)
0%
Costa Rican Warbler Basileuterus melanotis Parulidae (New World Warblers)
0%
Cozumel Thrasher Toxostoma guttatum Mimidae (Mockingbirds and Thrashers)
0%
Cozumel Vireo Vireo bairdi Vireonidae (Vireos, Shrike-Babblers, and Erpornis)
0%
Crag Chilia Ochetorhynchus melanurus Furnariidae (Ovenbirds and Woodcreepers)
0%
Cream-eyed Bulbul Pycnonotus pseudosimplex Pycnonotidae (Bulbuls)
0%
Cream-striped Bulbul Pycnonotus leucogrammicus Pycnonotidae (Bulbuls)
0%
Cream-throated White-eye Zosterops atriceps Zosteropidae (White-eyes, Yuhinas, and Allies)
0%
Cream-vented Bulbul Pycnonotus simplex Pycnonotidae (Bulbuls)
0%
Cream-winged Cinclodes Cinclodes albiventris Furnariidae (Ovenbirds and Woodcreepers)
0%
Creamy-bellied Antwren Herpsilochmus motacilloides Thamnophilidae (Typical Antbirds)
0%
Creamy-bellied Gnatcatcher Polioptila lactea Polioptilidae (Gnatcatchers)
0%
Creamy-bellied Thrush Turdus amaurochalinus Turdidae (Thrushes and Allies)
0%
Creamy-breasted Canastero Asthenes dorbignyi Furnariidae (Ovenbirds and Woodcreepers)
0%
Creamy-crested Spinetail Cranioleuca albicapilla Furnariidae (Ovenbirds and Woodcreepers)
0%
Creamy-rumped Miner Geositta isabellina Furnariidae (Ovenbirds and Woodcreepers)
0%
Crescent-chested Babbler Cyanoderma melanothorax Timaliidae (Tree-Babblers, Scimitar-Babblers, and Allies)
0%
Crescent-chested Warbler Oreothlypis superciliosa Parulidae (New World Warblers)
0%
Crescent-faced Antpitta Grallaricula lineifrons Grallariidae (Antpittas)
0%
Crested Ant-Tanager Habia cristata Cardinalidae (Cardinals and Allies)
0%
Crested Becard Pachyramphus validus Tityridae (Tityras and Allies)
0%
Crested Bellbird Oreoica gutturalis Oreoicidae (Australo-Papuan Bellbirds)
0%
Crested Black-Tyrant Knipolegus lophotes Tyrannidae (Tyrant Flycatchers)
0%
Crested Bunting Emberiza lathami Emberizidae (Old World Buntings)
0%
Crested Doradito Pseudocolopteryx sclateri Tyrannidae (Tyrant Flycatchers)
0%
Crested Drongo Dicrurus forficatus Dicruridae (Drongos)
0%
Crested Finchbill Spizixos canifrons Pycnonotidae (Bulbuls)
0%
Crested Gallito Rhinocrypta lanceolata Rhinocryptidae (Tapaculos)
0%
Crested Hornero Furnarius cristatus Furnariidae (Ovenbirds and Woodcreepers)
0%
Crested Malimbe Malimbus malimbicus Ploceidae (Weavers and Allies)
0%
Crested Myna Acridotheres cristatellus Sturnidae (Starlings)
0%
Crested Oropendola Psarocolius decumanus Icteridae (Troupials and Allies)
0%
Crested Satinbird Cnemophilus macgregorii Cnemophilidae (Satinbirds)
0%
Crested Shrike-tit Falcunculus frontatus Falcunculidae (Shrike-tit)
0%
Crested Spinetail Cranioleuca subcristata Furnariidae (Ovenbirds and Woodcreepers)
0%
Crested Tit-Warbler Leptopoecile elegans Aegithalidae (Long-tailed Tits)
0%
Cretzschmar's Babbler Turdoides leucocephala Leiothrichidae (Laughingthrushes and Allies)
0%
Cretzschmar's Bunting Emberiza caesia Emberizidae (Old World Buntings)
0%
Cricket Longtail Spiloptila clamans Cisticolidae (Cisticolas and Allies)
0%
Crimson-backed Sunbird Leptocoma minima Nectariniidae (Sunbirds and Spiderhunters)
0%
Crimson-backed Tanager Ramphocelus dimidiatus Thraupidae (Tanagers and Allies)
0%
Crimson-breasted Finch Rhodospingus cruentus Thraupidae (Tanagers and Allies)
0%
Crimson-breasted Flowerpecker Prionochilus percussus Dicaeidae (Flowerpeckers)
0%
Crimson-breasted Gonolek Laniarius atrococcineus Malaconotidae (Bushshrikes and Allies)
0%
Crimson-browed Finch Carpodacus subhimachalus Fringillidae (Finches, Euphonias, and Allies)
0%
Crimson-collared Grosbeak Rhodothraupis celaeno Cardinalidae (Cardinals and Allies)
0%
Crimson-collared Tanager Ramphocelus sanguinolentus Thraupidae (Tanagers and Allies)
0%
Crimson-crowned Flowerpecker Dicaeum nehrkorni Dicaeidae (Flowerpeckers)
0%
Crimson-fronted Cardinal Paroaria baeri Thraupidae (Tanagers and Allies)
0%
Crimson Fruitcrow Haematoderus militaris Cotingidae (Cotingas)
0%
Crimson-hooded Manakin Pipra aureola Pipridae (Manakins)
0%
Crimson-hooded Myzomela Myzomela kuehni Meliphagidae (Honeyeaters)
0%
Crimson-rumped Waxbill Estrilda rhodopyga Estrildidae (Waxbills and Allies)
0%
Crimson Seedcracker Pyrenestes sanguineus Estrildidae (Waxbills and Allies)
0%
Crimson-winged Finch Rhodopechys sanguineus Fringillidae (Finches, Euphonias, and Allies)
0%
Crinkle-collared Manucode Manucodia chalybatus Paradisaeidae (Birds-of-Paradise)
0%
Croaking Cisticola Cisticola natalensis Cisticolidae (Cisticolas and Allies)
0%
Crossley's Ground-Thrush Geokichla crossleyi Turdidae (Thrushes and Allies)
0%
Crossley's Vanga Mystacornis crossleyi Vangidae (Vangas, Helmetshrikes, and Allies)
0%
Crow-billed Drongo Dicrurus annectens Dicruridae (Drongos)
0%
Crow Honeyeater Gymnomyza aubryana Meliphagidae (Honeyeaters)
0%
Crowned Chat-Tyrant Ochthoeca frontalis Tyrannidae (Tyrant Flycatchers)
0%
Crowned Slaty Flycatcher Empidonomus aurantioatrocristatus Tyrannidae (Tyrant Flycatchers)
0%
Cryptic Flycatcher Ficedula crypta Muscicapidae (Old World Flycatchers)
0%
Cryptic Treehunter Cichlocolaptes mazarbarnetti Furnariidae (Ovenbirds and Woodcreepers)
0%
Cryptic Warbler Cryptosylvicola randrianasoloi Bernieridae (Malagasy Warblers)
0%
Cuban Blackbird Ptiloxena atroviolacea Icteridae (Troupials and Allies)
0%
Cuban Bullfinch Melopyrrha nigra Thraupidae (Tanagers and Allies)
0%
Cuban Gnatcatcher Polioptila lembeyei Polioptilidae (Gnatcatchers)
0%
Cuban Grassquit Phonipara canora Thraupidae (Tanagers and Allies)
0%
Cuban Martin Progne cryptoleuca Hirundinidae (Swallows)
0%
Cuban Oriole Icterus melanopsis Icteridae (Troupials and Allies)
0%
Cuban Pewee Contopus caribaeus Tyrannidae (Tyrant Flycatchers)
0%
Cuban Solitaire Myadestes elisabeth Turdidae (Thrushes and Allies)
0%
Cuban Vireo Vireo gundlachii Vireonidae (Vireos, Shrike-Babblers, and Erpornis)
0%
Cundinamarca Antpitta Grallaria kaestneri Grallariidae (Antpittas)
0%
Curl-crested Manucode Manucodia comrii Paradisaeidae (Birds-of-Paradise)
0%
Curve-billed Reedhaunter Limnornis curvirostris Furnariidae (Ovenbirds and Woodcreepers)
0%
Curve-billed Scythebill Campylorhamphus procurvoides Furnariidae (Ovenbirds and Woodcreepers)
0%
Cut-throat Amadina fasciata Estrildidae (Waxbills and Allies)
0%
Cuzco Brushfinch Atlapetes canigenis Passerellidae (New World Sparrows)
0%
Cyprus Warbler Curruca melanothorax Sylviidae (Sylviid Warblers, Parrotbills, and Allies)
0%
Cyprus Wheatear Oenanthe cypriaca Muscicapidae (Old World Flycatchers)
0%
Dalat Bush Warbler Locustella idonea Locustellidae (Grassbirds and Allies)
0%
Dalat Shrike-Babbler Pteruthius annamensis Vireonidae (Vireos, Shrike-Babblers, and Erpornis)
0%
Damar Flycatcher Ficedula henrici Muscicapidae (Old World Flycatchers)
0%
Dark Batis Batis crypta Platysteiridae (Wattle-eyes and Batises)
0%
Dark-bellied Cinclodes Cinclodes patagonicus Furnariidae (Ovenbirds and Woodcreepers)
0%
Dark-breasted Rosefinch Procarduelis nipalensis Fringillidae (Finches, Euphonias, and Allies)
0%
Dark-breasted Spinetail Synallaxis albigularis Furnariidae (Ovenbirds and Woodcreepers)
0%
Dark-brown Honeyeater Lichmera incana Meliphagidae (Honeyeaters)
0%
Dark-crowned White-eye Heleia dohertyi Zosteropidae (White-eyes, Yuhinas, and Allies)
0%
Dark-eared Myza Myza celebensis Meliphagidae (Honeyeaters)
0%
Dark-eyed White-eye Zosterops tetiparius Zosteropidae (White-eyes, Yuhinas, and Allies)
0%
Dark-faced Ground-Tyrant Muscisaxicola maclovianus Tyrannidae (Tyrant Flycatchers)
0%
Dark-fronted Babbler Dumetia atriceps Timaliidae (Tree-Babblers, Scimitar-Babblers, and Allies)
0%
Dark-necked Tailorbird Orthotomus atrogularis Cisticolidae (Cisticolas and Allies)
0%
Dark Newtonia Newtonia amphichroa Vangidae (Vangas, Helmetshrikes, and Allies)
0%
Dark Pewee Contopus lugubris Tyrannidae (Tyrant Flycatchers)
0%
Dark-rumped Rosefinch Carpodacus edwardsii Fringillidae (Finches, Euphonias, and Allies)
0%
Dark-sided Flycatcher Muscicapa sibirica Muscicapidae (Old World Flycatchers)
0%
Dark-sided Thrush Zoothera marginata Turdidae (Thrushes and Allies)
0%
Dark-throated Oriole Oriolus xanthonotus Oriolidae (Old World Orioles)
0%
Dark-throated Seedeater Sporophila ruficollis Thraupidae (Tanagers and Allies)
0%
Dark-winged Miner Geositta saxicolina Furnariidae (Ovenbirds and Woodcreepers)
0%
Dartford Warbler Curruca undata Sylviidae (Sylviid Warblers, Parrotbills, and Allies)
0%
Daurian Jackdaw Corvus dauuricus Corvidae (Crows, Jays, and Magpies)
0%
Daurian Redstart Phoenicurus auroreus Muscicapidae (Old World Flycatchers)
0%
Daurian Starling Agropsar sturninus Sturnidae (Starlings)
0%
David's Fulvetta Alcippe davidi Leiothrichidae (Laughingthrushes and Allies)
0%
Davison's Leaf Warbler Phylloscopus intensior Phylloscopidae (Leaf Warblers)
0%
Dayak Blue Flycatcher Cyornis montanus Muscicapidae (Old World Flycatchers)
0%
Dead Sea Sparrow Passer moabiticus Passeridae (Old World Sparrows)
0%
Deep-blue Flowerpiercer Diglossa glauca Thraupidae (Tanagers and Allies)
0%
Delicate Prinia Prinia lepida Cisticolidae (Cisticolas and Allies)
0%
Delta Amacuro Softtail Thripophaga amacurensis Furnariidae (Ovenbirds and Woodcreepers)
0%
Desert Cisticola Cisticola aridulus Cisticolidae (Cisticolas and Allies)
0%
Desert Finch Rhodospiza obsoleta Fringillidae (Finches, Euphonias, and Allies)
0%
Desert Lark Ammomanes deserti Alaudidae (Larks)
0%
Desert Sparrow Passer simplex Passeridae (Old World Sparrows)
0%
Desert Wheatear Oenanthe deserti Muscicapidae (Old World Flycatchers)
0%
Des Murs's Wiretail Sylviorthorhynchus desmursii Furnariidae (Ovenbirds and Woodcreepers)
0%
Diademed Tanager Stephanophorus diadematus Thraupidae (Tanagers and Allies)
0%
Diademed Tapaculo Scytalopus schulenbergi Rhinocryptidae (Tapaculos)
0%
Diamantina Tapaculo Scytalopus diamantinensis Rhinocryptidae (Tapaculos)
0%
Dickcissel Spiza americana Cardinalidae (Cardinals and Allies)
0%
Dimorphic Fantail Rhipidura brachyrhyncha Rhipiduridae (Fantails)
0%
Dimorphic Jewel-babbler Ptilorrhoa geislerorum Cinclosomatidae (Quail-thrushes and Jewel-babblers)
0%
Dinelli's Doradito Pseudocolopteryx dinelliana Tyrannidae (Tyrant Flycatchers)
0%
Diuca Finch Diuca diuca Thraupidae (Tanagers and Allies)
0%
Dja River Swamp Warbler Bradypterus grandis Locustellidae (Grassbirds and Allies)
0%
Doherty's Bushshrike Telophorus dohertyi Malaconotidae (Bushshrikes and Allies)
0%
Dohrn's Thrush-Babbler Sylvia dohrni Sylviidae (Sylviid Warblers, Parrotbills, and Allies)
0%
Donaldson-Smith's Sparrow-Weaver Plocepasser donaldsoni Ploceidae (Weavers and Allies)
0%
d'Orbigny's Chat-Tyrant Ochthoeca oenanthoides Tyrannidae (Tyrant Flycatchers)
0%
Dorst's Cisticola Cisticola guinea Cisticolidae (Cisticolas and Allies)
0%
Dot-backed Antbird Hylophylax punctulatus Thamnophilidae (Typical Antbirds)
0%
Dotted Tanager Ixothraupis varia Thraupidae (Tanagers and Allies)
0%
Dot-winged Antwren Microrhopias quixensis Thamnophilidae (Typical Antbirds)
0%
Double-banded Graytail Xenerpestes minlosi Furnariidae (Ovenbirds and Woodcreepers)
0%
Double-banded Pygmy-Tyrant Lophotriccus vitiosus Tyrannidae (Tyrant Flycatchers)
0%
Double-collared Seedeater Sporophila caerulescens Thraupidae (Tanagers and Allies)
0%
Drab-breasted Pygmy-Tyrant Hemitriccus diops Tyrannidae (Tyrant Flycatchers)
0%
Drab Hemispingus Pseudospingus xanthophthalmus Thraupidae (Tanagers and Allies)
0%
Drab Seedeater Sporophila simplex Thraupidae (Tanagers and Allies)
0%
Drab Water Tyrant Ochthornis littoralis Tyrannidae (Tyrant Flycatchers)
0%
Drab Whistler Pachycephala griseonota Pachycephalidae (Whistlers and Allies)
0%
Drakensberg Prinia Prinia hypoxantha Cisticolidae (Cisticolas and Allies)
0%
Drakensberg Rockjumper Chaetops aurantius Chaetopidae (Rockjumpers)
0%
Drakensberg Siskin Crithagra symonsi Fringillidae (Finches, Euphonias, and Allies)
0%
Drongo Fantail Chaetorhynchus papuensis Rhipiduridae (Fantails)
0%
Dubois's Seedeater Sporophila ardesiaca Thraupidae (Tanagers and Allies)
0%
Duetting Giant-Honeyeater Gymnomyza brunneirostris Meliphagidae (Honeyeaters)
0%
Dugand's Antwren Herpsilochmus dugandi Thamnophilidae (Typical Antbirds)
0%
Duida Grass-Finch Emberizoides duidae Thraupidae (Tanagers and Allies)
0%
Duida Woodcreeper Lepidocolaptes duidae Furnariidae (Ovenbirds and Woodcreepers)
0%
Dull-blue Flycatcher Eumyias sordidus Muscicapidae (Old World Flycatchers)
0%
Dull-capped Attila Attila bolivianus Tyrannidae (Tyrant Flycatchers)
0%
Dull-colored Grassquit Asemospiza obscura Thraupidae (Tanagers and Allies)
0%
Dull Flycatcher Myiagra hebetior Monarchidae (Monarch Flycatchers)
0%
Dull-mantled Antbird Sipia laemosticta Thamnophilidae (Typical Antbirds)
0%
Dune Lark Calendulauda erythrochlamys Alaudidae (Larks)
0%
Dunn's Lark Eremalauda dunni Alaudidae (Larks)
0%
Dusky Antbird Cercomacroides tyrannina Thamnophilidae (Typical Antbirds)
0%
Dusky Babbler Turdoides tenebrosa Leiothrichidae (Laughingthrushes and Allies)
0%
Dusky-blue Flycatcher Bradornis comitatus Muscicapidae (Old World Flycatchers)
0%
Dusky Broadbill Corydon sumatranus Eurylaimidae (Asian and Grauer's Broadbills)
0%
Dusky-capped Flycatcher Myiarchus tuberculifer Tyrannidae (Tyrant Flycatchers)
0%
Dusky-capped Greenlet Pachysylvia hypoxantha Vireonidae (Vireos, Shrike-Babblers, and Erpornis)
0%
Dusky-capped Woodcreeper Lepidocolaptes fuscicapillus Furnariidae (Ovenbirds and Woodcreepers)
0%
Dusky-cheeked Foliage-gleaner Anabazenops dorsalis Furnariidae (Ovenbirds and Woodcreepers)
0%
Dusky-chested Flycatcher Myiozetetes luteiventris Tyrannidae (Tyrant Flycatchers)
0%
Dusky Chlorospingus Chlorospingus semifuscus Passerellidae (New World Sparrows)
0%
Dusky Crag-Martin Ptyonoprogne concolor Hirundinidae (Swallows)
0%
Dusky Crested-Flycatcher Elminia nigromitrata Stenostiridae (Fairy Flycatchers)
0%
Dusky Crimsonwing Cryptospiza jacksoni Estrildidae (Waxbills and Allies)
0%
Dusky-faced Tanager Mitrospingus cassinii Mitrospingidae (Mitrospingid Tanagers)
0%
Dusky Fantail Rhipidura tenebrosa Rhipiduridae (Fantails)
0%
Dusky Flycatcher Empidonax oberholseri Tyrannidae (Tyrant Flycatchers)
0%
Dusky Friarbird Philemon fuscicapillus Meliphagidae (Honeyeaters)
0%
Dusky Fulvetta Schoeniparus brunneus Pellorneidae (Ground Babblers and Allies)
0%
Dusky Gerygone Gerygone tenebrosa Acanthizidae (Thornbills and Allies)
0%
Dusky-green Oropendola Psarocolius atrovirens Icteridae (Troupials and Allies)
0%
Dusky-headed Brushfinch Atlapetes fuscoolivaceus Passerellidae (New World Sparrows)
0%
Dusky Lark Pinarocorys nigricans Alaudidae (Larks)
0%
Dusky Munia Lonchura fuscans Estrildidae (Waxbills and Allies)
0%
Dusky Piha Lipaugus fuscocinereus Cotingidae (Cotingas)
0%
Dusky Purpletuft Iodopleura fusca Tityridae (Tityras and Allies)
0%
Dusky Spinetail Synallaxis moesta Furnariidae (Ovenbirds and Woodcreepers)
0%
Dusky Sunbird Cinnyris fuscus Nectariniidae (Sunbirds and Spiderhunters)
0%
Dusky-tailed Antbird Drymophila malura Thamnophilidae (Typical Antbirds)
0%
Dusky-tailed Canastero Pseudasthenes humicola Furnariidae (Ovenbirds and Woodcreepers)
0%
Dusky-tailed Flatbill Ramphotrigon fuscicauda Tyrannidae (Tyrant Flycatchers)
0%
Dusky Tapaculo Scytalopus fuscus Rhinocryptidae (Tapaculos)
0%
Dusky Tetraka Xanthomixis tenebrosa Bernieridae (Malagasy Warblers)
0%
Dusky-throated Antshrike Thamnomanes ardesiacus Thamnophilidae (Typical Antbirds)
0%
Dusky Thrush Turdus eunomus Turdidae (Thrushes and Allies)
0%
Dusky Tit Melaniparus funereus Paridae (Tits, Chickadees, and Titmice)
0%
Dusky Twinspot Euschistospiza cinereovinacea Estrildidae (Waxbills and Allies)
0%
Dusky White-eye Zosterops finschii Zosteropidae (White-eyes, Yuhinas, and Allies)
0%
Dwarf Tyrant-Manakin Tyranneutes stolzmanni Pipridae (Manakins)
0%
Dwarf Vireo Vireo nelsoni Vireonidae (Vireos, Shrike-Babblers, and Erpornis)
0%
Dybowski's Twinspot Euschistospiza dybowskii Estrildidae (Waxbills and Allies)
0%
Eared Pitta Hydrornis phayrei Pittidae (Pittas)
0%
Eared Pygmy-Tyrant Myiornis auricularis Tyrannidae (Tyrant Flycatchers)
0%
East Amazonian Fire-eye Pyriglena leuconota Thamnophilidae (Typical Antbirds)
0%
East Andean Antbird Drymophila caudata Thamnophilidae (Typical Antbirds)
0%
East Coast Akalat Sheppardia gunningi Muscicapidae (Old World Flycatchers)
0%
Eastern Bearded-Greenbul Criniger chloronotus Pycnonotidae (Bulbuls)
0%
Eastern Black-eared Wheatear Oenanthe melanoleuca Muscicapidae (Old World Flycatchers)
0%
Eastern Black-headed Batis Batis minor Platysteiridae (Wattle-eyes and Batises)
0%
Eastern Bonelli's Warbler Phylloscopus orientalis Phylloscopidae (Leaf Warblers)
0%
Eastern Bristlebird Dasyornis brachypterus Dasyornithidae (Bristlebirds)
0%
Eastern Clapper Lark Mirafra fasciolata Alaudidae (Larks)
0%
Eastern Crowned Warbler Phylloscopus coronatus Phylloscopidae (Leaf Warblers)
0%
Eastern Double-collared Sunbird Cinnyris mediocris Nectariniidae (Sunbirds and Spiderhunters)
0%
Eastern Long-billed Lark Certhilauda semitorquata Alaudidae (Larks)
0%
Eastern Miombo Sunbird Cinnyris manoensis Nectariniidae (Sunbirds and Spiderhunters)
0%
Eastern Mountain Greenbul Arizelocichla nigriceps Pycnonotidae (Bulbuls)
0%
Eastern Olivaceous Warbler Iduna pallida Acrocephalidae (Reed Warblers and Allies)
0%
Eastern Orphean Warbler Curruca crassirostris Sylviidae (Sylviid Warblers, Parrotbills, and Allies)
0%
Eastern Paradise-Whydah Vidua paradisaea Viduidae (Indigobirds)
0%
Eastern Rock Nuthatch Sitta tephronota Sittidae (Nuthatches)
0%
Eastern Subalpine Warbler Curruca cantillans Sylviidae (Sylviid Warblers, Parrotbills, and Allies)
0%
Eastern Violet-backed Sunbird Anthreptes orientalis Nectariniidae (Sunbirds and Spiderhunters)
0%
Eastern Wattled-Honeyeater Foulehaio carunculatus Meliphagidae (Honeyeaters)
0%
Eastern Whipbird Psophodes olivaceus Psophodidae (Whipbirds and Wedgebills)
0%
Ecuadorian Cacique Cacicus sclateri Icteridae (Troupials and Allies)
0%
Ecuadorian Tapaculo Scytalopus robbinsi Rhinocryptidae (Tapaculos)
0%
Ecuadorian Thrush Turdus maculirostris Turdidae (Thrushes and Allies)
0%
Ecuadorian Tyrannulet Phylloscartes gualaquizae Tyrannidae (Tyrant Flycatchers)
0%
Eiao Monarch Pomarea fluxa Monarchidae (Monarch Flycatchers)
0%
Elegant Crescentchest Melanopareia elegans Melanopareiidae (Crescentchests)
0%
Elegant Euphonia Chlorophonia elegantissima Fringillidae (Finches, Euphonias, and Allies)
0%
Elegant Honeyeater Microptilotis cinereifrons Meliphagidae (Honeyeaters)
0%
Elegant Pitta Pitta elegans Pittidae (Pittas)
0%
Elegant Sunbird Aethopyga duyvenbodei Nectariniidae (Sunbirds and Spiderhunters)
0%
Elegant Woodcreeper Xiphorhynchus elegans Furnariidae (Ovenbirds and Woodcreepers)
0%
Elfin Myzomela Myzomela adolphinae Meliphagidae (Honeyeaters)
0%
Elliot's Laughingthrush Trochalopteron elliotii Leiothrichidae (Laughingthrushes and Allies)
0%
Elusive Antpitta Grallaria eludens Grallariidae (Antpittas)
0%
Emei Leaf Warbler Phylloscopus emeiensis Phylloscopidae (Leaf Warblers)
0%
Emerald Starling Lamprotornis iris Sturnidae (Starlings)
0%
Emerald Tanager Tangara florida Thraupidae (Tanagers and Allies)
0%
Emin's Shrike Lanius gubernator Laniidae (Shrikes)
0%
Emperor Bird-of-Paradise Paradisaea guilielmi Paradisaeidae (Birds-of-Paradise)
0%
Enggano Myna Gracula enganensis Sturnidae (Starlings)
0%
Enggano Thrush Geokichla leucolaema Turdidae (Thrushes and Allies)
0%
Epaulet Oriole Icterus cayanensis Icteridae (Troupials and Allies)
0%
Equatorial Akalat Sheppardia aequatorialis Muscicapidae (Old World Flycatchers)
0%
Equatorial Antpitta Grallaria saturata Grallariidae (Antpittas)
0%
Equatorial Graytail Xenerpestes singularis Furnariidae (Ovenbirds and Woodcreepers)
0%
Esmeraldas Antbird Sipia nigricauda Thamnophilidae (Typical Antbirds)
0%
Española Ground-Finch Geospiza conirostris Thraupidae (Tanagers and Allies)
0%
Española Mockingbird Mimus macdonaldi Mimidae (Mockingbirds and Thrashers)
0%
Ethiopian Black-headed Oriole Oriolus monacha Oriolidae (Old World Orioles)
0%
Ethiopian Boubou Laniarius aethiopicus Malaconotidae (Bushshrikes and Allies)
0%
Ethiopian Cisticola Cisticola lugubris Cisticolidae (Cisticolas and Allies)
0%
Ethiopian Siskin Serinus nigriceps Fringillidae (Finches, Euphonias, and Allies)
0%
Ethiopian Swallow Hirundo aethiopica Hirundinidae (Swallows)
0%
Euler's Flycatcher Lathrotriccus euleri Tyrannidae (Tyrant Flycatchers)
0%
Eurasian Crag-Martin Ptyonoprogne rupestris Hirundinidae (Swallows)
0%
Eurasian Linnet Linaria cannabina Fringillidae (Finches, Euphonias, and Allies)
0%
Eurasian Reed Warbler Acrocephalus scirpaceus Acrocephalidae (Reed Warblers and Allies)
0%
Everett's Thrush Zoothera everetti Turdidae (Thrushes and Allies)
0%
Everett's White-eye Zosterops everetti Zosteropidae (White-eyes, Yuhinas, and Allies)
0%
Evergreen-forest Warbler Bradypterus lopezi Locustellidae (Grassbirds and Allies)
0%
Exclamatory Paradise-Whydah Vidua interjecta Viduidae (Indigobirds)
0%
Eyebrowed Jungle-Flycatcher Vauriella gularis Muscicapidae (Old World Flycatchers)
0%
Eyebrowed Thrush Turdus obscurus Turdidae (Thrushes and Allies)
0%
Eyebrowed Wren-Babbler Napothera epilepidota Pellorneidae (Ground Babblers and Allies)
0%
Eye-ringed Flatbill Rhynchocyclus brevirostris Tyrannidae (Tyrant Flycatchers)
0%
Eye-ringed Thistletail Asthenes palpebralis Furnariidae (Ovenbirds and Woodcreepers)
0%
Eye-ringed Tody-Tyrant Hemitriccus orbitatus Tyrannidae (Tyrant Flycatchers)
0%
Fairy Flycatcher Stenostira scita Stenostiridae (Fairy Flycatchers)
0%
Fairy Pitta Pitta nympha Pittidae (Pittas)
0%
Falcated Wren-Babbler Ptilocichla falcata Pellorneidae (Ground Babblers and Allies)
0%
Familiar Chat Oenanthe familiaris Muscicapidae (Old World Flycatchers)
0%
Fan-tailed Berrypecker Melanocharis versteri Melanocharitidae (Berrypeckers and Longbills)
0%
Fan-tailed Gerygone Gerygone flavolateralis Acanthizidae (Thornbills and Allies)
0%
Fan-tailed Grassbird Catriscus brevirostris Locustellidae (Grassbirds and Allies)
0%
Fan-tailed Monarch Symposiachrus axillaris Monarchidae (Monarch Flycatchers)
0%
Fan-tailed Raven Corvus rhipidurus Corvidae (Crows, Jays, and Magpies)
0%
Fan-tailed Warbler Basileuterus lachrymosus Parulidae (New World Warblers)
0%
Fan-tailed Widowbird Euplectes axillaris Ploceidae (Weavers and Allies)
0%
Fanti Drongo Dicrurus atactus Dicruridae (Drongos)
0%
Fanti Sawwing Psalidoprocne obscura Hirundinidae (Swallows)
0%
Fasciated Antshrike Cymbilaimus lineatus Thamnophilidae (Typical Antbirds)
0%
Fasciated Wren Campylorhynchus fasciatus Troglodytidae (Wrens)
0%
Fatuhiva Monarch Pomarea whitneyi Monarchidae (Monarch Flycatchers)
0%
Fawn-breasted Tanager Pipraeidea melanonota Thraupidae (Tanagers and Allies)
0%
Fawn-breasted Thrush Zoothera machiki Turdidae (Thrushes and Allies)
0%
Fawn-breasted Waxbill Estrilda paludicola Estrildidae (Waxbills and Allies)
0%
Fawn-breasted Whistler Pachycephala orpheus Pachycephalidae (Whistlers and Allies)
0%
Fawn-breasted Wren Cantorchilus guarayanus Troglodytidae (Wrens)
0%
Fawn-colored Lark Calendulauda africanoides Alaudidae (Larks)
0%
Ferruginous Antbird Drymophila ferruginea Thamnophilidae (Typical Antbirds)
0%
Ferruginous Babbler Pellorneum bicolor Pellorneidae (Ground Babblers and Allies)
0%
Ferruginous-backed Antbird Myrmoderus ferrugineus Thamnophilidae (Typical Antbirds)
0%
Ferruginous Flycatcher Muscicapa ferruginea Muscicapidae (Old World Flycatchers)
0%
Fiery-breasted Bushshrike Malaconotus cruentus Malaconotidae (Bushshrikes and Allies)
0%
Fiery-browed Myna Enodes erythrophris Sturnidae (Starlings)
0%
Fiery-capped Manakin Machaeropterus pyrocephalus Pipridae (Manakins)
0%
Fiery Minivet Pericrocotus igneus Campephagidae (Cuckooshrikes)
0%
Fiery-throated Fruiteater Pipreola chlorolepidota Cotingidae (Cotingas)
0%
Fiji Bush Warbler Horornis ruficapilla Scotocercidae (Bush Warblers and Allies)
0%
Fiji Parrotfinch Erythrura pealii Estrildidae (Waxbills and Allies)
0%
Fiji Shrikebill Clytorhynchus vitiensis Monarchidae (Monarch Flycatchers)
0%
Fiji Whistler Pachycephala vitiensis Pachycephalidae (Whistlers and Allies)
0%
Fiji Woodswallow Artamus mentalis Artamidae (Woodswallows, Bellmagpies, and Allies)
0%
Finch-billed Myna Scissirostrum dubium Sturnidae (Starlings)
0%
Finn's Weaver Ploceus megarhynchus Ploceidae (Weavers and Allies)
0%
Finsch's Bulbul Alophoixus finschii Pycnonotidae (Bulbuls)
0%
Finsch's Euphonia Euphonia finschi Fringillidae (Finches, Euphonias, and Allies)
0%
Finsch's Flycatcher-Thrush Neocossyphus finschi Turdidae (Thrushes and Allies)
0%
Finsch's Wheatear Oenanthe finschii Muscicapidae (Old World Flycatchers)
0%
Fire-capped Tit Cephalopyrus flammiceps Paridae (Tits, Chickadees, and Titmice)
0%
Fire-crested Alethe Alethe castanea Muscicapidae (Old World Flycatchers)
0%
Fire-eyed Diucon Pyrope pyrope Tyrannidae (Tyrant Flycatchers)
0%
Fire-fronted Bishop Euplectes diadematus Ploceidae (Weavers and Allies)
0%
Fire-fronted Serin Serinus pusillus Fringillidae (Finches, Euphonias, and Allies)
0%
Fire-maned Bowerbird Sericulus bakeri Ptilonorhynchidae (Bowerbirds)
0%
Fire-tailed Myzornis Myzornis pyrrhoura Sylviidae (Sylviid Warblers, Parrotbills, and Allies)
0%
Fire-tailed Sunbird Aethopyga ignicauda Nectariniidae (Sunbirds and Spiderhunters)
0%
Firethroat Calliope pectardens Muscicapidae (Old World Flycatchers)
0%
Firewood-gatherer Anumbius annumbi Furnariidae (Ovenbirds and Woodcreepers)
0%
Fiscal Flycatcher Melaenornis silens Muscicapidae (Old World Flycatchers)
0%
Fischer's Greenbul Phyllastrephus fischeri Pycnonotidae (Bulbuls)
0%
Fischer's Sparrow-Lark Eremopterix leucopareia Alaudidae (Larks)
0%
Fischer's Starling Lamprotornis fischeri Sturnidae (Starlings)
0%
Five-colored Munia Lonchura quinticolor Estrildidae (Waxbills and Allies)
0%
Flame-breasted Sunbird Cinnyris solaris Nectariniidae (Sunbirds and Spiderhunters)
0%
Flame-colored Tanager Piranga bidentata Cardinalidae (Cardinals and Allies)
0%
Flamecrest Regulus goodfellowi Regulidae (Kinglets)
0%
Flame-crested Tanager Loriotus cristatus Thraupidae (Tanagers and Allies)
0%
Flame-crowned Flowerpecker Dicaeum anthonyi Dicaeidae (Flowerpeckers)
0%
Flame-crowned Manakin Heterocercus linteatus Pipridae (Manakins)
0%
Flame-faced Tanager Tangara parzudakii Thraupidae (Tanagers and Allies)
0%
Flame-rumped Tanager Ramphocelus flammigerus Thraupidae (Tanagers and Allies)
0%
Flame-templed Babbler Dasycrotapha speciosa Zosteropidae (White-eyes, Yuhinas, and Allies)
0%
Flame-throated Bulbul Rubigula gularis Pycnonotidae (Bulbuls)
0%
Flame-throated Warbler Oreothlypis gutturalis Parulidae (New World Warblers)
0%
Flaming Sunbird Aethopyga flagrans Nectariniidae (Sunbirds and Spiderhunters)
0%
Flammulated Flycatcher Ramphotrigon flammulatum Tyrannidae (Tyrant Flycatchers)
0%
Flammulated Pygmy-Tyrant Hemitriccus flammulatus Tyrannidae (Tyrant Flycatchers)
0%
Flammulated Treehunter Thripadectes flammulatus Furnariidae (Ovenbirds and Woodcreepers)
0%
Flappet Lark Mirafra rufocinnamomea Alaudidae (Larks)
0%
Flat-billed Vireo Vireo nanus Vireonidae (Vireos, Shrike-Babblers, and Erpornis)
0%
Flavescent Bulbul Pycnonotus flavescens Pycnonotidae (Bulbuls)
0%
Flavescent Flycatcher Myiophobus flavicans Tyrannidae (Tyrant Flycatchers)
0%
Flavescent Warbler Myiothlypis flaveola Parulidae (New World Warblers)
0%
Floreana Mockingbird Mimus trifasciatus Mimidae (Mockingbirds and Thrashers)
0%
Flores Crow Corvus florensis Corvidae (Crows, Jays, and Magpies)
0%
Flores Jungle-Flycatcher Cyornis oscillans Muscicapidae (Old World Flycatchers)
0%
Flores Minivet Pericrocotus lansbergei Campephagidae (Cuckooshrikes)
0%
Flores Monarch Symposiachrus sacerdotum Monarchidae (Monarch Flycatchers)
0%
Flores White-eye Heleia crassirostris Zosteropidae (White-eyes, Yuhinas, and Allies)
0%
Fluffy-backed Tit-Babbler Macronus ptilosus Timaliidae (Tree-Babblers, Scimitar-Babblers, and Allies)
0%
Flutist Wren Microcerculus ustulatus Troglodytidae (Wrens)
0%
Fly River Grassbird Poodytes albolimbatus Locustellidae (Grassbirds and Allies)
0%
Foja Honeyeater Melipotes carolae Meliphagidae (Honeyeaters)
0%
Foothill Elaenia Myiopagis olallai Tyrannidae (Tyrant Flycatchers)
0%
Foothill Schiffornis Schiffornis aenea Tityridae (Tityras and Allies)
0%
Foothill Stipplethroat Epinecrophylla spodionota Thamnophilidae (Typical Antbirds)
0%
Forbes's Blackbird Anumara forbesi Icteridae (Troupials and Allies)
0%
Forest Canary Crithagra scotops Fringillidae (Finches, Euphonias, and Allies)
0%
Forest Double-collared Sunbird Cinnyris fuelleborni Nectariniidae (Sunbirds and Spiderhunters)
0%
Forest Elaenia Myiopagis gaimardii Tyrannidae (Tyrant Flycatchers)
0%
Forest Fody Foudia omissa Ploceidae (Weavers and Allies)
0%
Forest Honeyeater Microptilotis montanus Meliphagidae (Honeyeaters)
0%
Forest Penduline-Tit Anthoscopus flavifrons Remizidae (Penduline-Tits)
0%
Forest Robin Stiphrornis erythrothorax Muscicapidae (Old World Flycatchers)
0%
Forest Rock-Thrush Monticola sharpei Muscicapidae (Old World Flycatchers)
0%
Forest Scrub-Robin Cercotrichas leucosticta Muscicapidae (Old World Flycatchers)
0%
Forest Swallow Atronanus fuliginosus Hirundinidae (Swallows)
0%
Forest Thrush Turdus lherminieri Turdidae (Thrushes and Allies)
0%
Forest Wagtail Dendronanthus indicus Motacillidae (Wagtails and Pipits)
0%
Forest Weaver Ploceus bicolor Ploceidae (Weavers and Allies)
0%
Forest White-eye Zosterops stenocricotus Zosteropidae (White-eyes, Yuhinas, and Allies)
0%
Fork-tailed Drongo Dicrurus adsimilis Dicruridae (Drongos)
0%
Fork-tailed Pygmy-Tyrant Hemitriccus furcatus Tyrannidae (Tyrant Flycatchers)
0%
Fork-tailed Sunbird Aethopyga christinae Nectariniidae (Sunbirds and Spiderhunters)
0%
Forty-spotted Pardalote Pardalotus quadragintus Pardalotidae (Pardalotes)
0%
Four-colored Bushshrike Telophorus viridis Malaconotidae (Bushshrikes and Allies)
0%
Fox's Weaver Ploceus spekeoides Ploceidae (Weavers and Allies)
0%
Foxy Cisticola Cisticola troglodytes Cisticolidae (Cisticolas and Allies)
0%
Foxy Lark Calendulauda alopex Alaudidae (Larks)
0%
Fraser's Sunbird Deleornis fraseri Nectariniidae (Sunbirds and Spiderhunters)
0%
Freckle-breasted Thornbird Phacellodomus striaticollis Furnariidae (Ovenbirds and Woodcreepers)
0%
Friedmann's Lark Mirafra pulpa Alaudidae (Larks)
0%
Friendly Bush Warbler Locustella accentor Locustellidae (Grassbirds and Allies)
0%
Friendly Fantail Rhipidura albolimbata Rhipiduridae (Fantails)
0%
Frilled Monarch Arses telescopthalmus Monarchidae (Monarch Flycatchers)
0%
Fringe-backed Fire-eye Pyriglena atra Thamnophilidae (Typical Antbirds)
0%
Fruit-hunter Chlamydochaera jefferyi Turdidae (Thrushes and Allies)
0%
Fuerteventura Stonechat Saxicola dacotiae Muscicapidae (Old World Flycatchers)
0%
Fujian Niltava Niltava davidi Muscicapidae (Old World Flycatchers)
0%
Fülleborn's Boubou Laniarius fuelleborni Malaconotidae (Bushshrikes and Allies)
0%
Fülleborn's Longclaw Macronyx fuelleborni Motacillidae (Wagtails and Pipits)
0%
Fulvous Antshrike Frederickena fulva Thamnophilidae (Typical Antbirds)
0%
Fulvous-breasted Flatbill Rhynchocyclus fulvipectus Tyrannidae (Tyrant Flycatchers)
0%
Fulvous Chatterer Argya fulva Leiothrichidae (Laughingthrushes and Allies)
0%
Fulvous-chested Jungle-Flycatcher Cyornis olivaceus Muscicapidae (Old World Flycatchers)
0%
Fulvous-crested Tanager Tachyphonus surinamus Thraupidae (Tanagers and Allies)
0%
Fulvous-dotted Treerunner Margarornis stellatus Furnariidae (Ovenbirds and Woodcreepers)
0%
Fulvous-headed Brushfinch Atlapetes fulviceps Passerellidae (New World Sparrows)
0%
Fulvous-headed Pygmy-Tyrant Euscarthmus fulviceps Tyrannidae (Tyrant Flycatchers)
0%
Fulvous-headed Tanager Thlypopsis fulviceps Thraupidae (Tanagers and Allies)
0%
Fulvous Parrotbill Suthora fulvifrons Sylviidae (Sylviid Warblers, Parrotbills, and Allies)
0%
Fulvous Shrike-Tanager Lanio fulvus Thraupidae (Tanagers and Allies)
0%
Fulvous-vented Euphonia Euphonia fulvicrissa Fringillidae (Finches, Euphonias, and Allies)
0%
Fulvous Wren Cinnycerthia fulva Troglodytidae (Wrens)
0%
Furtive Flycatcher Ficedula disposita Muscicapidae (Old World Flycatchers)
0%
Fuscous Flycatcher Cnemotriccus fuscatus Tyrannidae (Tyrant Flycatchers)
0%
Gabela Akalat Sheppardia gabela Muscicapidae (Old World Flycatchers)
0%
Gabela Bushshrike Laniarius amboimensis Malaconotidae (Bushshrikes and Allies)
0%
Gabon Boubou Laniarius bicolor Malaconotidae (Bushshrikes and Allies)
0%
Galapagos Flycatcher Myiarchus magnirostris Tyrannidae (Tyrant Flycatchers)
0%
Galapagos Martin Progne modesta Hirundinidae (Swallows)
0%
Galapagos Mockingbird Mimus parvulus Mimidae (Mockingbirds and Thrashers)
0%
Gambaga Flycatcher Muscicapa gambagae Muscicapidae (Old World Flycatchers)
0%
Ganongga White-eye Zosterops splendidus Zosteropidae (White-eyes, Yuhinas, and Allies)
0%
Gansu Leaf Warbler Phylloscopus kansuensis Phylloscopidae (Leaf Warblers)
0%
Garnet Pitta Erythropitta granatina Pittidae (Pittas)
0%
Garnet Robin Eugerygone rubra Petroicidae (Australasian Robins)
0%
Genovesa Cactus-Finch Geospiza propinqua Thraupidae (Tanagers and Allies)
0%
Genovesa Ground-Finch Geospiza acutirostris Thraupidae (Tanagers and Allies)
0%
Geomalia Zoothera heinrichi Turdidae (Thrushes and Allies)
0%
Ghana Cuckooshrike Lobotos lobatus Campephagidae (Cuckooshrikes)
0%
Giant Antshrike Batara cinerea Thamnophilidae (Typical Antbirds)
0%
Giant Babax Pterorhinus waddelli Leiothrichidae (Laughingthrushes and Allies)
0%
Giant Conebill Conirostrum binghami Thraupidae (Tanagers and Allies)
0%
Giant Cowbird Molothrus oryzivorus Icteridae (Troupials and Allies)
0%
Giant Kingbird Tyrannus cubensis Tyrannidae (Tyrant Flycatchers)
0%
Giant Laughingthrush Ianthocincla maxima Leiothrichidae (Laughingthrushes and Allies)
0%
Giant Nuthatch Sitta magna Sittidae (Nuthatches)
0%
Giant Pitta Hydrornis caeruleus Pittidae (Pittas)
0%
Giant Shrike Lanius giganteus Laniidae (Shrikes)
0%
Giant Weaver Ploceus grandis Ploceidae (Weavers and Allies)
0%
Giant White-eye Megazosterops palauensis Zosteropidae (White-eyes, Yuhinas, and Allies)
0%
Giant Wren Campylorhynchus chiapensis Troglodytidae (Wrens)
0%
Gillett's Lark Mirafra gilletti Alaudidae (Larks)
0%
Glacier Finch Idiopsar speculifer Thraupidae (Tanagers and Allies)
0%
Glaucous-blue Grosbeak Cyanoloxia glaucocaerulea Cardinalidae (Cardinals and Allies)
0%
Glaucous Tanager Thraupis glaucocolpa Thraupidae (Tanagers and Allies)
0%
Glistening-green Tanager Chlorochrysa phoenicotis Thraupidae (Tanagers and Allies)
0%
Glossy Antshrike Sakesphorus luctuosus Thamnophilidae (Typical Antbirds)
0%
Glossy-backed Becard Pachyramphus surinamus Tityridae (Tityras and Allies)
0%
Glossy-backed Drongo Dicrurus divaricatus Dicruridae (Drongos)
0%
Glossy-black Thrush Turdus serranus Turdidae (Thrushes and Allies)
0%
Glossy Flowerpiercer Diglossa lafresnayii Thraupidae (Tanagers and Allies)
0%
Glossy-mantled Manucode Manucodia ater Paradisaeidae (Birds-of-Paradise)
0%
Godlewski's Bunting Emberiza godlewskii Emberizidae (Old World Buntings)
0%
Goeldi's Antbird Akletos goeldii Thamnophilidae (Typical Antbirds)
0%
Golden Babbler Cyanoderma chrysaeum Timaliidae (Tree-Babblers, Scimitar-Babblers, and Allies)
0%
Golden-backed Bishop Euplectes aureus Ploceidae (Weavers and Allies)
0%
Golden-backed Mountain Tanager Cnemathraupis aureodorsalis Thraupidae (Tanagers and Allies)
0%
Golden-backed Weaver Ploceus jacksoni Ploceidae (Weavers and Allies)
0%
Golden-backed Whistler Pachycephala aurea Pachycephalidae (Whistlers and Allies)
0%
Golden-bellied Euphonia Euphonia chrysopasta Fringillidae (Finches, Euphonias, and Allies)
0%
Golden-bellied Flycatcher Myiodynastes hemichrysus Tyrannidae (Tyrant Flycatchers)
0%
Golden-bellied Flyrobin Microeca hemixantha Petroicidae (Australasian Robins)
0%
Golden-bellied Gerygone Gerygone sulphurea Acanthizidae (Thornbills and Allies)
0%
Golden-bellied Warbler Myiothlypis chrysogaster Parulidae (New World Warblers)
0%
Golden-billed Saltator Saltator aurantiirostris Thraupidae (Tanagers and Allies)
0%
Golden-breasted Bunting Emberiza flaviventris Emberizidae (Old World Buntings)
0%
Golden-breasted Fruiteater Pipreola aureopectus Cotingidae (Cotingas)
0%
Golden-breasted Fulvetta Lioparus chrysotis Sylviidae (Sylviid Warblers, Parrotbills, and Allies)
0%
Golden-breasted Starling Lamprotornis regius Sturnidae (Starlings)
0%
Golden-browed Chat-Tyrant Ochthoeca pulchella Tyrannidae (Tyrant Flycatchers)
0%
Golden-browed Chlorophonia Chlorophonia callophrys Fringillidae (Finches, Euphonias, and Allies)
0%
Golden-browed Warbler Basileuterus belli Parulidae (New World Warblers)
0%
Golden Bush-Robin Tarsiger chrysaeus Muscicapidae (Old World Flycatchers)
0%
Golden-cheeked Warbler Setophaga chrysoparia Parulidae (New World Warblers)
0%
Golden-chested Tanager Bangsia rothschildi Thraupidae (Tanagers and Allies)
0%
Golden-chevroned Tanager Thraupis ornata Thraupidae (Tanagers and Allies)
0%
Golden-collared Honeycreeper Iridophanes pulcherrimus Thraupidae (Tanagers and Allies)
0%
Golden-collared Manakin Manacus vitellinus Pipridae (Manakins)
0%
Golden-collared Tanager Iridosornis jelskii Thraupidae (Tanagers and Allies)
0%
Golden-crested Myna Ampeliceps coronatus Sturnidae (Starlings)
0%
Golden-crowned Babbler Sterrhoptilus dennistouni Zosteropidae (White-eyes, Yuhinas, and Allies)
0%
Golden-crowned Flycatcher Myiodynastes chrysocephalus Tyrannidae (Tyrant Flycatchers)
0%
Golden-crowned Manakin Lepidothrix vilasboasi Pipridae (Manakins)
0%
Golden-crowned Spadebill Platyrinchus coronatus Tyrannidae (Tyrant Flycatchers)
0%
Golden-crowned Tanager Iridosornis rufivertex Thraupidae (Tanagers and Allies)
0%
Golden-crowned Warbler Basileuterus culicivorus Parulidae (New World Warblers)
0%
Golden Cuckooshrike Campochaera sloetii Campephagidae (Cuckooshrikes)
0%
Golden-eared Tanager Tangara chrysotis Thraupidae (Tanagers and Allies)
0%
Goldenface Pachycare flavogriseum Acanthizidae (Thornbills and Allies)
0%
Golden-faced Tyrannulet Zimmerius chrysops Tyrannidae (Tyrant Flycatchers)
0%
Golden-fronted Bowerbird Amblyornis flavifrons Ptilonorhynchidae (Bowerbirds)
0%
Golden-fronted Greenlet Pachysylvia aurantiifrons Vireonidae (Vireos, Shrike-Babblers, and Erpornis)
0%
Golden-fronted Leafbird Chloropsis aurifrons Chloropseidae (Leafbirds)
0%
Golden-fronted Redstart Myioborus ornatus Parulidae (New World Warblers)
0%
Golden Greenbul Calyptocichla serinus Pycnonotidae (Bulbuls)
0%
Golden Grosbeak Pheucticus chrysogaster Cardinalidae (Cardinals and Allies)
0%
Golden-headed Manakin Ceratopipra erythrocephala Pipridae (Manakins)
0%
Golden-hooded Tanager Stilpnia larvata Thraupidae (Tanagers and Allies)
0%
Golden Monarch Carterornis chrysomela Monarchidae (Monarch Flycatchers)
0%
Golden Myna Mino anais Sturnidae (Starlings)
0%
Golden-naped Tanager Chalcothraupis ruficervix Thraupidae (Tanagers and Allies)
0%
Golden-naped Weaver Ploceus aureonucha Ploceidae (Weavers and Allies)
0%
Golden Palm Weaver Ploceus bojeri Ploceidae (Weavers and Allies)
0%
Golden Parrotbill Suthora verreauxi Sylviidae (Sylviid Warblers, Parrotbills, and Allies)
0%
Golden Pipit Tmetothylacus tenellus Motacillidae (Wagtails and Pipits)
0%
Golden-rumped Euphonia Chlorophonia cyanocephala Fringillidae (Finches, Euphonias, and Allies)
0%
Golden-rumped Flowerpecker Dicaeum annae Dicaeidae (Flowerpeckers)
0%
Golden-sided Euphonia Euphonia cayennensis Fringillidae (Finches, Euphonias, and Allies)
0%
Golden Swallow Tachycineta euchrysea Hirundinidae (Swallows)
0%
Golden Tanager Tangara arthus Thraupidae (Tanagers and Allies)
0%
Golden-tufted Grackle Macroagelaius imthurni Icteridae (Troupials and Allies)
0%
Golden Vireo Vireo hypochryseus Vireonidae (Vireos, Shrike-Babblers, and Erpornis)
0%
Golden White-eye Cleptornis marchei Zosteropidae (White-eyes, Yuhinas, and Allies)
0%
Golden-winged Cacique Cacicus chrysopterus Icteridae (Troupials and Allies)
0%
Golden-winged Laughingthrush Trochalopteron ngoclinhense Leiothrichidae (Laughingthrushes and Allies)
0%
Golden-winged Manakin Masius chrysopterus Pipridae (Manakins)
0%
Golden-winged Sparrow Arremon schlegeli Passerellidae (New World Sparrows)
0%
Golden-winged Sunbird Drepanorhynchus reichenowi Nectariniidae (Sunbirds and Spiderhunters)
0%
Golden-winged Tody-Flycatcher Poecilotriccus calopterus Tyrannidae (Tyrant Flycatchers)
0%
Gold-fronted Fulvetta Schoeniparus variegaticeps Pellorneidae (Ground Babblers and Allies)
0%
Gold-naped Finch Pyrrhoplectes epauletta Fringillidae (Finches, Euphonias, and Allies)
0%
Gold-ringed Tanager Bangsia aureocincta Thraupidae (Tanagers and Allies)
0%
Gosling's Apalis Apalis goslingi Cisticolidae (Cisticolas and Allies)
0%
Gosling's Bunting Emberiza goslingi Emberizidae (Old World Buntings)
0%
Gough Island Finch Rowettia goughensis Thraupidae (Tanagers and Allies)
0%
Gould's Shortwing Brachypteryx stellata Muscicapidae (Old World Flycatchers)
0%
Graceful Pitta Erythropitta venusta Pittidae (Pittas)
0%
Graceful Prinia Prinia gracilis Cisticolidae (Cisticolas and Allies)
0%
Gran Canaria Blue Chaffinch Fringilla polatzeki Fringillidae (Finches, Euphonias, and Allies)
0%
Grandala Grandala coelicolor Turdidae (Thrushes and Allies)
0%
Grand Cayman Thrush Turdus ravidus Turdidae (Thrushes and Allies)
0%
Grand Comoro Brush-Warbler Nesillas brevicaudata Acrocephalidae (Reed Warblers and Allies)
0%
Grand Comoro Bulbul Hypsipetes parvirostris Pycnonotidae (Bulbuls)
0%
Grand Comoro Flycatcher Humblotia flavirostris Muscicapidae (Old World Flycatchers)
0%
Grand Munia Lonchura grandis Estrildidae (Waxbills and Allies)
0%
Grant's Bluebill Spermophaga poliogenys Estrildidae (Waxbills and Allies)
0%
Grass-green Tanager Chlorornis riefferii Thraupidae (Tanagers and Allies)
0%
Grassland Sparrow Ammodramus humeralis Passerellidae (New World Sparrows)
0%
Grassland Yellow-Finch Sicalis luteola Thraupidae (Tanagers and Allies)
0%
Grass Wren Cistothorus platensis Troglodytidae (Wrens)
0%
Grauer's Broadbill Pseudocalyptomena graueri Eurylaimidae (Asian and Grauer's Broadbills)
0%
Grauer's Cuckooshrike Coracina graueri Campephagidae (Cuckooshrikes)
0%
Grauer's Swamp Warbler Bradypterus graueri Locustellidae (Grassbirds and Allies)
0%
Grauer's Warbler Graueria vittata Macrosphenidae (African Warblers)
0%
Gray-and-gold Tanager Poecilostreptus palmeri Thraupidae (Tanagers and Allies)
0%
Gray-and-gold Warbler Myiothlypis fraseri Parulidae (New World Warblers)
0%
Gray-and-white Tyrannulet Pseudelaenia leucospodia Tyrannidae (Tyrant Flycatchers)
0%
Gray Antbird Cercomacra cinerascens Thamnophilidae (Typical Antbirds)
0%
Gray Antwren Myrmotherula menetriesii Thamnophilidae (Typical Antbirds)
0%
Gray Apalis Apalis cinerea Cisticolidae (Cisticolas and Allies)
0%
Gray-backed Fiscal Lanius excubitoroides Laniidae (Shrikes)
0%
Gray-backed Shrike Lanius tephronotus Laniidae (Shrikes)
0%
Gray-backed Sparrow-Lark Eremopterix verticalis Alaudidae (Larks)
0%
Gray-backed Tachuri Polystictus superciliaris Tyrannidae (Tyrant Flycatchers)
0%
Gray-backed Tailorbird Orthotomus derbianus Cisticolidae (Cisticolas and Allies)
0%
Gray-backed Thrush Turdus hortulorum Turdidae (Thrushes and Allies)
0%
Gray-banded Munia Lonchura vana Estrildidae (Waxbills and Allies)
0%
Gray-barred Wren Campylorhynchus megalopterus Troglodytidae (Wrens)
0%
Gray-bellied Antbird Ammonastes pelzelni Thamnophilidae (Typical Antbirds)
0%
Gray-bellied Bulbul Rubigula cyaniventris Pycnonotidae (Bulbuls)
0%
Gray-bellied Flowerpiercer Diglossa carbonaria Thraupidae (Tanagers and Allies)
0%
Gray-bellied Shrike-Tyrant Agriornis micropterus Tyrannidae (Tyrant Flycatchers)
0%
Gray-bellied Spinetail Synallaxis cinerascens Furnariidae (Ovenbirds and Woodcreepers)
0%
Gray-bellied Tesia Tesia cyaniventer Scotocercidae (Bush Warblers and Allies)
0%
Gray-bellied Wren-Babbler Spelaeornis reptatus Timaliidae (Tree-Babblers, Scimitar-Babblers, and Allies)
0%
Gray-breasted Babbler Malacopteron albogulare Pellorneidae (Ground Babblers and Allies)
0%
Gray-breasted Flycatcher Lathrotriccus griseipectus Tyrannidae (Tyrant Flycatchers)
0%
Gray-breasted Martin Progne chalybea Hirundinidae (Swallows)
0%
Gray-breasted Prinia Prinia hodgsonii Cisticolidae (Cisticolas and Allies)
0%
Gray-breasted Spiderhunter Arachnothera modesta Nectariniidae (Sunbirds and Spiderhunters)
0%
Gray-breasted Wood-Wren Henicorhina leucophrys Troglodytidae (Wrens)
0%
Gray-browed Brushfinch Arremon assimilis Passerellidae (New World Sparrows)
0%
Gray Bunting Emberiza variabilis Emberizidae (Old World Buntings)
0%
Gray Bushchat Saxicola ferreus Muscicapidae (Old World Flycatchers)
0%
Gray Butcherbird Cracticus torquatus Artamidae (Woodswallows, Bellmagpies, and Allies)
0%
Gray-capped Flycatcher Myiozetetes granadensis Tyrannidae (Tyrant Flycatchers)
0%
Gray-capped Hemispingus Kleinothraupis reyi Thraupidae (Tanagers and Allies)
0%
Gray-capped Tyrannulet Phyllomyias griseocapilla Tyrannidae (Tyrant Flycatchers)
0%
Gray-capped Warbler Eminia lepida Cisticolidae (Cisticolas and Allies)
0%
Gray-cheeked Bulbul Alophoixus tephrogenys Pycnonotidae (Bulbuls)
0%
Gray-cheeked Tit-Babbler Mixornis flavicollis Timaliidae (Tree-Babblers, Scimitar-Babblers, and Allies)
0%
Gray-cheeked Warbler Phylloscopus poliogenys Phylloscopidae (Leaf Warblers)
0%
Gray-chested Babbler Kakamega poliothorax Modulatricidae (Dapple-throat and Allies)
0%
Gray-chested Greenlet Hylophilus semicinereus Vireonidae (Vireos, Shrike-Babblers, and Erpornis)
0%
Gray-chested Jungle-Flycatcher Cyornis umbratilis Muscicapidae (Old World Flycatchers)
0%
Gray-chinned Minivet Pericrocotus solaris Campephagidae (Cuckooshrikes)
0%
Gray-collared Becard Pachyramphus major Tityridae (Tityras and Allies)
0%
Gray-crested Finch Lophospingus griseocristatus Thraupidae (Tanagers and Allies)
0%
Gray-crested Helmetshrike Prionops poliolophus Vangidae (Vangas, Helmetshrikes, and Allies)
0%
Gray-crested Tit Lophophanes dichrous Paridae (Tits, Chickadees, and Titmice)
0%
Gray-crowned Crocias Laniellus langbianis Leiothrichidae (Laughingthrushes and Allies)
0%
Gray-crowned Flycatcher Tolmomyias poliocephalus Tyrannidae (Tyrant Flycatchers)
0%
Gray-crowned Munia Lonchura nevermanni Estrildidae (Waxbills and Allies)
0%
Gray-crowned Palm-Tanager Phaenicophilus poliocephalus Phaenicophilidae (Hispaniolan Tanagers)
0%
Gray-crowned Prinia Prinia cinereocapilla Cisticolidae (Cisticolas and Allies)
0%
Gray-crowned Rosy-Finch Leucosticte tephrocotis Fringillidae (Finches, Euphonias, and Allies)
0%
Gray-crowned Tetraka Xanthomixis cinereiceps Bernieridae (Malagasy Warblers)
0%
Gray-crowned Warbler Phylloscopus tephrocephalus Phylloscopidae (Leaf Warblers)
0%
Gray-crowned Yellowthroat Geothlypis poliocephala Parulidae (New World Warblers)
0%
Gray Cuckooshrike Coracina caesia Campephagidae (Cuckooshrikes)
0%
Gray Elaenia Myiopagis caniceps Tyrannidae (Tyrant Flycatchers)
0%
Gray Emutail Bradypterus seebohmi Locustellidae (Grassbirds and Allies)
0%
Gray-eyed Bulbul Iole propinqua Pycnonotidae (Bulbuls)
0%
Gray-eyed Greenlet Hylophilus amaurocephalus Vireonidae (Vireos, Shrike-Babblers, and Erpornis)
0%
Gray-faced Liocichla Liocichla omeiensis Leiothrichidae (Laughingthrushes and Allies)
0%
Gray-faced Tit-Babbler Mixornis kelleyi Timaliidae (Tree-Babblers, Scimitar-Babblers, and Allies)
0%
Gray-flanked Cinclodes Cinclodes oustaleti Furnariidae (Ovenbirds and Woodcreepers)
0%
Gray Friarbird Philemon kisserensis Meliphagidae (Honeyeaters)
0%
Gray Greenbul Eurillas gracilis Pycnonotidae (Bulbuls)
0%
Gray-green Bushshrike Telophorus bocagei Malaconotidae (Bushshrikes and Allies)
0%
Gray-green Scrubwren Sericornis arfakianus Acanthizidae (Thornbills and Allies)
0%
Gray Ground-Thrush Geokichla princei Turdidae (Thrushes and Allies)
0%
Gray-headed Antbird Ampelornis griseiceps Thamnophilidae (Typical Antbirds)
0%
Gray-headed Babbler Stachyris poliocephala Timaliidae (Tree-Babblers, Scimitar-Babblers, and Allies)
0%
Gray-headed Batis Batis orientalis Platysteiridae (Wattle-eyes and Batises)
0%
Gray-headed Bristlebill Bleda canicapillus Pycnonotidae (Bulbuls)
0%
Gray-headed Broadbill Smithornis sharpei Calyptomenidae (African and Green Broadbills)
0%
Gray-headed Bulbul Brachypodius priocephalus Pycnonotidae (Bulbuls)
0%
Gray-headed Bullfinch Pyrrhula erythaca Fringillidae (Finches, Euphonias, and Allies)
0%
Gray-headed Bushshrike Malaconotus blanchoti Malaconotidae (Bushshrikes and Allies)
0%
Gray-headed Canary-Flycatcher Culicicapa ceylonensis Stenostiridae (Fairy Flycatchers)
0%
Gray-headed Cicadabird Edolisoma schisticeps Campephagidae (Cuckooshrikes)
0%
Gray-headed Greenbul Phyllastrephus poliocephalus Pycnonotidae (Bulbuls)
0%
Gray-headed Munia Lonchura caniceps Estrildidae (Waxbills and Allies)
0%
Gray-headed Nigrita Nigrita canicapillus Estrildidae (Waxbills and Allies)
0%
Gray-headed Oliveback Delacourella capistrata Estrildidae (Waxbills and Allies)
0%
Gray-headed Parrotbill Psittiparus gularis Sylviidae (Sylviid Warblers, Parrotbills, and Allies)
0%
Gray-headed Piprites Piprites griseiceps Tyrannidae (Tyrant Flycatchers)
0%
Gray-headed Silverbill Spermestes griseicapilla Estrildidae (Waxbills and Allies)
0%
Gray-headed Social-Weaver Pseudonigrita arnaudi Ploceidae (Weavers and Allies)
0%
Gray-headed Spinetail Cranioleuca semicinerea Furnariidae (Ovenbirds and Woodcreepers)
0%
Gray-headed Sunbird Deleornis axillaris Nectariniidae (Sunbirds and Spiderhunters)
0%
Gray-headed Tanager Eucometis penicillata Thraupidae (Tanagers and Allies)
0%
Gray-headed Tody-Flycatcher Todirostrum poliocephalum Tyrannidae (Tyrant Flycatchers)
0%
Gray-headed Warbler Basileuterus griseiceps Parulidae (New World Warblers)
0%
Gray-hooded Attila Attila rufus Tyrannidae (Tyrant Flycatchers)
0%
Gray-hooded Bush Tanager Cnemoscopus rubrirostris Thraupidae (Tanagers and Allies)
0%
Gray-hooded Flycatcher Mionectes rufiventris Tyrannidae (Tyrant Flycatchers)
0%
Gray-hooded Fulvetta Fulvetta cinereiceps Sylviidae (Sylviid Warblers, Parrotbills, and Allies)
0%
Gray-hooded Parrotbill Sinosuthora zappeyi Sylviidae (Sylviid Warblers, Parrotbills, and Allies)
0%
Gray-hooded Sierra Finch Phrygilus gayi Thraupidae (Tanagers and Allies)
0%
Gray-hooded Sunbird Aethopyga primigenia Nectariniidae (Sunbirds and Spiderhunters)
0%
Gray-hooded Warbler Phylloscopus xanthoschistos Phylloscopidae (Leaf Warblers)
0%
Gray-hooded White-eye Heleia pinaiae Zosteropidae (White-eyes, Yuhinas, and Allies)
0%
Grayish Baywing Agelaioides badius Icteridae (Troupials and Allies)
0%
Grayish Miner Geositta maritima Furnariidae (Ovenbirds and Woodcreepers)
0%
Grayish Mourner Rhytipterna simplex Tyrannidae (Tyrant Flycatchers)
0%
Gray Kingbird Tyrannus dominicensis Tyrannidae (Tyrant Flycatchers)
0%
Gray Laughingthrush Garrulax maesi Leiothrichidae (Laughingthrushes and Allies)
0%
Gray Longbill Macrosphenus concolor Macrosphenidae (African Warblers)
0%
Gray-mantled Wren Odontorchilus branickii Troglodytidae (Wrens)
0%
Gray Monjita Nengetus cinereus Tyrannidae (Tyrant Flycatchers)
0%
Gray-naped Antpitta Grallaria griseonucha Grallariidae (Antpittas)
0%
Gray-necked Bunting Emberiza buchanani Emberizidae (Old World Buntings)
0%
Gray-necked Rockfowl Picathartes oreas Picathartidae (Rockfowl)
0%
Gray-olive Greenbul Phyllastrephus cerviniventris Pycnonotidae (Bulbuls)
0%
Gray-rumped Swallow Pseudhirundo griseopyga Hirundinidae (Swallows)
0%
Gray Seedeater Sporophila intermedia Thraupidae (Tanagers and Allies)
0%
Gray's Grasshopper Warbler Helopsaltes fasciolatus Locustellidae (Grassbirds and Allies)
0%
Gray Sibia Heterophasia gracilis Leiothrichidae (Laughingthrushes and Allies)
0%
Gray-sided Bush Warbler Cettia brunnifrons Scotocercidae (Bush Warblers and Allies)
0%
Gray-sided Flowerpecker Dicaeum celebicum Dicaeidae (Flowerpeckers)
0%
Gray-sided Laughingthrush Pterorhinus caerulatus Leiothrichidae (Laughingthrushes and Allies)
0%
Gray-sided Scimitar-Babbler Erythrogenys swinhoei Timaliidae (Tree-Babblers, Scimitar-Babblers, and Allies)
0%
Gray-sided Thrush Turdus feae Turdidae (Thrushes and Allies)
0%
Gray Silky-flycatcher Ptiliogonys cinereus Ptiliogonatidae (Silky-flycatchers)
0%
Gray's Lark Ammomanopsis grayi Alaudidae (Larks)
0%
Gray-streaked Flycatcher Muscicapa griseisticta Muscicapidae (Old World Flycatchers)
0%
Gray-streaked Honeyeater Ptiloprora perstriata Meliphagidae (Honeyeaters)
0%
Gray-tailed Piha Snowornis subalaris Cotingidae (Cotingas)
0%
Gray Thornbill Acanthiza cinerea Acanthizidae (Thornbills and Allies)
0%
Gray Thrasher Toxostoma cinereum Mimidae (Mockingbirds and Thrashers)
0%
Gray-throated Babbler Stachyris nigriceps Timaliidae (Tree-Babblers, Scimitar-Babblers, and Allies)
0%
Gray-throated Bulbul Alophoixus frater Pycnonotidae (Bulbuls)
0%
Gray-throated Chat Granatellus sallaei Cardinalidae (Cardinals and Allies)
0%
Gray-throated Leaftosser Sclerurus albigularis Furnariidae (Ovenbirds and Woodcreepers)
0%
Gray-throated Martin Riparia chinensis Hirundinidae (Swallows)
0%
Gray-throated Sunbird Anthreptes griseigularis Nectariniidae (Sunbirds and Spiderhunters)
0%
Gray-throated Tit-Flycatcher Fraseria griseigularis Muscicapidae (Old World Flycatchers)
0%
Gray-throated Warbler Myiothlypis cinereicollis Parulidae (New World Warblers)
0%
Gray-throated Warbling Finch Microspingus cabanisi Thraupidae (Tanagers and Allies)
0%
Gray-throated White-eye Zosterops rendovae Zosteropidae (White-eyes, Yuhinas, and Allies)
0%
Gray Tit-Flycatcher Fraseria plumbea Muscicapidae (Old World Flycatchers)
0%
Gray Treepie Dendrocitta formosae Corvidae (Crows, Jays, and Magpies)
0%
Gray Trembler Cinclocerthia gutturalis Mimidae (Mockingbirds and Thrashers)
0%
Gray Warbler-Finch Certhidea fusca Thraupidae (Tanagers and Allies)
0%
Gray-winged Blackbird Turdus boulboul Turdidae (Thrushes and Allies)
0%
Gray-winged Cotinga Lipaugus conditus Cotingidae (Cotingas)
0%
Gray-winged Inca-Finch Incaspiza ortizi Thraupidae (Tanagers and Allies)
0%
Gray-winged Robin-Chat Cossypha polioptera Muscicapidae (Old World Flycatchers)
0%
Gray Wren Cantorchilus griseus Troglodytidae (Wrens)
0%
Gray Wren-Warbler Calamonastes simplex Cisticolidae (Cisticolas and Allies)
0%
Great Antpitta Grallaria excelsa Grallariidae (Antpittas)
0%
Great Antshrike Taraba major Thamnophilidae (Typical Antbirds)
0%
Great-billed Seed-Finch Sporophila maximiliani Thraupidae (Tanagers and Allies)
0%
Great Crested Flycatcher Myiarchus crinitus Tyrannidae (Tyrant Flycatchers)
0%
Great Elaenia Elaenia dayi Tyrannidae (Tyrant Flycatchers)
0%
Greater Amakihi Viridonia sagittirostris Fringillidae (Finches, Euphonias, and Allies)
0%
Greater Antillean Bullfinch Melopyrrha violacea Thraupidae (Tanagers and Allies)
0%
Greater Antillean Elaenia Elaenia fallax Tyrannidae (Tyrant Flycatchers)
0%
Greater Antillean Grackle Quiscalus niger Icteridae (Troupials and Allies)
0%
Greater Blue-eared Starling Lamprotornis chalybaeus Sturnidae (Starlings)
0%
Greater Double-collared Sunbird Cinnyris afer Nectariniidae (Sunbirds and Spiderhunters)
0%
Greater Flowerpiercer Diglossa major Thraupidae (Tanagers and Allies)
0%
Greater Green Leafbird Chloropsis sonnerati Chloropseidae (Leafbirds)
0%
Greater Ground-Robin Amalocichla sclateriana Petroicidae (Australasian Robins)
0%
Greater Hoopoe-Lark Alaemon alaudipes Alaudidae (Larks)
0%
Greater Koa-Finch Rhodacanthis palmeri Fringillidae (Finches, Euphonias, and Allies)
0%
Greater Lophorina Lophorina superba Paradisaeidae (Birds-of-Paradise)
0%
Greater Necklaced Laughingthrush Pterorhinus pectoralis Leiothrichidae (Laughingthrushes and Allies)
0%
Greater Pewee Contopus pertinax Tyrannidae (Tyrant Flycatchers)
0%
Greater Racket-tailed Drongo Dicrurus paradiseus Dicruridae (Drongos)
0%
Greater Scythebill Drymotoxeres pucheranii Furnariidae (Ovenbirds and Woodcreepers)
0%
Greater Short-toed Lark Calandrella brachydactyla Alaudidae (Larks)
0%
Greater Striped Swallow Cecropis cucullata Hirundinidae (Swallows)
0%
Greater Swamp Warbler Acrocephalus rufescens Acrocephalidae (Reed Warblers and Allies)
0%
Greater Thornbird Phacellodomus ruber Furnariidae (Ovenbirds and Woodcreepers)
0%
Greater Wagtail-Tyrant Stigmatura budytoides Tyrannidae (Tyrant Flycatchers)
0%
Greater Whitethroat Curruca communis Sylviidae (Sylviid Warblers, Parrotbills, and Allies)
0%
Greater Yellow-Finch Sicalis auriventris Thraupidae (Tanagers and Allies)
0%
Great Gray Shrike Lanius excubitor Laniidae (Shrikes)
0%
Great Inca-Finch Incaspiza pulchra Thraupidae (Tanagers and Allies)
0%
Great Iora Aegithina lafresnayei Aegithinidae (Ioras)
0%
Great Kai White-eye Zosterops grayi Zosteropidae (White-eyes, Yuhinas, and Allies)
0%
Great Kiskadee Pitangus sulphuratus Tyrannidae (Tyrant Flycatchers)
0%
Great Myna Acridotheres grandis Sturnidae (Starlings)
0%
Great Pampa-Finch Embernagra platensis Thraupidae (Tanagers and Allies)
0%
Great Parrotbill Conostoma aemodium Sylviidae (Sylviid Warblers, Parrotbills, and Allies)
0%
Great Rosefinch Carpodacus rubicilla Fringillidae (Finches, Euphonias, and Allies)
0%
Great Rufous Sparrow Passer motitensis Passeridae (Old World Sparrows)
0%
Great Rufous Woodcreeper Xiphocolaptes major Furnariidae (Ovenbirds and Woodcreepers)
0%
Great Shortwing Heinrichia calligyna Muscicapidae (Old World Flycatchers)
0%
Great Shrike-Tyrant Agriornis lividus Tyrannidae (Tyrant Flycatchers)
0%
Great Spinetail Synallaxis hypochondriaca Furnariidae (Ovenbirds and Woodcreepers)
0%
Great Thrush Turdus fuscater Turdidae (Thrushes and Allies)
0%
Great Woodswallow Artamus maximus Artamidae (Woodswallows, Bellmagpies, and Allies)
0%
Great Xenops Megaxenops parnaguae Furnariidae (Ovenbirds and Woodcreepers)
0%
Green-and-black Fruiteater Pipreola riefferii Cotingidae (Cotingas)
0%
Green-and-gold Tanager Tangara schrankii Thraupidae (Tanagers and Allies)
0%
Green Avadavat Amandava formosa Estrildidae (Waxbills and Allies)
0%
Green-backed Becard Pachyramphus viridis Tityridae (Tityras and Allies)
0%
Green-backed Camaroptera Camaroptera brachyura Cisticolidae (Cisticolas and Allies)
0%
Green-backed Eremomela Eremomela canescens Cisticolidae (Cisticolas and Allies)
0%
Green-backed Flycatcher Ficedula elisae Muscicapidae (Old World Flycatchers)
0%
Green-backed Robin Pachycephalopsis hattamensis Petroicidae (Australasian Robins)
0%
Green-backed Sparrow Arremonops chloronotus Passerellidae (New World Sparrows)
0%
Green-backed Tailorbird Orthotomus chloronotus Cisticolidae (Cisticolas and Allies)
0%
Green-backed Tit Parus monticolus Paridae (Tits, Chickadees, and Titmice)
0%
Green-backed Twinspot Mandingoa nitidula Estrildidae (Waxbills and Allies)
0%
Green-backed Whistler Pachycephala albiventris Pachycephalidae (Whistlers and Allies)
0%
Green-backed White-eye Zosterops xanthochroa Zosteropidae (White-eyes, Yuhinas, and Allies)
0%
Green-breasted Bushshrike Malaconotus gladiator Malaconotidae (Bushshrikes and Allies)
0%
Green-breasted Pitta Pitta reichenowi Pittidae (Pittas)
0%
Greencap Eremomela Eremomela scotops Cisticolidae (Cisticolas and Allies)
0%
Green-capped Tanager Stilpnia meyerdeschauenseei Thraupidae (Tanagers and Allies)
0%
Green Cochoa Cochoa viridis Turdidae (Thrushes and Allies)
0%
Green Crombec Sylvietta virens Macrosphenidae (African Warblers)
0%
Green-crowned Warbler Phylloscopus burkii Phylloscopidae (Leaf Warblers)
0%
Green Figbird Sphecotheres viridis Oriolidae (Old World Orioles)
0%
Green-headed Oriole Oriolus chlorocephalus Oriolidae (Old World Orioles)
0%
Green-headed Sunbird Cyanomitra verticalis Nectariniidae (Sunbirds and Spiderhunters)
0%
Green-headed Tanager Tangara seledon Thraupidae (Tanagers and Allies)
0%
Green Honeycreeper Chlorophanes spiza Thraupidae (Tanagers and Allies)
0%
Green Hylia Hylia prasina Macrosphenidae (African Warblers)
0%
Green Indigobird Vidua codringtoni Viduidae (Indigobirds)
0%
Green Iora Aegithina viridissima Aegithinidae (Ioras)
0%
Greenish Elaenia Myiopagis viridicata Tyrannidae (Tyrant Flycatchers)
0%
Greenish Schiffornis Schiffornis virescens Tityridae (Tityras and Allies)
0%
Greenish Tyrannulet Phyllomyias virescens Tyrannidae (Tyrant Flycatchers)
0%
Greenish Warbler Phylloscopus trochiloides Phylloscopidae (Leaf Warblers)
0%
Greenish Yellow-Finch Sicalis olivascens Thraupidae (Tanagers and Allies)
0%
Green Jery Neomixis viridis Cisticolidae (Cisticolas and Allies)
0%
Green Longtail Urolais epichlorus Cisticolidae (Cisticolas and Allies)
0%
Green Manakin Cryptopipo holochlora Pipridae (Manakins)
0%
Green-naped Tanager Tangara fucosa Thraupidae (Tanagers and Allies)
0%
Green Oropendola Psarocolius viridis Icteridae (Troupials and Allies)
0%
Green Shrike-Babbler Pteruthius xanthochlorus Vireonidae (Vireos, Shrike-Babblers, and Erpornis)
0%
Green Shrike-Vireo Vireolanius pulchellus Vireonidae (Vireos, Shrike-Babblers, and Erpornis)
0%
Green-striped Brushfinch Arremon virenticeps Passerellidae (New World Sparrows)
0%
Green Sunbird Anthreptes rectirostris Nectariniidae (Sunbirds and Spiderhunters)
0%
Green-tailed Bristlebill Bleda eximius Pycnonotidae (Bulbuls)
0%
Green-tailed Sunbird Aethopyga nipalensis Nectariniidae (Sunbirds and Spiderhunters)
0%
Green-tailed Warbler Microligea palustris Phaenicophilidae (Hispaniolan Tanagers)
0%
Green-throated Euphonia Euphonia chalybea Fringillidae (Finches, Euphonias, and Allies)
0%
Green-throated Sunbird Chalcomitra rubescens Nectariniidae (Sunbirds and Spiderhunters)
0%
Green-throated Tanager Stilpnia argyrofenges Thraupidae (Tanagers and Allies)
0%
Green Warbler-Finch Certhidea olivacea Thraupidae (Tanagers and Allies)
0%
Green White-eye Zosterops stuhlmanni Zosteropidae (White-eyes, Yuhinas, and Allies)
0%
Green-winged Pytilia Pytilia melba Estrildidae (Waxbills and Allies)
0%
Green-winged Saltator Saltator similis Thraupidae (Tanagers and Allies)
0%
Grenada Flycatcher Myiarchus nugator Tyrannidae (Tyrant Flycatchers)
0%
Grimwood's Longclaw Macronyx grimwoodi Motacillidae (Wagtails and Pipits)
0%
Grosbeak Weaver Amblyospiza albifrons Ploceidae (Weavers and Allies)
0%
Groundscraper Thrush Psophocichla litsitsirupa Turdidae (Thrushes and Allies)
0%
Ground Tit Pseudopodoces humilis Paridae (Tits, Chickadees, and Titmice)
0%
Growling Riflebird Ptiloris intercedens Paradisaeidae (Birds-of-Paradise)
0%
Guadalcanal Crow Corvus woodfordi Corvidae (Crows, Jays, and Magpies)
0%
Guadalcanal Honeyeater Guadalcanaria inexpectata Meliphagidae (Honeyeaters)
0%
Guadalcanal Hooded Whistler Pachycephala implicata Pachycephalidae (Whistlers and Allies)
0%
Guadalcanal Thicketbird Cincloramphus whitneyi Locustellidae (Grassbirds and Allies)
0%
Guadalcanal Thrush Zoothera turipavae Turdidae (Thrushes and Allies)
0%
Guadalupe Junco Junco insularis Passerellidae (New World Sparrows)
0%
Guam Flycatcher Myiagra freycineti Monarchidae (Monarch Flycatchers)
0%
Guatemalan Tyrannulet Zimmerius vilissimus Tyrannidae (Tyrant Flycatchers)
0%
Guianan Cock-of-the-rock Rupicola rupicola Cotingidae (Cotingas)
0%
Guianan Gnatcatcher Polioptila guianensis Polioptilidae (Gnatcatchers)
0%
Guianan Red-Cotinga Phoenicircus carnifex Cotingidae (Cotingas)
0%
Guianan Streaked-Antwren Myrmotherula surinamensis Thamnophilidae (Typical Antbirds)
0%
Guianan Tyrannulet Zimmerius acer Tyrannidae (Tyrant Flycatchers)
0%
Guianan Warbling-Antbird Hypocnemis cantator Thamnophilidae (Typical Antbirds)
0%
Guianan Woodcreeper Lepidocolaptes albolineatus Furnariidae (Ovenbirds and Woodcreepers)
0%
Guira Tanager Hemithraupis guira Thraupidae (Tanagers and Allies)
0%
Gurney's Pitta Hydrornis gurneyi Pittidae (Pittas)
0%
Gurney's Sugarbird Promerops gurneyi Promeropidae (Sugarbirds)
0%
Guttulate Foliage-gleaner Syndactyla guttulata Furnariidae (Ovenbirds and Woodcreepers)
0%
Hainan Blue Flycatcher Cyornis hainanus Muscicapidae (Old World Flycatchers)
0%
Hainan Leaf Warbler Phylloscopus hainanus Phylloscopidae (Leaf Warblers)
0%
Hair-crested Drongo Dicrurus hottentottus Dicruridae (Drongos)
0%
Hairy-backed Bulbul Tricholestes criniger Pycnonotidae (Bulbuls)
0%
Hairy-crested Antbird Rhegmatorhina melanosticta Thamnophilidae (Typical Antbirds)
0%
Half-collared Sparrow Arremon semitorquatus Passerellidae (New World Sparrows)
0%
Halmahera Cuckooshrike Celebesia parvula Campephagidae (Cuckooshrikes)
0%
Halmahera Flowerpecker Dicaeum schistaceiceps Dicaeidae (Flowerpeckers)
0%
Halmahera Golden-Bulbul Alophoixus chloris Pycnonotidae (Bulbuls)
0%
Halmahera Oriole Oriolus phaeochromus Oriolidae (Old World Orioles)
0%
Handsome Flycatcher Nephelomyias pulcher Tyrannidae (Tyrant Flycatchers)
0%
Handsome Fruiteater Pipreola formosa Cotingidae (Cotingas)
0%
Handsome Sunbird Aethopyga bella Nectariniidae (Sunbirds and Spiderhunters)
0%
Hangnest Tody-Tyrant Hemitriccus nidipendulus Tyrannidae (Tyrant Flycatchers)
0%
Happy Wren Pheugopedius felix Troglodytidae (Wrens)
0%
Harlequin Antbird Rhegmatorhina berlepschi Thamnophilidae (Typical Antbirds)
0%
Hartert's Camaroptera Camaroptera harterti Cisticolidae (Cisticolas and Allies)
0%
Hartert's Leaf Warbler Phylloscopus goodsoni Phylloscopidae (Leaf Warblers)
0%
Hartlaub's Babbler Turdoides hartlaubii Leiothrichidae (Laughingthrushes and Allies)
0%
Hauxwell's Thrush Turdus hauxwelli Turdidae (Thrushes and Allies)
0%
Hawaii Akepa Loxops coccineus Fringillidae (Finches, Euphonias, and Allies)
0%
Hawaii Amakihi Chlorodrepanis virens Fringillidae (Finches, Euphonias, and Allies)
0%
Hawaii Creeper Loxops mana Fringillidae (Finches, Euphonias, and Allies)
0%
Hawaii Elepaio Chasiempis sandwichensis Monarchidae (Monarch Flycatchers)
0%
Hawaii Mamo Drepanis pacifica Fringillidae (Finches, Euphonias, and Allies)
0%
Hazel-fronted Pygmy-Tyrant Pseudotriccus simplex Tyrannidae (Tyrant Flycatchers)
0%
Hellmayr's Pipit Anthus hellmayri Motacillidae (Wagtails and Pipits)
0%
Helmeted Manakin Antilophia galeata Pipridae (Manakins)
0%
Helmeted Myna Basilornis galeatus Sturnidae (Starlings)
0%
Helmeted Pygmy-Tyrant Lophotriccus galeatus Tyrannidae (Tyrant Flycatchers)
0%
Helmet Vanga Euryceros prevostii Vangidae (Vangas, Helmetshrikes, and Allies)
0%
Henderson Island Reed Warbler Acrocephalus taiti Acrocephalidae (Reed Warblers and Allies)
0%
Henna-hooded Foliage-gleaner Clibanornis erythrocephalus Furnariidae (Ovenbirds and Woodcreepers)
0%
Herero Chat Melaenornis herero Muscicapidae (Old World Flycatchers)
0%
Hermit Wood-Wren Henicorhina anachoreta Troglodytidae (Wrens)
0%
Heuglin's Masked-Weaver Ploceus heuglini Ploceidae (Weavers and Allies)
0%
Heuglin's Wheatear Oenanthe heuglini Muscicapidae (Old World Flycatchers)
0%
Heuglin's White-eye Zosterops poliogastrus Zosteropidae (White-eyes, Yuhinas, and Allies)
0%
Highland Elaenia Elaenia obscura Tyrannidae (Tyrant Flycatchers)
0%
Highland Rush Warbler Bradypterus centralis Locustellidae (Grassbirds and Allies)
0%
Hildebrandt's Starling Lamprotornis hildebrandti Sturnidae (Starlings)
0%
Hill Blue Flycatcher Cyornis whitei Muscicapidae (Old World Flycatchers)
0%
Hill Prinia Prinia superciliaris Cisticolidae (Cisticolas and Allies)
0%
Hill Swallow Hirundo domicola Hirundinidae (Swallows)
0%
Himalayan Beautiful Rosefinch Carpodacus pulcherrimus Fringillidae (Finches, Euphonias, and Allies)
0%
Himalayan Black-lored Tit Machlolophus xanthogenys Paridae (Tits, Chickadees, and Titmice)
0%
Himalayan Bluetail Tarsiger rufilatus Muscicapidae (Old World Flycatchers)
0%
Himalayan Bulbul Pycnonotus leucogenys Pycnonotidae (Bulbuls)
0%
Himalayan Cutia Cutia nipalensis Leiothrichidae (Laughingthrushes and Allies)
0%
Himalayan Prinia Prinia crinigera Cisticolidae (Cisticolas and Allies)
0%
Himalayan Rubythroat Calliope pectoralis Muscicapidae (Old World Flycatchers)
0%
Himalayan Shortwing Brachypteryx cruralis Muscicapidae (Old World Flycatchers)
0%
Himalayan Shrike-Babbler Pteruthius ripleyi Vireonidae (Vireos, Shrike-Babblers, and Erpornis)
0%
Himalayan Thrush Zoothera salimalii Turdidae (Thrushes and Allies)
0%
Himalayan White-browed Rosefinch Carpodacus thura Fringillidae (Finches, Euphonias, and Allies)
0%
Hinde's Pied-Babbler Turdoides hindei Leiothrichidae (Laughingthrushes and Allies)
0%
Hispaniolan Crossbill Loxia megaplaga Fringillidae (Finches, Euphonias, and Allies)
0%
Hispaniolan Oriole Icterus dominicensis Icteridae (Troupials and Allies)
0%
Hispaniolan Pewee Contopus hispaniolensis Tyrannidae (Tyrant Flycatchers)
0%
Hispaniolan Spindalis Spindalis dominicensis Spindalidae (Spindalises)
0%
Hoary-throated Barwing Actinodura nipalensis Leiothrichidae (Laughingthrushes and Allies)
0%
Hoary-throated Spinetail Synallaxis kollari Furnariidae (Ovenbirds and Woodcreepers)
0%
Hodgson's Redstart Phoenicurus hodgsoni Muscicapidae (Old World Flycatchers)
0%
Hodgson's Treecreeper Certhia hodgsoni Certhiidae (Treecreepers)
0%
Hoffmanns's Woodcreeper Dendrocolaptes hoffmannsi Furnariidae (Ovenbirds and Woodcreepers)
0%
Holub's Golden-Weaver Ploceus xanthops Ploceidae (Weavers and Allies)
0%
Honeyguide Greenbul Baeopogon indicator Pycnonotidae (Bulbuls)
0%
Hooded Antpitta Grallaricula cucullata Grallariidae (Antpittas)
0%
Hooded Berryeater Carpornis cucullata Cotingidae (Cotingas)
0%
Hooded Butcherbird Cracticus cassicus Artamidae (Woodswallows, Bellmagpies, and Allies)
0%
Hooded Cuckooshrike Coracina longicauda Campephagidae (Cuckooshrikes)
0%
Hooded Gnateater Conopophaga roberti Conopophagidae (Gnateaters)
0%
Hooded Grosbeak Coccothraustes abeillei Fringillidae (Finches, Euphonias, and Allies)
0%
Hooded Monarch Symposiachrus manadensis Monarchidae (Monarch Flycatchers)
0%
Hooded Mountain Tanager Buthraupis montana Thraupidae (Tanagers and Allies)
0%
Hooded Munia Lonchura spectabilis Estrildidae (Waxbills and Allies)
0%
Hooded Pitohui Pitohui dichrous Oriolidae (Old World Orioles)
0%
Hooded Pitta Pitta sordida Pittidae (Pittas)
0%
Hooded Siskin Spinus magellanicus Fringillidae (Finches, Euphonias, and Allies)
0%
Hooded Tanager Nemosia pileata Thraupidae (Tanagers and Allies)
0%
Hooded Treepie Crypsirina cucullata Corvidae (Crows, Jays, and Magpies)
0%
Hooded Wheatear Oenanthe monacha Muscicapidae (Old World Flycatchers)
0%
Hooded Yellowthroat Geothlypis nelsoni Parulidae (New World Warblers)
0%
Hook-billed Bulbul Setornis criniger Pycnonotidae (Bulbuls)
0%
Hook-billed Vanga Vanga curvirostris Vangidae (Vangas, Helmetshrikes, and Allies)
0%
Horsfield's Babbler Malacocincla sepiaria Pellorneidae (Ground Babblers and Allies)
0%
Hose's Broadbill Calyptomena hosii Calyptomenidae (African and Green Broadbills)
0%
House Bunting Emberiza sahari Emberizidae (Old World Buntings)
0%
Hudson's Black-Tyrant Knipolegus hudsoni Tyrannidae (Tyrant Flycatchers)
0%
Hudson's Canastero Asthenes hudsoni Furnariidae (Ovenbirds and Woodcreepers)
0%
Huet's Fulvetta Alcippe hueti Leiothrichidae (Laughingthrushes and Allies)
0%
Huia Heteralocha acutirostris Callaeidae (Wattlebirds)
0%
Humaita Antbird Myrmelastes humaythae Thamnophilidae (Typical Antbirds)
0%
Humblot's Sunbird Cinnyris humbloti Nectariniidae (Sunbirds and Spiderhunters)
0%
Hume's Bush Warbler Horornis brunnescens Scotocercidae (Bush Warblers and Allies)
0%
Hume's Lark Calandrella acutirostris Alaudidae (Larks)
0%
Hume's Treecreeper Certhia manipurensis Certhiidae (Treecreepers)
0%
Hume's Warbler Phylloscopus humei Phylloscopidae (Leaf Warblers)
0%
Hume's Wheatear Oenanthe albonigra Muscicapidae (Old World Flycatchers)
0%
Hume's White-eye Zosterops auriventer Zosteropidae (White-eyes, Yuhinas, and Allies)
0%
Hunter's Cisticola Cisticola hunteri Cisticolidae (Cisticolas and Allies)
0%
Hunter's Sunbird Chalcomitra hunteri Nectariniidae (Sunbirds and Spiderhunters)
0%
Huon Astrapia Astrapia rothschildi Paradisaeidae (Birds-of-Paradise)
0%
Huon Catbird Ailuroedus astigmaticus Ptilonorhynchidae (Bowerbirds)
0%
Huon Melidectes Melidectes foersteri Meliphagidae (Honeyeaters)
0%
Ibadan Malimbe Malimbus ibadanensis Ploceidae (Weavers and Allies)
0%
Icterine Greenbul Phyllastrephus icterinus Pycnonotidae (Bulbuls)
0%
Icterine Warbler Hippolais icterina Acrocephalidae (Reed Warblers and Allies)
0%
Ihering's Antwren Myrmotherula iheringi Thamnophilidae (Typical Antbirds)
0%
Ijima's Leaf Warbler Phylloscopus ijimae Phylloscopidae (Leaf Warblers)
0%
Imeri Warbling-Antbird Hypocnemis flavescens Thamnophilidae (Typical Antbirds)
0%
Immaculate Cupwing Pnoepyga immaculata Pnoepygidae (Cupwings)
0%
Inaccessible Island Finch Nesospiza acunhae Thraupidae (Tanagers and Allies)
0%
Inambari Gnatcatcher Polioptila attenboroughi Polioptilidae (Gnatcatchers)
0%
Inambari Woodcreeper Lepidocolaptes fatimalimae Furnariidae (Ovenbirds and Woodcreepers)
0%
Inca Flycatcher Leptopogon taczanowskii Tyrannidae (Tyrant Flycatchers)
0%
Inca Wren Pheugopedius eisenmanni Troglodytidae (Wrens)
0%
Indian Blackbird Turdus simillimus Turdidae (Thrushes and Allies)
0%
Indian Blue Robin Larvivora brunnea Muscicapidae (Old World Flycatchers)
0%
Indian Bushlark Mirafra erythroptera Alaudidae (Larks)
0%
Indian Golden Oriole Oriolus kundoo Oriolidae (Old World Orioles)
0%
Indian Grassbird Graminicola bengalensis Pellorneidae (Ground Babblers and Allies)
0%
Indian Nuthatch Sitta castanea Sittidae (Nuthatches)
0%
Indian Paradise-Flycatcher Terpsiphone paradisi Monarchidae (Monarch Flycatchers)
0%
Indian Pitta Pitta brachyura Pittidae (Pittas)
0%
Indian Robin Copsychus fulicatus Muscicapidae (Old World Flycatchers)
0%
Indian Scimitar-Babbler Pomatorhinus horsfieldii Timaliidae (Tree-Babblers, Scimitar-Babblers, and Allies)
0%
Indian Silverbill Euodice malabarica Estrildidae (Waxbills and Allies)
0%
Indian Spotted Creeper Salpornis spilonota Certhiidae (Treecreepers)
0%
Indian White-eye Zosterops palpebrosus Zosteropidae (White-eyes, Yuhinas, and Allies)
0%
Indian Yellow Tit Machlolophus aplonotus Paridae (Tits, Chickadees, and Titmice)
0%
Indigo Flowerpiercer Diglossa indigotica Thraupidae (Tanagers and Allies)
0%
Indigo Flycatcher Eumyias indigo Muscicapidae (Old World Flycatchers)
0%
Indochinese Blue Flycatcher Cyornis sumatrensis Muscicapidae (Old World Flycatchers)
0%
Indochinese Bushlark Mirafra erythrocephala Alaudidae (Larks)
0%
Indochinese Cuckooshrike Lalage polioptera Campephagidae (Cuckooshrikes)
0%
Indochinese Fulvetta Fulvetta danisi Sylviidae (Sylviid Warblers, Parrotbills, and Allies)
0%
Indochinese Green-Magpie Cissa hypoleuca Corvidae (Crows, Jays, and Magpies)
0%
Indochinese Yuhina Staphida torqueola Zosteropidae (White-eyes, Yuhinas, and Allies)
0%
Iphis Monarch Pomarea iphis Monarchidae (Monarch Flycatchers)
0%
Iquitos Gnatcatcher Polioptila clementsi Polioptilidae (Gnatcatchers)
0%
Iranian Ground-Jay Podoces pleskei Corvidae (Crows, Jays, and Magpies)
0%
Iraq Babbler Argya altirostris Leiothrichidae (Laughingthrushes and Allies)
0%
Iringa Akalat Sheppardia lowei Muscicapidae (Old World Flycatchers)
0%
Iriomote Tit Sittiparus olivaceus Paridae (Tits, Chickadees, and Titmice)
0%
Isabela Oriole Oriolus isabellae Oriolidae (Old World Orioles)
0%
Isabelline Shrike Lanius isabellinus Laniidae (Shrikes)
0%
Isabelline Wheatear Oenanthe isabellina Muscicapidae (Old World Flycatchers)
0%
Island Canary Serinus canaria Fringillidae (Finches, Euphonias, and Allies)
0%
Island Leaf Warbler Phylloscopus poliocephalus Phylloscopidae (Leaf Warblers)
0%
Island Monarch Monarcha cinerascens Monarchidae (Monarch Flycatchers)
0%
Island Thrush Turdus poliocephalus Turdidae (Thrushes and Allies)
0%
Island Whistler Pachycephala phaionota Pachycephalidae (Whistlers and Allies)
0%
Isthmian Wren Cantorchilus elutus Troglodytidae (Wrens)
0%
Itatiaia Spinetail Asthenes moreirae Furnariidae (Ovenbirds and Woodcreepers)
0%
Ituri Batis Batis ituriensis Platysteiridae (Wattle-eyes and Batises)
0%
Ivory-backed Woodswallow Artamus monachus Artamidae (Woodswallows, Bellmagpies, and Allies)
0%
Ivory-billed Woodcreeper Xiphorhynchus flavigaster Furnariidae (Ovenbirds and Woodcreepers)
0%
Ivory-breasted Pitta Pitta maxima Pittidae (Pittas)
0%
Izu Thrush Turdus celaenops Turdidae (Thrushes and Allies)
0%
Jackson's Widowbird Euplectes jacksoni Ploceidae (Weavers and Allies)
0%
Jalca Tapaculo Scytalopus frankeae Rhinocryptidae (Tapaculos)
0%
Jamaican Becard Pachyramphus niger Tityridae (Tityras and Allies)
0%
Jamaican Blackbird Nesopsar nigerrimus Icteridae (Troupials and Allies)
0%
Jamaican Elaenia Myiopagis cotta Tyrannidae (Tyrant Flycatchers)
0%
Jamaican Euphonia Euphonia jamaica Fringillidae (Finches, Euphonias, and Allies)
0%
Jamaican Oriole Icterus leucopteryx Icteridae (Troupials and Allies)
0%
Jamaican Pewee Contopus pallidus Tyrannidae (Tyrant Flycatchers)
0%
Jamaican Spindalis Spindalis nigricephala Spindalidae (Spindalises)
0%
Jamaican Vireo Vireo modestus Vireonidae (Vireos, Shrike-Babblers, and Erpornis)
0%
Jambandu Indigobird Vidua raricola Viduidae (Indigobirds)
0%
Jameson's Antpecker Parmoptila jamesoni Estrildidae (Waxbills and Allies)
0%
Jameson's Firefinch Lagonosticta rhodopareia Estrildidae (Waxbills and Allies)
0%
Jameson's Wattle-eye Platysteira jamesoni Platysteiridae (Wattle-eyes and Batises)
0%
Japanese Accentor Prunella rubida Prunellidae (Accentors)
0%
Japanese Bush Warbler Horornis diphone Scotocercidae (Bush Warblers and Allies)
0%
Japanese Grosbeak Eophona personata Fringillidae (Finches, Euphonias, and Allies)
0%
Japanese Leaf Warbler Phylloscopus xanthodryas Phylloscopidae (Leaf Warblers)
0%
Japanese Paradise-Flycatcher Terpsiphone atrocaudata Monarchidae (Monarch Flycatchers)
0%
Japanese Robin Larvivora akahige Muscicapidae (Old World Flycatchers)
0%
Japanese Thrush Turdus cardis Turdidae (Thrushes and Allies)
0%
Japanese Tit Parus minor Paridae (Tits, Chickadees, and Titmice)
0%
Japanese Wagtail Motacilla grandis Motacillidae (Wagtails and Pipits)
0%
Javan Banded-Pitta Hydrornis guajanus Pittidae (Pittas)
0%
Javan Blue Flycatcher Cyornis banyumas Muscicapidae (Old World Flycatchers)
0%
Javan Bush Warbler Locustella montis Locustellidae (Grassbirds and Allies)
0%
Javan Cochoa Cochoa azurea Turdidae (Thrushes and Allies)
0%
Javan Cuckooshrike Coracina javensis Campephagidae (Cuckooshrikes)
0%
Javan Fulvetta Alcippe pyrrhoptera Leiothrichidae (Laughingthrushes and Allies)
0%
Javan Gray-throated White-eye Heleia javanica Zosteropidae (White-eyes, Yuhinas, and Allies)
0%
Javan Green-Magpie Cissa thalassina Corvidae (Crows, Jays, and Magpies)
0%
Javan Munia Lonchura leucogastroides Estrildidae (Waxbills and Allies)
0%
Javan Sunbird Aethopyga mystacalis Nectariniidae (Sunbirds and Spiderhunters)
0%
Javan Tesia Tesia superciliaris Scotocercidae (Bush Warblers and Allies)
0%
Javan Whistling-Thrush Myophonus glaucinus Muscicapidae (Old World Flycatchers)
0%
Javan White-eye Zosterops flavus Zosteropidae (White-eyes, Yuhinas, and Allies)
0%
Java Sparrow Padda oryzivora Estrildidae (Waxbills and Allies)
0%
Jelski's Black-Tyrant Knipolegus signatus Tyrannidae (Tyrant Flycatchers)
0%
Jelski's Chat-Tyrant Ochthoeca jelskii Tyrannidae (Tyrant Flycatchers)
0%
Jerdon's Babbler Chrysomma altirostre Sylviidae (Sylviid Warblers, Parrotbills, and Allies)
0%
Jerdon's Bushchat Saxicola jerdoni Muscicapidae (Old World Flycatchers)
0%
Jerdon's Bushlark Mirafra affinis Alaudidae (Larks)
0%
Jerdon's Minivet Pericrocotus albifrons Campephagidae (Cuckooshrikes)
0%
Jet Antbird Cercomacra nigricans Thamnophilidae (Typical Antbirds)
0%
Jet Manakin Chloropipo unicolor Pipridae (Manakins)
0%
Jobi Manucode Manucodia jobiensis Paradisaeidae (Birds-of-Paradise)
0%
Jocotoco Antpitta Grallaria ridgelyi Grallariidae (Antpittas)
0%
Johanna's Sunbird Cinnyris johannae Nectariniidae (Sunbirds and Spiderhunters)
0%
Johannes's Tody-Tyrant Hemitriccus iohannis Tyrannidae (Tyrant Flycatchers)
0%
Johnson's Tody-Flycatcher Poecilotriccus luluae Tyrannidae (Tyrant Flycatchers)
0%
Jos Plateau Indigobird Vidua maryae Viduidae (Indigobirds)
0%
Joyful Greenbul Chlorocichla laetissima Pycnonotidae (Bulbuls)
0%
Juan Fernandez Tit-Tyrant Anairetes fernandezianus Tyrannidae (Tyrant Flycatchers)
0%
Jungle Babbler Argya striata Leiothrichidae (Laughingthrushes and Allies)
0%
Jungle Myna Acridotheres fuscus Sturnidae (Starlings)
0%
Jungle Prinia Prinia sylvatica Cisticolidae (Cisticolas and Allies)
0%
Junin Antpitta Grallaria obscura Grallariidae (Antpittas)
0%
Junin Canastero Asthenes virgata Furnariidae (Ovenbirds and Woodcreepers)
0%
Junin Tapaculo Scytalopus gettyae Rhinocryptidae (Tapaculos)
0%
Kabobo Apalis Apalis kaboboensis Cisticolidae (Cisticolas and Allies)
0%
Kadavu Fantail Rhipidura personata Rhipiduridae (Fantails)
0%
Kadavu Honeyeater Meliphacator provocator Meliphagidae (Honeyeaters)
0%
Kaempfer's Tody-Tyrant Hemitriccus kaempferi Tyrannidae (Tyrant Flycatchers)
0%
Kai Cicadabird Edolisoma dispar Campephagidae (Cuckooshrikes)
0%
Kakawahie Paroreomyza flammea Fringillidae (Finches, Euphonias, and Allies)
0%
Kalahari Scrub-Robin Cercotrichas paena Muscicapidae (Old World Flycatchers)
0%
Kamao Myadestes myadestinus Turdidae (Thrushes and Allies)
0%
Kamchatka Leaf Warbler Phylloscopus examinandus Phylloscopidae (Leaf Warblers)
0%
Kandt's Waxbill Estrilda kandti Estrildidae (Waxbills and Allies)
0%
Karamoja Apalis Apalis karamojae Cisticolidae (Cisticolas and Allies)
0%
Karoo Chat Emarginata schlegelii Muscicapidae (Old World Flycatchers)
0%
Karoo Lark Calendulauda albescens Alaudidae (Larks)
0%
Karoo Long-billed Lark Certhilauda subcoronata Alaudidae (Larks)
0%
Karoo Prinia Prinia maculosa Cisticolidae (Cisticolas and Allies)
0%
Karoo Scrub-Robin Cercotrichas coryphoeus Muscicapidae (Old World Flycatchers)
0%
Karoo Thrush Turdus smithi Turdidae (Thrushes and Allies)
0%
Kashmir Flycatcher Ficedula subrubra Muscicapidae (Old World Flycatchers)
0%
Kashmir Nutcracker Nucifraga multipunctata Corvidae (Crows, Jays, and Magpies)
0%
Kashmir Nuthatch Sitta cashmirensis Sittidae (Nuthatches)
0%
Katanga Masked-Weaver Ploceus katangae Ploceidae (Weavers and Allies)
0%
Kauai Akialoa Akialoa stejnegeri Fringillidae (Finches, Euphonias, and Allies)
0%
Kauai Amakihi Chlorodrepanis stejnegeri Fringillidae (Finches, Euphonias, and Allies)
0%
Kauai Elepaio Chasiempis sclateri Monarchidae (Monarch Flycatchers)
0%
Kauai Nukupuu Hemignathus hanapepe Fringillidae (Finches, Euphonias, and Allies)
0%
Kemp's Longbill Macrosphenus kempi Macrosphenidae (African Warblers)
0%
Kenrick's Starling Poeoptera kenricki Sturnidae (Starlings)
0%
Kenya Rufous Sparrow Passer rufocinctus Passeridae (Old World Sparrows)
0%
Kikuyu White-eye Zosterops kikuyuensis Zosteropidae (White-eyes, Yuhinas, and Allies)
0%
Kilimanjaro White-eye Zosterops eurycricotus Zosteropidae (White-eyes, Yuhinas, and Allies)
0%
Kilombero Cisticola Cisticola bakerorum Cisticolidae (Cisticolas and Allies)
0%
Kilombero Weaver Ploceus burnieri Ploceidae (Weavers and Allies)
0%
King Bird-of-Paradise Cicinnurus regius Paradisaeidae (Birds-of-Paradise)
0%
Kinglet Calyptura Calyptura cristata Tyrannidae (Tyrant Flycatchers)
0%
Kinglet Manakin Machaeropterus regulus Pipridae (Manakins)
0%
Kiritimati Reed Warbler Acrocephalus aequinoctialis Acrocephalidae (Reed Warblers and Allies)
0%
Kirk's White-eye Zosterops kirki Zosteropidae (White-eyes, Yuhinas, and Allies)
0%
Klages's Antbird Drymophila klagesi Thamnophilidae (Typical Antbirds)
0%
Klages's Antwren Myrmotherula klagesi Thamnophilidae (Typical Antbirds)
0%
Klages's Gnatcatcher Polioptila paraensis Polioptilidae (Gnatcatchers)
0%
Kloss's Leaf Warbler Phylloscopus ogilviegranti Phylloscopidae (Leaf Warblers)
0%
Knysna Warbler Bradypterus sylvaticus Locustellidae (Grassbirds and Allies)
0%
Kofiau Monarch Symposiachrus julianae Monarchidae (Monarch Flycatchers)
0%
Kolombangara Leaf Warbler Phylloscopus amoenus Phylloscopidae (Leaf Warblers)
0%
Kolombangara Monarch Symposiachrus browni Monarchidae (Monarch Flycatchers)
0%
Kolombangara White-eye Zosterops murphyi Zosteropidae (White-eyes, Yuhinas, and Allies)
0%
Kona Grosbeak Chloridops kona Fringillidae (Finches, Euphonias, and Allies)
0%
Kopje Warbler Euryptila subcinnamomea Cisticolidae (Cisticolas and Allies)
0%
Kordofan Lark Mirafra cordofanica Alaudidae (Larks)
0%
Kordofan Rufous Sparrow Passer cordofanicus Passeridae (Old World Sparrows)
0%
Kosrae Starling Aplonis corvina Sturnidae (Starlings)
0%
Kosrae White-eye Zosterops cinereus Zosteropidae (White-eyes, Yuhinas, and Allies)
0%
Kretschmer's Longbill Macrosphenus kretschmeri Macrosphenidae (African Warblers)
0%
Krüper's Nuthatch Sitta krueperi Sittidae (Nuthatches)
0%
Kungwe Apalis Apalis argentea Cisticolidae (Cisticolas and Allies)
0%
Kurdish Wheatear Oenanthe xanthoprymna Muscicapidae (Old World Flycatchers)
0%
Kurrichane Thrush Turdus libonyana Turdidae (Thrushes and Allies)
0%
Lacrimose Mountain Tanager Anisognathus lacrymosus Thraupidae (Tanagers and Allies)
0%
Lafresnaye's Vanga Xenopirostris xenopirostris Vangidae (Vangas, Helmetshrikes, and Allies)
0%
Lagden's Bushshrike Malaconotus lagdeni Malaconotidae (Bushshrikes and Allies)
0%
Lake Lufira Masked-Weaver Ploceus ruweti Ploceidae (Weavers and Allies)
0%
Lanai Hookbill Dysmorodrepanis munroi Fringillidae (Finches, Euphonias, and Allies)
0%
Lanceolated Warbler Locustella lanceolata Locustellidae (Grassbirds and Allies)
0%
Lance-tailed Manakin Chiroxiphia lanceolata Pipridae (Manakins)
0%
Large-billed Antwren Herpsilochmus longirostris Thamnophilidae (Typical Antbirds)
0%
Large-billed Crow Corvus macrorhynchos Corvidae (Crows, Jays, and Magpies)
0%
Large-billed Lark Galerida magnirostris Alaudidae (Larks)
0%
Large-billed Leaf Warbler Phylloscopus magnirostris Phylloscopidae (Leaf Warblers)
0%
Large-billed Reed Warbler Acrocephalus orinus Acrocephalidae (Reed Warblers and Allies)
0%
Large-billed Seed-Finch Sporophila crassirostris Thraupidae (Tanagers and Allies)
0%
Large Blue Flycatcher Cyornis magnirostris Muscicapidae (Old World Flycatchers)
0%
Large Cuckooshrike Coracina macei Campephagidae (Cuckooshrikes)
0%
Large Elaenia Elaenia spectabilis Tyrannidae (Tyrant Flycatchers)
0%
Large-footed Finch Pezopetes capitalis Passerellidae (New World Sparrows)
0%
Large-footed Tapaculo Scytalopus macropus Rhinocryptidae (Tapaculos)
0%
Large Gray Babbler Argya malcolmi Leiothrichidae (Laughingthrushes and Allies)
0%
Large Ground-Finch Geospiza magnirostris Thraupidae (Tanagers and Allies)
0%
Large-headed Flatbill Ramphotrigon megacephalum Tyrannidae (Tyrant Flycatchers)
0%
Large Lifou White-eye Zosterops inornatus Zosteropidae (White-eyes, Yuhinas, and Allies)
0%
Large Niltava Niltava grandis Muscicapidae (Old World Flycatchers)
0%
Large Scimitar-Babbler Erythrogenys hypoleucos Timaliidae (Tree-Babblers, Scimitar-Babblers, and Allies)
0%
Large Scrubwren Sericornis nouhuysi Acanthizidae (Thornbills and Allies)
0%
Large-tailed Antshrike Mackenziaena leachii Thamnophilidae (Typical Antbirds)
0%
Large Tree-Finch Camarhynchus psittacula Thraupidae (Tanagers and Allies)
0%
Large Woodshrike Tephrodornis virgatus Vangidae (Vangas, Helmetshrikes, and Allies)
0%
Large Wren-Babbler Turdinus macrodactylus Pellorneidae (Ground Babblers and Allies)
0%
Lark-like Brushrunner Coryphistera alaudina Furnariidae (Ovenbirds and Woodcreepers)
0%
Lark-like Bunting Emberiza impetuani Emberizidae (Old World Buntings)
0%
La Sagra's Flycatcher Myiarchus sagrae Tyrannidae (Tyrant Flycatchers)
0%
La Selle Thrush Turdus swalesi Turdidae (Thrushes and Allies)
0%
Latakoo Lark Mirafra cheniana Alaudidae (Larks)
0%
Laura's Woodland-Warbler Phylloscopus laurae Phylloscopidae (Leaf Warblers)
0%
Lavender Waxbill Glaucestrilda caerulescens Estrildidae (Waxbills and Allies)
0%
Lawes's Parotia Parotia lawesii Paradisaeidae (Birds-of-Paradise)
0%
Lawrence's Thrush Turdus lawrencii Turdidae (Thrushes and Allies)
0%
Layard's Warbler Curruca layardi Sylviidae (Sylviid Warblers, Parrotbills, and Allies)
0%
Layard's White-eye Zosterops explorator Zosteropidae (White-eyes, Yuhinas, and Allies)
0%
Laysan Finch Telespiza cantans Fringillidae (Finches, Euphonias, and Allies)
0%
Laysan Honeycreeper Himatione fraithii Fringillidae (Finches, Euphonias, and Allies)
0%
Lazuli Bunting Passerina amoena Cardinalidae (Cardinals and Allies)
0%
Leaden Antwren Myrmotherula assimilis Thamnophilidae (Typical Antbirds)
0%
Leaden Honeyeater Ptiloprora plumbea Meliphagidae (Honeyeaters)
0%
Leaf-love Phyllastrephus scandens Pycnonotidae (Bulbuls)
0%
Lemon-bellied Crombec Sylvietta denti Macrosphenidae (African Warblers)
0%
Lemon-bellied White-eye Zosterops chloris Zosteropidae (White-eyes, Yuhinas, and Allies)
0%
Lemon-breasted Seedeater Crithagra citrinipectus Fringillidae (Finches, Euphonias, and Allies)
0%
Lemon-browed Flycatcher Conopias cinchoneti Tyrannidae (Tyrant Flycatchers)
0%
Lemon-chested Greenlet Hylophilus thoracicus Vireonidae (Vireos, Shrike-Babblers, and Erpornis)
0%
Lemon-rumped Warbler Phylloscopus chloronotus Phylloscopidae (Leaf Warblers)
0%
Lemon-spectacled Tanager Chlorothraupis olivacea Cardinalidae (Cardinals and Allies)
0%
Lemon-throated Leaf Warbler Phylloscopus cebuensis Phylloscopidae (Leaf Warblers)
0%
Lesser Akialoa Akialoa obscura Fringillidae (Finches, Euphonias, and Allies)
0%
Lesser Antillean Bullfinch Loxigilla noctis Thraupidae (Tanagers and Allies)
0%
Lesser Antillean Flycatcher Myiarchus oberi Tyrannidae (Tyrant Flycatchers)
0%
Lesser Antillean Pewee Contopus latirostris Tyrannidae (Tyrant Flycatchers)
0%
Lesser Antillean Saltator Saltator albicollis Thraupidae (Tanagers and Allies)
0%
Lesser Antillean Tanager Stilpnia cucullata Thraupidae (Tanagers and Allies)
0%
Lesser Blue-eared Starling Lamprotornis chloropterus Sturnidae (Starlings)
0%
Lesser Bristlebill Bleda notatus Pycnonotidae (Bulbuls)
0%
Lesser Cuckooshrike Lalage fimbriata Campephagidae (Cuckooshrikes)
0%
Lesser Elaenia Elaenia chiriquensis Tyrannidae (Tyrant Flycatchers)
0%
Lesser Grass-Finch Emberizoides ypiranganus Thraupidae (Tanagers and Allies)
0%
Lesser Gray Shrike Lanius minor Laniidae (Shrikes)
0%
Lesser Green Leafbird Chloropsis cyanopogon Chloropseidae (Leafbirds)
0%
Lesser Greenlet Pachysylvia decurtata Vireonidae (Vireos, Shrike-Babblers, and Erpornis)
0%
Lesser Ground-Robin Amalocichla incerta Petroicidae (Australasian Robins)
0%
Lesser Hoopoe-Lark Alaemon hamertoni Alaudidae (Larks)
0%
Lesser Hornero Furnarius minor Furnariidae (Ovenbirds and Woodcreepers)
0%
Lesser Kiskadee Pitangus lictor Tyrannidae (Tyrant Flycatchers)
0%
Lesser Koa-Finch Rhodacanthis flaviceps Fringillidae (Finches, Euphonias, and Allies)
0%
Lesser Lophorina Lophorina minor Paradisaeidae (Birds-of-Paradise)
0%
Lesser Masked-Weaver Ploceus intermedius Ploceidae (Weavers and Allies)
0%
Lesser Necklaced Laughingthrush Garrulax monileger Leiothrichidae (Laughingthrushes and Allies)
0%
Lesser Racket-tailed Drongo Dicrurus remifer Dicruridae (Drongos)
0%
Lesser Seedcracker Pyrenestes minor Estrildidae (Waxbills and Allies)
0%
Lesser Shortwing Brachypteryx leucophris Muscicapidae (Old World Flycatchers)
0%
Lesser Shrike-Tyrant Agriornis murinus Tyrannidae (Tyrant Flycatchers)
0%
Lesser Striped Swallow Cecropis abyssinica Hirundinidae (Swallows)
0%
Lesser Swamp Warbler Acrocephalus gracilirostris Acrocephalidae (Reed Warblers and Allies)
0%
Lesser Wagtail-Tyrant Stigmatura napensis Tyrannidae (Tyrant Flycatchers)
0%
Lesser Woodcreeper Xiphorhynchus fuscus Furnariidae (Ovenbirds and Woodcreepers)
0%
Lesson's Seedeater Sporophila bouvronides Thraupidae (Tanagers and Allies)
0%
Levaillant's Cisticola Cisticola tinniens Cisticolidae (Cisticolas and Allies)
0%
Leymebamba Antpitta Grallaricula leymebambae Grallariidae (Antpittas)
0%
Leyte Plumed-Warbler Micromacronus leytensis Cisticolidae (Cisticolas and Allies)
0%
Liben Lark Heteromirafra archeri Alaudidae (Larks)
0%
Lidth's Jay Garrulus lidthi Corvidae (Crows, Jays, and Magpies)
0%
Light-crowned Spinetail Cranioleuca albiceps Furnariidae (Ovenbirds and Woodcreepers)
0%
Limestone Leaf Warbler Phylloscopus calciatilis Phylloscopidae (Leaf Warblers)
0%
Lina's Sunbird Aethopyga linaraborae Nectariniidae (Sunbirds and Spiderhunters)
0%
Lineated Foliage-gleaner Syndactyla subalaris Furnariidae (Ovenbirds and Woodcreepers)
0%
Line-cheeked Spinetail Cranioleuca antisiensis Furnariidae (Ovenbirds and Woodcreepers)
0%
Lined Antshrike Thamnophilus tenuepunctatus Thamnophilidae (Typical Antbirds)
0%
Lined Seedeater Sporophila lineola Thraupidae (Tanagers and Allies)
0%
Line-fronted Canastero Asthenes urubambensis Furnariidae (Ovenbirds and Woodcreepers)
0%
Little Bunting Emberiza pusilla Emberizidae (Old World Buntings)
0%
Little Flycatcher Muscicapa epulata Muscicapidae (Old World Flycatchers)
0%
Little Forktail Enicurus scouleri Muscicapidae (Old World Flycatchers)
0%
Little Greenbul Eurillas virens Pycnonotidae (Bulbuls)
0%
Little Green Sunbird Anthreptes seimundi Nectariniidae (Sunbirds and Spiderhunters)
0%
Little Ground-Tyrant Syrtidicola fluviatilis Tyrannidae (Tyrant Flycatchers)
0%
Little Inca-Finch Incaspiza watkinsi Thraupidae (Tanagers and Allies)
0%
Little Kai White-eye Zosterops uropygialis Zosteropidae (White-eyes, Yuhinas, and Allies)
0%
Little Pied Flycatcher Ficedula westermanni Muscicapidae (Old World Flycatchers)
0%
Little Rock-Thrush Monticola rufocinereus Muscicapidae (Old World Flycatchers)
0%
Little Rush Warbler Bradypterus baboecala Locustellidae (Grassbirds and Allies)
0%
Little Slaty Flycatcher Ficedula basilanica Muscicapidae (Old World Flycatchers)
0%
Little Spiderhunter Arachnothera longirostra Nectariniidae (Sunbirds and Spiderhunters)
0%
Little Thornbird Phacellodomus sibilatrix Furnariidae (Ovenbirds and Woodcreepers)
0%
Little Weaver Ploceus luteolus Ploceidae (Weavers and Allies)
0%
Littoral Rock-Thrush Monticola imerina Muscicapidae (Old World Flycatchers)
0%
Livingstone's Flycatcher Erythrocercus livingstonei Scotocercidae (Bush Warblers and Allies)
0%
Loango Weaver Ploceus subpersonatus Ploceidae (Weavers and Allies)
0%
Locustfinch Paludipasser locustella Estrildidae (Waxbills and Allies)
0%
Loetoe Monarch Carterornis castus Monarchidae (Monarch Flycatchers)
0%
Loggerhead Kingbird Tyrannus caudifasciatus Tyrannidae (Tyrant Flycatchers)
0%
Loja Tapaculo Scytalopus androstictus Rhinocryptidae (Tapaculos)
0%
Lompobattang Flycatcher Ficedula bonthaina Muscicapidae (Old World Flycatchers)
0%
Long-bearded Melidectes Melidectes princeps Meliphagidae (Honeyeaters)
0%
Long-billed Bernieria Bernieria madagascariensis Bernieridae (Malagasy Warblers)
0%
Long-billed Bush Warbler Locustella major Locustellidae (Grassbirds and Allies)
0%
Long-billed Crow Corvus validus Corvidae (Crows, Jays, and Magpies)
0%
Long-billed Gnatwren Ramphocaenus melanurus Polioptilidae (Gnatcatchers)
0%
Long-billed Honeyeater Melilestes megarhynchus Meliphagidae (Honeyeaters)
0%
Long-billed Pipit Anthus similis Motacillidae (Wagtails and Pipits)
0%
Long-billed Rhabdornis Rhabdornis grandis Sturnidae (Starlings)
0%
Long-billed Spiderhunter Arachnothera robusta Nectariniidae (Sunbirds and Spiderhunters)
0%
Long-billed Tailorbird Artisornis moreaui Cisticolidae (Cisticolas and Allies)
0%
Long-billed Thrush Zoothera monticola Turdidae (Thrushes and Allies)
0%
Long-billed White-eye Rukia longirostra Zosteropidae (White-eyes, Yuhinas, and Allies)
0%
Long-billed Woodcreeper Nasica longirostris Furnariidae (Ovenbirds and Woodcreepers)
0%
Long-billed Wren Cantorchilus longirostris Troglodytidae (Wrens)
0%
Long-billed Wren-Babbler Napothera malacoptila Pellorneidae (Ground Babblers and Allies)
0%
Long-crested Myna Basilornis corythaix Sturnidae (Starlings)
0%
Long-crested Pygmy-Tyrant Lophotriccus eulophotes Tyrannidae (Tyrant Flycatchers)
0%
Long-legged Pipit Anthus pallidiventris Motacillidae (Wagtails and Pipits)
0%
Long-legged Thicketbird Cincloramphus rufus Locustellidae (Grassbirds and Allies)
0%
Long-tailed Broadbill Psarisomus dalhousiae Eurylaimidae (Asian and Grauer's Broadbills)
0%
Long-tailed Bush Warbler Locustella caudata Locustellidae (Grassbirds and Allies)
0%
Long-tailed Cinclodes Cinclodes pabsti Furnariidae (Ovenbirds and Woodcreepers)
0%
Long-tailed Fantail Rhipidura opistherythra Rhipiduridae (Fantails)
0%
Long-tailed Fiscal Lanius cabanisi Laniidae (Shrikes)
0%
Long-tailed Glossy Starling Lamprotornis caudatus Sturnidae (Starlings)
0%
Long-tailed Manakin Chiroxiphia linearis Pipridae (Manakins)
0%
Long-tailed Meadowlark Leistes loyca Icteridae (Troupials and Allies)
0%
Long-tailed Minivet Pericrocotus ethologus Campephagidae (Cuckooshrikes)
0%
Long-tailed Mockingbird Mimus longicaudatus Mimidae (Mockingbirds and Thrashers)
0%
Long-tailed Myna Mino kreffti Sturnidae (Starlings)
0%
Long-tailed Paradigalla Paradigalla carunculata Paradisaeidae (Birds-of-Paradise)
0%
Long-tailed Reed Finch Donacospiza albifrons Thraupidae (Tanagers and Allies)
0%
Long-tailed Rosefinch Carpodacus sibiricus Fringillidae (Finches, Euphonias, and Allies)
0%
Long-tailed Shrike Lanius schach Laniidae (Shrikes)
0%
Long-tailed Sibia Heterophasia picaoides Leiothrichidae (Laughingthrushes and Allies)
0%
Long-tailed Silky-flycatcher Ptiliogonys caudatus Ptiliogonatidae (Silky-flycatchers)
0%
Long-tailed Starling Aplonis magna Sturnidae (Starlings)
0%
Long-tailed Tapaculo Scytalopus micropterus Rhinocryptidae (Tapaculos)
0%
Long-tailed Thrush Zoothera dixoni Turdidae (Thrushes and Allies)
0%
Long-tailed Triller Lalage leucopyga Campephagidae (Cuckooshrikes)
0%
Long-tailed Tyrant Colonia colonus Tyrannidae (Tyrant Flycatchers)
0%
Long-tailed Widowbird Euplectes progne Ploceidae (Weavers and Allies)
0%
Long-tailed Woodcreeper Deconychura longicauda Furnariidae (Ovenbirds and Woodcreepers)
0%
Long-wattled Umbrellabird Cephalopterus penduliger Cotingidae (Cotingas)
0%
Long-winged Antwren Myrmotherula longipennis Thamnophilidae (Typical Antbirds)
0%
Lord Howe Gerygone Gerygone insularis Acanthizidae (Thornbills and Allies)
0%
Lorentz's Whistler Pachycephala lorentzi Pachycephalidae (Whistlers and Allies)
0%
Loria's Satinbird Cnemophilus loriae Cnemophilidae (Satinbirds)
0%
Loten's Sunbird Cinnyris lotenius Nectariniidae (Sunbirds and Spiderhunters)
0%
Louisiade Flowerpecker Dicaeum nitidum Dicaeidae (Flowerpeckers)
0%
Louisiade Pitta Erythropitta meeki Pittidae (Pittas)
0%
Louisiade Whistler Pachycephala collaris Pachycephalidae (Whistlers and Allies)
0%
Louisiade White-eye Zosterops griseotinctus Zosteropidae (White-eyes, Yuhinas, and Allies)
0%
Lovely Cotinga Cotinga amabilis Cotingidae (Cotingas)
0%
Lovely Sunbird Aethopyga shelleyi Nectariniidae (Sunbirds and Spiderhunters)
0%
Loveridge's Sunbird Cinnyris loveridgei Nectariniidae (Sunbirds and Spiderhunters)
0%
Lowland Akalat Sheppardia cyornithopsis Muscicapidae (Old World Flycatchers)
0%
Lowland Peltops Peltops blainvillii Artamidae (Woodswallows, Bellmagpies, and Allies)
0%
Lowland Sooty Boubou Laniarius leucorhynchus Malaconotidae (Bushshrikes and Allies)
0%
Lowland White-eye Zosterops meyeni Zosteropidae (White-eyes, Yuhinas, and Allies)
0%
Luapula Cisticola Cisticola luapula Cisticolidae (Cisticolas and Allies)
0%
Lühder's Bushshrike Laniarius luehderi Malaconotidae (Bushshrikes and Allies)
0%
Lunulated Antbird Oneillornis lunulatus Thamnophilidae (Typical Antbirds)
0%
Luzon Redstart Phoenicurus bicolor Muscicapidae (Old World Flycatchers)
0%
Luzon Striped-Babbler Zosterornis striatus Zosteropidae (White-eyes, Yuhinas, and Allies)
0%
MacGregor's Bowerbird Amblyornis macgregoriae Ptilonorhynchidae (Bowerbirds)
0%
Macgregor's Honeyeater Macgregoria pulchra Meliphagidae (Honeyeaters)
0%
Mackinnon's Shrike Lanius mackinnoni Laniidae (Shrikes)
0%
Macleay's Honeyeater Xanthotis macleayanus Meliphagidae (Honeyeaters)
0%
Madagascar Cisticola Cisticola cherina Cisticolidae (Cisticolas and Allies)
0%
Madagascar Cuckooshrike Coracina cinerea Campephagidae (Cuckooshrikes)
0%
Madagascar Lark Eremopterix hova Alaudidae (Larks)
0%
Madagascar Magpie-Robin Copsychus albospecularis Muscicapidae (Old World Flycatchers)
0%
Madagascar Munia Lepidopygia nana Estrildidae (Waxbills and Allies)
0%
Madagascar Starling Hartlaubius auratus Sturnidae (Starlings)
0%
Madagascar Swamp Warbler Acrocephalus newtoni Acrocephalidae (Reed Warblers and Allies)
0%
Madagascar Wagtail Motacilla flaviventris Motacillidae (Wagtails and Pipits)
0%
Madanga Madanga ruficollis Motacillidae (Wagtails and Pipits)
0%
Madeira Firecrest Regulus madeirensis Regulidae (Kinglets)
0%
Magdalena Antbird Sipia palliata Thamnophilidae (Typical Antbirds)
0%
Magdalena Tapaculo Scytalopus rodriguezi Rhinocryptidae (Tapaculos)
0%
Magellanic Tapaculo Scytalopus magellanicus Rhinocryptidae (Tapaculos)
0%
Maghreb Lark Galerida macrorhyncha Alaudidae (Larks)
0%
Maghreb Magpie Pica mauritanica Corvidae (Crows, Jays, and Magpies)
0%
Magnificent Sunbird Aethopyga magnifica Nectariniidae (Sunbirds and Spiderhunters)
0%
Magpie Mannikin Spermestes fringilloides Estrildidae (Waxbills and Allies)
0%
Magpie Shrike Lanius melanoleucus Laniidae (Shrikes)
0%
Magpie Starling Speculipastor bicolor Sturnidae (Starlings)
0%
Magpie Tanager Cissopis leverianus Thraupidae (Tanagers and Allies)
0%
Makira Cicadabird Edolisoma salomonis Campephagidae (Cuckooshrikes)
0%
Makira Honeyeater Meliarchus sclateri Meliphagidae (Honeyeaters)
0%
Makira Leaf Warbler Phylloscopus makirensis Phylloscopidae (Leaf Warblers)
0%
Makira Starling Aplonis dichroa Sturnidae (Starlings)
0%
Makira Thrush Zoothera margaretae Turdidae (Thrushes and Allies)
0%
Malabar Lark Galerida malabarica Alaudidae (Larks)
0%
Malabar Starling Sturnia blythii Sturnidae (Starlings)
0%
Malabar Whistling-Thrush Myophonus horsfieldii Muscicapidae (Old World Flycatchers)
0%
Malabar Woodshrike Tephrodornis sylvicola Vangidae (Vangas, Helmetshrikes, and Allies)
0%
Malachite Sunbird Nectarinia famosa Nectariniidae (Sunbirds and Spiderhunters)
0%
Malagasy Brush-Warbler Nesillas typica Acrocephalidae (Reed Warblers and Allies)
0%
Malagasy Bulbul Hypsipetes madagascariensis Pycnonotidae (Bulbuls)
0%
Malagasy Paradise-Flycatcher Terpsiphone mutata Monarchidae (Monarch Flycatchers)
0%
Malagasy Sunbird Cinnyris notatus Nectariniidae (Sunbirds and Spiderhunters)
0%
Malagasy White-eye Zosterops maderaspatanus Zosteropidae (White-eyes, Yuhinas, and Allies)
0%
Malaita Fantail Rhipidura malaitae Rhipiduridae (Fantails)
0%
Malaita White-eye Zosterops stresemanni Zosteropidae (White-eyes, Yuhinas, and Allies)
0%
Malayan Banded-Pitta Hydrornis irena Pittidae (Pittas)
0%
Malayan Laughingthrush Trochalopteron peninsulae Leiothrichidae (Laughingthrushes and Allies)
0%
Malayan Whistling-Thrush Myophonus robinsoni Muscicapidae (Old World Flycatchers)
0%
Malaysian Blue Flycatcher Cyornis turcosus Muscicapidae (Old World Flycatchers)
0%
Malaysian Pied-Fantail Rhipidura javanica Rhipiduridae (Fantails)
0%
Malaysian Rail-babbler Eupetes macrocerus Eupetidae (Rail-babbler)
0%
Malia Malia grata Locustellidae (Grassbirds and Allies)
0%
Mali Firefinch Lagonosticta virata Estrildidae (Waxbills and Allies)
0%
Malindi Pipit Anthus melindae Motacillidae (Wagtails and Pipits)
0%
Mamberamo Shrikethrush Colluricincla obscura Pachycephalidae (Whistlers and Allies)
0%
Manchurian Bush Warbler Horornis canturians Scotocercidae (Bush Warblers and Allies)
0%
Manchurian Reed Warbler Acrocephalus tangorum Acrocephalidae (Reed Warblers and Allies)
0%
Mangareva Reed Warbler Acrocephalus astrolabii Acrocephalidae (Reed Warblers and Allies)
0%
Mangrove Blue Flycatcher Cyornis rufigastra Muscicapidae (Old World Flycatchers)
0%
Mangrove Finch Camarhynchus heliobates Thraupidae (Tanagers and Allies)
0%
Mangrove Pitta Pitta megarhyncha Pittidae (Pittas)
0%
Mangrove Swallow Tachycineta albilinea Hirundinidae (Swallows)
0%
Mangrove Vireo Vireo pallens Vireonidae (Vireos, Shrike-Babblers, and Erpornis)
0%
Manicore Warbling-Antbird Hypocnemis rondoni Thamnophilidae (Typical Antbirds)
0%
Manu Antbird Cercomacra manu Thamnophilidae (Typical Antbirds)
0%
Manus Cicadabird Edolisoma admiralitatis Campephagidae (Cuckooshrikes)
0%
Manus Cuckooshrike Coracina ingens Campephagidae (Cuckooshrikes)
0%
Manus Fantail Rhipidura semirubra Rhipiduridae (Fantails)
0%
Manus Monarch Symposiachrus infelix Monarchidae (Monarch Flycatchers)
0%
Many-colored Bushshrike Telophorus multicolor Malaconotidae (Bushshrikes and Allies)
0%
Many-colored Chaco Finch Saltatricula multicolor Thraupidae (Tanagers and Allies)
0%
Many-striped Canastero Asthenes flammulata Furnariidae (Ovenbirds and Woodcreepers)
0%
Mao Gymnomyza samoensis Meliphagidae (Honeyeaters)
0%
Maquis Canastero Asthenes heterura Furnariidae (Ovenbirds and Woodcreepers)
0%
Maracaibo Tody-Flycatcher Todirostrum viridanum Tyrannidae (Tyrant Flycatchers)
0%
Marañon Crescentchest Melanopareia maranonica Melanopareiidae (Crescentchests)
0%
Marañon Spinetail Synallaxis maranonica Furnariidae (Ovenbirds and Woodcreepers)
0%
Marañon Thrush Turdus maranonicus Turdidae (Thrushes and Allies)
0%
Marbled Honeyeater Pycnopygius cinereus Meliphagidae (Honeyeaters)
0%
Marbled Wren-Babbler Turdinus marmoratus Pellorneidae (Ground Babblers and Allies)
0%
Marble-faced Bristle-Tyrant Phylloscartes ophthalmicus Tyrannidae (Tyrant Flycatchers)
0%
Marcapata Spinetail Cranioleuca marcapatae Furnariidae (Ovenbirds and Woodcreepers)
0%
Mariana Crow Corvus kubaryi Corvidae (Crows, Jays, and Magpies)
0%
Marianne White-eye Zosterops semiflavus Zosteropidae (White-eyes, Yuhinas, and Allies)
0%
Mariqua Flycatcher Bradornis mariquensis Muscicapidae (Old World Flycatchers)
0%
Mariqua Sunbird Cinnyris mariquensis Nectariniidae (Sunbirds and Spiderhunters)
0%
Marmora's Warbler Curruca sarda Sylviidae (Sylviid Warblers, Parrotbills, and Allies)
0%
Maroon-backed Accentor Prunella immaculata Prunellidae (Accentors)
0%
Maroon-backed Whistler Coracornis raveni Pachycephalidae (Whistlers and Allies)
0%
Maroon-breasted Philentoma Philentoma velata Vangidae (Vangas, Helmetshrikes, and Allies)
0%
Maroon-naped Sunbird Aethopyga guimarasensis Nectariniidae (Sunbirds and Spiderhunters)
0%
Maroon Oriole Oriolus traillii Oriolidae (Old World Orioles)
0%
Marquesas Monarch Pomarea mendozae Monarchidae (Monarch Flycatchers)
0%
Marsh Antwren Formicivora acutirostris Thamnophilidae (Typical Antbirds)
0%
Marsh Babbler Pellorneum palustre Pellorneidae (Ground Babblers and Allies)
0%
Marsh Grassbird Helopsaltes pryeri Locustellidae (Grassbirds and Allies)
0%
Marsh Seedeater Sporophila palustris Thraupidae (Tanagers and Allies)
0%
Marsh Tapaculo Scytalopus iraiensis Rhinocryptidae (Tapaculos)
0%
Marsh Tchagra Tchagra minutus Malaconotidae (Bushshrikes and Allies)
0%
Marsh Widowbird Euplectes hartlaubi Ploceidae (Weavers and Allies)
0%
Martens's Warbler Phylloscopus omeiensis Phylloscopidae (Leaf Warblers)
0%
Martinique Oriole Icterus bonana Icteridae (Troupials and Allies)
0%
Masafuera Rayadito Aphrastura masafuerae Furnariidae (Ovenbirds and Woodcreepers)
0%
Mascarene Martin Phedina borbonica Hirundinidae (Swallows)
0%
Mascarene Paradise-Flycatcher Terpsiphone bourbonnensis Monarchidae (Monarch Flycatchers)
0%
Masked Antpitta Hylopezus auricularis Grallariidae (Antpittas)
0%
Masked Apalis Apalis binotata Cisticolidae (Cisticolas and Allies)
0%
Masked Bowerbird Sericulus aureus Ptilonorhynchidae (Bowerbirds)
0%
Masked Cardinal Paroaria nigrogenis Thraupidae (Tanagers and Allies)
0%
Masked Crimson Tanager Ramphocelus nigrogularis Thraupidae (Tanagers and Allies)
0%
Masked Flowerpiercer Diglossa cyanea Thraupidae (Tanagers and Allies)
0%
Masked Fruiteater Pipreola pulchra Cotingidae (Cotingas)
0%
Masked Gnatcatcher Polioptila dumicola Polioptilidae (Gnatcatchers)
0%
Masked Lark Spizocorys personata Alaudidae (Larks)
0%
Masked Laughingthrush Pterorhinus perspicillatus Leiothrichidae (Laughingthrushes and Allies)
0%
Masked Mountain Tanager Tephrophilus wetmorei Thraupidae (Tanagers and Allies)
0%
Masked Saltator Saltator cinctus Thraupidae (Tanagers and Allies)
0%
Masked Shrike Lanius nubicus Laniidae (Shrikes)
0%
Masked Tanager Stilpnia nigrocincta Thraupidae (Tanagers and Allies)
0%
Masked Tityra Tityra semifasciata Tityridae (Tityras and Allies)
0%
Masked Water-Tyrant Fluvicola nengeta Tyrannidae (Tyrant Flycatchers)
0%
Masked Woodswallow Artamus personatus Artamidae (Woodswallows, Bellmagpies, and Allies)
0%
Masked Yellowthroat Geothlypis aequinoctialis Parulidae (New World Warblers)
0%
Matinan Flycatcher Cyornis sanfordi Muscicapidae (Old World Flycatchers)
0%
Mato Grosso Antbird Cercomacra melanaria Thamnophilidae (Typical Antbirds)
0%
Maui Akepa Loxops ochraceus Fringillidae (Finches, Euphonias, and Allies)
0%
Maui Alauahio Paroreomyza montana Fringillidae (Finches, Euphonias, and Allies)
0%
Maui-nui Akialoa Akialoa lanaiensis Fringillidae (Finches, Euphonias, and Allies)
0%
Maui Nukupuu Hemignathus affinis Fringillidae (Finches, Euphonias, and Allies)
0%
Maupiti Monarch Pomarea pomarea Monarchidae (Monarch Flycatchers)
0%
Mauritius Bulbul Hypsipetes olivaceus Pycnonotidae (Bulbuls)
0%
Mauritius Cuckooshrike Lalage typica Campephagidae (Cuckooshrikes)
0%
Mauritius Fody Foudia rubra Ploceidae (Weavers and Allies)
0%
Mauritius Gray White-eye Zosterops mauritianus Zosteropidae (White-eyes, Yuhinas, and Allies)
0%
Mauritius White-eye Zosterops chloronothos Zosteropidae (White-eyes, Yuhinas, and Allies)
0%
Maxwell's Black Weaver Ploceus albinucha Ploceidae (Weavers and Allies)
0%
Mayan Antthrush Formicarius moniliger Formicariidae (Antthrushes)
0%
Mayotte Drongo Dicrurus waldenii Dicruridae (Drongos)
0%
Mayotte Sunbird Cinnyris coquerellii Nectariniidae (Sunbirds and Spiderhunters)
0%
Mayotte White-eye Zosterops mayottensis Zosteropidae (White-eyes, Yuhinas, and Allies)
0%
Mayr's Honeyeater Ptiloprora mayri Meliphagidae (Honeyeaters)
0%
Mbulu White-eye Zosterops mbuluensis Zosteropidae (White-eyes, Yuhinas, and Allies)
0%
McConnell's Flycatcher Mionectes macconnelli Tyrannidae (Tyrant Flycatchers)
0%
McConnell's Spinetail Synallaxis macconnelli Furnariidae (Ovenbirds and Woodcreepers)
0%
McGregor's Cuckooshrike Malindangia mcgregori Campephagidae (Cuckooshrikes)
0%
McKay's Bunting Plectrophenax hyperboreus Calcariidae (Longspurs and Snow Buntings)
0%
Meadow Bunting Emberiza cioides Emberizidae (Old World Buntings)
0%
Mediterranean Short-toed Lark Alaudala rufescens Alaudidae (Larks)
0%
Medium Ground-Finch Geospiza fortis Thraupidae (Tanagers and Allies)
0%
Medium Tree-Finch Camarhynchus pauper Thraupidae (Tanagers and Allies)
0%
Mekong Wagtail Motacilla samveasnae Motacillidae (Wagtails and Pipits)
0%
Melanesian Flycatcher Myiagra caledonica Monarchidae (Monarch Flycatchers)
0%
Melodious Blackbird Dives dives Icteridae (Troupials and Allies)
0%
Melodious Warbler Hippolais polyglotta Acrocephalidae (Reed Warblers and Allies)
0%
Menetries's Warbler Curruca mystacea Sylviidae (Sylviid Warblers, Parrotbills, and Allies)
0%
Merida Flowerpiercer Diglossa gloriosa Thraupidae (Tanagers and Allies)
0%
Merida Tapaculo Scytalopus meridanus Rhinocryptidae (Tapaculos)
0%
Merida Wren Cistothorus meridae Troglodytidae (Wrens)
0%
Metallic-green Tanager Tangara labradorides Thraupidae (Tanagers and Allies)
0%
Metallic Starling Aplonis metallica Sturnidae (Starlings)
0%
Metallic-winged Sunbird Aethopyga pulcherrima Nectariniidae (Sunbirds and Spiderhunters)
0%
Meves's Starling Lamprotornis mevesii Sturnidae (Starlings)
0%
Meyer's Friarbird Philemon meyeri Meliphagidae (Honeyeaters)
0%
Micronesian Myzomela Myzomela rubratra Meliphagidae (Honeyeaters)
0%
Micronesian Starling Aplonis opaca Sturnidae (Starlings)
0%
Middendorff's Grasshopper Warbler Helopsaltes ochotensis Locustellidae (Grassbirds and Allies)
0%
Middle American Leaftosser Sclerurus mexicanus Furnariidae (Ovenbirds and Woodcreepers)
0%
Midget Flowerpecker Dicaeum aeneum Dicaeidae (Flowerpeckers)
0%
Mid-mountain Berrypecker Melanocharis longicauda Melanocharitidae (Berrypeckers and Longbills)
0%
Millerbird Acrocephalus familiaris Acrocephalidae (Reed Warblers and Allies)
0%
Mimic Honeyeater Microptilotis analogus Meliphagidae (Honeyeaters)
0%
Minas Gerais Tyrannulet Phylloscartes roquettei Tyrannidae (Tyrant Flycatchers)
0%
Mindanao Blue-Fantail Rhipidura superciliaris Rhipiduridae (Fantails)
0%
Mindanao Jungle-Flycatcher Vauriella goodfellowi Muscicapidae (Old World Flycatchers)
0%
Mindanao Plumed-Warbler Micromacronus sordidus Cisticolidae (Cisticolas and Allies)
0%
Mindanao Pygmy-Babbler Dasycrotapha plateni Zosteropidae (White-eyes, Yuhinas, and Allies)
0%
Mindanao White-eye Heleia goodfellowi Zosteropidae (White-eyes, Yuhinas, and Allies)
0%
Mindoro Bulbul Hypsipetes mindorensis Pycnonotidae (Bulbuls)
0%
Miombo Rock-Thrush Monticola angolensis Muscicapidae (Old World Flycatchers)
0%
Miombo Scrub-Robin Cercotrichas barbata Muscicapidae (Old World Flycatchers)
0%
Miombo Tit Melaniparus griseiventris Paridae (Tits, Chickadees, and Titmice)
0%
Miombo Wren-Warbler Calamonastes undosus Cisticolidae (Cisticolas and Allies)
0%
Mishana Tyrannulet Zimmerius villarejoi Tyrannidae (Tyrant Flycatchers)
0%
Mishmi Wren-Babbler Spelaeornis badeigularis Timaliidae (Tree-Babblers, Scimitar-Babblers, and Allies)
0%
Mistletoe Tyrannulet Zimmerius parvus Tyrannidae (Tyrant Flycatchers)
0%
Mocking Cliff-Chat Thamnolaea cinnamomeiventris Muscicapidae (Old World Flycatchers)
0%
Moheli Brush-Warbler Nesillas mariae Acrocephalidae (Reed Warblers and Allies)
0%
Moheli Bulbul Hypsipetes moheliensis Pycnonotidae (Bulbuls)
0%
Moheli White-eye Zosterops comorensis Zosteropidae (White-eyes, Yuhinas, and Allies)
0%
Moltoni's Warbler Curruca subalpina Sylviidae (Sylviid Warblers, Parrotbills, and Allies)
0%
Moluccan Cuckooshrike Coracina atriceps Campephagidae (Cuckooshrikes)
0%
Moluccan Flycatcher Myiagra galeata Monarchidae (Monarch Flycatchers)
0%
Moluccan Starling Aplonis mysolensis Sturnidae (Starlings)
0%
Mongolian Accentor Prunella koslowi Prunellidae (Accentors)
0%
Mongolian Finch Bucanetes mongolicus Fringillidae (Finches, Euphonias, and Allies)
0%
Mongolian Ground-Jay Podoces hendersoni Corvidae (Crows, Jays, and Magpies)
0%
Mongolian Lark Melanocorypha mongolica Alaudidae (Larks)
0%
Mongolian Short-toed Lark Calandrella dukhunensis Alaudidae (Larks)
0%
Monotonous Lark Mirafra passerina Alaudidae (Larks)
0%
Montane Blue Swallow Hirundo atrocaerulea Hirundinidae (Swallows)
0%
Montane Double-collared Sunbird Cinnyris ludovicensis Nectariniidae (Sunbirds and Spiderhunters)
0%
Montane Foliage-gleaner Anabacerthia striaticollis Furnariidae (Ovenbirds and Woodcreepers)
0%
Montane Woodcreeper Lepidocolaptes lacrymiger Furnariidae (Ovenbirds and Woodcreepers)
0%
Monteiro's Bushshrike Malaconotus monteiri Malaconotidae (Bushshrikes and Allies)
0%
Monte Yellow-Finch Sicalis mendozae Thraupidae (Tanagers and Allies)
0%
Montezuma Oropendola Psarocolius montezuma Icteridae (Troupials and Allies)
0%
Montserrat Oriole Icterus oberi Icteridae (Troupials and Allies)
0%
Moorea Reed Warbler Acrocephalus longirostris Acrocephalidae (Reed Warblers and Allies)
0%
Moorland Chat Pinarochroa sordida Muscicapidae (Old World Flycatchers)
0%
Moreau's Sunbird Cinnyris moreaui Nectariniidae (Sunbirds and Spiderhunters)
0%
Morelet's Seedeater Sporophila morelleti Thraupidae (Tanagers and Allies)
0%
Morningbird Pachycephala tenebrosa Pachycephalidae (Whistlers and Allies)
0%
Morrison's Fulvetta Alcippe morrisonia Leiothrichidae (Laughingthrushes and Allies)
0%
Mosque Swallow Cecropis senegalensis Hirundinidae (Swallows)
0%
Moss-backed Sparrow Arremon dorbignii Passerellidae (New World Sparrows)
0%
Moss-backed Tanager Bangsia edwardsi Thraupidae (Tanagers and Allies)
0%
Mottle-backed Elaenia Elaenia gigas Tyrannidae (Tyrant Flycatchers)
0%
Mottle-cheeked Tyrannulet Phylloscartes ventralis Tyrannidae (Tyrant Flycatchers)
0%
Mottled Berryhunter Rhagologus leucostigma Rhagologidae (Mottled Berryhunter)
0%
Mottled Flowerpecker Dicaeum tristrami Dicaeidae (Flowerpeckers)
0%
Mottled Honeyeater Microptilotis mimikae Meliphagidae (Honeyeaters)
0%
Mottled Munia Lonchura hunsteini Estrildidae (Waxbills and Allies)
0%
Mountain Black-eye Zosterops emiliae Zosteropidae (White-eyes, Yuhinas, and Allies)
0%
Mountain Cacique Cacicus chrysonotus Icteridae (Troupials and Allies)
0%
Mountain Chiffchaff Phylloscopus sindianus Phylloscopidae (Leaf Warblers)
0%
Mountain Elaenia Elaenia frantzii Tyrannidae (Tyrant Flycatchers)
0%
Mountain Firetail Oreostruthus fuliginosus Estrildidae (Waxbills and Allies)
0%
Mountain Fulvetta Alcippe peracensis Leiothrichidae (Laughingthrushes and Allies)
0%
Mountain Grackle Macroagelaius subalaris Icteridae (Troupials and Allies)
0%
Mountain Honeyeater Microptilotis orientalis Meliphagidae (Honeyeaters)
0%
Mountain Illadopsis Illadopsis pyrrhoptera Pellorneidae (Ground Babblers and Allies)
0%
Mountain Leaf Warbler Phylloscopus trivirgatus Phylloscopidae (Leaf Warblers)
0%
Mountain Mouse-Warbler Crateroscelis robusta Acanthizidae (Thornbills and Allies)
0%
Mountain Peltops Peltops montanus Artamidae (Woodswallows, Bellmagpies, and Allies)
0%
Mountain Pipit Anthus hoeschi Motacillidae (Wagtails and Pipits)
0%
Mountain Robin-Chat Cossypha isabellae Muscicapidae (Old World Flycatchers)
0%
Mountain Sawwing Psalidoprocne fuliginosa Hirundinidae (Swallows)
0%
Mountain Serin Chrysocorythus estherae Fringillidae (Finches, Euphonias, and Allies)
0%
Mountain Shrike Lanius validirostris Laniidae (Shrikes)
0%
Mountain Starling Aplonis santovestris Sturnidae (Starlings)
0%
Mountain Sunbird Aethopyga jefferyi Nectariniidae (Sunbirds and Spiderhunters)
0%
Mountain Tailorbird Phyllergates cucullatus Scotocercidae (Bush Warblers and Allies)
0%
Mountain Thrush Turdus plebejus Turdidae (Thrushes and Allies)
0%
Mountain Wagtail Motacilla clara Motacillidae (Wagtails and Pipits)
0%
Mountain Wheatear Myrmecocichla monticola Muscicapidae (Old World Flycatchers)
0%
Mountain Wren Troglodytes solstitialis Troglodytidae (Wrens)
0%
Mountain Wren-Babbler Gypsophila crassa Pellorneidae (Ground Babblers and Allies)
0%
Mountain Yellow-Warbler Iduna similis Acrocephalidae (Reed Warblers and Allies)
0%
Mount Kupe Bushshrike Telophorus kupeensis Malaconotidae (Bushshrikes and Allies)
0%
Mount Victoria Babax Pterorhinus woodi Leiothrichidae (Laughingthrushes and Allies)
0%
Mourning Sierra Finch Rhopospina fruticeti Thraupidae (Tanagers and Allies)
0%
Mourning Warbler Geothlypis philadelphia Parulidae (New World Warblers)
0%
Mourning Wheatear Oenanthe lugens Muscicapidae (Old World Flycatchers)
0%
Mouse-brown Sunbird Anthreptes gabonicus Nectariniidae (Sunbirds and Spiderhunters)
0%
Mouse-colored Antshrike Thamnophilus murinus Thamnophilidae (Typical Antbirds)
0%
Mouse-colored Penduline-Tit Anthoscopus musculus Remizidae (Penduline-Tits)
0%
Mouse-colored Sunbird Cyanomitra veroxii Nectariniidae (Sunbirds and Spiderhunters)
0%
Mouse-colored Tapaculo Scytalopus speluncae Rhinocryptidae (Tapaculos)
0%
Mouse-colored Thistletail Asthenes griseomurina Furnariidae (Ovenbirds and Woodcreepers)
0%
Mouse-colored Tyrannulet Phaeomyias murina Tyrannidae (Tyrant Flycatchers)
0%
Moussier's Redstart Phoenicurus moussieri Muscicapidae (Old World Flycatchers)
0%
Moustached Antpitta Grallaria alleni Grallariidae (Antpittas)
0%
Moustached Antwren Myrmotherula ignota Thamnophilidae (Typical Antbirds)
0%
Moustached Babbler Malacopteron magnirostre Pellorneidae (Ground Babblers and Allies)
0%
Moustached Brushfinch Atlapetes albofrenatus Passerellidae (New World Sparrows)
0%
Moustached Flowerpiercer Diglossa mystacalis Thraupidae (Tanagers and Allies)
0%
Moustached Grass-Warbler Melocichla mentalis Macrosphenidae (African Warblers)
0%
Moustached Laughingthrush Ianthocincla cineracea Leiothrichidae (Laughingthrushes and Allies)
0%
Moustached Turca Pteroptochos megapodius Rhinocryptidae (Tapaculos)
0%
Moustached Warbler Acrocephalus melanopogon Acrocephalidae (Reed Warblers and Allies)
0%
Moustached Woodcreeper Xiphocolaptes falcirostris Furnariidae (Ovenbirds and Woodcreepers)
0%
Moustached Wren Pheugopedius genibarbis Troglodytidae (Wrens)
0%
Mrs. Gould's Sunbird Aethopyga gouldiae Nectariniidae (Sunbirds and Spiderhunters)
0%
Mrs. Moreau's Warbler Scepomycter winifredae Cisticolidae (Cisticolas and Allies)
0%
Mugimaki Flycatcher Ficedula mugimaki Muscicapidae (Old World Flycatchers)
0%
Muisca Antpitta Grallaria rufula Grallariidae (Antpittas)
0%
Multicolored Tanager Chlorochrysa nitidissima Thraupidae (Tanagers and Allies)
0%
Munchique Wood-Wren Henicorhina negreti Troglodytidae (Wrens)
0%
Musician Wren Cyphorhinus arada Troglodytidae (Wrens)
0%
Mussau Fantail Rhipidura matthiae Rhipiduridae (Fantails)
0%
Mussau Triller Lalage conjuncta Campephagidae (Cuckooshrikes)
0%
Mysterious Starling Aplonis mavornata Sturnidae (Starlings)
0%
Naga Wren-Babbler Spelaeornis chocolatinus Timaliidae (Tree-Babblers, Scimitar-Babblers, and Allies)
0%
Naked-faced Spiderhunter Arachnothera clarae Nectariniidae (Sunbirds and Spiderhunters)
0%
Namaqua Warbler Phragmacia substriata Cisticolidae (Cisticolas and Allies)
0%
Namuli Apalis Apalis lynesi Cisticolidae (Cisticolas and Allies)
0%
Narcissus Flycatcher Ficedula narcissina Muscicapidae (Old World Flycatchers)
0%
Nariño Tapaculo Scytalopus vicinior Rhinocryptidae (Tapaculos)
0%
Narrow-billed Antwren Formicivora iheringi Thamnophilidae (Typical Antbirds)
0%
Narrow-billed Woodcreeper Lepidocolaptes angustirostris Furnariidae (Ovenbirds and Woodcreepers)
0%
Narrow-tailed Starling Poeoptera lugubris Sturnidae (Starlings)
0%
Natewa Silktail Lamprolia klinesmithi Rhipiduridae (Fantails)
0%
Natterer's Slaty-Antshrike Thamnophilus stictocephalus Thamnophilidae (Typical Antbirds)
0%
Naumann's Thrush Turdus naumanni Turdidae (Thrushes and Allies)
0%
Naung Mung Scimitar-Babbler Napothera naungmungensis Pellorneidae (Ground Babblers and Allies)
0%
Nauru Reed Warbler Acrocephalus rehsei Acrocephalidae (Reed Warblers and Allies)
0%
Nava's Wren Hylorchilus navai Troglodytidae (Wrens)
0%
Neblina Tapaculo Scytalopus altirostris Rhinocryptidae (Tapaculos)
0%
Necklaced Spinetail Synallaxis stictothorax Furnariidae (Ovenbirds and Woodcreepers)
0%
Neergaard's Sunbird Cinnyris neergaardi Nectariniidae (Sunbirds and Spiderhunters)
0%
Negros Jungle-Flycatcher Vauriella albigularis Muscicapidae (Old World Flycatchers)
0%
Negros Striped-Babbler Zosterornis nigrorum Zosteropidae (White-eyes, Yuhinas, and Allies)
0%
Nelicourvi Weaver Ploceus nelicourvi Ploceidae (Weavers and Allies)
0%
Nepal Fulvetta Alcippe nipalensis Leiothrichidae (Laughingthrushes and Allies)
0%
Nepal House-Martin Delichon nipalense Hirundinidae (Swallows)
0%
Neumann's Starling Onychognathus neumanni Sturnidae (Starlings)
0%
Neumann's Warbler Urosphena neumanni Scotocercidae (Bush Warblers and Allies)
0%
New Britain Friarbird Philemon cockerelli Meliphagidae (Honeyeaters)
0%
New Britain Pitta Erythropitta gazellae Pittidae (Pittas)
0%
New Britain Thrush Zoothera talaseae Turdidae (Thrushes and Allies)
0%
New Caledonian Cuckooshrike Analisoma analis Campephagidae (Cuckooshrikes)
0%
New Caledonian Friarbird Philemon diemenensis Meliphagidae (Honeyeaters)
0%
New Caledonian Grassbird Cincloramphus mariei Locustellidae (Grassbirds and Allies)
0%
New Caledonian Myzomela Myzomela caledonica Meliphagidae (Honeyeaters)
0%
New Caledonian Whistler Pachycephala caledonica Pachycephalidae (Whistlers and Allies)
0%
New Guinea White-eye Zosterops novaeguineae Zosteropidae (White-eyes, Yuhinas, and Allies)
0%
New Hanover Munia Lonchura nigerrima Estrildidae (Waxbills and Allies)
0%
New Ireland Friarbird Philemon eichhorni Meliphagidae (Honeyeaters)
0%
New Ireland Munia Lonchura forbesi Estrildidae (Waxbills and Allies)
0%
New Ireland Myzomela Myzomela pulchella Meliphagidae (Honeyeaters)
0%
New Ireland Pitta Erythropitta novaehibernicae Pittidae (Pittas)
0%
Newton's Fiscal Lanius newtoni Laniidae (Shrikes)
0%
Newton's Sunbird Anabathmis newtonii Nectariniidae (Sunbirds and Spiderhunters)
0%
New Zealand Bellbird Anthornis melanura Meliphagidae (Honeyeaters)
0%
New Zealand Fantail Rhipidura fuliginosa Rhipiduridae (Fantails)
0%
New Zealand Fernbird Poodytes punctatus Locustellidae (Grassbirds and Allies)
0%
Nias Myna Gracula robusta Sturnidae (Starlings)
0%
Nicaraguan Grackle Quiscalus nicaraguensis Icteridae (Troupials and Allies)
0%
Nicaraguan Seed-Finch Sporophila nuttingi Thraupidae (Tanagers and Allies)
0%
Niceforo's Wren Thryophilus nicefori Troglodytidae (Wrens)
0%
Nicholson's Pipit Anthus nicholsoni Motacillidae (Wagtails and Pipits)
0%
Nicobar Bulbul Hypsipetes nicobariensis Pycnonotidae (Bulbuls)
0%
Nicobar Jungle-Flycatcher Cyornis nicobaricus Muscicapidae (Old World Flycatchers)
0%
Nightingale Island Finch Nesospiza questi Thraupidae (Tanagers and Allies)
0%
Nightingale Reed Warbler Acrocephalus luscinius Acrocephalidae (Reed Warblers and Allies)
0%
Nightingale Wren Microcerculus philomela Troglodytidae (Wrens)
0%
Nihoa Finch Telespiza ultima Fringillidae (Finches, Euphonias, and Allies)
0%
Nile Valley Sunbird Hedydipna metallica Nectariniidae (Sunbirds and Spiderhunters)
0%
Nilgiri Flowerpecker Dicaeum concolor Dicaeidae (Flowerpeckers)
0%
Nilgiri Flycatcher Eumyias albicaudatus Muscicapidae (Old World Flycatchers)
0%
Nilgiri Laughingthrush Montecincla cachinnans Leiothrichidae (Laughingthrushes and Allies)
0%
Nilgiri Pipit Anthus nilghiriensis Motacillidae (Wagtails and Pipits)
0%
Nilgiri Sholakili Sholicola major Muscicapidae (Old World Flycatchers)
0%
Nilgiri Thrush Zoothera neilgherriensis Turdidae (Thrushes and Allies)
0%
Nimba Flycatcher Melaenornis annamarulae Muscicapidae (Old World Flycatchers)
0%
Noisy Pitta Pitta versicolor Pittidae (Pittas)
0%
Noisy Scrub-bird Atrichornis clamosus Atrichornithidae (Scrub-birds)
0%
Nonggang Babbler Stachyris nonggangensis Timaliidae (Tree-Babblers, Scimitar-Babblers, and Allies)
0%
Norfolk Island Gerygone Gerygone modesta Acanthizidae (Thornbills and Allies)
0%
Norfolk Starling Aplonis fusca Sturnidae (Starlings)
0%
Noronha Elaenia Elaenia ridleyana Tyrannidae (Tyrant Flycatchers)
0%
Noronha Vireo Vireo gracilirostris Vireonidae (Vireos, Shrike-Babblers, and Erpornis)
0%
Northern Anteater-Chat Myrmecocichla aethiops Muscicapidae (Old World Flycatchers)
0%
Northern Barred-Woodcreeper Dendrocolaptes sanctithomae Furnariidae (Ovenbirds and Woodcreepers)
0%
Northern Beardless-Tyrannulet Camptostoma imberbe Tyrannidae (Tyrant Flycatchers)
0%
Northern Bentbill Oncostoma cinereigulare Tyrannidae (Tyrant Flycatchers)
0%
Northern Black-Flycatcher Melaenornis edolioides Muscicapidae (Old World Flycatchers)
0%
Northern Brownbul Phyllastrephus strepitans Pycnonotidae (Bulbuls)
0%
Northern Brown-throated Weaver Ploceus castanops Ploceidae (Weavers and Allies)
0%
Northern Catbird Ailuroedus jobiensis Ptilonorhynchidae (Bowerbirds)
0%
Northern Crombec Sylvietta brachyura Macrosphenidae (African Warblers)
0%
Northern Double-collared Sunbird Cinnyris reichenowi Nectariniidae (Sunbirds and Spiderhunters)
0%
Northern Fiscal Lanius humeralis Laniidae (Shrikes)
0%
Northern Gray-headed Sparrow Passer griseus Passeridae (Old World Sparrows)
0%
Northern Grosbeak-Canary Crithagra donaldsoni Fringillidae (Finches, Euphonias, and Allies)
0%
Northern Marquesan Reed Warbler Acrocephalus percernis Acrocephalidae (Reed Warblers and Allies)
0%
Northern Masked-Weaver Ploceus taeniopterus Ploceidae (Weavers and Allies)
0%
Northern Pied-Babbler Turdoides hypoleuca Leiothrichidae (Laughingthrushes and Allies)
0%
Northern Puffback Dryoscopus gambensis Malaconotidae (Bushshrikes and Allies)
0%
Northern Red Bishop Euplectes franciscanus Ploceidae (Weavers and Allies)
0%
Northern Schiffornis Schiffornis veraepacis Tityridae (Tityras and Allies)
0%
Northern Scrub-Flycatcher Sublegatus arenarum Tyrannidae (Tyrant Flycatchers)
0%
Northern Slaty-Antshrike Thamnophilus punctatus Thamnophilidae (Typical Antbirds)
0%
Northern Variable Pitohui Pitohui kirhocephalus Oriolidae (Old World Orioles)
0%
Northern Wattled-Honeyeater Foulehaio taviunensis Meliphagidae (Honeyeaters)
0%
Northern Yellow White-eye Zosterops senegalensis Zosteropidae (White-eyes, Yuhinas, and Allies)
0%
North Island Kokako Callaeas wilsoni Callaeidae (Wattlebirds)
0%
North Island Piopio Turnagra tanagra Oriolidae (Old World Orioles)
0%
North Island Saddleback Philesturnus rufusater Callaeidae (Wattlebirds)
0%
North Melanesian Cuckooshrike Coracina welchmani Campephagidae (Cuckooshrikes)
0%
North Moluccan Pitta Erythropitta rufiventris Pittidae (Pittas)
0%
Nuku Hiva Monarch Pomarea nukuhivae Monarchidae (Monarch Flycatchers)
0%
Numfor Leaf Warbler Phylloscopus maforensis Phylloscopidae (Leaf Warblers)
0%
Nuthatch-Vanga Hypositta corallirostris Vangidae (Vangas, Helmetshrikes, and Allies)
0%
Nutting's Flycatcher Myiarchus nuttingi Tyrannidae (Tyrant Flycatchers)
0%
Oahu Akepa Loxops wolstenholmei Fringillidae (Finches, Euphonias, and Allies)
0%
Oahu Akialoa Akialoa ellisiana Fringillidae (Finches, Euphonias, and Allies)
0%
Oahu Alauahio Paroreomyza maculata Fringillidae (Finches, Euphonias, and Allies)
0%
Oahu Amakihi Chlorodrepanis flava Fringillidae (Finches, Euphonias, and Allies)
0%
Oahu Elepaio Chasiempis ibidis Monarchidae (Monarch Flycatchers)
0%
Oahu Nukupuu Hemignathus lucidus Fringillidae (Finches, Euphonias, and Allies)
0%
Oak Titmouse Baeolophus inornatus Paridae (Tits, Chickadees, and Titmice)
0%
Oaxaca Sparrow Aimophila notosticta Passerellidae (New World Sparrows)
0%
Obbia Lark Spizocorys obbiensis Alaudidae (Larks)
0%
Oberländer's Ground-Thrush Geokichla oberlaenderi Turdidae (Thrushes and Allies)
0%
Obi Golden-Bulbul Alophoixus lucasi Pycnonotidae (Bulbuls)
0%
Obscure Berrypecker Melanocharis arfakiana Melanocharitidae (Berrypeckers and Longbills)
0%
Obscure Honeyeater Caligavis obscura Meliphagidae (Honeyeaters)
0%
Oceanic Flycatcher Myiagra oceanica Monarchidae (Monarch Flycatchers)
0%
Ocellated Antbird Phaenostictus mcleannani Thamnophilidae (Typical Antbirds)
0%
Ocellated Tapaculo Acropternis orthonyx Rhinocryptidae (Tapaculos)
0%
Ocellated Thrasher Toxostoma ocellatum Mimidae (Mockingbirds and Thrashers)
0%
Ocellated Woodcreeper Xiphorhynchus ocellatus Furnariidae (Ovenbirds and Woodcreepers)
0%
Ochraceous Attila Attila torridus Tyrannidae (Tyrant Flycatchers)
0%
Ochraceous-breasted Flycatcher Nephelomyias ochraceiventris Tyrannidae (Tyrant Flycatchers)
0%
Ochraceous Bulbul Alophoixus ochraceus Pycnonotidae (Bulbuls)
0%
Ochraceous Pewee Contopus ochraceus Tyrannidae (Tyrant Flycatchers)
0%
Ochraceous Wren Troglodytes ochraceus Troglodytidae (Wrens)
0%
Ochre-bellied Flycatcher Mionectes oleagineus Tyrannidae (Tyrant Flycatchers)
0%
Ochre-breasted Antpitta Grallaricula flavirostris Grallariidae (Antpittas)
0%
Ochre-breasted Brushfinch Atlapetes semirufus Passerellidae (New World Sparrows)
0%
Ochre-breasted Catbird Ailuroedus stonii Ptilonorhynchidae (Bowerbirds)
0%
Ochre-breasted Foliage-gleaner Anabacerthia lichtensteini Furnariidae (Ovenbirds and Woodcreepers)
0%
Ochre-breasted Pipit Anthus nattereri Motacillidae (Wagtails and Pipits)
0%
Ochre-breasted Tanager Chlorothraupis stolzmanni Cardinalidae (Cardinals and Allies)
0%
Ochre-browed Thistletail Asthenes coryi Furnariidae (Ovenbirds and Woodcreepers)
0%
Ochre-cheeked Spinetail Synallaxis scutata Furnariidae (Ovenbirds and Woodcreepers)
0%
Ochre-collared Monarch Arses insularis Monarchidae (Monarch Flycatchers)
0%
Ochre-faced Tody-Flycatcher Poecilotriccus plumbeiceps Tyrannidae (Tyrant Flycatchers)
0%
Ochre-flanked Tapaculo Eugralla paradoxa Rhinocryptidae (Tapaculos)
0%
Ochre-fronted Antpitta Grallaricula ochraceifrons Grallariidae (Antpittas)
0%
Ochre-headed Flycatcher Myiagra cervinicauda Monarchidae (Monarch Flycatchers)
0%
Ochre-naped Ground-Tyrant Muscisaxicola flavinucha Tyrannidae (Tyrant Flycatchers)
0%
Ochre-rumped Antbird Drymophila ochropyga Thamnophilidae (Typical Antbirds)
0%
Ochre-rumped Bunting Emberiza yessoensis Emberizidae (Old World Buntings)
0%
Ochre-striped Antpitta Grallaria dignissima Grallariidae (Antpittas)
0%
Odedi Horornis haddeni Scotocercidae (Bush Warblers and Allies)
0%
Ogea Monarch Mayrornis versicolor Monarchidae (Monarch Flycatchers)
0%
Oleaginous Hemispingus Sphenopsis frontalis Thraupidae (Tanagers and Allies)
0%
Olivaceous Elaenia Elaenia mesoleuca Tyrannidae (Tyrant Flycatchers)
0%
Olivaceous Flatbill Rhynchocyclus olivaceus Tyrannidae (Tyrant Flycatchers)
0%
Olivaceous Flycatcher Fraseria olivascens Muscicapidae (Old World Flycatchers)
0%
Olivaceous Greenlet Hylophilus olivaceus Vireonidae (Vireos, Shrike-Babblers, and Erpornis)
0%
Olivaceous Piha Snowornis cryptolophus Cotingidae (Cotingas)
0%
Olivaceous Saltator Saltator olivascens Thraupidae (Tanagers and Allies)
0%
Olivaceous Schiffornis Schiffornis olivacea Tityridae (Tityras and Allies)
0%
Olivaceous Siskin Spinus olivaceus Fringillidae (Finches, Euphonias, and Allies)
0%
Olivaceous Woodcreeper Sittasomus griseicapillus Furnariidae (Ovenbirds and Woodcreepers)
0%
Olive-backed Euphonia Euphonia gouldi Fringillidae (Finches, Euphonias, and Allies)
0%
Olive-backed Flowerpecker Prionochilus olivaceus Dicaeidae (Flowerpeckers)
0%
Olive-backed Foliage-gleaner Automolus infuscatus Furnariidae (Ovenbirds and Woodcreepers)
0%
Olive-backed Tailorbird Orthotomus sepium Cisticolidae (Cisticolas and Allies)
0%
Olive-backed Tanager Mitrospingus oleagineus Mitrospingidae (Mitrospingid Tanagers)
0%
Olive-backed Woodcreeper Xiphorhynchus triangularis Furnariidae (Ovenbirds and Woodcreepers)
0%
Olive-bellied Sunbird Cinnyris chloropygius Nectariniidae (Sunbirds and Spiderhunters)
0%
Olive Bulbul Iole viridescens Pycnonotidae (Bulbuls)
0%
Olive Bushshrike Telophorus olivaceus Malaconotidae (Bushshrikes and Allies)
0%
Olive-capped Flowerpecker Dicaeum nigrilore Dicaeidae (Flowerpeckers)
0%
Olive-capped Warbler Setophaga pityophila Parulidae (New World Warblers)
0%
Olive-chested Flycatcher Myiophobus cryptoxanthus Tyrannidae (Tyrant Flycatchers)
0%
Olive-crowned Crescentchest Melanopareia maximiliani Melanopareiidae (Crescentchests)
0%
Olive-crowned Flowerpecker Dicaeum pectorale Dicaeidae (Flowerpeckers)
0%
Olive-crowned Yellowthroat Geothlypis semiflava Parulidae (New World Warblers)
0%
Olive Finch Arremon castaneiceps Passerellidae (New World Sparrows)
0%
Olive-flanked Robin-Chat Cossypha anomala Muscicapidae (Old World Flycatchers)
0%
Olive Flycatcher Mitrephanes olivaceus Tyrannidae (Tyrant Flycatchers)
0%
Olive Flyrobin Microeca flavovirescens Petroicidae (Australasian Robins)
0%
Olive-green Camaroptera Camaroptera chloronota Cisticolidae (Cisticolas and Allies)
0%
Olive-green Tanager Orthogonys chloricterus Mitrospingidae (Mitrospingid Tanagers)
0%
Olive-green Tyrannulet Phylloscartes virescens Tyrannidae (Tyrant Flycatchers)
0%
Olive-headed Weaver Ploceus olivaceiceps Ploceidae (Weavers and Allies)
0%
Olive Honeyeater Lichmera argentauris Meliphagidae (Honeyeaters)
0%
Olive Manakin Xenopipo uniformis Pipridae (Manakins)
0%
Olive Oropendola Psarocolius bifasciatus Icteridae (Troupials and Allies)
0%
Olive-rumped Serin Crithagra rothschildi Fringillidae (Finches, Euphonias, and Allies)
0%
Olive Spinetail Cranioleuca obsoleta Furnariidae (Ovenbirds and Woodcreepers)
0%
Olive Straightbill Timeliopsis fulvigula Meliphagidae (Honeyeaters)
0%
Olive-striped Flycatcher Mionectes olivaceus Tyrannidae (Tyrant Flycatchers)
0%
Olive Sunbird Cyanomitra olivacea Nectariniidae (Sunbirds and Spiderhunters)
0%
Olive Thrush Turdus olivaceus Turdidae (Thrushes and Allies)
0%
Olive-tree Warbler Hippolais olivetorum Acrocephalidae (Reed Warblers and Allies)
0%
Olive-winged Bulbul Pycnonotus plumosus Pycnonotidae (Bulbuls)
0%
Olive-yellow Robin Poecilodryas placens Petroicidae (Australasian Robins)
0%
Olomao Myadestes lanaiensis Turdidae (Thrushes and Allies)
0%
Olrog's Cinclodes Cinclodes olrogi Furnariidae (Ovenbirds and Woodcreepers)
0%
One-colored Becard Pachyramphus homochrous Tityridae (Tityras and Allies)
0%
Opal-crowned Manakin Lepidothrix iris Pipridae (Manakins)
0%
Opal-crowned Tanager Tangara callophrys Thraupidae (Tanagers and Allies)
0%
Opal-rumped Tanager Tangara velia Thraupidae (Tanagers and Allies)
0%
Orange-backed Troupial Icterus croconotus Icteridae (Troupials and Allies)
0%
Orange-banded Flycatcher Nephelomyias lintoni Tyrannidae (Tyrant Flycatchers)
0%
Orange-banded Thrush Geokichla peronii Turdidae (Thrushes and Allies)
0%
Orange-bellied Antwren Terenura sicki Thamnophilidae (Typical Antbirds)
0%
Orange-bellied Euphonia Euphonia xanthogaster Fringillidae (Finches, Euphonias, and Allies)
0%
Orange-bellied Flowerpecker Dicaeum trigonostigma Dicaeidae (Flowerpeckers)
0%
Orange-bellied Leafbird Chloropsis hardwickii Chloropseidae (Leafbirds)
0%
Orange-bellied Manakin Lepidothrix suavissima Pipridae (Manakins)
0%
Orange-billed Babbler Argya rufescens Leiothrichidae (Laughingthrushes and Allies)
0%
Orange-billed Nightingale-Thrush Catharus aurantiirostris Turdidae (Thrushes and Allies)
0%
Orange-billed Sparrow Arremon aurantiirostris Passerellidae (New World Sparrows)
0%
Orange-breasted Bunting Passerina leclancherii Cardinalidae (Cardinals and Allies)
0%
Orange-breasted Fruiteater Pipreola jucunda Cotingidae (Cotingas)
0%
Orange-breasted Laughingthrush Garrulax annamensis Leiothrichidae (Laughingthrushes and Allies)
0%
Orange-breasted Myzomela Myzomela jugularis Meliphagidae (Honeyeaters)
0%
Orange-breasted Sunbird Anthobaphes violacea Nectariniidae (Sunbirds and Spiderhunters)
0%
Orange-breasted Thornbird Phacellodomus ferrugineigula Furnariidae (Ovenbirds and Woodcreepers)
0%
Orange-browed Hemispingus Kleinothraupis calophrys Thraupidae (Tanagers and Allies)
0%
Orange Bullfinch Pyrrhula aurantiaca Fringillidae (Finches, Euphonias, and Allies)
0%
Orange-cheeked Honeyeater Oreornis chrysogenys Meliphagidae (Honeyeaters)
0%
Orange-cheeked Waxbill Estrilda melpoda Estrildidae (Waxbills and Allies)
0%
Orange-collared Manakin Manacus aurantiacus Pipridae (Manakins)
0%
Orange-crested Flycatcher Myiophobus phoenicomitra Tyrannidae (Tyrant Flycatchers)
0%
Orange-crowned Euphonia Euphonia saturata Fringillidae (Finches, Euphonias, and Allies)
0%
Orange-crowned Fairywren Clytomyias insignis Maluridae (Fairywrens)
0%
Orange-crowned Manakin Heterocercus aurantiivertex Pipridae (Manakins)
0%
Orange-crowned Oriole Icterus auricapillus Icteridae (Troupials and Allies)
0%
Orange-eared Tanager Chlorochrysa calliparaea Thraupidae (Tanagers and Allies)
0%
Orange-eyed Flycatcher Tolmomyias traylori Tyrannidae (Tyrant Flycatchers)
0%
Orange-eyed Thornbird Phacellodomus erythrophthalmus Furnariidae (Ovenbirds and Woodcreepers)
0%
Orange-fronted Plushcrown Metopothrix aurantiaca Furnariidae (Ovenbirds and Woodcreepers)
0%
Orange-fronted Yellow-Finch Sicalis columbiana Thraupidae (Tanagers and Allies)
0%
Orange Ground-Thrush Geokichla gurneyi Turdidae (Thrushes and Allies)
0%
Orange-headed Tanager Thlypopsis sordida Thraupidae (Tanagers and Allies)
0%
Orange-headed Thrush Geokichla citrina Turdidae (Thrushes and Allies)
0%
Orange Minivet Pericrocotus flammeus Campephagidae (Cuckooshrikes)
0%
Orange Oriole Icterus auratus Icteridae (Troupials and Allies)
0%
Orangequit Euneornis campestris Thraupidae (Tanagers and Allies)
0%
Orange River White-eye Zosterops pallidus Zosteropidae (White-eyes, Yuhinas, and Allies)
0%
Orange-spotted Bulbul Pycnonotus bimaculatus Pycnonotidae (Bulbuls)
0%
Orange-throated Longclaw Macronyx capensis Motacillidae (Wagtails and Pipits)
0%
Orange-throated Tanager Wetmorethraupis sterrhopteron Thraupidae (Tanagers and Allies)
0%
Orange-tufted Spiderhunter Arachnothera flammifera Nectariniidae (Sunbirds and Spiderhunters)
0%
Orange-tufted Sunbird Cinnyris bouvieri Nectariniidae (Sunbirds and Spiderhunters)
0%
Orange Weaver Ploceus aurantius Ploceidae (Weavers and Allies)
0%
Orange-winged Pytilia Pytilia afra Estrildidae (Waxbills and Allies)
0%
Oriental Greenfinch Chloris sinica Fringillidae (Finches, Euphonias, and Allies)
0%
Oriental Magpie-Robin Copsychus saularis Muscicapidae (Old World Flycatchers)
0%
Oriental Reed Warbler Acrocephalus orientalis Acrocephalidae (Reed Warblers and Allies)
0%
Oriental Skylark Alauda gulgula Alaudidae (Larks)
0%
Oriente Warbler Teretistris fornsi Teretistridae (Cuban Warblers)
0%
Orinocan Saltator Saltator orenocensis Thraupidae (Tanagers and Allies)
0%
Orinoco Softtail Thripophaga cherriei Furnariidae (Ovenbirds and Woodcreepers)
0%
Oriole Blackbird Gymnomystax mexicanus Icteridae (Troupials and Allies)
0%
Oriole Cuckooshrike Lobotos oriolinus Campephagidae (Cuckooshrikes)
0%
Oriole Finch Linurgus olivaceus Fringillidae (Finches, Euphonias, and Allies)
0%
Oriole Warbler Hypergerus atriceps Cisticolidae (Cisticolas and Allies)
0%
Oriole Whistler Pachycephala orioloides Pachycephalidae (Whistlers and Allies)
0%
Ornate Flycatcher Myiotriccus ornatus Tyrannidae (Tyrant Flycatchers)
0%
Ornate Melidectes Melidectes torquatus Meliphagidae (Honeyeaters)
0%
Ornate Pitta Pitta concinna Pittidae (Pittas)
0%
Ornate Stipplethroat Epinecrophylla ornata Thamnophilidae (Typical Antbirds)
0%
Ortolan Bunting Emberiza hortulana Emberizidae (Old World Buntings)
0%
Oustalet's Sunbird Cinnyris oustaleti Nectariniidae (Sunbirds and Spiderhunters)
0%
Oustalet's Tyrannulet Phylloscartes oustaleti Tyrannidae (Tyrant Flycatchers)
0%
Owston's Tit Sittiparus owstoni Paridae (Tits, Chickadees, and Titmice)
0%
Oxapampa Antpitta Grallaria centralis Grallariidae (Antpittas)
0%
Pacific Antwren Myrmotherula pacifica Thamnophilidae (Typical Antbirds)
0%
Pacific Elaenia Myiopagis subplacens Tyrannidae (Tyrant Flycatchers)
0%
Pacific Flatbill Rhynchocyclus pacificus Tyrannidae (Tyrant Flycatchers)
0%
Paddyfield Pipit Anthus rufulus Motacillidae (Wagtails and Pipits)
0%
Paddyfield Warbler Acrocephalus agricola Acrocephalidae (Reed Warblers and Allies)
0%
Pagan Reed Warbler Acrocephalus yamashinae Acrocephalidae (Reed Warblers and Allies)
0%
Painted Honeyeater Grantiella picta Meliphagidae (Honeyeaters)
0%
Painted Manakin Machaeropterus eckelberryi Pipridae (Manakins)
0%
Painted Tody-Flycatcher Todirostrum pictum Tyrannidae (Tyrant Flycatchers)
0%
Palani Laughingthrush Montecincla fairbanki Leiothrichidae (Laughingthrushes and Allies)
0%
Palau Bush Warbler Horornis annae Scotocercidae (Bush Warblers and Allies)
0%
Palau Fantail Rhipidura lepida Rhipiduridae (Fantails)
0%
Palau Flycatcher Myiagra erythrops Monarchidae (Monarch Flycatchers)
0%
Palawan Babbler Malacopteron palawanense Pellorneidae (Ground Babblers and Allies)
0%
Palawan Blue Flycatcher Cyornis lemprieri Muscicapidae (Old World Flycatchers)
0%
Palawan Flowerpecker Prionochilus plateni Dicaeidae (Flowerpeckers)
0%
Palawan Flycatcher Ficedula platenae Muscicapidae (Old World Flycatchers)
0%
Palawan Striped-Babbler Zosterornis hypogrammicus Zosteropidae (White-eyes, Yuhinas, and Allies)
0%
Palawan Tit Periparus amabilis Paridae (Tits, Chickadees, and Titmice)
0%
Pale Batis Batis soror Platysteiridae (Wattle-eyes and Batises)
0%
Pale Baywing Agelaioides fringillarius Icteridae (Troupials and Allies)
0%
Pale-bellied Mourner Rhytipterna immunda Tyrannidae (Tyrant Flycatchers)
0%
Pale-bellied Myna Acridotheres cinereus Sturnidae (Starlings)
0%
Pale-bellied Tapaculo Scytalopus griseicollis Rhinocryptidae (Tapaculos)
0%
Pale-bellied Tyrant-Manakin Neopelma pallescens Pipridae (Manakins)
0%
Pale-billed Antpitta Grallaria carrikeri Grallariidae (Antpittas)
0%
Pale-billed Firefinch Lagonosticta landanae Estrildidae (Waxbills and Allies)
0%
Pale-billed Flowerpecker Dicaeum erythrorhynchos Dicaeidae (Flowerpeckers)
0%
Pale-billed Hornero Furnarius torridus Furnariidae (Ovenbirds and Woodcreepers)
0%
Pale-billed Parrotbill Chleuasicus atrosuperciliaris Sylviidae (Sylviid Warblers, Parrotbills, and Allies)
0%
Pale-billed Scrubwren Sericornis spilodera Acanthizidae (Thornbills and Allies)
0%
Pale-billed Sicklebill Drepanornis bruijnii Paradisaeidae (Birds-of-Paradise)
0%
Pale Blue Flycatcher Cyornis unicolor Muscicapidae (Old World Flycatchers)
0%
Pale-blue Monarch Hypothymis puella Monarchidae (Monarch Flycatchers)
0%
Pale-breasted Illadopsis Illadopsis rufipennis Pellorneidae (Ground Babblers and Allies)
0%
Pale-breasted Spinetail Synallaxis albescens Furnariidae (Ovenbirds and Woodcreepers)
0%
Pale-breasted Thrush Turdus leucomelas Turdidae (Thrushes and Allies)
0%
Pale-browed Treehunter Cichlocolaptes leucophrus Furnariidae (Ovenbirds and Woodcreepers)
0%
Pale-chinned Blue Flycatcher Cyornis poliogenys Muscicapidae (Old World Flycatchers)
0%
Pale Cicadabird Edolisoma ceramense Campephagidae (Cuckooshrikes)
0%
Pale-crowned Cisticola Cisticola cinnamomeus Cisticolidae (Cisticolas and Allies)
0%
Pale-edged Flycatcher Myiarchus cephalotes Tyrannidae (Tyrant Flycatchers)
0%
Pale-eyed Blackbird Agelasticus xanthophthalmus Icteridae (Troupials and Allies)
0%
Pale-eyed Pygmy-Tyrant Atalotriccus pilaris Tyrannidae (Tyrant Flycatchers)
0%
Pale-eyed Thrush Turdus leucops Turdidae (Thrushes and Allies)
0%
Pale-faced Bare-eye Phlegopsis borbae Thamnophilidae (Typical Antbirds)
0%
Pale Flycatcher Agricola pallidus Muscicapidae (Old World Flycatchers)
0%
Pale-footed Bush Warbler Urosphena pallidipes Scotocercidae (Bush Warblers and Allies)
0%
Pale-footed Swallow Orochelidon flavipes Hirundinidae (Swallows)
0%
Pale-fronted Nigrita Nigrita luteifrons Estrildidae (Waxbills and Allies)
0%
Pale-headed Brushfinch Atlapetes pallidiceps Passerellidae (New World Sparrows)
0%
Pale-headed Munia Lonchura pallida Estrildidae (Waxbills and Allies)
0%
Pale-legged Hornero Furnarius leucopus Furnariidae (Ovenbirds and Woodcreepers)
0%
Pale-legged Leaf Warbler Phylloscopus tenellipes Phylloscopidae (Leaf Warblers)
0%
Pale-legged Warbler Myiothlypis signata Parulidae (New World Warblers)
0%
Pale-naped Brushfinch Atlapetes pallidinucha Passerellidae (New World Sparrows)
0%
Pale-olive Greenbul Phyllastrephus fulviventris Pycnonotidae (Bulbuls)
0%
Pale Prinia Prinia somalica Cisticolidae (Cisticolas and Allies)
0%
Pale Rockfinch Carpospiza brachydactyla Passeridae (Old World Sparrows)
0%
Pale Rosefinch Carpodacus stoliczkae Fringillidae (Finches, Euphonias, and Allies)
0%
Pale Sand Martin Riparia diluta Hirundinidae (Swallows)
0%
Pale-shouldered Cicadabird Edolisoma dohertyi Campephagidae (Cuckooshrikes)
0%
Pale Spiderhunter Arachnothera dilutior Nectariniidae (Sunbirds and Spiderhunters)
0%
Palestine Sunbird Cinnyris osea Nectariniidae (Sunbirds and Spiderhunters)
0%
Pale-throated Pampa-Finch Embernagra longicauda Thraupidae (Tanagers and Allies)
0%
Pale-throated Wren-Babbler Spelaeornis kinneari Timaliidae (Tree-Babblers, Scimitar-Babblers, and Allies)
0%
Pale Thrush Turdus pallidus Turdidae (Thrushes and Allies)
0%
Pale-tipped Tyrannulet Inezia caudata Tyrannidae (Tyrant Flycatchers)
0%
Pale-vented Thrush Turdus obsoletus Turdidae (Thrushes and Allies)
0%
Pale-winged Starling Onychognathus nabouroup Sturnidae (Starlings)
0%
Palila Loxioides bailleui Fringillidae (Finches, Euphonias, and Allies)
0%
Pallas's Bunting Emberiza pallasi Emberizidae (Old World Buntings)
0%
Pallas's Grasshopper Warbler Helopsaltes certhiola Locustellidae (Grassbirds and Allies)
0%
Pallas's Rosefinch Carpodacus roseus Fringillidae (Finches, Euphonias, and Allies)
0%
Pallid Spinetail Cranioleuca pallida Furnariidae (Ovenbirds and Woodcreepers)
0%
Palm Crow Corvus palmarum Corvidae (Crows, Jays, and Magpies)
0%
Palm Tanager Thraupis palmarum Thraupidae (Tanagers and Allies)
0%
Pampas Meadowlark Leistes defilippii Icteridae (Troupials and Allies)
0%
Pampas Pipit Anthus chacoensis Motacillidae (Wagtails and Pipits)
0%
Panama Flycatcher Myiarchus panamensis Tyrannidae (Tyrant Flycatchers)
0%
Panao Antpitta Grallaria oneilli Grallariidae (Antpittas)
0%
Panay Striped-Babbler Zosterornis latistriatus Zosteropidae (White-eyes, Yuhinas, and Allies)
0%
Pangani Longclaw Macronyx aurantiigula Motacillidae (Wagtails and Pipits)
0%
Pantepui Thrush Turdus murinus Turdidae (Thrushes and Allies)
0%
Papuan Babbler Pomatostomus isidorei Pomatostomidae (Pseudo-Babblers)
0%
Papuan Black Myzomela Myzomela nigrita Meliphagidae (Honeyeaters)
0%
Papuan Cicadabird Edolisoma incertum Campephagidae (Cuckooshrikes)
0%
Papuan Flycatcher Microeca papuana Petroicidae (Australasian Robins)
0%
Papuan Grassbird Cincloramphus macrurus Locustellidae (Grassbirds and Allies)
0%
Papuan Parrotfinch Erythrura papuana Estrildidae (Waxbills and Allies)
0%
Papuan Pitta Erythropitta macklotii Pittidae (Pittas)
0%
Papuan Scrubwren Sericornis papuensis Acanthizidae (Thornbills and Allies)
0%
Papuan Sittella Daphoenositta papuensis Neosittidae (Sittellas)
0%
Papuan Thornbill Acanthiza murina Acanthizidae (Thornbills and Allies)
0%
Papuan Whipbird Androphobus viridis Psophodidae (Whipbirds and Wedgebills)
0%
Papyrus Canary Crithagra koliensis Fringillidae (Finches, Euphonias, and Allies)
0%
Papyrus Gonolek Laniarius mufumbiri Malaconotidae (Bushshrikes and Allies)
0%
Papyrus Yellow-Warbler Calamonastides gracilirostris Acrocephalidae (Reed Warblers and Allies)
0%
Paradise-crow Lycocorax pyrrhopterus Paradisaeidae (Birds-of-Paradise)
0%
Paradise Tanager Tangara chilensis Thraupidae (Tanagers and Allies)
0%
Para Foliage-gleaner Automolus paraensis Furnariidae (Ovenbirds and Woodcreepers)
0%
Paramillo Tapaculo Scytalopus canus Rhinocryptidae (Tapaculos)
0%
Paramo Pipit Anthus bogotensis Motacillidae (Wagtails and Pipits)
0%
Paramo Seedeater Catamenia homochroa Thraupidae (Tanagers and Allies)
0%
Paramo Tapaculo Scytalopus opacus Rhinocryptidae (Tapaculos)
0%
Parasitic Weaver Anomalospiza imberbis Viduidae (Indigobirds)
0%
Pardusco Nephelornis oneilli Thraupidae (Tanagers and Allies)
0%
Paria Brushfinch Arremon phygas Passerellidae (New World Sparrows)
0%
Paria Redstart Myioborus pariae Parulidae (New World Warblers)
0%
Parker's Antbird Cercomacroides parkeri Thamnophilidae (Typical Antbirds)
0%
Parker's Spinetail Cranioleuca vulpecula Furnariidae (Ovenbirds and Woodcreepers)
0%
Parodi's Hemispingus Kleinothraupis parodii Thraupidae (Tanagers and Allies)
0%
Parrot-billed Seedeater Sporophila peruviana Thraupidae (Tanagers and Allies)
0%
Parrot-billed Sparrow Passer gongonensis Passeridae (Old World Sparrows)
0%
Patagonian Canastero Pseudasthenes patagonica Furnariidae (Ovenbirds and Woodcreepers)
0%
Patagonian Forest Earthcreeper Upucerthia saturatior Furnariidae (Ovenbirds and Woodcreepers)
0%
Patagonian Mockingbird Mimus patagonicus Mimidae (Mockingbirds and Thrashers)
0%
Patagonian Sierra Finch Phrygilus patagonicus Thraupidae (Tanagers and Allies)
0%
Patagonian Tyrant Colorhamphus parvirostris Tyrannidae (Tyrant Flycatchers)
0%
Patagonian Yellow-Finch Sicalis lebruni Thraupidae (Tanagers and Allies)
0%
Pearl-breasted Swallow Hirundo dimidiata Hirundinidae (Swallows)
0%
Pearled Treerunner Margarornis squamiger Furnariidae (Ovenbirds and Woodcreepers)
0%
Pearly Antshrike Megastictus margaritatus Thamnophilidae (Typical Antbirds)
0%
Pearly-bellied Seedeater Sporophila pileata Thraupidae (Tanagers and Allies)
0%
Pearly-breasted Conebill Conirostrum margaritae Thraupidae (Tanagers and Allies)
0%
Pearly-eyed Thrasher Margarops fuscatus Mimidae (Mockingbirds and Thrashers)
0%
Pearly-vented Tody-Tyrant Hemitriccus margaritaceiventer Tyrannidae (Tyrant Flycatchers)
0%
Pechora Pipit Anthus gustavi Motacillidae (Wagtails and Pipits)
0%
Pectoral Antwren Herpsilochmus pectoralis Thamnophilidae (Typical Antbirds)
0%
Pectoral-patch Cisticola Cisticola brunnescens Cisticolidae (Cisticolas and Allies)
0%
Pectoral Sparrow Arremon taciturnus Passerellidae (New World Sparrows)
0%
Peg-billed Finch Acanthidops bairdi Thraupidae (Tanagers and Allies)
0%
Peleng Fantail Rhipidura habibiei Rhipiduridae (Fantails)
0%
Pelzeln's Tody-Tyrant Hemitriccus inornatus Tyrannidae (Tyrant Flycatchers)
0%
Pemba Sunbird Cinnyris pembae Nectariniidae (Sunbirds and Spiderhunters)
0%
Pemba White-eye Zosterops vaughani Zosteropidae (White-eyes, Yuhinas, and Allies)
0%
Penan Bulbul Alophoixus ruficrissus Pycnonotidae (Bulbuls)
0%
Pere David's Laughingthrush Pterorhinus davidi Leiothrichidae (Laughingthrushes and Allies)
0%
Pere David's Snowfinch Montifringilla davidiana Passeridae (Old World Sparrows)
0%
Perija Antpitta Grallaria saltuensis Grallariidae (Antpittas)
0%
Perija Brushfinch Arremon perijanus Passerellidae (New World Sparrows)
0%
Perija Tapaculo Scytalopus perijanus Rhinocryptidae (Tapaculos)
0%
Perija Thistletail Asthenes perijana Furnariidae (Ovenbirds and Woodcreepers)
0%
Pernambuco Foliage-gleaner Automolus lammi Furnariidae (Ovenbirds and Woodcreepers)
0%
Perplexing Scrubwren Sericornis virgatus Acanthizidae (Thornbills and Allies)
0%
Persian Wheatear Oenanthe chrysopygia Muscicapidae (Old World Flycatchers)
0%
Peruvian Antpitta Grallaricula peruviana Grallariidae (Antpittas)
0%
Peruvian Martin Progne murphyi Hirundinidae (Swallows)
0%
Peruvian Meadowlark Leistes bellicosus Icteridae (Troupials and Allies)
0%
Peruvian Pipit Anthus peruvianus Motacillidae (Wagtails and Pipits)
0%
Peruvian Plantcutter Phytotoma raimondii Cotingidae (Cotingas)
0%
Peruvian Recurvebill Syndactyla ucayalae Furnariidae (Ovenbirds and Woodcreepers)
0%
Peruvian Sierra Finch Phrygilus punensis Thraupidae (Tanagers and Allies)
0%
Peruvian Tyrannulet Zimmerius viridiflavus Tyrannidae (Tyrant Flycatchers)
0%
Peruvian Warbling-Antbird Hypocnemis peruviana Thamnophilidae (Typical Antbirds)
0%
Peruvian Wren Cinnycerthia peruana Troglodytidae (Wrens)
0%
Peters's Twinspot Hypargos niveoguttatus Estrildidae (Waxbills and Allies)
0%
Petit's Cuckooshrike Campephaga petiti Campephagidae (Cuckooshrikes)
0%
Philippine Bulbul Hypsipetes philippinus Pycnonotidae (Bulbuls)
0%
Philippine Bush Warbler Horornis seebohmi Scotocercidae (Bush Warblers and Allies)
0%
Philippine Fairy-bluebird Irena cyanogastra Irenidae (Fairy-bluebirds)
0%
Philippine Leafbird Chloropsis flavipennis Chloropseidae (Leafbirds)
0%
Philippine Magpie-Robin Copsychus mindanensis Muscicapidae (Old World Flycatchers)
0%
Philippine Oriole Oriolus steerii Oriolidae (Old World Orioles)
0%
Philippine Pied-Fantail Rhipidura nigritorquis Rhipiduridae (Fantails)
0%
Piapiac Ptilostomus afer Corvidae (Crows, Jays, and Magpies)
0%
Pied Bushchat Saxicola caprata Muscicapidae (Old World Flycatchers)
0%
Pied Butcherbird Cracticus nigrogularis Artamidae (Woodswallows, Bellmagpies, and Allies)
0%
Pied-crested Tit-Tyrant Anairetes reguloides Tyrannidae (Tyrant Flycatchers)
0%
Pied Cuckooshrike Coracina bicolor Campephagidae (Cuckooshrikes)
0%
Pied Shrike-Babbler Pteruthius flaviscapis Vireonidae (Vireos, Shrike-Babblers, and Erpornis)
0%
Pied Thrush Geokichla wardii Turdidae (Thrushes and Allies)
0%
Pied Triller Lalage nigra Campephagidae (Cuckooshrikes)
0%
Pied Water-Tyrant Fluvicola pica Tyrannidae (Tyrant Flycatchers)
0%
Pied Wheatear Oenanthe pleschanka Muscicapidae (Old World Flycatchers)
0%
Pied-winged Swallow Hirundo leucosoma Hirundinidae (Swallows)
0%
Pileated Finch Coryphospingus pileatus Thraupidae (Tanagers and Allies)
0%
Pileated Flycatcher Xenotriccus mexicanus Tyrannidae (Tyrant Flycatchers)
0%
Pine Bunting Emberiza leucocephalos Emberizidae (Old World Buntings)
0%
Pine Flycatcher Empidonax affinis Tyrannidae (Tyrant Flycatchers)
0%
Pink-billed Lark Spizocorys conirostris Alaudidae (Larks)
0%
Pink-billed Parrotfinch Erythrura kleinschmidti Estrildidae (Waxbills and Allies)
0%
Pink-breasted Lark Calendulauda poecilosterna Alaudidae (Larks)
0%
Pink-browed Rosefinch Carpodacus rodochroa Fringillidae (Finches, Euphonias, and Allies)
0%
Pink-footed Puffback Dryoscopus angolensis Malaconotidae (Bushshrikes and Allies)
0%
Pink-legged Graveteiro Acrobatornis fonsecai Furnariidae (Ovenbirds and Woodcreepers)
0%
Pink-rumped Rosefinch Carpodacus waltoni Fringillidae (Finches, Euphonias, and Allies)
0%
Pink-throated Becard Pachyramphus minor Tityridae (Tityras and Allies)
0%
Pink-throated Twinspot Hypargos margaritatus Estrildidae (Waxbills and Allies)
0%
Pin-striped Tit-Babbler Mixornis gularis Timaliidae (Tree-Babblers, Scimitar-Babblers, and Allies)
0%
Pin-tailed Manakin Ilicura militaris Pipridae (Manakins)
0%
Pin-tailed Parrotfinch Erythrura prasina Estrildidae (Waxbills and Allies)
0%
Pin-tailed Whydah Vidua macroura Viduidae (Indigobirds)
0%
Pinto's Spinetail Synallaxis infuscata Furnariidae (Ovenbirds and Woodcreepers)
0%
Piping Bellbird Ornorectes cristatus Oreoicidae (Australo-Papuan Bellbirds)
0%
Piping Cisticola Cisticola fulvicapilla Cisticolidae (Cisticolas and Allies)
0%
Piping Crow Corvus typicus Corvidae (Crows, Jays, and Magpies)
0%
Pipipi Mohoua novaeseelandiae Mohouidae (Whiteheads)
0%
Pirre Chlorospingus Chlorospingus inornatus Passerellidae (New World Sparrows)
0%
Pirre Warbler Basileuterus ignotus Parulidae (New World Warblers)
0%
Pitcairn Reed Warbler Acrocephalus vaughani Acrocephalidae (Reed Warblers and Allies)
0%
Piura Chat-Tyrant Ochthoeca piurae Tyrannidae (Tyrant Flycatchers)
0%
Plain Antvireo Dysithamnus mentalis Thamnophilidae (Typical Antbirds)
0%
Plain-backed Antpitta Grallaria haplonota Grallariidae (Antpittas)
0%
Plain-backed Pipit Anthus leucophrys Motacillidae (Wagtails and Pipits)
0%
Plain-backed Sparrow Passer flaveolus Passeridae (Old World Sparrows)
0%
Plain-backed Sunbird Anthreptes reichenowi Nectariniidae (Sunbirds and Spiderhunters)
0%
Plain-brown Woodcreeper Dendrocincla fuliginosa Furnariidae (Ovenbirds and Woodcreepers)
0%
Plain-capped Ground-Tyrant Muscisaxicola alpinus Tyrannidae (Tyrant Flycatchers)
0%
Plain-colored Seedeater Catamenia inornata Thraupidae (Tanagers and Allies)
0%
Plain-colored Tanager Tangara inornata Thraupidae (Tanagers and Allies)
0%
Plain-crested Elaenia Elaenia cristata Tyrannidae (Tyrant Flycatchers)
0%
Plain-crowned Spinetail Synallaxis gujanensis Furnariidae (Ovenbirds and Woodcreepers)
0%
Plain Flowerpecker Dicaeum minullum Dicaeidae (Flowerpeckers)
0%
Plain Gerygone Gerygone inornata Acanthizidae (Thornbills and Allies)
0%
Plain Greenbul Eurillas curvirostris Pycnonotidae (Bulbuls)
0%
Plain Honeyeater Pycnopygius ixoides Meliphagidae (Honeyeaters)
0%
Plain Leaf Warbler Phylloscopus neglectus Phylloscopidae (Leaf Warblers)
0%
Plain-mantled Tit-Spinetail Leptasthenura aegithaloides Furnariidae (Ovenbirds and Woodcreepers)
0%
Plain Martin Riparia paludicola Hirundinidae (Swallows)
0%
Plain Mountain Finch Leucosticte nemoricola Fringillidae (Finches, Euphonias, and Allies)
0%
Plain Prinia Prinia inornata Cisticolidae (Cisticolas and Allies)
0%
Plain Softtail Thripophaga fusciceps Furnariidae (Ovenbirds and Woodcreepers)
0%
Plain Sunbird Anthreptes simplex Nectariniidae (Sunbirds and Spiderhunters)
0%
Plain-tailed Warbling Finch Microspingus alticola Thraupidae (Tanagers and Allies)
0%
Plain-tailed Wren Pheugopedius euophrys Troglodytidae (Wrens)
0%
Plain-throated Antwren Isleria hauxwelli Thamnophilidae (Typical Antbirds)
0%
Plain Tyrannulet Inezia inornata Tyrannidae (Tyrant Flycatchers)
0%
Plain White-eye Zosterops hypolais Zosteropidae (White-eyes, Yuhinas, and Allies)
0%
Plain-winged Antshrike Thamnophilus schistaceus Thamnophilidae (Typical Antbirds)
0%
Plain-winged Antwren Myrmotherula behni Thamnophilidae (Typical Antbirds)
0%
Plain-winged Woodcreeper Dendrocincla turdina Furnariidae (Ovenbirds and Woodcreepers)
0%
Plain Xenops Xenops minutus Furnariidae (Ovenbirds and Woodcreepers)
0%
Planalto Slaty-Antshrike Thamnophilus pelzelni Thamnophilidae (Typical Antbirds)
0%
Planalto Tapaculo Scytalopus pachecoi Rhinocryptidae (Tapaculos)
0%
Planalto Tyrannulet Phyllomyias fasciatus Tyrannidae (Tyrant Flycatchers)
0%
Planalto Woodcreeper Dendrocolaptes platyrostris Furnariidae (Ovenbirds and Woodcreepers)
0%
Pleske's Grasshopper Warbler Helopsaltes pleskei Locustellidae (Grassbirds and Allies)
0%
Plumbeous Antbird Myrmelastes hyperythrus Thamnophilidae (Typical Antbirds)
0%
Plumbeous Antvireo Dysithamnus plumbeus Thamnophilidae (Typical Antbirds)
0%
Plumbeous-backed Thrush Turdus reevei Turdidae (Thrushes and Allies)
0%
Plumbeous Black-Tyrant Knipolegus cabanisi Tyrannidae (Tyrant Flycatchers)
0%
Plumbeous-crowned Tyrannulet Phyllomyias plumbeiceps Tyrannidae (Tyrant Flycatchers)
0%
Plumbeous Euphonia Euphonia plumbea Fringillidae (Finches, Euphonias, and Allies)
0%
Plumbeous Redstart Phoenicurus fuliginosus Muscicapidae (Old World Flycatchers)
0%
Plumbeous Seedeater Sporophila plumbea Thraupidae (Tanagers and Allies)
0%
Plumbeous Sierra Finch Geospizopsis unicolor Thraupidae (Tanagers and Allies)
0%
Plumbeous Vireo Vireo plumbeus Vireonidae (Vireos, Shrike-Babblers, and Erpornis)
0%
Plum-throated Cotinga Cotinga maynana Cotingidae (Cotingas)
0%
Plushcap Catamblyrhynchus diadema Thraupidae (Tanagers and Allies)
0%
Pohnpei Fantail Rhipidura kubaryi Rhipiduridae (Fantails)
0%
Pohnpei Flycatcher Myiagra pluto Monarchidae (Monarch Flycatchers)
0%
Pohnpei Starling Aplonis pelzelni Sturnidae (Starlings)
0%
Pohnpei White-eye Zosterops ponapensis Zosteropidae (White-eyes, Yuhinas, and Allies)
0%
Point-tailed Palmcreeper Berlepschia rikeri Furnariidae (Ovenbirds and Woodcreepers)
0%
Pollen's Vanga Xenopirostris polleni Vangidae (Vangas, Helmetshrikes, and Allies)
0%
Polynesian Starling Aplonis tabuensis Sturnidae (Starlings)
0%
Polynesian Triller Lalage maculosa Campephagidae (Cuckooshrikes)
0%
Pompadour Cotinga Xipholena punicea Cotingidae (Cotingas)
0%
Prairie Warbler Setophaga discolor Parulidae (New World Warblers)
0%
Predicted Antwren Herpsilochmus praedictus Thamnophilidae (Typical Antbirds)
0%
Preuss's Swallow Petrochelidon preussi Hirundinidae (Swallows)
0%
Preuss's Weaver Ploceus preussi Ploceidae (Weavers and Allies)
0%
Prigogine's Greenbul Chlorocichla prigoginei Pycnonotidae (Bulbuls)
0%
Prigogine's Sunbird Cinnyris prigoginei Nectariniidae (Sunbirds and Spiderhunters)
0%
Prince Henry's Laughingthrush Trochalopteron henrici Leiothrichidae (Laughingthrushes and Allies)
0%
Principe Golden-Weaver Ploceus princeps Ploceidae (Weavers and Allies)
0%
Principe Seedeater Crithagra rufobrunnea Fringillidae (Finches, Euphonias, and Allies)
0%
Principe Speirops Zosterops leucophaeus Zosteropidae (White-eyes, Yuhinas, and Allies)
0%
Principe Starling Lamprotornis ornatus Sturnidae (Starlings)
0%
Principe Sunbird Anabathmis hartlaubii Nectariniidae (Sunbirds and Spiderhunters)
0%
Principe Thrush Turdus xanthorhynchus Turdidae (Thrushes and Allies)
0%
Principe White-eye Zosterops ficedulinus Zosteropidae (White-eyes, Yuhinas, and Allies)
0%
Pringle's Puffback Dryoscopus pringlii Malaconotidae (Bushshrikes and Allies)
0%
Pririt Batis Batis pririt Platysteiridae (Wattle-eyes and Batises)
0%
Protea Canary Crithagra leucoptera Fringillidae (Finches, Euphonias, and Allies)
0%
Przevalski's Nuthatch Sitta przewalskii Sittidae (Nuthatches)
0%
Puaiohi Myadestes palmeri Turdidae (Thrushes and Allies)
0%
Puerto Rican Bullfinch Melopyrrha portoricensis Thraupidae (Tanagers and Allies)
0%
Puerto Rican Flycatcher Myiarchus antillarum Tyrannidae (Tyrant Flycatchers)
0%
Puerto Rican Oriole Icterus portoricensis Icteridae (Troupials and Allies)
0%
Puerto Rican Spindalis Spindalis portoricensis Spindalidae (Spindalises)
0%
Puerto Rican Vireo Vireo latimeri Vireonidae (Vireos, Shrike-Babblers, and Erpornis)
0%
Puff-backed Bulbul Brachypodius eutilotus Pycnonotidae (Bulbuls)
0%
Puff-backed Honeyeater Meliphaga aruensis Meliphagidae (Honeyeaters)
0%
Puff-throated Babbler Pellorneum ruficeps Pellorneidae (Ground Babblers and Allies)
0%
Puff-throated Bulbul Alophoixus pallidus Pycnonotidae (Bulbuls)
0%
Pulitzer's Longbill Macrosphenus pulitzeri Macrosphenidae (African Warblers)
0%
Puna Canastero Asthenes sclateri Furnariidae (Ovenbirds and Woodcreepers)
0%
Puna Ground-Tyrant Muscisaxicola juninensis Tyrannidae (Tyrant Flycatchers)
0%
Puna Miner Geositta punensis Furnariidae (Ovenbirds and Woodcreepers)
0%
Puna Tapaculo Scytalopus simonsi Rhinocryptidae (Tapaculos)
0%
Puna Thistletail Asthenes helleri Furnariidae (Ovenbirds and Woodcreepers)
0%
Puna Yellow-Finch Sicalis lutea Thraupidae (Tanagers and Allies)
0%
Puno Antpitta Grallaria sinaensis Grallariidae (Antpittas)
0%
Purple-banded Sunbird Cinnyris bifasciatus Nectariniidae (Sunbirds and Spiderhunters)
0%
Purple-breasted Cotinga Cotinga cotinga Cotingidae (Cotingas)
0%
Purple-breasted Sunbird Nectarinia purpureiventris Nectariniidae (Sunbirds and Spiderhunters)
0%
Purple Cochoa Cochoa purpurea Turdidae (Thrushes and Allies)
0%
Purple Grenadier Granatina ianthinogaster Estrildidae (Waxbills and Allies)
0%
Purple-headed Starling Hylopsar purpureiceps Sturnidae (Starlings)
0%
Purple Honeycreeper Cyanerpes caeruleus Thraupidae (Tanagers and Allies)
0%
Purple Indigobird Vidua purpurascens Viduidae (Indigobirds)
0%
Purple-naped Spiderhunter Kurochkinegramma hypogrammicum Nectariniidae (Sunbirds and Spiderhunters)
0%
Purple-rumped Sunbird Leptocoma zeylonica Nectariniidae (Sunbirds and Spiderhunters)
0%
Purple Starling Lamprotornis purpureus Sturnidae (Starlings)
0%
Purple Sunbird Cinnyris asiaticus Nectariniidae (Sunbirds and Spiderhunters)
0%
Purple-throated Cotinga Porphyrolaema porphyrolaema Cotingidae (Cotingas)
0%
Purple-throated Cuckooshrike Campephaga quiscalina Campephagidae (Cuckooshrikes)
0%
Purple-throated Euphonia Euphonia chlorotica Fringillidae (Finches, Euphonias, and Allies)
0%
Purple-throated Fruitcrow Querula purpurata Cotingidae (Cotingas)
0%
Purple-throated Sunbird Leptocoma sperata Nectariniidae (Sunbirds and Spiderhunters)
0%
Purplish-mantled Tanager Iridosornis porphyrocephalus Thraupidae (Tanagers and Allies)
0%
Puvel's Illadopsis Illadopsis puveli Pellorneidae (Ground Babblers and Allies)
0%
Pygmy Antwren Myrmotherula brachyura Thamnophilidae (Typical Antbirds)
0%
Pygmy Batis Batis perkeo Platysteiridae (Wattle-eyes and Batises)
0%
Pygmy Cuckooshrike Celebesia abbotti Campephagidae (Cuckooshrikes)
0%
Pygmy Flowerpecker Dicaeum pygmaeum Dicaeidae (Flowerpeckers)
0%
Pygmy Flycatcher Ficedula hodgsoni Muscicapidae (Old World Flycatchers)
0%
Pygmy Longbill Oedistoma pygmaeum Melanocharitidae (Berrypeckers and Longbills)
0%
Pygmy Sunbird Hedydipna platura Nectariniidae (Sunbirds and Spiderhunters)
0%
Pygmy Tit Psaltria exilis Aegithalidae (Long-tailed Tits)
0%
Pygmy White-eye Heleia squamifrons Zosteropidae (White-eyes, Yuhinas, and Allies)
0%
Pyrrhuloxia Cardinalis sinuatus Cardinalidae (Cardinals and Allies)
0%
Quailfinch Ortygospiza atricollis Estrildidae (Waxbills and Allies)
0%
Quailfinch Indigobird Vidua nigeriae Viduidae (Indigobirds)
0%
Rachel's Malimbe Malimbus racheliae Ploceidae (Weavers and Allies)
0%
Racket-tailed Treepie Crypsirina temia Corvidae (Crows, Jays, and Magpies)
0%
Radde's Accentor Prunella ocularis Prunellidae (Accentors)
0%
Radde's Warbler Phylloscopus schwarzi Phylloscopidae (Leaf Warblers)
0%
Raggiana Bird-of-Paradise Paradisaea raggiana Paradisaeidae (Birds-of-Paradise)
0%
Raiatea Starling Aplonis ulietensis Sturnidae (Starlings)
0%
Raimondi's Yellow-Finch Sicalis raimondii Thraupidae (Tanagers and Allies)
0%
Rainbow Pitta Pitta iris Pittidae (Pittas)
0%
Raja Ampat Pitohui Pitohui cerviniventris Oriolidae (Old World Orioles)
0%
Rand's Warbler Randia pseudozosterops Bernieridae (Malagasy Warblers)
0%
Rarotonga Monarch Pomarea dimidiata Monarchidae (Monarch Flycatchers)
0%
Rarotonga Starling Aplonis cinerascens Sturnidae (Starlings)
0%
Ratchet-tailed Treepie Temnurus temnurus Corvidae (Crows, Jays, and Magpies)
0%
Rattling Cisticola Cisticola chiniana Cisticolidae (Cisticolas and Allies)
0%
Razo Skylark Alauda razae Alaudidae (Larks)
0%
Recurve-billed Bushbird Clytoctantes alixii Thamnophilidae (Typical Antbirds)
0%
Red-and-black Grosbeak Periporphyrus erythromelas Cardinalidae (Cardinals and Allies)
0%
Red-and-black Thrush Geokichla mendeni Turdidae (Thrushes and Allies)
0%
Red-and-white Antpitta Grallaria erythroleuca Grallariidae (Antpittas)
0%
Red-and-white Spinetail Certhiaxis mustelinus Furnariidae (Ovenbirds and Woodcreepers)
0%
Red Avadavat Amandava amandava Estrildidae (Waxbills and Allies)
0%
Red-backed Scrub-Robin Cercotrichas leucophrys Muscicapidae (Old World Flycatchers)
0%
Red-backed Sierra Finch Idiopsar dorsalis Thraupidae (Tanagers and Allies)
0%
Red-banded Flowerpecker Dicaeum eximium Dicaeidae (Flowerpeckers)
0%
Red-banded Fruiteater Pipreola whitelyi Cotingidae (Cotingas)
0%
Red-bellied Grackle Hypopyrrhus pyrohypogaster Icteridae (Troupials and Allies)
0%
Red-bellied Malimbe Malimbus erythrogaster Ploceidae (Weavers and Allies)
0%
Red-bellied Myzomela Myzomela malaitae Meliphagidae (Honeyeaters)
0%
Red-billed Buffalo-Weaver Bubalornis niger Ploceidae (Weavers and Allies)
0%
Red-billed Chough Pyrrhocorax pyrrhocorax Corvidae (Crows, Jays, and Magpies)
0%
Red-billed Firefinch Lagonosticta senegala Estrildidae (Waxbills and Allies)
0%
Red-billed Helmetshrike Prionops caniceps Vangidae (Vangas, Helmetshrikes, and Allies)
0%
Red-billed Leiothrix Leiothrix lutea Leiothrichidae (Laughingthrushes and Allies)
0%
Red-billed Oxpecker Buphagus erythrorynchus Buphagidae (Oxpeckers)
0%
Red-billed Pied Tanager Lamprospiza melanoleuca Mitrospingidae (Mitrospingid Tanagers)
0%
Red-billed Pytilia Pytilia lineata Estrildidae (Waxbills and Allies)
0%
Red-billed Quelea Quelea quelea Ploceidae (Weavers and Allies)
0%
Red-billed Scimitar-Babbler Pomatorhinus ochraceiceps Timaliidae (Tree-Babblers, Scimitar-Babblers, and Allies)
0%
Red-billed Scythebill Campylorhamphus trochilirostris Furnariidae (Ovenbirds and Woodcreepers)
0%
Red-billed Starling Spodiopsar sericeus Sturnidae (Starlings)
0%
Red-billed Tyrannulet Zimmerius cinereicapilla Tyrannidae (Tyrant Flycatchers)
0%
Red-billed Woodcreeper Hylexetastes perrotii Furnariidae (Ovenbirds and Woodcreepers)
0%
Red Bird-of-Paradise Paradisaea rubra Paradisaeidae (Birds-of-Paradise)
0%
Red-breasted Chat Granatellus venustus Cardinalidae (Cardinals and Allies)
0%
Red-breasted Flycatcher Ficedula parva Muscicapidae (Old World Flycatchers)
0%
Red-breasted Meadowlark Leistes militaris Icteridae (Troupials and Allies)
0%
Red-breasted Wheatear Oenanthe bottae Muscicapidae (Old World Flycatchers)
0%
Red-browed Pardalote Pardalotus rubricatus Pardalotidae (Pardalotes)
0%
Red-capped Cardinal Paroaria gularis Thraupidae (Tanagers and Allies)
0%
Red-capped Crombec Sylvietta ruficapilla Macrosphenidae (African Warblers)
0%
Red-capped Flowerpecker Dicaeum geelvinkianum Dicaeidae (Flowerpeckers)
0%
Red-capped Lark Calandrella cinerea Alaudidae (Larks)
0%
Red-capped Manakin Ceratopipra mentalis Pipridae (Manakins)
0%
Red-capped Robin-Chat Cossypha natalensis Muscicapidae (Old World Flycatchers)
0%
Red-cheeked Cordonbleu Uraeginthus bengalus Estrildidae (Waxbills and Allies)
0%
Red-cheeked Wattle-eye Platysteira blissetti Platysteiridae (Wattle-eyes and Batises)
0%
Red-chested Flowerpecker Dicaeum maugei Dicaeidae (Flowerpeckers)
0%
Red-chested Sunbird Cinnyris erythrocercus Nectariniidae (Sunbirds and Spiderhunters)
0%
Red-chested Swallow Hirundo lucida Hirundinidae (Swallows)
0%
Red-collared Mountain-Babbler Turdoides rufocinctus Leiothrichidae (Laughingthrushes and Allies)
0%
Red-collared Myzomela Myzomela rosenbergii Meliphagidae (Honeyeaters)
0%
Red-collared Widowbird Euplectes ardens Ploceidae (Weavers and Allies)
0%
Red-cowled Cardinal Paroaria dominicana Thraupidae (Tanagers and Allies)
0%
Red-crested Cotinga Ampelion rubrocristatus Cotingidae (Cotingas)
0%
Red-crested Finch Coryphospingus cucullatus Thraupidae (Tanagers and Allies)
0%
Red-crowned Ant-Tanager Habia rubica Cardinalidae (Cardinals and Allies)
0%
Red-crowned Malimbe Malimbus coronatus Ploceidae (Weavers and Allies)
0%
Reddish-winged Bare-eye Phlegopsis erythroptera Thamnophilidae (Typical Antbirds)
0%
Red-eared Parrotfinch Erythrura coloria Estrildidae (Waxbills and Allies)
0%
Red-eyed Bulbul Pycnonotus brunneus Pycnonotidae (Bulbuls)
0%
Red-eyed Puffback Dryoscopus senegalensis Malaconotidae (Bushshrikes and Allies)
0%
Red-faced Cisticola Cisticola erythrops Cisticolidae (Cisticolas and Allies)
0%
Red-faced Crimsonwing Cryptospiza reichenovii Estrildidae (Waxbills and Allies)
0%
Red-faced Crombec Sylvietta whytii Macrosphenidae (African Warblers)
0%
Red-faced Liocichla Liocichla phoenicea Leiothrichidae (Laughingthrushes and Allies)
0%
Red-faced Pytilia Pytilia hypogrammica Estrildidae (Waxbills and Allies)
0%
Red-faced Spinetail Cranioleuca erythrops Furnariidae (Ovenbirds and Woodcreepers)
0%
Red-faced Woodland-Warbler Phylloscopus laetus Phylloscopidae (Leaf Warblers)
0%
Red-flanked Bluetail Tarsiger cyanurus Muscicapidae (Old World Flycatchers)
0%
Red Fody Foudia madagascariensis Ploceidae (Weavers and Allies)
0%
Red-fronted Antpecker Parmoptila rubrifrons Estrildidae (Waxbills and Allies)
0%
Red-fronted Prinia Prinia rufifrons Cisticolidae (Cisticolas and Allies)
0%
Red-fronted Rosefinch Carpodacus puniceus Fringillidae (Finches, Euphonias, and Allies)
0%
Red-headed Bluebill Spermophaga ruficapilla Estrildidae (Waxbills and Allies)
0%
Red-headed Bullfinch Pyrrhula erythrocephala Fringillidae (Finches, Euphonias, and Allies)
0%
Red-headed Bunting Emberiza bruniceps Emberizidae (Old World Buntings)
0%
Red-headed Cisticola Cisticola subruficapilla Cisticolidae (Cisticolas and Allies)
0%
Red-headed Finch Amadina erythrocephala Estrildidae (Waxbills and Allies)
0%
Red-headed Fody Foudia eminentissima Ploceidae (Weavers and Allies)
0%
Red-headed Malimbe Malimbus rubricollis Ploceidae (Weavers and Allies)
0%
Red-headed Manakin Ceratopipra rubrocapilla Pipridae (Manakins)
0%
Red-headed Parrotfinch Erythrura cyaneovirens Estrildidae (Waxbills and Allies)
0%
Red-headed Quelea Quelea erythrops Ploceidae (Weavers and Allies)
0%
Red-headed Tanager Piranga erythrocephala Cardinalidae (Cardinals and Allies)
0%
Red-headed Weaver Anaplectes rubriceps Ploceidae (Weavers and Allies)
0%
Red-hooded Tanager Piranga rubriceps Cardinalidae (Cardinals and Allies)
0%
Red-keeled Flowerpecker Dicaeum australe Dicaeidae (Flowerpeckers)
0%
Red Lark Calendulauda burra Alaudidae (Larks)
0%
Red-legged Honeycreeper Cyanerpes cyaneus Thraupidae (Tanagers and Allies)
0%
Red-legged Thrush Turdus plumbeus Turdidae (Thrushes and Allies)
0%
Red-mantled Rosefinch Carpodacus rhodochlamys Fringillidae (Finches, Euphonias, and Allies)
0%
Red Myzomela Myzomela cruentata Meliphagidae (Honeyeaters)
0%
Red-naped Bushshrike Laniarius ruficeps Malaconotidae (Bushshrikes and Allies)
0%
Red-necked Tanager Tangara cyanocephala Thraupidae (Tanagers and Allies)
0%
Red-pate Cisticola Cisticola ruficeps Cisticolidae (Cisticolas and Allies)
0%
Red-ruffed Fruitcrow Pyroderus scutatus Cotingidae (Cotingas)
0%
Red-rumped Bush-Tyrant Cnemarchus erythropygius Tyrannidae (Tyrant Flycatchers)
0%
Red-rumped Cacique Cacicus haemorrhous Icteridae (Troupials and Allies)
0%
Red-rumped Wheatear Oenanthe moesta Muscicapidae (Old World Flycatchers)
0%
Red Sea Swallow Petrochelidon perdita Hirundinidae (Swallows)
0%
Red-shouldered Blackbird Agelaius assimilis Icteridae (Troupials and Allies)
0%
Red-shouldered Cuckooshrike Campephaga phoenicea Campephagidae (Cuckooshrikes)
0%
Red-shouldered Spinetail Synallaxis hellmayri Furnariidae (Ovenbirds and Woodcreepers)
0%
Red-shouldered Tanager Tachyphonus phoenicius Thraupidae (Tanagers and Allies)
0%
Red-shouldered Vanga Calicalicus rufocarpalis Vangidae (Vangas, Helmetshrikes, and Allies)
0%
Red Siskin Spinus cucullatus Fringillidae (Finches, Euphonias, and Allies)
0%
Red-tailed Ant-Thrush Neocossyphus rufus Turdidae (Thrushes and Allies)
0%
Red-tailed Bristlebill Bleda syndactylus Pycnonotidae (Bulbuls)
0%
Red-tailed Greenbul Criniger calurus Pycnonotidae (Bulbuls)
0%
Red-tailed Laughingthrush Trochalopteron milnei Leiothrichidae (Laughingthrushes and Allies)
0%
Red-tailed Minla Minla ignotincta Leiothrichidae (Laughingthrushes and Allies)
0%
Red-tailed Newtonia Newtonia fanovanae Vangidae (Vangas, Helmetshrikes, and Allies)
0%
Red-tailed Shrike Lanius phoenicuroides Laniidae (Shrikes)
0%
Red-tailed Vanga Calicalicus madagascariensis Vangidae (Vangas, Helmetshrikes, and Allies)
0%
Red-throated Alethe Chamaetylas poliophrys Muscicapidae (Old World Flycatchers)
0%
Red-throated Ant-Tanager Habia fuscicauda Cardinalidae (Cardinals and Allies)
0%
Red-throated Parrotfinch Erythrura psittacea Estrildidae (Waxbills and Allies)
0%
Red-throated Sunbird Anthreptes rhodolaemus Nectariniidae (Sunbirds and Spiderhunters)
0%
Red-throated Swallow Petrochelidon rufigula Hirundinidae (Swallows)
0%
Red-throated Thrush Turdus ruficollis Turdidae (Thrushes and Allies)
0%
Red-throated Tit Melaniparus fringillinus Paridae (Tits, Chickadees, and Titmice)
0%
Red-tufted Sunbird Nectarinia johnstoni Nectariniidae (Sunbirds and Spiderhunters)
0%
Red-vented Malimbe Malimbus scutatus Ploceidae (Weavers and Allies)
0%
Red-winged Gray Warbler Drymocichla incana Cisticolidae (Cisticolas and Allies)
0%
Red-winged Lark Mirafra hypermetra Alaudidae (Larks)
0%
Red-winged Laughingthrush Trochalopteron formosum Leiothrichidae (Laughingthrushes and Allies)
0%
Red-winged Prinia Prinia erythroptera Cisticolidae (Cisticolas and Allies)
0%
Red-winged Pytilia Pytilia phoenicoptera Estrildidae (Waxbills and Allies)
0%
Red-winged Starling Onychognathus morio Sturnidae (Starlings)
0%
Reed Parrotbill Calamornis heudei Sylviidae (Sylviid Warblers, Parrotbills, and Allies)
0%
Regal Sunbird Cinnyris regius Nectariniidae (Sunbirds and Spiderhunters)
0%
Regent Whistler Pachycephala schlegelii Pachycephalidae (Whistlers and Allies)
0%
Reichard's Seedeater Crithagra reichardi Fringillidae (Finches, Euphonias, and Allies)
0%
Reichenbach's Sunbird Anabathmis reichenbachii Nectariniidae (Sunbirds and Spiderhunters)
0%
Reichenow's Firefinch Lagonosticta umbrinodorsalis Estrildidae (Waxbills and Allies)
0%
Reichenow's Seedeater Crithagra reichenowi Fringillidae (Finches, Euphonias, and Allies)
0%
Reiser's Tyrannulet Phyllomyias reiseri Tyrannidae (Tyrant Flycatchers)
0%
Rennell Fantail Rhipidura rennelliana Rhipiduridae (Fantails)
0%
Rennell Shrikebill Clytorhynchus hamlini Monarchidae (Monarch Flycatchers)
0%
Rennell Starling Aplonis insularis Sturnidae (Starlings)
0%
Rennell Whistler Pachycephala feminina Pachycephalidae (Whistlers and Allies)
0%
Rennell White-eye Zosterops rennellianus Zosteropidae (White-eyes, Yuhinas, and Allies)
0%
Restinga Antwren Formicivora littoralis Thamnophilidae (Typical Antbirds)
0%
Restinga Tyrannulet Phylloscartes kronei Tyrannidae (Tyrant Flycatchers)
0%
Restless Flycatcher Myiagra inquieta Monarchidae (Monarch Flycatchers)
0%
Retz's Helmetshrike Prionops retzii Vangidae (Vangas, Helmetshrikes, and Allies)
0%
Reunion Bulbul Hypsipetes borbonicus Pycnonotidae (Bulbuls)
0%
Reunion Cuckooshrike Lalage newtoni Campephagidae (Cuckooshrikes)
0%
Reunion Fody Foudia delloni Ploceidae (Weavers and Allies)
0%
Reunion Gray White-eye Zosterops borbonicus Zosteropidae (White-eyes, Yuhinas, and Allies)
0%
Reunion Starling Fregilupus varius Sturnidae (Starlings)
0%
Reunion Stonechat Saxicola tectes Muscicapidae (Old World Flycatchers)
0%
Reunion White-eye Zosterops olivaceus Zosteropidae (White-eyes, Yuhinas, and Allies)
0%
Ribbon-tailed Astrapia Astrapia mayeri Paradisaeidae (Birds-of-Paradise)
0%
Ribbon-tailed Drongo Dicrurus megarhynchus Dicruridae (Drongos)
0%
Richard's Pipit Anthus richardi Motacillidae (Wagtails and Pipits)
0%
Rimitara Reed Warbler Acrocephalus rimitarae Acrocephalidae (Reed Warblers and Allies)
0%
Ringed Antpipit Corythopis torquatus Tyrannidae (Tyrant Flycatchers)
0%
Ringed Warbling Finch Microspingus torquatus Thraupidae (Tanagers and Allies)
0%
Rio Branco Antbird Cercomacra carbonaria Thamnophilidae (Typical Antbirds)
0%
Rio de Janeiro Antbird Cercomacra brasiliana Thamnophilidae (Typical Antbirds)
0%
Rio de Janeiro Antwren Myrmotherula fluminensis Thamnophilidae (Typical Antbirds)
0%
Rio Madeira Stipplethroat Epinecrophylla amazonica Thamnophilidae (Typical Antbirds)
0%
Rio Negro Gnatcatcher Polioptila facilis Polioptilidae (Gnatcatchers)
0%
Rio Orinoco Spinetail Synallaxis beverlyae Furnariidae (Ovenbirds and Woodcreepers)
0%
Rio Suno Antwren Myrmotherula sunensis Thamnophilidae (Typical Antbirds)
0%
Riparian Antbird Cercomacroides fuscicauda Thamnophilidae (Typical Antbirds)
0%
Riverbank Warbler Myiothlypis rivularis Parulidae (New World Warblers)
0%
River Prinia Prinia fluviatilis Cisticolidae (Cisticolas and Allies)
0%
Riverside Tyrant Knipolegus orenocensis Tyrannidae (Tyrant Flycatchers)
0%
Riverside Wren Cantorchilus semibadius Troglodytidae (Wrens)
0%
River Tyrannulet Serpophaga hypoleuca Tyrannidae (Tyrant Flycatchers)
0%
River Warbler Locustella fluviatilis Locustellidae (Grassbirds and Allies)
0%
Roberts's Warbler Oreophilais robertsi Cisticolidae (Cisticolas and Allies)
0%
Robin Accentor Prunella rubeculoides Prunellidae (Accentors)
0%
Robust White-eye Zosterops strenuus Zosteropidae (White-eyes, Yuhinas, and Allies)
0%
Rock Bunting Emberiza cia Emberizidae (Old World Buntings)
0%
Rock Earthcreeper Ochetorhynchus andaecola Furnariidae (Ovenbirds and Woodcreepers)
0%
Rockefeller's Sunbird Cinnyris rockefelleri Nectariniidae (Sunbirds and Spiderhunters)
0%
Rock Firefinch Lagonosticta sanguinodorsalis Estrildidae (Waxbills and Allies)
0%
Rock-loving Cisticola Cisticola aberrans Cisticolidae (Cisticolas and Allies)
0%
Rock Martin Ptyonoprogne fuligula Hirundinidae (Swallows)
0%
Rockrunner Achaetops pycnopygius Macrosphenidae (African Warblers)
0%
Rock Tapaculo Scytalopus petrophilus Rhinocryptidae (Tapaculos)
0%
Rodrigues Fody Foudia flavicans Ploceidae (Weavers and Allies)
0%
Rodrigues Starling Necropsar rodericanus Sturnidae (Starlings)
0%
Rodrigues Warbler Acrocephalus rodericanus Acrocephalidae (Reed Warblers and Allies)
0%
Rondonia Bushbird Clytoctantes atrogularis Thamnophilidae (Typical Antbirds)
0%
Rondonia Warbling-Antbird Hypocnemis ochrogyna Thamnophilidae (Typical Antbirds)
0%
Roraiman Antbird Myrmelastes saturatus Thamnophilidae (Typical Antbirds)
0%
Roraiman Antwren Herpsilochmus roraimae Thamnophilidae (Typical Antbirds)
0%
Roraiman Barbtail Roraimia adusta Furnariidae (Ovenbirds and Woodcreepers)
0%
Roraiman Flycatcher Myiophobus roraimae Tyrannidae (Tyrant Flycatchers)
0%
Rose-bellied Bunting Passerina rositae Cardinalidae (Cardinals and Allies)
0%
Rose-breasted Chat Granatellus pelzelni Cardinalidae (Cardinals and Allies)
0%
Rose-collared Piha Lipaugus streptophorus Cotingidae (Cotingas)
0%
Rose-throated Becard Pachyramphus aglaiae Tityridae (Tityras and Allies)
0%
Rose-throated Tanager Piranga roseogularis Cardinalidae (Cardinals and Allies)
0%
Rosy Minivet Pericrocotus roseus Campephagidae (Cuckooshrikes)
0%
Rosy-patched Bushshrike Rhodophoneus cruentus Malaconotidae (Bushshrikes and Allies)
0%
Rosy Pipit Anthus roseatus Motacillidae (Wagtails and Pipits)
0%
Rosy Starling Pastor roseus Sturnidae (Starlings)
0%
Rosy-throated Longclaw Macronyx ameliae Motacillidae (Wagtails and Pipits)
0%
Rosy Thrush-Tanager Rhodinocichla rosea Rhodinocichlidae (Thrush-Tanager)
0%
Rota White-eye Zosterops rotensis Zosteropidae (White-eyes, Yuhinas, and Allies)
0%
Rote Leaf Warbler Phylloscopus rotiensis Phylloscopidae (Leaf Warblers)
0%
Rote Myzomela Myzomela irianawidodoae Meliphagidae (Honeyeaters)
0%
Rotuma Myzomela Myzomela chermesina Meliphagidae (Honeyeaters)
0%
Rough-legged Tyrannulet Phyllomyias burmeisteri Tyrannidae (Tyrant Flycatchers)
0%
Round-tailed Manakin Ceratopipra chloromeros Pipridae (Manakins)
0%
Royal Cinclodes Cinclodes aricomae Furnariidae (Ovenbirds and Woodcreepers)
0%
Royal Parrotfinch Erythrura regia Estrildidae (Waxbills and Allies)
0%
Ruaha Chat Myrmecocichla collaris Muscicapidae (Old World Flycatchers)
0%
Rubeho Akalat Sheppardia aurantiithorax Muscicapidae (Old World Flycatchers)
0%
Ruby-cheeked Sunbird Chalcoparia singalensis Nectariniidae (Sunbirds and Spiderhunters)
0%
Ruby-crowned Tanager Tachyphonus coronatus Thraupidae (Tanagers and Allies)
0%
Ruby-throated Bulbul Rubigula dispar Pycnonotidae (Bulbuls)
0%
Ruby-throated Myzomela Myzomela eques Meliphagidae (Honeyeaters)
0%
Rück's Blue Flycatcher Cyornis ruckii Muscicapidae (Old World Flycatchers)
0%
Rudd's Apalis Apalis ruddi Cisticolidae (Cisticolas and Allies)
0%
Rudd's Lark Heteromirafra ruddi Alaudidae (Larks)
0%
Ruddy-breasted Seedeater Sporophila minuta Thraupidae (Tanagers and Allies)
0%
Ruddy-capped Nightingale-Thrush Catharus frantzii Turdidae (Thrushes and Allies)
0%
Ruddy Foliage-gleaner Clibanornis rubiginosus Furnariidae (Ovenbirds and Woodcreepers)
0%
Ruddy Spinetail Synallaxis rutilans Furnariidae (Ovenbirds and Woodcreepers)
0%
Ruddy-tailed Flycatcher Terenotriccus erythrurus Oxyruncidae (Sharpbill, Royal Flycatcher, and Allies)
0%
Ruddy Tody-Flycatcher Poecilotriccus russatus Tyrannidae (Tyrant Flycatchers)
0%
Ruddy Treerunner Margarornis rubiginosus Furnariidae (Ovenbirds and Woodcreepers)
0%
Ruddy Woodcreeper Dendrocincla homochroa Furnariidae (Ovenbirds and Woodcreepers)
0%
Rufescent Antshrike Thamnistes rufescens Thamnophilidae (Typical Antbirds)
0%
Rufescent Prinia Prinia rufescens Cisticolidae (Cisticolas and Allies)
0%
Rufescent White-eye Tephrozosterops stalkeri Zosteropidae (White-eyes, Yuhinas, and Allies)
0%
Rufous-and-white Wren Thryophilus rufalbus Troglodytidae (Wrens)
0%
Rufous Babbler Argya subrufa Leiothrichidae (Laughingthrushes and Allies)
0%
Rufous-backed Antvireo Dysithamnus xanthopterus Thamnophilidae (Typical Antbirds)
0%
Rufous-backed Bunting Emberiza jankowskii Emberizidae (Old World Buntings)
0%
Rufous-backed Fantail Rhipidura rufidorsa Rhipiduridae (Fantails)
0%
Rufous-backed Honeyeater Ptiloprora guisei Meliphagidae (Honeyeaters)
0%
Rufous-backed Inca-Finch Incaspiza personata Thraupidae (Tanagers and Allies)
0%
Rufous-backed Redstart Phoenicurus erythronotus Muscicapidae (Old World Flycatchers)
0%
Rufous-backed Sibia Leioptila annectens Leiothrichidae (Laughingthrushes and Allies)
0%
Rufous-backed Stipplethroat Epinecrophylla haematonota Thamnophilidae (Typical Antbirds)
0%
Rufous-backed Treehunter Thripadectes scrutator Furnariidae (Ovenbirds and Woodcreepers)
0%
Rufous-banded Miner Geositta rufipennis Furnariidae (Ovenbirds and Woodcreepers)
0%
Rufous-bellied Antwren Isleria guttata Thamnophilidae (Typical Antbirds)
0%
Rufous-bellied Bush-Tyrant Myiotheretes fuscorufus Tyrannidae (Tyrant Flycatchers)
0%
Rufous-bellied Euphonia Euphonia rufiventris Fringillidae (Finches, Euphonias, and Allies)
0%
Rufous-bellied Helmetshrike Prionops rufiventris Vangidae (Vangas, Helmetshrikes, and Allies)
0%
Rufous-bellied Mountain Tanager Pseudosaltator rufiventris Thraupidae (Tanagers and Allies)
0%
Rufous-bellied Niltava Niltava sundara Muscicapidae (Old World Flycatchers)
0%
Rufous-bellied Swallow Cecropis badia Hirundinidae (Swallows)
0%
Rufous-bellied Thrush Turdus rufiventris Turdidae (Thrushes and Allies)
0%
Rufous-bellied Tit Melaniparus rufiventris Paridae (Tits, Chickadees, and Titmice)
0%
Rufous-bellied Triller Lalage aurea Campephagidae (Cuckooshrikes)
0%
Rufous-breasted Accentor Prunella strophiata Prunellidae (Accentors)
0%
Rufous-breasted Antthrush Formicarius rufipectus Formicariidae (Antthrushes)
0%
Rufous-breasted Bush-Robin Tarsiger hyperythrus Muscicapidae (Old World Flycatchers)
0%
Rufous-breasted Chat-Tyrant Ochthoeca rufipectoralis Tyrannidae (Tyrant Flycatchers)
0%
Rufous-breasted Flycatcher Leptopogon rufipectus Tyrannidae (Tyrant Flycatchers)
0%
Rufous-breasted Leaftosser Sclerurus scansor Furnariidae (Ovenbirds and Woodcreepers)
0%
Rufous-breasted Spinetail Synallaxis erythrothorax Furnariidae (Ovenbirds and Woodcreepers)
0%
Rufous-breasted Warbling Finch Poospiza rubecula Thraupidae (Tanagers and Allies)
0%
Rufous-breasted Wren Pheugopedius rutilus Troglodytidae (Wrens)
0%
Rufous Bristlebird Dasyornis broadbenti Dasyornithidae (Bristlebirds)
0%
Rufous-browed Conebill Conirostrum rufum Thraupidae (Tanagers and Allies)
0%
Rufous-browed Flycatcher Anthipes solitaris Muscicapidae (Old World Flycatchers)
0%
Rufous-browed Hemispingus Poospiza rufosuperciliaris Thraupidae (Tanagers and Allies)
0%
Rufous-browed Peppershrike Cyclarhis gujanensis Vireonidae (Vireos, Shrike-Babblers, and Erpornis)
0%
Rufous-browed Tyrannulet Phylloscartes superciliaris Tyrannidae (Tyrant Flycatchers)
0%
Rufous-browed Wren Troglodytes rufociliatus Troglodytidae (Wrens)
0%
Rufous-brown Solitaire Cichlopsis leucogenys Turdidae (Thrushes and Allies)
0%
Rufous Cacholote Pseudoseisura unirufa Furnariidae (Ovenbirds and Woodcreepers)
0%
Rufous-capped Antshrike Thamnophilus ruficapillus Thamnophilidae (Typical Antbirds)
0%
Rufous-capped Antthrush Formicarius colma Formicariidae (Antthrushes)
0%
Rufous-capped Babbler Cyanoderma ruficeps Timaliidae (Tree-Babblers, Scimitar-Babblers, and Allies)
0%
Rufous-capped Brushfinch Atlapetes pileatus Passerellidae (New World Sparrows)
0%
Rufous-capped Lark Calandrella eremica Alaudidae (Larks)
0%
Rufous-capped Spinetail Synallaxis ruficapilla Furnariidae (Ovenbirds and Woodcreepers)
0%
Rufous-capped Warbler Basileuterus rufifrons Parulidae (New World Warblers)
0%
Rufous Casiornis Casiornis rufus Tyrannidae (Tyrant Flycatchers)
0%
Rufous Chatterer Argya rubiginosa Leiothrichidae (Laughingthrushes and Allies)
0%
Rufous-cheeked Laughingthrush Garrulax castanotis Leiothrichidae (Laughingthrushes and Allies)
0%
Rufous-cheeked Tanager Tangara rufigenis Thraupidae (Tanagers and Allies)
0%
Rufous-chested Flycatcher Ficedula dumetoria Muscicapidae (Old World Flycatchers)
0%
Rufous-chested Swallow Cecropis semirufa Hirundinidae (Swallows)
0%
Rufous-chested Tanager Thlypopsis ornata Thraupidae (Tanagers and Allies)
0%
Rufous-chinned Laughingthrush Ianthocincla rufogularis Leiothrichidae (Laughingthrushes and Allies)
0%
Rufous Cisticola Cisticola rufus Cisticolidae (Cisticolas and Allies)
0%
Rufous-collared Robin Turdus rufitorques Turdidae (Thrushes and Allies)
0%
Rufous-collared Sparrow Zonotrichia capensis Passerellidae (New World Sparrows)
0%
Rufous-crested Tanager Creurgops verticalis Thraupidae (Tanagers and Allies)
0%
Rufous-crowned Antpitta Pittasoma rufopileatum Conopophagidae (Gnateaters)
0%
Rufous-crowned Babbler Malacopteron magnum Pellorneidae (Ground Babblers and Allies)
0%
Rufous-crowned Elaenia Elaenia ruficeps Tyrannidae (Tyrant Flycatchers)
0%
Rufous-crowned Eremomela Eremomela badiceps Cisticolidae (Cisticolas and Allies)
0%
Rufous-crowned Greenlet Hylophilus poicilotis Vireonidae (Vireos, Shrike-Babblers, and Erpornis)
0%
Rufous-crowned Laughingthrush Pterorhinus ruficeps Leiothrichidae (Laughingthrushes and Allies)
0%
Rufous-crowned Pygmy-Tyrant Euscarthmus meloryphus Tyrannidae (Tyrant Flycatchers)
0%
Rufous-crowned Tody-Flycatcher Poecilotriccus ruficeps Tyrannidae (Tyrant Flycatchers)
0%
Rufous-eared Brushfinch Atlapetes rufigenis Passerellidae (New World Sparrows)
0%
Rufous-eared Warbler Malcorus pectoralis Cisticolidae (Cisticolas and Allies)
0%
Rufous-faced Antbird Myrmelastes rufifacies Thamnophilidae (Typical Antbirds)
0%
Rufous-faced Antpitta Grallaria erythrotis Grallariidae (Antpittas)
0%
Rufous-faced Warbler Abroscopus albogularis Scotocercidae (Bush Warblers and Allies)
0%
Rufous Flycatcher Myiarchus semirufus Tyrannidae (Tyrant Flycatchers)
0%
Rufous Flycatcher-Thrush Neocossyphus fraseri Turdidae (Thrushes and Allies)
0%
Rufous-fronted Antthrush Formicarius rufifrons Formicariidae (Antthrushes)
0%
Rufous-fronted Babbler Cyanoderma rufifrons Timaliidae (Tree-Babblers, Scimitar-Babblers, and Allies)
0%
Rufous-fronted Laughingthrush Garrulax rufifrons Leiothrichidae (Laughingthrushes and Allies)
0%
Rufous-fronted Prinia Prinia buchanani Cisticolidae (Cisticolas and Allies)
0%
Rufous-fronted Tailorbird Orthotomus frontalis Cisticolidae (Cisticolas and Allies)
0%
Rufous-fronted Thornbird Phacellodomus rufifrons Furnariidae (Ovenbirds and Woodcreepers)
0%
Rufous Gnateater Conopophaga lineata Conopophagidae (Gnateaters)
0%
Rufous-gorgeted Flycatcher Ficedula strophiata Muscicapidae (Old World Flycatchers)
0%
Rufous-headed Parrotbill Psittiparus bakeri Sylviidae (Sylviid Warblers, Parrotbills, and Allies)
0%
Rufous-headed Pygmy-Tyrant Pseudotriccus ruficeps Tyrannidae (Tyrant Flycatchers)
0%
Rufous-headed Robin Larvivora ruficeps Muscicapidae (Old World Flycatchers)
0%
Rufous-headed Tailorbird Phyllergates heterolaemus Scotocercidae (Bush Warblers and Allies)
0%
Rufous-headed Tanager Hemithraupis ruficapilla Thraupidae (Tanagers and Allies)
0%
Rufous Limestone Babbler Gypsophila calcicola Pellorneidae (Ground Babblers and Allies)
0%
Rufous-lored Tyrannulet Phylloscartes flaviventris Tyrannidae (Tyrant Flycatchers)
0%
Rufous-margined Antwren Herpsilochmus rufimarginatus Thamnophilidae (Typical Antbirds)
0%
Rufous Monarch Symposiachrus rubiensis Monarchidae (Monarch Flycatchers)
0%
Rufous Mourner Rhytipterna holerythra Tyrannidae (Tyrant Flycatchers)
0%
Rufous-naped Bellbird Aleadryas rufinucha Oreoicidae (Australo-Papuan Bellbirds)
0%
Rufous-naped Greenlet Pachysylvia semibrunnea Vireonidae (Vireos, Shrike-Babblers, and Erpornis)
0%
Rufous-naped Ground-Tyrant Muscisaxicola rufivertex Tyrannidae (Tyrant Flycatchers)
0%
Rufous-naped Lark Mirafra africana Alaudidae (Larks)
0%
Rufous-naped Tit Periparus rufonuchalis Paridae (Tits, Chickadees, and Titmice)
0%
Rufous-naped Wren Campylorhynchus rufinucha Troglodytidae (Wrens)
0%
Rufous-necked Foliage-gleaner Syndactyla ruficollis Furnariidae (Ovenbirds and Woodcreepers)
0%
Rufous-necked Laughingthrush Pterorhinus ruficollis Leiothrichidae (Laughingthrushes and Allies)
0%
Rufous-necked Snowfinch Montifringilla ruficollis Passeridae (Old World Sparrows)
0%
Rufous Paradise-Flycatcher Terpsiphone cinnamomea Monarchidae (Monarch Flycatchers)
0%
Rufous Piha Lipaugus unirufus Cotingidae (Cotingas)
0%
Rufous-rumped Antwren Euchrepomis callinota Thamnophilidae (Typical Antbirds)
0%
Rufous-rumped Foliage-gleaner Philydor erythrocercum Furnariidae (Ovenbirds and Woodcreepers)
0%
Rufous-rumped Lark Pinarocorys erythropygia Alaudidae (Larks)
0%
Rufous-rumped Seedeater Sporophila hypochroma Thraupidae (Tanagers and Allies)
0%
Rufous Scrub-bird Atrichornis rufescens Atrichornithidae (Scrub-birds)
0%
Rufous Sibia Heterophasia capistrata Leiothrichidae (Laughingthrushes and Allies)
0%
Rufous-sided Broadbill Smithornis rufolateralis Calyptomenidae (African and Green Broadbills)
0%
Rufous-sided Gerygone Gerygone dorsalis Acanthizidae (Thornbills and Allies)
0%
Rufous-sided Honeyeater Ptiloprora erythropleura Meliphagidae (Honeyeaters)
0%
Rufous-sided Pygmy-Tyrant Euscarthmus rufomarginatus Tyrannidae (Tyrant Flycatchers)
0%
Rufous-sided Warbling Finch Poospizopsis hypochondria Thraupidae (Tanagers and Allies)
0%
Rufous Spinetail Synallaxis unirufa Furnariidae (Ovenbirds and Woodcreepers)
0%
Rufous-tailed Antbird Drymophila genei Thamnophilidae (Typical Antbirds)
0%
Rufous-tailed Antthrush Chamaeza ruficauda Formicariidae (Antthrushes)
0%
Rufous-tailed Attila Attila phoenicurus Tyrannidae (Tyrant Flycatchers)
0%
Rufous-tailed Babbler Moupinia poecilotis Sylviidae (Sylviid Warblers, Parrotbills, and Allies)
0%
Rufous-tailed Fantail Rhipidura phoenicura Rhipiduridae (Fantails)
0%
Rufous-tailed Flatbill Ramphotrigon ruficauda Tyrannidae (Tyrant Flycatchers)
0%
Rufous-tailed Flycatcher Myiarchus validus Tyrannidae (Tyrant Flycatchers)
0%
Rufous-tailed Foliage-gleaner Anabacerthia ruficaudata Furnariidae (Ovenbirds and Woodcreepers)
0%
Rufous-tailed Lark Ammomanes phoenicura Alaudidae (Larks)
0%
Rufous-tailed Palm-Thrush Cichladusa ruficauda Muscicapidae (Old World Flycatchers)
0%
Rufous-tailed Plantcutter Phytotoma rara Cotingidae (Cotingas)
0%
Rufous-tailed Robin Larvivora sibilans Muscicapidae (Old World Flycatchers)
0%
Rufous-tailed Rock-Thrush Monticola saxatilis Muscicapidae (Old World Flycatchers)
0%
Rufous-tailed Scrub-Robin Cercotrichas galactotes Muscicapidae (Old World Flycatchers)
0%
Rufous-tailed Shama Copsychus pyrropygus Muscicapidae (Old World Flycatchers)
0%
Rufous-tailed Stipplethroat Epinecrophylla erythrura Thamnophilidae (Typical Antbirds)
0%
Rufous-tailed Tailorbird Orthotomus sericeus Cisticolidae (Cisticolas and Allies)
0%
Rufous-tailed Tyrant Knipolegus poecilurus Tyrannidae (Tyrant Flycatchers)
0%
Rufous-tailed Weaver Histurgops ruficauda Ploceidae (Weavers and Allies)
0%
Rufous-tailed Xenops Microxenops milleri Furnariidae (Ovenbirds and Woodcreepers)
0%
Rufous-throated Antbird Gymnopithys rufigula Thamnophilidae (Typical Antbirds)
0%
Rufous-throated Dipper Cinclus schulzii Cinclidae (Dippers)
0%
Rufous-throated Flycatcher Ficedula rufigula Muscicapidae (Old World Flycatchers)
0%
Rufous-throated Fulvetta Schoeniparus rufogularis Pellorneidae (Ground Babblers and Allies)
0%
Rufous-throated Solitaire Myadestes genibarbis Turdidae (Thrushes and Allies)
0%
Rufous-throated Tanager Ixothraupis rufigula Thraupidae (Tanagers and Allies)
0%
Rufous-throated Wren-Babbler Spelaeornis caudatus Timaliidae (Tree-Babblers, Scimitar-Babblers, and Allies)
0%
Rufous Treepie Dendrocitta vagabunda Corvidae (Crows, Jays, and Magpies)
0%
Rufous Twistwing Cnipodectes superrufus Tyrannidae (Tyrant Flycatchers)
0%
Rufous Vanga Schetba rufa Vangidae (Vangas, Helmetshrikes, and Allies)
0%
Rufous-vented Grass Babbler Laticilla burnesii Pellorneidae (Ground Babblers and Allies)
0%
Rufous-vented Laughingthrush Pterorhinus gularis Leiothrichidae (Laughingthrushes and Allies)
0%
Rufous-vented Niltava Niltava sumatrana Muscicapidae (Old World Flycatchers)
0%
Rufous-vented Paradise-Flycatcher Terpsiphone rufocinerea Monarchidae (Monarch Flycatchers)
0%
Rufous-vented Tapaculo Scytalopus femoralis Rhinocryptidae (Tapaculos)
0%
Rufous-vented Tit Periparus rubidiventris Paridae (Tits, Chickadees, and Titmice)
0%
Rufous-vented Yuhina Yuhina occipitalis Zosteropidae (White-eyes, Yuhinas, and Allies)
0%
Rufous-webbed Bush-Tyrant Cnemarchus rufipennis Tyrannidae (Tyrant Flycatchers)
0%
Rufous-winged Antshrike Thamnophilus torquatus Thamnophilidae (Typical Antbirds)
0%
Rufous-winged Cisticola Cisticola galactotes Cisticolidae (Cisticolas and Allies)
0%
Rufous-winged Fulvetta Schoeniparus castaneceps Pellorneidae (Ground Babblers and Allies)
0%
Rufous-winged Illadopsis Illadopsis rufescens Pellorneidae (Ground Babblers and Allies)
0%
Rufous-winged Philentoma Philentoma pyrhoptera Vangidae (Vangas, Helmetshrikes, and Allies)
0%
Rufous-winged Sunbird Cinnyris rufipennis Nectariniidae (Sunbirds and Spiderhunters)
0%
Rufous-winged Tanager Tangara lavinia Thraupidae (Tanagers and Allies)
0%
Rufous-winged Tyrannulet Mecocerculus calopterus Tyrannidae (Tyrant Flycatchers)
0%
Rufous Wren Cinnycerthia unirufa Troglodytidae (Wrens)
0%
Rüppell's Chat Myrmecocichla melaena Muscicapidae (Old World Flycatchers)
0%
Rüppell's Robin-Chat Cossypha semirufa Muscicapidae (Old World Flycatchers)
0%
Rüppell's Starling Lamprotornis purpuroptera Sturnidae (Starlings)
0%
Rüppell's Warbler Curruca ruppeli Sylviidae (Sylviid Warblers, Parrotbills, and Allies)
0%
Rüppell's Weaver Ploceus galbula Ploceidae (Weavers and Allies)
0%
Russet Antshrike Thamnistes anabatinus Thamnophilidae (Typical Antbirds)
0%
Russet-backed Oropendola Psarocolius angustifrons Icteridae (Troupials and Allies)
0%
Russet-bellied Spinetail Synallaxis zimmeri Furnariidae (Ovenbirds and Woodcreepers)
0%
Russet Bush Warbler Locustella mandelli Locustellidae (Grassbirds and Allies)
0%
Russet-capped Tesia Tesia everetti Scotocercidae (Bush Warblers and Allies)
0%
Russet-crowned Warbler Myiothlypis coronata Parulidae (New World Warblers)
0%
Russet-mantled Foliage-gleaner Syndactyla dimidiata Furnariidae (Ovenbirds and Woodcreepers)
0%
Russet-mantled Softtail Thripophaga berlepschi Furnariidae (Ovenbirds and Woodcreepers)
0%
Russet Nightingale-Thrush Catharus occidentalis Turdidae (Thrushes and Allies)
0%
Russet Sparrow Passer cinnamomeus Passeridae (Old World Sparrows)
0%
Russet-winged Schiffornis Schiffornis stenorhyncha Tityridae (Tityras and Allies)
0%
Russet-winged Spadebill Platyrinchus leucoryphus Tyrannidae (Tyrant Flycatchers)
0%
Rust-and-yellow Tanager Thlypopsis ruficeps Thraupidae (Tanagers and Allies)
0%
Rusty-backed Antwren Formicivora rufa Thamnophilidae (Typical Antbirds)
0%
Rusty-backed Monjita Neoxolmis rubetra Tyrannidae (Tyrant Flycatchers)
0%
Rusty-backed Spinetail Cranioleuca vulpina Furnariidae (Ovenbirds and Woodcreepers)
0%
Rusty-backed Thrush Geokichla erythronota Turdidae (Thrushes and Allies)
0%
Rusty-bellied Brushfinch Atlapetes nationi Passerellidae (New World Sparrows)
0%
Rusty-bellied Shortwing Brachypteryx hyperythra Muscicapidae (Old World Flycatchers)
0%
Rusty-belted Tapaculo Liosceles thoracicus Rhinocryptidae (Tapaculos)
0%
Rusty Blackbird Euphagus carolinus Icteridae (Troupials and Allies)
0%
Rusty-breasted Antpitta Grallaricula ferrugineipectus Grallariidae (Antpittas)
0%
Rusty-breasted Whistler Pachycephala fulvotincta Pachycephalidae (Whistlers and Allies)
0%
Rusty-breasted Wren-Babbler Gypsophila rufipectus Pellorneidae (Ground Babblers and Allies)
0%
Rusty-browed Warbling Finch Microspingus erythrophrys Thraupidae (Tanagers and Allies)
0%
Rusty-capped Fulvetta Schoeniparus dubius Pellorneidae (Ground Babblers and Allies)
0%
Rusty-cheeked Scimitar-Babbler Erythrogenys erythrogenys Timaliidae (Tree-Babblers, Scimitar-Babblers, and Allies)
0%
Rusty-collared Seedeater Sporophila collaris Thraupidae (Tanagers and Allies)
0%
Rusty-crowned Babbler Sterrhoptilus capitalis Zosteropidae (White-eyes, Yuhinas, and Allies)
0%
Rusty-crowned Ground-Sparrow Melozone kieneri Passerellidae (New World Sparrows)
0%
Rusty-crowned Tit-Spinetail Leptasthenura pileata Furnariidae (Ovenbirds and Woodcreepers)
0%
Rusty-flanked Jungle-Flycatcher Vauriella insignis Muscicapidae (Old World Flycatchers)
0%
Rusty-flanked Treecreeper Certhia nipalensis Certhiidae (Treecreepers)
0%
Rusty Flowerpiercer Diglossa sittoides Thraupidae (Tanagers and Allies)
0%
Rusty-fronted Barwing Actinodura egertoni Leiothrichidae (Laughingthrushes and Allies)
0%
Rusty-fronted Canastero Asthenes ottonis Furnariidae (Ovenbirds and Woodcreepers)
0%
Rusty-fronted Tody-Flycatcher Poecilotriccus latirostris Tyrannidae (Tyrant Flycatchers)
0%
Rusty-headed Spinetail Synallaxis fuscorufa Furnariidae (Ovenbirds and Woodcreepers)
0%
Rusty Lark Mirafra rufa Alaudidae (Larks)
0%
Rusty Laughingthrush Pterorhinus poecilorhynchus Leiothrichidae (Laughingthrushes and Allies)
0%
Rusty-margined Flycatcher Myiozetetes cayanensis Tyrannidae (Tyrant Flycatchers)
0%
Rusty Mouse-Warbler Crateroscelis murina Acanthizidae (Thornbills and Allies)
0%
Rusty-naped Pitta Hydrornis oatesi Pittidae (Pittas)
0%
Rusty Pitohui Pseudorectes ferrugineus Pachycephalidae (Whistlers and Allies)
0%
Rusty Sparrow Aimophila rufescens Passerellidae (New World Sparrows)
0%
Rusty-tailed Flycatcher Ficedula ruficauda Muscicapidae (Old World Flycatchers)
0%
Rusty Thicketbird Cincloramphus rubiginosus Locustellidae (Grassbirds and Allies)
0%
Rusty-throated Parrotbill Sinosuthora przewalskii Sylviidae (Sylviid Warblers, Parrotbills, and Allies)
0%
Rusty-tinged Antpitta Grallaria przewalskii Grallariidae (Antpittas)
0%
Rusty Whistler Pachycephala hyperythra Pachycephalidae (Whistlers and Allies)
0%
Rusty-winged Antwren Herpsilochmus frater Thamnophilidae (Typical Antbirds)
0%
Rusty-winged Barbtail Premnornis guttuliger Furnariidae (Ovenbirds and Woodcreepers)
0%
Rusty-winged Starling Aplonis zelandica Sturnidae (Starlings)
0%
Rwenzori Apalis Oreolais ruwenzorii Cisticolidae (Cisticolas and Allies)
0%
Rwenzori Batis Batis diops Platysteiridae (Wattle-eyes and Batises)
0%
Rwenzori Hill Babbler Sylvia atriceps Sylviidae (Sylviid Warblers, Parrotbills, and Allies)
0%
Ryuku Flycatcher Ficedula owstoni Muscicapidae (Old World Flycatchers)
0%
Ryukyu Minivet Pericrocotus tegimae Campephagidae (Cuckooshrikes)
0%
Ryukyu Robin Larvivora komadori Muscicapidae (Old World Flycatchers)
0%
Sabine's Puffback Dryoscopus sabini Malaconotidae (Bushshrikes and Allies)
0%
Sabota Lark Calendulauda sabota Alaudidae (Larks)
0%
Sad Flycatcher Myiarchus barbirostris Tyrannidae (Tyrant Flycatchers)
0%
Saffron-billed Sparrow Arremon flavirostris Passerellidae (New World Sparrows)
0%
Saffron-breasted Redstart Myioborus cardonai Parulidae (New World Warblers)
0%
Saffron-cowled Blackbird Xanthopsar flavus Icteridae (Troupials and Allies)
0%
Saffron-crested Tyrant-Manakin Neopelma chrysocephalum Pipridae (Manakins)
0%
Saffron-crowned Tanager Tangara xanthocephala Thraupidae (Tanagers and Allies)
0%
Saffron Finch Sicalis flaveola Thraupidae (Tanagers and Allies)
0%
Saffron Siskin Spinus siemiradzkii Fringillidae (Finches, Euphonias, and Allies)
0%
Sahel Bush Sparrow Gymnoris dentata Passeridae (Old World Sparrows)
0%
Sahel Paradise-Whydah Vidua orientalis Viduidae (Indigobirds)
0%
Saipan Reed Warbler Acrocephalus hiwae Acrocephalidae (Reed Warblers and Allies)
0%
Sakalava Weaver Ploceus sakalava Ploceidae (Weavers and Allies)
0%
Sakhalin Grasshopper Warbler Helopsaltes amnicola Locustellidae (Grassbirds and Allies)
0%
Sakhalin Leaf Warbler Phylloscopus borealoides Phylloscopidae (Leaf Warblers)
0%
Salinas Monjita Neoxolmis salinarum Tyrannidae (Tyrant Flycatchers)
0%
Salvadori's Antwren Myrmotherula minor Thamnophilidae (Typical Antbirds)
0%
Salvadori's Eremomela Eremomela salvadorii Cisticolidae (Cisticolas and Allies)
0%
Salvadori's Serin Crithagra xantholaema Fringillidae (Finches, Euphonias, and Allies)
0%
Salvadori's Weaver Ploceus dichrocephalus Ploceidae (Weavers and Allies)
0%
Samoan Fantail Rhipidura nebulosa Rhipiduridae (Fantails)
0%
Samoan Flycatcher Myiagra albiventris Monarchidae (Monarch Flycatchers)
0%
Samoan Myzomela Myzomela nigriventris Meliphagidae (Honeyeaters)
0%
Samoan Starling Aplonis atrifusca Sturnidae (Starlings)
0%
Samoan Triller Lalage sharpei Campephagidae (Cuckooshrikes)
0%
Samoan Whistler Pachycephala flavifrons Pachycephalidae (Whistlers and Allies)
0%
Samoan White-eye Zosterops samoensis Zosteropidae (White-eyes, Yuhinas, and Allies)
0%
San Andres Vireo Vireo caribaeus Vireonidae (Vireos, Shrike-Babblers, and Erpornis)
0%
San Cristobal Mockingbird Mimus melanotis Mimidae (Mockingbirds and Thrashers)
0%
Sand Lark Alaudala raytal Alaudidae (Larks)
0%
Sandy Gallito Teledromas fuscus Rhinocryptidae (Tapaculos)
0%
Sanford's White-eye Zosterops lacertosus Zosteropidae (White-eyes, Yuhinas, and Allies)
0%
Sangihe Golden-Bulbul Alophoixus platenae Pycnonotidae (Bulbuls)
0%
Sangihe Pitta Erythropitta caeruleitorques Pittidae (Pittas)
0%
Sangihe Whistler Coracornis sanghirensis Pachycephalidae (Whistlers and Allies)
0%
Sangihe White-eye Zosterops nehrkorni Zosteropidae (White-eyes, Yuhinas, and Allies)
0%
Sangkar White-eye Zosterops melanurus Zosteropidae (White-eyes, Yuhinas, and Allies)
0%
Santa Cruz Shrikebill Clytorhynchus sanctaecrucis Monarchidae (Monarch Flycatchers)
0%
Santa Cruz White-eye Zosterops sanctaecrucis Zosteropidae (White-eyes, Yuhinas, and Allies)
0%
Santa Marta Antbird Drymophila hellmayri Thamnophilidae (Typical Antbirds)
0%
Santa Marta Antpitta Grallaria bangsi Grallariidae (Antpittas)
0%
Santa Marta Brushfinch Atlapetes melanocephalus Passerellidae (New World Sparrows)
0%
Santa Marta Bush-Tyrant Myiotheretes pernix Tyrannidae (Tyrant Flycatchers)
0%
Santa Marta Foliage-gleaner Clibanornis rufipectus Furnariidae (Ovenbirds and Woodcreepers)
0%
Santa Marta Tapaculo Scytalopus sanctaemartae Rhinocryptidae (Tapaculos)
0%
Santa Marta Warbler Myiothlypis basilica Parulidae (New World Warblers)
0%
Santa Marta Wren Troglodytes monticola Troglodytidae (Wrens)
0%
Sao Francisco Sparrow Arremon franciscanus Passerellidae (New World Sparrows)
0%
Sao Paulo Tyrannulet Phylloscartes paulista Tyrannidae (Tyrant Flycatchers)
0%
Sao Tome Grosbeak Crithagra concolor Fringillidae (Finches, Euphonias, and Allies)
0%
Sao Tome Oriole Oriolus crassirostris Oriolidae (Old World Orioles)
0%
Sao Tome Paradise-Flycatcher Terpsiphone atrochalybeia Monarchidae (Monarch Flycatchers)
0%
Sao Tome Prinia Prinia molleri Cisticolidae (Cisticolas and Allies)
0%
Sao Tome Short-tail Motacilla bocagii Motacillidae (Wagtails and Pipits)
0%
Sao Tome Sunbird Dreptes thomensis Nectariniidae (Sunbirds and Spiderhunters)
0%
Sao Tome Thrush Turdus olivaceofuscus Turdidae (Thrushes and Allies)
0%
Sao Tome Weaver Ploceus sanctithomae Ploceidae (Weavers and Allies)
0%
Sao Tome White-eye Zosterops feae Zosteropidae (White-eyes, Yuhinas, and Allies)
0%
Sapayoa Sapayoa aenigma Sapayoidae (Sapayoa)
0%
Sapphire Flycatcher Ficedula sapphira Muscicapidae (Old World Flycatchers)
0%
Sardinian Warbler Curruca melanocephala Sylviidae (Sylviid Warblers, Parrotbills, and Allies)
0%
Sassi's Greenbul Phyllastrephus lorenzi Pycnonotidae (Bulbuls)
0%
Satin Berrypecker Melanocharis citreola Melanocharitidae (Berrypeckers and Longbills)
0%
Saturnine Antshrike Thamnomanes saturninus Thamnophilidae (Typical Antbirds)
0%
Savi's Warbler Locustella luscinioides Locustellidae (Grassbirds and Allies)
0%
Saxaul Sparrow Passer ammodendri Passeridae (Old World Sparrows)
0%
Sayaca Tanager Thraupis sayaca Thraupidae (Tanagers and Allies)
0%
Scale-crested Pygmy-Tyrant Lophotriccus pileatus Tyrannidae (Tyrant Flycatchers)
0%
Scaled Antbird Drymophila squamata Thamnophilidae (Typical Antbirds)
0%
Scaled Antpitta Grallaria guatimalensis Grallariidae (Antpittas)
0%
Scaled Flowerpiercer Diglossa duidae Thraupidae (Tanagers and Allies)
0%
Scaled Fruiteater Ampelioides tschudii Cotingidae (Cotingas)
0%
Scaled Spinetail Cranioleuca muelleri Furnariidae (Ovenbirds and Woodcreepers)
0%
Scaled Woodcreeper Lepidocolaptes squamatus Furnariidae (Ovenbirds and Woodcreepers)
0%
Scale-throated Earthcreeper Upucerthia dumetaria Furnariidae (Ovenbirds and Woodcreepers)
0%
Scallop-breasted Antpitta Grallaricula loricata Grallariidae (Antpittas)
0%
Scalloped Antbird Myrmoderus ruficauda Thamnophilidae (Typical Antbirds)
0%
Scalloped Woodcreeper Lepidocolaptes falcinellus Furnariidae (Ovenbirds and Woodcreepers)
0%
Scaly Babbler Turdoides squamulata Leiothrichidae (Laughingthrushes and Allies)
0%
Scaly-breasted Bulbul Rubigula squamata Pycnonotidae (Bulbuls)
0%
Scaly-breasted Cupwing Pnoepyga albiventer Pnoepygidae (Cupwings)
0%
Scaly-breasted Illadopsis Illadopsis albipectus Pellorneidae (Ground Babblers and Allies)
0%
Scaly-breasted Thrasher Allenia fusca Mimidae (Mockingbirds and Thrashers)
0%
Scaly-breasted Wren Microcerculus marginatus Troglodytidae (Wrens)
0%
Scaly Chatterer Argya aylmeri Leiothrichidae (Laughingthrushes and Allies)
0%
Scaly-crowned Babbler Malacopteron cinereum Pellorneidae (Ground Babblers and Allies)
0%
Scaly Laughingthrush Trochalopteron subunicolor Leiothrichidae (Laughingthrushes and Allies)
0%
Scaly-throated Foliage-gleaner Anabacerthia variegaticeps Furnariidae (Ovenbirds and Woodcreepers)
0%
Scaly-throated Leaftosser Sclerurus guatemalensis Furnariidae (Ovenbirds and Woodcreepers)
0%
Scaly Thrush Zoothera dauma Turdidae (Thrushes and Allies)
0%
Scaly Weaver Sporopipes squamifrons Ploceidae (Weavers and Allies)
0%
Scarlet-and-white Tanager Chrysothlypis salmoni Thraupidae (Tanagers and Allies)
0%
Scarlet-backed Flowerpecker Dicaeum cruentatum Dicaeidae (Flowerpeckers)
0%
Scarlet-bellied Mountain Tanager Anisognathus igniventris Thraupidae (Tanagers and Allies)
0%
Scarlet-breasted Dacnis Dacnis berlepschi Thraupidae (Tanagers and Allies)
0%
Scarlet-breasted Flowerpecker Prionochilus thoracicus Dicaeidae (Flowerpeckers)
0%
Scarlet-breasted Fruiteater Pipreola frontalis Cotingidae (Cotingas)
0%
Scarlet-browed Tanager Heterospingus xanthopygius Thraupidae (Tanagers and Allies)
0%
Scarlet-chested Sunbird Chalcomitra senegalensis Nectariniidae (Sunbirds and Spiderhunters)
0%
Scarlet-collared Flowerpecker Dicaeum retrocinctum Dicaeidae (Flowerpeckers)
0%
Scarlet-faced Liocichla Liocichla ripponi Leiothrichidae (Laughingthrushes and Allies)
0%
Scarlet Finch Carpodacus sipahi Fringillidae (Finches, Euphonias, and Allies)
0%
Scarlet-headed Blackbird Amblyramphus holosericeus Icteridae (Troupials and Allies)
0%
Scarlet-headed Flowerpecker Dicaeum trochileum Dicaeidae (Flowerpeckers)
0%
Scarlet-horned Manakin Ceratopipra cornuta Pipridae (Manakins)
0%
Scarlet Minivet Pericrocotus speciosus Campephagidae (Cuckooshrikes)
0%
Scarlet-naped Myzomela Myzomela lafargei Meliphagidae (Honeyeaters)
0%
Scarlet-rumped Cacique Cacicus uropygialis Icteridae (Troupials and Allies)
0%
Scarlet-rumped Tanager Ramphocelus passerinii Thraupidae (Tanagers and Allies)
0%
Scarlet-thighed Dacnis Dacnis venusta Thraupidae (Tanagers and Allies)
0%
Scarlet-throated Tanager Compsothraupis loricata Thraupidae (Tanagers and Allies)
0%
Schneider's Pitta Hydrornis schneideri Pittidae (Pittas)
0%
Schwartz's Antthrush Chamaeza turdina Formicariidae (Antthrushes)
0%
Scimitar-billed Woodcreeper Drymornis bridgesii Furnariidae (Ovenbirds and Woodcreepers)
0%
Scimitar-winged Piha Lipaugus uropygialis Cotingidae (Cotingas)
0%
Sclater's Antwren Myrmotherula sclateri Thamnophilidae (Typical Antbirds)
0%
Sclater's Lark Spizocorys sclateri Alaudidae (Larks)
0%
Sclater's Myzomela Myzomela sclateri Meliphagidae (Honeyeaters)
0%
Sclater's Tyrannulet Phyllomyias sclateri Tyrannidae (Tyrant Flycatchers)
0%
Sclater's Whistler Pachycephala soror Pachycephalidae (Whistlers and Allies)
0%
Scott's Oriole Icterus parisorum Icteridae (Troupials and Allies)
0%
Screaming Cowbird Molothrus rufoaxillaris Icteridae (Troupials and Allies)
0%
Screaming Piha Lipaugus vociferans Cotingidae (Cotingas)
0%
Scribble-tailed Canastero Asthenes maculicauda Furnariidae (Ovenbirds and Woodcreepers)
0%
Scrub Blackbird Dives warczewiczi Icteridae (Troupials and Allies)
0%
Scrub Euphonia Euphonia affinis Fringillidae (Finches, Euphonias, and Allies)
0%
Scrub Greenlet Hylophilus flavipes Vireonidae (Vireos, Shrike-Babblers, and Erpornis)
0%
Scrub Honeyeater Microptilotis albonotatus Meliphagidae (Honeyeaters)
0%
Scrub Tanager Stilpnia vitriolina Thraupidae (Tanagers and Allies)
0%
Scrub Warbler Scotocerca inquieta Scotocercidae (Bush Warblers and Allies)
0%
Seaside Cinclodes Cinclodes nigrofumosus Furnariidae (Ovenbirds and Woodcreepers)
0%
Sedge Warbler Acrocephalus schoenobaenus Acrocephalidae (Reed Warblers and Allies)
0%
Selva Cacique Cacicus koepckeae Icteridae (Troupials and Allies)
0%
Semicollared Flycatcher Ficedula semitorquata Muscicapidae (Old World Flycatchers)
0%
Semper's Warbler Leucopeza semperi Parulidae (New World Warblers)
0%
Senegal Batis Batis senegalensis Platysteiridae (Wattle-eyes and Batises)
0%
Senegal Eremomela Eremomela pusilla Cisticolidae (Cisticolas and Allies)
0%
Sennar Penduline-Tit Anthoscopus punctifrons Remizidae (Penduline-Tits)
0%
Sentinel Rock-Thrush Monticola explorator Muscicapidae (Old World Flycatchers)
0%
Sepia-capped Flycatcher Leptopogon amaurocephalus Tyrannidae (Tyrant Flycatchers)
0%
Sepik-Ramu Shrikethrush Colluricincla tappenbecki Pachycephalidae (Whistlers and Allies)
0%
Seram Bush Warbler Locustella musculus Locustellidae (Grassbirds and Allies)
0%
Seram Friarbird Philemon subcorniculatus Meliphagidae (Honeyeaters)
0%
Seram Golden-Bulbul Alophoixus affinis Pycnonotidae (Bulbuls)
0%
Seram Honeyeater Lichmera monticola Meliphagidae (Honeyeaters)
0%
Seram Myzomela Myzomela blasii Meliphagidae (Honeyeaters)
0%
Seram Oriole Oriolus forsteni Oriolidae (Old World Orioles)
0%
Seram Thrush Geokichla joiceyi Turdidae (Thrushes and Allies)
0%
Seram White-eye Zosterops stalkeri Zosteropidae (White-eyes, Yuhinas, and Allies)
0%
Serra Antwren Formicivora serrana Thamnophilidae (Typical Antbirds)
0%
Serra do Mar Tyrannulet Phylloscartes difficilis Tyrannidae (Tyrant Flycatchers)
0%
Serra do Mar Tyrant-Manakin Neopelma chrysolophum Pipridae (Manakins)
0%
Seven-colored Tanager Tangara fastuosa Thraupidae (Tanagers and Allies)
0%
Seychelles Bulbul Hypsipetes crassirostris Pycnonotidae (Bulbuls)
0%
Seychelles Fody Foudia sechellarum Ploceidae (Weavers and Allies)
0%
Seychelles Magpie-Robin Copsychus sechellarum Muscicapidae (Old World Flycatchers)
0%
Seychelles Paradise-Flycatcher Terpsiphone corvina Monarchidae (Monarch Flycatchers)
0%
Seychelles Sunbird Cinnyris dussumieri Nectariniidae (Sunbirds and Spiderhunters)
0%
Seychelles Warbler Acrocephalus sechellensis Acrocephalidae (Reed Warblers and Allies)
0%
Seychelles White-eye Zosterops modestus Zosteropidae (White-eyes, Yuhinas, and Allies)
0%
Shade Warbler Horornis parens Scotocercidae (Bush Warblers and Allies)
0%
Shaft-tailed Whydah Vidua regia Viduidae (Indigobirds)
0%
Sharp-beaked Ground-Finch Geospiza difficilis Thraupidae (Tanagers and Allies)
0%
Sharp-billed Canastero Asthenes pyrrholeuca Furnariidae (Ovenbirds and Woodcreepers)
0%
Sharp-billed Treehunter Heliobletus contaminatus Furnariidae (Ovenbirds and Woodcreepers)
0%
Sharpe's Akalat Sheppardia sharpei Muscicapidae (Old World Flycatchers)
0%
Sharpe's Apalis Apalis sharpii Cisticolidae (Cisticolas and Allies)
0%
Sharpe's Drongo Dicrurus sharpei Dicruridae (Drongos)
0%
Sharpe's Longclaw Hemimacronyx sharpei Motacillidae (Wagtails and Pipits)
0%
Sharpe's Rosefinch Carpodacus verreauxii Fringillidae (Finches, Euphonias, and Allies)
0%
Sharpe's Starling Pholia sharpii Sturnidae (Starlings)
0%
Sharpe's Wren Cinnycerthia olivascens Troglodytidae (Wrens)
0%
Sharp-tailed Starling Lamprotornis acuticaudus Sturnidae (Starlings)
0%
Sharp-tailed Streamcreeper Lochmias nematura Furnariidae (Ovenbirds and Woodcreepers)
0%
Sharp-tailed Tyrant Culicivora caudacuta Tyrannidae (Tyrant Flycatchers)
0%
Shear-tailed Gray Tyrant Muscipipra vetula Tyrannidae (Tyrant Flycatchers)
0%
Shelley's Crimsonwing Cryptospiza shelleyi Estrildidae (Waxbills and Allies)
0%
Shelley's Greenbul Arizelocichla masukuensis Pycnonotidae (Bulbuls)
0%
Shelley's Oliveback Nesocharis shelleyi Estrildidae (Waxbills and Allies)
0%
Shelley's Rufous Sparrow Passer shelleyi Passeridae (Old World Sparrows)
0%
Shelley's Starling Lamprotornis shelleyi Sturnidae (Starlings)
0%
Shelley's Sunbird Cinnyris shelleyi Nectariniidae (Sunbirds and Spiderhunters)
0%
Shining Drongo Dicrurus atripennis Dicruridae (Drongos)
0%
Shining Flycatcher Myiagra alecto Monarchidae (Monarch Flycatchers)
0%
Shining Honeycreeper Cyanerpes lucidus Thraupidae (Tanagers and Allies)
0%
Shining Sunbird Cinnyris habessinicus Nectariniidae (Sunbirds and Spiderhunters)
0%
Shiny Cowbird Molothrus bonariensis Icteridae (Troupials and Allies)
0%
Shiny Whistling-Thrush Myophonus melanurus Muscicapidae (Old World Flycatchers)
0%
Short-bearded Melidectes Melidectes nouhuysi Meliphagidae (Honeyeaters)
0%
Short-billed Canastero Asthenes baeri Furnariidae (Ovenbirds and Woodcreepers)
0%
Short-billed Chlorospingus Chlorospingus parvirostris Passerellidae (New World Sparrows)
0%
Short-billed Crombec Sylvietta philippae Macrosphenidae (African Warblers)
0%
Short-billed Honeycreeper Cyanerpes nitidus Thraupidae (Tanagers and Allies)
0%
Short-billed Leaftosser Sclerurus rufigularis Furnariidae (Ovenbirds and Woodcreepers)
0%
Short-billed Miner Geositta antarctica Furnariidae (Ovenbirds and Woodcreepers)
0%
Short-billed Minivet Pericrocotus brevirostris Campephagidae (Cuckooshrikes)
0%
Short-billed Pipit Anthus furcatus Motacillidae (Wagtails and Pipits)
0%
Short-clawed Lark Certhilauda chuana Alaudidae (Larks)
0%
Short-crested Flycatcher Myiarchus ferox Tyrannidae (Tyrant Flycatchers)
0%
Short-crested Monarch Hypothymis helenae Monarchidae (Monarch Flycatchers)
0%
Short-tailed Antthrush Chamaeza campanisona Formicariidae (Antthrushes)
0%
Short-tailed Babbler Pellorneum malaccense Pellorneidae (Ground Babblers and Allies)
0%
Short-tailed Batis Batis mixta Platysteiridae (Wattle-eyes and Batises)
0%
Short-tailed Field Tyrant Muscigralla brevicauda Tyrannidae (Tyrant Flycatchers)
0%
Short-tailed Lark Spizocorys fremantlii Alaudidae (Larks)
0%
Short-tailed Paradigalla Paradigalla brevicauda Paradisaeidae (Birds-of-Paradise)
0%
Short-tailed Parrotbill Neosuthora davidiana Sylviidae (Sylviid Warblers, Parrotbills, and Allies)
0%
Short-tailed Pipit Anthus brachyurus Motacillidae (Wagtails and Pipits)
0%
Short-tailed Pygmy-Tyrant Myiornis ecaudatus Tyrannidae (Tyrant Flycatchers)
0%
Short-tailed Scimitar-Babbler Napothera danjoui Pellorneidae (Ground Babblers and Allies)
0%
Short-tailed Starling Aplonis minor Sturnidae (Starlings)
0%
Short-toed Rock-Thrush Monticola brevipes Muscicapidae (Old World Flycatchers)
0%
Shrike-like Cotinga Laniisoma elegans Tityridae (Tityras and Allies)
0%
Siau Pitta Erythropitta palliceps Pittidae (Pittas)
0%
Siberian Rubythroat Calliope calliope Muscicapidae (Old World Flycatchers)
0%
Siberian Stonechat Saxicola maurus Muscicapidae (Old World Flycatchers)
0%
Sibilant Sirystes Sirystes sibilator Tyrannidae (Tyrant Flycatchers)
0%
Sichuan Bush Warbler Locustella chengi Locustellidae (Grassbirds and Allies)
0%
Sichuan Leaf Warbler Phylloscopus forresti Phylloscopidae (Leaf Warblers)
0%
Sichuan Thrush Zoothera griseiceps Turdidae (Thrushes and Allies)
0%
Sichuan Tit Poecile weigoldicus Paridae (Tits, Chickadees, and Titmice)
0%
Sichuan Treecreeper Certhia tianquanensis Certhiidae (Treecreepers)
0%
Sickle-billed Vanga Falculea palliata Vangidae (Vangas, Helmetshrikes, and Allies)
0%
Sickle-winged Chat Emarginata sinuata Muscicapidae (Old World Flycatchers)
0%
Sierra de Lema Flycatcher Mionectes roraimae Tyrannidae (Tyrant Flycatchers)
0%
Sierra Leone Prinia Schistolais leontica Cisticolidae (Cisticolas and Allies)
0%
Sierra Madre Ground-Warbler Robsonius thompsoni Locustellidae (Grassbirds and Allies)
0%
Sierra Madre Sparrow Xenospiza baileyi Passerellidae (New World Sparrows)
0%
Sierran Elaenia Elaenia pallatangae Tyrannidae (Tyrant Flycatchers)
0%
Sierra Nevada Antpitta Grallaria spatiator Grallariidae (Antpittas)
0%
Sierra Nevada Brushfinch Arremon basilicus Passerellidae (New World Sparrows)
0%
Siffling Cisticola Cisticola brachypterus Cisticolidae (Cisticolas and Allies)
0%
Sikkim Treecreeper Certhia discolor Certhiidae (Treecreepers)
0%
Sikkim Wedge-billed Babbler Stachyris humei Timaliidae (Tree-Babblers, Scimitar-Babblers, and Allies)
0%
Sillem's Rosefinch Carpodacus sillemi Fringillidae (Finches, Euphonias, and Allies)
0%
Silver-backed Butcherbird Cracticus argenteus Artamidae (Woodswallows, Bellmagpies, and Allies)
0%
Silver-beaked Tanager Ramphocelus carbo Thraupidae (Tanagers and Allies)
0%
Silverbird Melaenornis semipartitus Muscicapidae (Old World Flycatchers)
0%
Silver-breasted Broadbill Serilophus lunatus Eurylaimidae (Asian and Grauer's Broadbills)
0%
Silver-eared Honeyeater Lichmera alboauricularis Meliphagidae (Honeyeaters)
0%
Silver-eared Laughingthrush Trochalopteron melanostigma Leiothrichidae (Laughingthrushes and Allies)
0%
Silver-eared Mesia Leiothrix argentauris Leiothrichidae (Laughingthrushes and Allies)
0%
Silvered Antbird Sclateria naevia Thamnophilidae (Typical Antbirds)
0%
Silver Oriole Oriolus mellianus Oriolidae (Old World Orioles)
0%
Silver-throated Tanager Tangara icterocephala Thraupidae (Tanagers and Allies)
0%
Silver-throated Tit Aegithalos glaucogularis Aegithalidae (Long-tailed Tits)
0%
Silvery-cheeked Antshrike Sakesphorus cristatus Thamnophilidae (Typical Antbirds)
0%
Silvery-fronted Tapaculo Scytalopus argentifrons Rhinocryptidae (Tapaculos)
0%
Silvery Tanager Stilpnia viridicollis Thraupidae (Tanagers and Allies)
0%
Silvery-throated Spinetail Synallaxis subpudica Furnariidae (Ovenbirds and Woodcreepers)
0%
Simple Greenbul Chlorocichla simplex Pycnonotidae (Bulbuls)
0%
Sinai Rosefinch Carpodacus synoicus Fringillidae (Finches, Euphonias, and Allies)
0%
Sinaloa Martin Progne sinaloae Hirundinidae (Swallows)
0%
Sinaloa Wren Thryophilus sinaloa Troglodytidae (Wrens)
0%
Sincora Antwren Formicivora grantsaui Thamnophilidae (Typical Antbirds)
0%
Sind Sparrow Passer pyrrhonotus Passeridae (Old World Sparrows)
0%
Singing Cisticola Cisticola cantans Cisticolidae (Cisticolas and Allies)
0%
Singing Starling Aplonis cantoroides Sturnidae (Starlings)
0%
Sira Tanager Stilpnia phillipsi Thraupidae (Tanagers and Allies)
0%
Sjöstedt's Greenbul Baeopogon clamans Pycnonotidae (Bulbuls)
0%
Slate-colored Antbird Myrmelastes schistaceus Thamnophilidae (Typical Antbirds)
0%
Slate-colored Boubou Laniarius funebris Malaconotidae (Bushshrikes and Allies)
0%
Slate-colored Grosbeak Saltator grossus Thraupidae (Tanagers and Allies)
0%
Slate-colored Seedeater Sporophila schistacea Thraupidae (Tanagers and Allies)
0%
Slate-colored Solitaire Myadestes unicolor Turdidae (Thrushes and Allies)
0%
Slate-crowned Antpitta Grallaricula nana Grallariidae (Antpittas)
0%
Slate-headed Tody-Flycatcher Poecilotriccus sylvia Tyrannidae (Tyrant Flycatchers)
0%
Slate-throated Gnatcatcher Polioptila schistaceigula Polioptilidae (Gnatcatchers)
0%
Slate-throated Redstart Myioborus miniatus Parulidae (New World Warblers)
0%
Slaty Antwren Myrmotherula schisticolor Thamnophilidae (Typical Antbirds)
0%
Slaty-backed Chat-Tyrant Ochthoeca cinnamomeiventris Tyrannidae (Tyrant Flycatchers)
0%
Slaty-backed Flycatcher Ficedula erithacus Muscicapidae (Old World Flycatchers)
0%
Slaty-backed Forktail Enicurus schistaceus Muscicapidae (Old World Flycatchers)
0%
Slaty-backed Hemispingus Poospiza goeringi Thraupidae (Tanagers and Allies)
0%
Slaty-backed Nightingale-Thrush Catharus fuscater Turdidae (Thrushes and Allies)
0%
Slaty-backed Thrush Geokichla schistacea Turdidae (Thrushes and Allies)
0%
Slaty Becard Pachyramphus spodiurus Tityridae (Tityras and Allies)
0%
Slaty-bellied Tesia Tesia olivea Scotocercidae (Bush Warblers and Allies)
0%
Slaty-blue Flycatcher Ficedula tricolor Muscicapidae (Old World Flycatchers)
0%
Slaty Bristlefront Merulaxis ater Rhinocryptidae (Tapaculos)
0%
Slaty Brushfinch Atlapetes schistaceus Passerellidae (New World Sparrows)
0%
Slaty Bunting Emberiza siemsseni Emberizidae (Old World Buntings)
0%
Slaty-capped Flycatcher Leptopogon superciliaris Tyrannidae (Tyrant Flycatchers)
0%
Slaty-capped Shrike-Vireo Vireolanius leucotis Vireonidae (Vireos, Shrike-Babblers, and Erpornis)
0%
Slaty-chinned Longbill Toxorhamphus poliopterus Melanocharitidae (Berrypeckers and Longbills)
0%
Slaty Cuckooshrike Coracina schistacea Campephagidae (Cuckooshrikes)
0%
Slaty Elaenia Elaenia strepera Tyrannidae (Tyrant Flycatchers)
0%
Slaty Finch Spodiornis rusticus Thraupidae (Tanagers and Allies)
0%
Slaty Flowerpiercer Diglossa plumbea Thraupidae (Tanagers and Allies)
0%
Slaty Gnateater Conopophaga ardesiaca Conopophagidae (Gnateaters)
0%
Slaty Monarch Mayrornis lessoni Monarchidae (Monarch Flycatchers)
0%
Slaty Spinetail Synallaxis brachyura Furnariidae (Ovenbirds and Woodcreepers)
0%
Slaty Tanager Creurgops dentatus Thraupidae (Tanagers and Allies)
0%
Slaty Vireo Vireo brevipennis Vireonidae (Vireos, Shrike-Babblers, and Erpornis)
0%
Slaty-winged Foliage-gleaner Philydor fuscipenne Furnariidae (Ovenbirds and Woodcreepers)
0%
Slender Antbird Rhopornis ardesiacus Thamnophilidae (Typical Antbirds)
0%
Slender-billed Babbler Argya longirostris Leiothrichidae (Laughingthrushes and Allies)
0%
Slender-billed Crow Corvus enca Corvidae (Crows, Jays, and Magpies)
0%
Slender-billed Finch Xenospingus concolor Thraupidae (Tanagers and Allies)
0%
Slender-billed Grackle Quiscalus palustris Icteridae (Troupials and Allies)
0%
Slender-billed Greenbul Stelgidillas gracilirostris Pycnonotidae (Bulbuls)
0%
Slender-billed Miner Geositta tenuirostris Furnariidae (Ovenbirds and Woodcreepers)
0%
Slender-billed Oriole Oriolus tenuirostris Oriolidae (Old World Orioles)
0%
Slender-billed Scimitar-Babbler Pomatorhinus superciliaris Timaliidae (Tree-Babblers, Scimitar-Babblers, and Allies)
0%
Slender-billed Starling Onychognathus tenuirostris Sturnidae (Starlings)
0%
Slender-billed Tyrannulet Inezia tenuirostris Tyrannidae (Tyrant Flycatchers)
0%
Slender-billed Weaver Ploceus pelzelni Ploceidae (Weavers and Allies)
0%
Slender-billed White-eye Zosterops tenuirostris Zosteropidae (White-eyes, Yuhinas, and Allies)
0%
Slender-billed Xenops Xenops tenuirostris Furnariidae (Ovenbirds and Woodcreepers)
0%
Slender-footed Tyrannulet Zimmerius gracilipes Tyrannidae (Tyrant Flycatchers)
0%
Slender-tailed Cisticola Cisticola melanurus Cisticolidae (Cisticolas and Allies)
0%
Small-billed Elaenia Elaenia parvirostris Tyrannidae (Tyrant Flycatchers)
0%
Small Ground-Finch Geospiza fuliginosa Thraupidae (Tanagers and Allies)
0%
Small-headed Elaenia Elaenia sordida Tyrannidae (Tyrant Flycatchers)
0%
Small Lifou White-eye Zosterops minutus Zosteropidae (White-eyes, Yuhinas, and Allies)
0%
Small Minivet Pericrocotus cinnamomeus Campephagidae (Cuckooshrikes)
0%
Small Niltava Niltava macgrigoriae Muscicapidae (Old World Flycatchers)
0%
Small Tree-Finch Camarhynchus parvulus Thraupidae (Tanagers and Allies)
0%
Smoke-colored Pewee Contopus fumigatus Tyrannidae (Tyrant Flycatchers)
0%
Smoky Bush-Tyrant Myiotheretes fumigatus Tyrannidae (Tyrant Flycatchers)
0%
Smoky-fronted Tody-Flycatcher Poecilotriccus fumifrons Tyrannidae (Tyrant Flycatchers)
0%
Smoky Honeyeater Melipotes fumigatus Meliphagidae (Honeyeaters)
0%
Smoky Robin Peneothello cryptoleuca Petroicidae (Australasian Robins)
0%
Smoky Warbler Phylloscopus fuligiventer Phylloscopidae (Leaf Warblers)
0%
Snethlage's Antpitta Hylopezus paraensis Grallariidae (Antpittas)
0%
Snethlage's Tody-Tyrant Hemitriccus minor Tyrannidae (Tyrant Flycatchers)
0%
Snow-capped Manakin Lepidothrix nattereri Pipridae (Manakins)
0%
Snow Mountain Munia Lonchura montana Estrildidae (Waxbills and Allies)
0%
Snowy-browed Flycatcher Ficedula hyperythra Muscicapidae (Old World Flycatchers)
0%
Snowy-browed Nuthatch Sitta villosa Sittidae (Nuthatches)
0%
Snowy-cheeked Laughingthrush Ianthocincla sukatschewi Leiothrichidae (Laughingthrushes and Allies)
0%
Snowy Cotinga Carpodectes nitidus Cotingidae (Cotingas)
0%
Snowy-crowned Robin-Chat Cossypha niveicapilla Muscicapidae (Old World Flycatchers)
0%
Snowy-throated Babbler Stachyris oglei Timaliidae (Tree-Babblers, Scimitar-Babblers, and Allies)
0%
Snowy-throated Kingbird Tyrannus niveigularis Tyrannidae (Tyrant Flycatchers)
0%
Sociable Weaver Philetairus socius Ploceidae (Weavers and Allies)
0%
Social Flycatcher Myiozetetes similis Tyrannidae (Tyrant Flycatchers)
0%
Society Islands Reed Warbler Acrocephalus musae Acrocephalidae (Reed Warblers and Allies)
0%
Socorro Mockingbird Mimus graysoni Mimidae (Mockingbirds and Thrashers)
0%
Socorro Wren Troglodytes sissonii Troglodytidae (Wrens)
0%
Socotra Bunting Emberiza socotrana Emberizidae (Old World Buntings)
0%
Socotra Cisticola Cisticola haesitatus Cisticolidae (Cisticolas and Allies)
0%
Socotra Grosbeak Rhynchostruthus socotranus Fringillidae (Finches, Euphonias, and Allies)
0%
Socotra Sparrow Passer insularis Passeridae (Old World Sparrows)
0%
Socotra Starling Onychognathus frater Sturnidae (Starlings)
0%
Socotra Sunbird Chalcomitra balfouri Nectariniidae (Sunbirds and Spiderhunters)
0%
Socotra Warbler Incana incana Cisticolidae (Cisticolas and Allies)
0%
Socotra White-eye Zosterops socotranus Zosteropidae (White-eyes, Yuhinas, and Allies)
0%
Sokoke Pipit Anthus sokokensis Motacillidae (Wagtails and Pipits)
0%
Solitary Black Cacique Cacicus solitarius Icteridae (Troupials and Allies)
0%
Solomons Cuckooshrike Edolisoma holopolium Campephagidae (Cuckooshrikes)
0%
Solomons White-eye Zosterops kulambangrae Zosteropidae (White-eyes, Yuhinas, and Allies)
0%
Somali Bunting Emberiza poliopleura Emberizidae (Old World Buntings)
0%
Somali Crombec Sylvietta isabellina Macrosphenidae (African Warblers)
0%
Somali Crow Corvus edithae Corvidae (Crows, Jays, and Magpies)
0%
Somali Fiscal Lanius somalicus Laniidae (Shrikes)
0%
Somali Grosbeak Rhynchostruthus louisae Fringillidae (Finches, Euphonias, and Allies)
0%
Somali Long-billed Lark Mirafra somalica Alaudidae (Larks)
0%
Somali Short-toed Lark Alaudala somalica Alaudidae (Larks)
0%
Somali Sparrow Passer castanopterus Passeridae (Old World Sparrows)
0%
Somali Starling Onychognathus blythii Sturnidae (Starlings)
0%
Somali Thrush Turdus ludoviciae Turdidae (Thrushes and Allies)
0%
Somali Tit Melaniparus thruppi Paridae (Tits, Chickadees, and Titmice)
0%
Somali Wheatear Oenanthe phillipsi Muscicapidae (Old World Flycatchers)
0%
Sombre Greenbul Andropadus importunus Pycnonotidae (Bulbuls)
0%
Sombre Rock Chat Oenanthe dubia Muscicapidae (Old World Flycatchers)
0%
Sombre Tit Poecile lugubris Paridae (Tits, Chickadees, and Titmice)
0%
Song Wren Cyphorhinus phaeocephalus Troglodytidae (Wrens)
0%
Sooretama Slaty-Antshrike Thamnophilus ambiguus Thamnophilidae (Typical Antbirds)
0%
Sooty Antbird Hafferia fortis Thamnophilidae (Typical Antbirds)
0%
Sooty Ant-Tanager Habia gutturalis Cardinalidae (Cardinals and Allies)
0%
Sooty Babbler Stachyris herberti Timaliidae (Tree-Babblers, Scimitar-Babblers, and Allies)
0%
Sooty-capped Babbler Malacopteron affine Pellorneidae (Ground Babblers and Allies)
0%
Sooty-capped Chlorospingus Chlorospingus pileatus Passerellidae (New World Sparrows)
0%
Sooty Chat Myrmecocichla nigra Muscicapidae (Old World Flycatchers)
0%
Sooty-crowned Flycatcher Myiarchus phaeocephalus Tyrannidae (Tyrant Flycatchers)
0%
Sooty-faced Finch Arremon crassirostris Passerellidae (New World Sparrows)
0%
Sooty Flycatcher Bradornis fuliginosus Muscicapidae (Old World Flycatchers)
0%
Sooty-fronted Spinetail Synallaxis frontalis Furnariidae (Ovenbirds and Woodcreepers)
0%
Sooty Grassquit Asemospiza fuliginosa Thraupidae (Tanagers and Allies)
0%
Sooty-headed Bulbul Pycnonotus aurigaster Pycnonotidae (Bulbuls)
0%
Sooty-headed Tyrannulet Phyllomyias griseiceps Tyrannidae (Tyrant Flycatchers)
0%
Sooty-headed Wren Pheugopedius spadix Troglodytidae (Wrens)
0%
Sooty Melidectes Melidectes fuscus Meliphagidae (Honeyeaters)
0%
Sooty Myzomela Myzomela tristrami Meliphagidae (Honeyeaters)
0%
Sooty Shrikethrush Colluricincla tenebrosa Pachycephalidae (Whistlers and Allies)
0%
Sooty Thicket-Fantail Rhipidura threnothorax Rhipiduridae (Fantails)
0%
Sooty Thrush Turdus nigrescens Turdidae (Thrushes and Allies)
0%
Sooty Tit Aegithalos fuliginosus Aegithalidae (Long-tailed Tits)
0%
Sooty Tyrannulet Serpophaga nigricans Tyrannidae (Tyrant Flycatchers)
0%
Souimanga Sunbird Cinnyris sovimanga Nectariniidae (Sunbirds and Spiderhunters)
0%
South African Swallow Petrochelidon spilodera Hirundinidae (Swallows)
0%
South American Leaftosser Sclerurus obscurior Furnariidae (Ovenbirds and Woodcreepers)
0%
Southern Anteater-Chat Myrmecocichla formicivora Muscicapidae (Old World Flycatchers)
0%
Southern Antpipit Corythopis delalandi Tyrannidae (Tyrant Flycatchers)
0%
Southern Beardless-Tyrannulet Camptostoma obsoletum Tyrannidae (Tyrant Flycatchers)
0%
Southern Bentbill Oncostoma olivaceum Tyrannidae (Tyrant Flycatchers)
0%
Southern Black-Flycatcher Melaenornis pammelaina Muscicapidae (Old World Flycatchers)
0%
Southern Black-Tit Melaniparus niger Paridae (Tits, Chickadees, and Titmice)
0%
Southern Boubou Laniarius ferrugineus Malaconotidae (Bushshrikes and Allies)
0%
Southern Bristle-Tyrant Phylloscartes eximius Tyrannidae (Tyrant Flycatchers)
0%
Southern Brown-throated Weaver Ploceus xanthopterus Ploceidae (Weavers and Allies)
0%
Southern Citril Crithagra hyposticta Fringillidae (Finches, Euphonias, and Allies)
0%
Southern Cordonbleu Uraeginthus angolensis Estrildidae (Waxbills and Allies)
0%
Southern Double-collared Sunbird Cinnyris chalybeus Nectariniidae (Sunbirds and Spiderhunters)
0%
Southern Fiscal Lanius collaris Laniidae (Shrikes)
0%
Southern Gray-headed Sparrow Passer diffusus Passeridae (Old World Sparrows)
0%
Southern Grosbeak-Canary Crithagra buchanani Fringillidae (Finches, Euphonias, and Allies)
0%
Southern Hill Myna Gracula indica Sturnidae (Starlings)
0%
Southern Hyliota Hyliota australis Hyliotidae (Hyliotas)
0%
Southern Marquesan Reed Warbler Acrocephalus mendanae Acrocephalidae (Reed Warblers and Allies)
0%
Southern Martin Progne elegans Hirundinidae (Swallows)
0%
Southern Masked-Weaver Ploceus velatus Ploceidae (Weavers and Allies)
0%
Southern Penduline-Tit Anthoscopus minutus Remizidae (Penduline-Tits)
0%
Southern Pied-Babbler Turdoides bicolor Leiothrichidae (Laughingthrushes and Allies)
0%
Southern Red Bishop Euplectes orix Ploceidae (Weavers and Allies)
0%
Southern Scrub-Flycatcher Sublegatus modestus Tyrannidae (Tyrant Flycatchers)
0%
Southern Shrikebill Clytorhynchus pachycephaloides Monarchidae (Monarch Flycatchers)
0%
Southern Tchagra Tchagra tchagra Malaconotidae (Bushshrikes and Allies)
0%
Southern Variable Pitohui Pitohui uropygialis Oriolidae (Old World Orioles)
0%
Southern Yellow White-eye Zosterops anderssoni Zosteropidae (White-eyes, Yuhinas, and Allies)
0%
South Georgia Pipit Anthus antarcticus Motacillidae (Wagtails and Pipits)
0%
South Island Kokako Callaeas cinereus Callaeidae (Wattlebirds)
0%
South Island Piopio Turnagra capensis Oriolidae (Old World Orioles)
0%
South Island Saddleback Philesturnus carunculatus Callaeidae (Wattlebirds)
0%
South Island Wren Xenicus gilviventris Acanthisittidae (New Zealand Wrens)
0%
South Melanesian Cuckooshrike Coracina caledonica Campephagidae (Cuckooshrikes)
0%
South Moluccan Pitta Erythropitta rubrinucha Pittidae (Pittas)
0%
South Pare White-eye Zosterops winifredae Zosteropidae (White-eyes, Yuhinas, and Allies)
0%
Souza's Shrike Lanius souzae Laniidae (Shrikes)
0%
Spangle-cheeked Tanager Tangara dowii Thraupidae (Tanagers and Allies)
0%
Spangled Cotinga Cotinga cayana Cotingidae (Cotingas)
0%
Spangled Honeyeater Melipotes ater Meliphagidae (Honeyeaters)
0%
Speckle-breasted Antpitta Cryptopezus nattereri Grallariidae (Antpittas)
0%
Speckle-breasted Wren Pheugopedius sclateri Troglodytidae (Wrens)
0%
Speckled Mourner Laniocera rufescens Tityridae (Tityras and Allies)
0%
Speckled Nightingale-Thrush Catharus maculatus Turdidae (Thrushes and Allies)
0%
Speckled Spinetail Cranioleuca gutturata Furnariidae (Ovenbirds and Woodcreepers)
0%
Speckled Tanager Ixothraupis guttata Thraupidae (Tanagers and Allies)
0%
Speckled Warbler Pyrrholaemus sagittatus Acanthizidae (Thornbills and Allies)
0%
Speckle-fronted Weaver Sporopipes frontalis Ploceidae (Weavers and Allies)
0%
Spectacled Barwing Actinodura ramsayi Leiothrichidae (Laughingthrushes and Allies)
0%
Spectacled Bristle-Tyrant Phylloscartes orbitalis Tyrannidae (Tyrant Flycatchers)
0%
Spectacled Bulbul Rubigula erythropthalmos Pycnonotidae (Bulbuls)
0%
Spectacled Finch Callacanthis burtoni Fringillidae (Finches, Euphonias, and Allies)
0%
Spectacled Flowerpecker Dicaeum dayakorum Dicaeidae (Flowerpeckers)
0%
Spectacled Fulvetta Fulvetta ruficapilla Sylviidae (Sylviid Warblers, Parrotbills, and Allies)
0%
Spectacled Longbill Oedistoma iliolophus Melanocharitidae (Berrypeckers and Longbills)
0%
Spectacled Parrotbill Sinosuthora conspicillata Sylviidae (Sylviid Warblers, Parrotbills, and Allies)
0%
Spectacled Prickletail Siptornis striaticollis Furnariidae (Ovenbirds and Woodcreepers)
0%
Spectacled Redstart Myioborus melanocephalus Parulidae (New World Warblers)
0%
Spectacled Spiderhunter Arachnothera flavigaster Nectariniidae (Sunbirds and Spiderhunters)
0%
Spectacled Tetraka Xanthomixis zosterops Bernieridae (Malagasy Warblers)
0%
Spectacled Thrush Turdus nudigenis Turdidae (Thrushes and Allies)
0%
Spectacled Tyrannulet Zimmerius improbus Tyrannidae (Tyrant Flycatchers)
0%
Spectacled Tyrant Hymenops perspicillatus Tyrannidae (Tyrant Flycatchers)
0%
Spectacled Warbler Curruca conspicillata Sylviidae (Sylviid Warblers, Parrotbills, and Allies)
0%
Spectacled Weaver Ploceus ocularis Ploceidae (Weavers and Allies)
0%
Speke's Weaver Ploceus spekei Ploceidae (Weavers and Allies)
0%
Spike-heeled Lark Chersomanes albofasciata Alaudidae (Larks)
0%
Spillmann's Tapaculo Scytalopus spillmanni Rhinocryptidae (Tapaculos)
0%
Spinifexbird Poodytes carteri Locustellidae (Grassbirds and Allies)
0%
Spiny Babbler Turdoides nipalensis Leiothrichidae (Laughingthrushes and Allies)
0%
Spiny-faced Antshrike Xenornis setifrons Thamnophilidae (Typical Antbirds)
0%
Spix's Spinetail Synallaxis spixi Furnariidae (Ovenbirds and Woodcreepers)
0%
Spix's Warbling-Antbird Hypocnemis striata Thamnophilidae (Typical Antbirds)
0%
Spix's Woodcreeper Xiphorhynchus spixii Furnariidae (Ovenbirds and Woodcreepers)
0%
Splendid Astrapia Astrapia splendidissima Paradisaeidae (Birds-of-Paradise)
0%
Splendid Starling Lamprotornis splendidus Sturnidae (Starlings)
0%
Splendid Sunbird Cinnyris coccinigastrus Nectariniidae (Sunbirds and Spiderhunters)
0%
Splendid White-eye Zosterops luteirostris Zosteropidae (White-eyes, Yuhinas, and Allies)
0%
Spot-backed Antbird Hylophylax naevius Thamnophilidae (Typical Antbirds)
0%
Spot-backed Antshrike Hypoedaleus guttatus Thamnophilidae (Typical Antbirds)
0%
Spot-backed Antwren Herpsilochmus dorsimaculatus Thamnophilidae (Typical Antbirds)
0%
Spot-billed Ground-Tyrant Muscisaxicola maculirostris Tyrannidae (Tyrant Flycatchers)
0%
Spot-breasted Antvireo Dysithamnus stictothorax Thamnophilidae (Typical Antbirds)
0%
Spot-breasted Fantail Rhipidura albogularis Rhipiduridae (Fantails)
0%
Spot-breasted Laughingthrush Garrulax merulinus Leiothrichidae (Laughingthrushes and Allies)
0%
Spot-breasted Oriole Icterus pectoralis Icteridae (Troupials and Allies)
0%
Spot-breasted Parrotbill Paradoxornis guttaticollis Sylviidae (Sylviid Warblers, Parrotbills, and Allies)
0%
Spot-breasted Scimitar-Babbler Erythrogenys mcclellandi Timaliidae (Tree-Babblers, Scimitar-Babblers, and Allies)
0%
Spot-breasted Thornbird Phacellodomus maculipectus Furnariidae (Ovenbirds and Woodcreepers)
0%
Spot-breasted Wren Pheugopedius maculipectus Troglodytidae (Wrens)
0%
Spot-crowned Antvireo Dysithamnus puncticeps Thamnophilidae (Typical Antbirds)
0%
Spot-crowned Euphonia Euphonia imitans Fringillidae (Finches, Euphonias, and Allies)
0%
Spot-crowned Woodcreeper Lepidocolaptes affinis Furnariidae (Ovenbirds and Woodcreepers)
0%
Spot-necked Babbler Stachyris strialata Timaliidae (Tree-Babblers, Scimitar-Babblers, and Allies)
0%
Spot-necked Bulbul Pycnonotus tympanistrigus Pycnonotidae (Bulbuls)
0%
Spot-tailed Antwren Herpsilochmus sticturus Thamnophilidae (Typical Antbirds)
0%
Spotted Antbird Hylophylax naevioides Thamnophilidae (Typical Antbirds)
0%
Spotted Antpitta Hylopezus macularius Grallariidae (Antpittas)
0%
Spotted Bamboowren Psilorhamphus guttatus Rhinocryptidae (Tapaculos)
0%
Spotted Barbtail Premnoplex brunnescens Furnariidae (Ovenbirds and Woodcreepers)
0%
Spotted Berrypecker Melanocharis crassirostris Melanocharitidae (Berrypeckers and Longbills)
0%
Spotted Bush Warbler Locustella thoracica Locustellidae (Grassbirds and Allies)
0%
Spotted Crocias Laniellus albonotatus Leiothrichidae (Laughingthrushes and Allies)
0%
Spotted Fantail Rhipidura perlata Rhipiduridae (Fantails)
0%
Spotted Forktail Enicurus maculatus Muscicapidae (Old World Flycatchers)
0%
Spotted Greenbul Ixonotus guttatus Pycnonotidae (Bulbuls)
0%
Spotted Ground-Thrush Geokichla guttata Turdidae (Thrushes and Allies)
0%
Spotted Honeyeater Xanthotis polygrammus Meliphagidae (Honeyeaters)
0%
Spotted Jewel-babbler Ptilorrhoa leucosticta Cinclosomatidae (Quail-thrushes and Jewel-babblers)
0%
Spotted Laughingthrush Ianthocincla ocellata Leiothrichidae (Laughingthrushes and Allies)
0%
Spotted Morning-Thrush Cichladusa guttata Muscicapidae (Old World Flycatchers)
0%
Spotted Pardalote Pardalotus punctatus Pardalotidae (Pardalotes)
0%
Spotted Tanager Ixothraupis punctata Thraupidae (Tanagers and Allies)
0%
Spotted Tody-Flycatcher Todirostrum maculatum Tyrannidae (Tyrant Flycatchers)
0%
Spotted Woodcreeper Xiphorhynchus erythropygius Furnariidae (Ovenbirds and Woodcreepers)
0%
Spotted Wren Campylorhynchus gularis Troglodytidae (Wrens)
0%
Spot-throat Modulatrix stictigula Modulatricidae (Dapple-throat and Allies)
0%
Spot-throated Babbler Pellorneum albiventre Pellorneidae (Ground Babblers and Allies)
0%
Spot-throated Woodcreeper Certhiasomus stictolaemus Furnariidae (Ovenbirds and Woodcreepers)
0%
Spot-winged Antbird Myrmelastes leucostigma Thamnophilidae (Typical Antbirds)
0%
Spot-winged Antshrike Pygiptila stellaris Thamnophilidae (Typical Antbirds)
0%
Spot-winged Grosbeak Mycerobas melanozanthos Fringillidae (Finches, Euphonias, and Allies)
0%
Spot-winged Monarch Symposiachrus guttula Monarchidae (Monarch Flycatchers)
0%
Spot-winged Rosefinch Carpodacus rodopeplus Fringillidae (Finches, Euphonias, and Allies)
0%
Spot-winged Starling Saroglossa spilopterus Sturnidae (Starlings)
0%
Spot-winged Thrush Geokichla spiloptera Turdidae (Thrushes and Allies)
0%
Squamate Antbird Myrmoderus squamosus Thamnophilidae (Typical Antbirds)
0%
Square-tailed Bulbul Hypsipetes ganeesa Pycnonotidae (Bulbuls)
0%
Square-tailed Sawwing Psalidoprocne nitens Hirundinidae (Swallows)
0%
Sri Lanka Blue-Magpie Urocissa ornata Corvidae (Crows, Jays, and Magpies)
0%
Sri Lanka Bush Warbler Elaphrornis palliseri Locustellidae (Grassbirds and Allies)
0%
Sri Lanka Drongo Dicrurus lophorinus Dicruridae (Drongos)
0%
Sri Lanka Myna Gracula ptilogenys Sturnidae (Starlings)
0%
Sri Lanka Scimitar-Babbler Pomatorhinus melanurus Timaliidae (Tree-Babblers, Scimitar-Babblers, and Allies)
0%
Sri Lanka Swallow Cecropis hyperythra Hirundinidae (Swallows)
0%
Sri Lanka Thrush Zoothera imbricata Turdidae (Thrushes and Allies)
0%
Sri Lanka Whistling-Thrush Myophonus blighi Muscicapidae (Old World Flycatchers)
0%
Sri Lanka White-eye Zosterops ceylonensis Zosteropidae (White-eyes, Yuhinas, and Allies)
0%
Sri Lanka Woodshrike Tephrodornis affinis Vangidae (Vangas, Helmetshrikes, and Allies)
0%
Standardwing Bird-of-Paradise Semioptera wallacii Paradisaeidae (Birds-of-Paradise)
0%
Stark's Lark Spizocorys starki Alaudidae (Larks)
0%
Star-throated Antwren Rhopias gularis Thamnophilidae (Typical Antbirds)
0%
Steel-blue Flycatcher Myiagra ferrocyanea Monarchidae (Monarch Flycatchers)
0%
Steel-blue Whydah Vidua hypocherina Viduidae (Indigobirds)
0%
Steere's Liocichla Liocichla steerii Leiothrichidae (Laughingthrushes and Allies)
0%
Steinbach's Canastero Pseudasthenes steinbachi Furnariidae (Ovenbirds and Woodcreepers)
0%
Stephanie's Astrapia Astrapia stephaniae Paradisaeidae (Birds-of-Paradise)
0%
Stephens Island Wren Traversia lyalli Acanthisittidae (New Zealand Wrens)
0%
Stierling's Wren-Warbler Calamonastes stierlingi Cisticolidae (Cisticolas and Allies)
0%
Stiles's Tapaculo Scytalopus stilesi Rhinocryptidae (Tapaculos)
0%
St. Kitts Bullfinch Melopyrrha grandis Thraupidae (Tanagers and Allies)
0%
St. Lucia Black Finch Melanospiza richardsoni Thraupidae (Tanagers and Allies)
0%
St. Lucia Oriole Icterus laudabilis Icteridae (Troupials and Allies)
0%
St. Lucia Warbler Setophaga delicata Parulidae (New World Warblers)
0%
Stolid Flycatcher Myiarchus stolidus Tyrannidae (Tyrant Flycatchers)
0%
Stout-billed Cinclodes Cinclodes excelsior Furnariidae (Ovenbirds and Woodcreepers)
0%
Stout-billed Cuckooshrike Coracina caeruleogrisea Campephagidae (Cuckooshrikes)
0%
Stout Cisticola Cisticola robustus Cisticolidae (Cisticolas and Allies)
0%
Straight-billed Earthcreeper Ochetorhynchus ruficaudus Furnariidae (Ovenbirds and Woodcreepers)
0%
Straight-billed Reedhaunter Limnoctites rectirostris Furnariidae (Ovenbirds and Woodcreepers)
0%
Straight-billed Woodcreeper Dendroplex picus Furnariidae (Ovenbirds and Woodcreepers)
0%
Straneck's Tyrannulet Serpophaga griseicapilla Tyrannidae (Tyrant Flycatchers)
0%
Strange-tailed Tyrant Alectrurus risora Tyrannidae (Tyrant Flycatchers)
0%
Strange Weaver Ploceus alienus Ploceidae (Weavers and Allies)
0%
Straw-headed Bulbul Pycnonotus zeylanicus Pycnonotidae (Bulbuls)
0%
Straw-tailed Whydah Vidua fischeri Viduidae (Indigobirds)
0%
Streak-backed Antshrike Thamnophilus insignis Thamnophilidae (Typical Antbirds)
0%
Streak-backed Canastero Asthenes wyatti Furnariidae (Ovenbirds and Woodcreepers)
0%
Streak-breasted Bulbul Hypsipetes siquijorensis Pycnonotidae (Bulbuls)
0%
Streak-breasted Fantail Rhipidura dedemi Rhipiduridae (Fantails)
0%
Streak-breasted Honeyeater Territornis reticulata Meliphagidae (Honeyeaters)
0%
Streak-breasted Scimitar-Babbler Pomatorhinus ruficollis Timaliidae (Tree-Babblers, Scimitar-Babblers, and Allies)
0%
Streak-breasted Treehunter Thripadectes rufobrunneus Furnariidae (Ovenbirds and Woodcreepers)
0%
Streak-capped Antwren Terenura maculata Thamnophilidae (Typical Antbirds)
0%
Streak-capped Spinetail Cranioleuca hellmayri Furnariidae (Ovenbirds and Woodcreepers)
0%
Streak-capped Treehunter Thripadectes virgaticeps Furnariidae (Ovenbirds and Woodcreepers)
0%
Streak-chested Antpitta Hylopezus perspicillatus Grallariidae (Antpittas)
0%
Streak-crowned Antvireo Dysithamnus striaticeps Thamnophilidae (Typical Antbirds)
0%
Streak-eared Bulbul Pycnonotus conradi Pycnonotidae (Bulbuls)
0%
Streaked Barwing Actinodura souliei Leiothrichidae (Laughingthrushes and Allies)
0%
Streaked Berrypecker Melanocharis striativentris Melanocharitidae (Berrypeckers and Longbills)
0%
Streaked Bowerbird Amblyornis subalaris Ptilonorhynchidae (Bowerbirds)
0%
Streaked Bulbul Ixos malaccensis Pycnonotidae (Bulbuls)
0%
Streaked Fantail Rhipidura verreauxi Rhipiduridae (Fantails)
0%
Streaked Flycatcher Myiodynastes maculatus Tyrannidae (Tyrant Flycatchers)
0%
Streaked Laughingthrush Trochalopteron lineatum Leiothrichidae (Laughingthrushes and Allies)
0%
Streaked Reed Warbler Acrocephalus sorghophilus Acrocephalidae (Reed Warblers and Allies)
0%
Streaked Rosefinch Carpodacus rubicilloides Fringillidae (Finches, Euphonias, and Allies)
0%
Streaked Saltator Saltator striatipectus Thraupidae (Tanagers and Allies)
0%
Streaked Tit-Spinetail Leptasthenura striata Furnariidae (Ovenbirds and Woodcreepers)
0%
Streaked Tuftedcheek Pseudocolaptes boissonneautii Furnariidae (Ovenbirds and Woodcreepers)
0%
Streaked Weaver Ploceus manyar Ploceidae (Weavers and Allies)
0%
Streaked Wren-Babbler Gypsophila brevicaudata Pellorneidae (Ground Babblers and Allies)
0%
Streaked Xenops Xenops rutilans Furnariidae (Ovenbirds and Woodcreepers)
0%
Streak-fronted Thornbird Phacellodomus striaticeps Furnariidae (Ovenbirds and Woodcreepers)
0%
Streak-headed Antbird Drymophila striaticeps Thamnophilidae (Typical Antbirds)
0%
Streak-headed Honeyeater Pycnopygius stictocephalus Meliphagidae (Honeyeaters)
0%
Streak-headed Munia Mayrimunia tristissima Estrildidae (Waxbills and Allies)
0%
Streak-headed White-eye Heleia squamiceps Zosteropidae (White-eyes, Yuhinas, and Allies)
0%
Streak-headed Woodcreeper Lepidocolaptes souleyetii Furnariidae (Ovenbirds and Woodcreepers)
0%
Streak-necked Flycatcher Mionectes striaticollis Tyrannidae (Tyrant Flycatchers)
0%
Streak-throated Barwing Actinodura waldeni Leiothrichidae (Laughingthrushes and Allies)
0%
Streak-throated Bush-Tyrant Myiotheretes striaticollis Tyrannidae (Tyrant Flycatchers)
0%
Streak-throated Canastero Asthenes humilis Furnariidae (Ovenbirds and Woodcreepers)
0%
Streak-throated Fulvetta Fulvetta manipurensis Sylviidae (Sylviid Warblers, Parrotbills, and Allies)
0%
Streak-throated Swallow Petrochelidon fluvicola Hirundinidae (Swallows)
0%
Streaky-breasted Spiderhunter Arachnothera affinis Nectariniidae (Sunbirds and Spiderhunters)
0%
Streaky-headed Seedeater Crithagra gularis Fringillidae (Finches, Euphonias, and Allies)
0%
Streaky Seedeater Crithagra striolata Fringillidae (Finches, Euphonias, and Allies)
0%
Streamer-tailed Tyrant Gubernetes yetapa Tyrannidae (Tyrant Flycatchers)
0%
Stresemann's Bristlefront Merulaxis stresemanni Rhinocryptidae (Tapaculos)
0%
Stresemann's Bush-Crow Zavattariornis stresemanni Corvidae (Crows, Jays, and Magpies)
0%
Striated Antbird Drymophila devillei Thamnophilidae (Typical Antbirds)
0%
Striated Antthrush Chamaeza nobilis Formicariidae (Antthrushes)
0%
Striated Babbler Argya earlei Leiothrichidae (Laughingthrushes and Allies)
0%
Striated Bulbul Pycnonotus striatus Pycnonotidae (Bulbuls)
0%
Striated Earthcreeper Geocerthia serrana Furnariidae (Ovenbirds and Woodcreepers)
0%
Striated Grassbird Megalurus palustris Locustellidae (Grassbirds and Allies)
0%
Striated Pardalote Pardalotus striatus Pardalotidae (Pardalotes)
0%
Striated Softtail Thripophaga macroura Furnariidae (Ovenbirds and Woodcreepers)
0%
Striated Starling Aplonis striata Sturnidae (Starlings)
0%
Striated Swallow Cecropis striolata Hirundinidae (Swallows)
0%
Striated Wren-Babbler Ptilocichla mindanensis Pellorneidae (Ground Babblers and Allies)
0%
Striated Yuhina Staphida castaniceps Zosteropidae (White-eyes, Yuhinas, and Allies)
0%
Striolated Bunting Emberiza striolata Emberizidae (Old World Buntings)
0%
Striolated Manakin Machaeropterus striolatus Pipridae (Manakins)
0%
Striolated Tit-Spinetail Leptasthenura striolata Furnariidae (Ovenbirds and Woodcreepers)
0%
Stripe-backed Antbird Myrmorchilus strigilatus Thamnophilidae (Typical Antbirds)
0%
Stripe-backed Wren Campylorhynchus nuchalis Troglodytidae (Wrens)
0%
Stripe-breasted Rhabdornis Rhabdornis inornatus Sturnidae (Starlings)
0%
Stripe-breasted Spinetail Synallaxis cinnamomea Furnariidae (Ovenbirds and Woodcreepers)
0%
Stripe-breasted Tit Melaniparus fasciiventer Paridae (Tits, Chickadees, and Titmice)
0%
Stripe-breasted Wren Cantorchilus thoracicus Troglodytidae (Wrens)
0%
Stripe-cheeked Greenbul Arizelocichla milanjensis Pycnonotidae (Bulbuls)
0%
Stripe-chested Antwren Myrmotherula longicauda Thamnophilidae (Typical Antbirds)
0%
Stripe-crowned Spinetail Cranioleuca pyrrhophia Furnariidae (Ovenbirds and Woodcreepers)
0%
Striped Honeyeater Plectorhyncha lanceolata Meliphagidae (Honeyeaters)
0%
Striped Laughingthrush Trochalopteron virgatum Leiothrichidae (Laughingthrushes and Allies)
0%
Striped Pipit Anthus lineiventris Motacillidae (Wagtails and Pipits)
0%
Striped Prinia Prinia striata Cisticolidae (Cisticolas and Allies)
0%
Striped Sparrow Oriturus superciliosus Passerellidae (New World Sparrows)
0%
Striped Treehunter Thripadectes holostictus Furnariidae (Ovenbirds and Woodcreepers)
0%
Striped Woodcreeper Xiphorhynchus obsoletus Furnariidae (Ovenbirds and Woodcreepers)
0%
Striped Woodhaunter Automolus subulatus Furnariidae (Ovenbirds and Woodcreepers)
0%
Striped Wren-Babbler Kenopia striata Pellorneidae (Ground Babblers and Allies)
0%
Stripe-headed Antpitta Grallaria andicolus Grallariidae (Antpittas)
0%
Stripe-headed Sparrow Peucaea ruficauda Passerellidae (New World Sparrows)
0%
Stripe-necked Tody-Tyrant Hemitriccus striaticollis Tyrannidae (Tyrant Flycatchers)
0%
Stripe-sided Rhabdornis Rhabdornis mystacalis Sturnidae (Starlings)
0%
Stripe-tailed Yellow-Finch Sicalis citrina Thraupidae (Tanagers and Allies)
0%
Stripe-throated Bulbul Pycnonotus finlaysoni Pycnonotidae (Bulbuls)
0%
Stripe-throated Jery Neomixis striatigula Cisticolidae (Cisticolas and Allies)
0%
Stripe-throated Wren Cantorchilus leucopogon Troglodytidae (Wrens)
0%
Stripe-throated Yuhina Yuhina gularis Zosteropidae (White-eyes, Yuhinas, and Allies)
0%
Strong-billed Woodcreeper Xiphocolaptes promeropirhynchus Furnariidae (Ovenbirds and Woodcreepers)
0%
Stub-tailed Antbird Sipia berlepschi Thamnophilidae (Typical Antbirds)
0%
Stub-tailed Spadebill Platyrinchus cancrominus Tyrannidae (Tyrant Flycatchers)
0%
Stuhlmann's Starling Poeoptera stuhlmanni Sturnidae (Starlings)
0%
Stuhlmann's Sunbird Cinnyris stuhlmanni Nectariniidae (Sunbirds and Spiderhunters)
0%
Styan's Bulbul Pycnonotus taivanus Pycnonotidae (Bulbuls)
0%
Subdesert Brush-Warbler Nesillas lantzii Acrocephalidae (Reed Warblers and Allies)
0%
Subtropical Doradito Pseudocolopteryx acutipennis Tyrannidae (Tyrant Flycatchers)
0%
Such's Antthrush Chamaeza meruloides Formicariidae (Antthrushes)
0%
Sucre Antpitta Grallaricula cumanensis Grallariidae (Antpittas)
0%
Sudan Golden Sparrow Passer luteus Passeridae (Old World Sparrows)
0%
Suiriri Flycatcher Suiriri suiriri Tyrannidae (Tyrant Flycatchers)
0%
Sula Cicadabird Edolisoma sula Campephagidae (Cuckooshrikes)
0%
Sula Golden-Bulbul Alophoixus longirostris Pycnonotidae (Bulbuls)
0%
Sula Jungle-Flycatcher Cyornis colonus Muscicapidae (Old World Flycatchers)
0%
Sula Pitta Erythropitta dohertyi Pittidae (Pittas)
0%
Sulawesi Babbler Pellorneum celebense Pellorneidae (Ground Babblers and Allies)
0%
Sulawesi Blue Flycatcher Cyornis omissus Muscicapidae (Old World Flycatchers)
0%
Sulawesi Brown Flycatcher Muscicapa sodhii Muscicapidae (Old World Flycatchers)
0%
Sulawesi Bush Warbler Locustella castanea Locustellidae (Grassbirds and Allies)
0%
Sulawesi Cicadabird Edolisoma morio Campephagidae (Cuckooshrikes)
0%
Sulawesi Drongo Dicrurus montanus Dicruridae (Drongos)
0%
Sulawesi Fantail Rhipidura teysmanni Rhipiduridae (Fantails)
0%
Sulawesi Leaf Warbler Phylloscopus sarasinorum Phylloscopidae (Leaf Warblers)
0%
Sulawesi Myna Basilornis celebensis Sturnidae (Starlings)
0%
Sulawesi Myzomela Myzomela chloroptera Meliphagidae (Honeyeaters)
0%
Sulawesi Pitta Erythropitta celebensis Pittidae (Pittas)
0%
Sulawesi Thrush Cataponera turdoides Turdidae (Thrushes and Allies)
0%
Sulawesi White-eye Zosterops consobrinorum Zosteropidae (White-eyes, Yuhinas, and Allies)
0%
Sulphur-bearded Reedhaunter Limnoctites sulphuriferus Furnariidae (Ovenbirds and Woodcreepers)
0%
Sulphur-bellied Bulbul Iole palawanensis Pycnonotidae (Bulbuls)
0%
Sulphur-bellied Tyrannulet Mecocerculus minor Tyrannidae (Tyrant Flycatchers)
0%
Sulphur-bellied Tyrant-Manakin Neopelma sulphureiventer Pipridae (Manakins)
0%
Sulphur-bellied Warbler Phylloscopus griseolus Phylloscopidae (Leaf Warblers)
0%
Sulphur-bellied Whistler Pachycephala sulfuriventer Pachycephalidae (Whistlers and Allies)
0%
Sulphur-billed Nuthatch Sitta oenochlamys Sittidae (Nuthatches)
0%
Sulphur-breasted Bushshrike Telophorus sulfureopectus Malaconotidae (Bushshrikes and Allies)
0%
Sulphur-breasted Warbler Phylloscopus ricketti Phylloscopidae (Leaf Warblers)
0%
Sulphur-rumped Flycatcher Myiobius sulphureipygius Oxyruncidae (Sharpbill, Royal Flycatcher, and Allies)
0%
Sulphur-rumped Tanager Heterospingus rubrifrons Thraupidae (Tanagers and Allies)
0%
Sulphur-throated Finch Sicalis taczanowskii Thraupidae (Tanagers and Allies)
0%
Sulphury Flycatcher Tyrannopsis sulphurea Tyrannidae (Tyrant Flycatchers)
0%
Sultan Tit Melanochlora sultanea Paridae (Tits, Chickadees, and Titmice)
0%
Sumatran Babbler Pellorneum buettikoferi Pellorneidae (Ground Babblers and Allies)
0%
Sumatran Cochoa Cochoa beccarii Turdidae (Thrushes and Allies)
0%
Sumatran Drongo Dicrurus sumatranus Dicruridae (Drongos)
0%
Sumatran Laughingthrush Garrulax bicolor Leiothrichidae (Laughingthrushes and Allies)
0%
Sumatran Leafbird Chloropsis media Chloropseidae (Leafbirds)
0%
Sumatran Treepie Dendrocitta occipitalis Corvidae (Crows, Jays, and Magpies)
0%
Sumatran Whistling-Thrush Myophonus castaneus Muscicapidae (Old World Flycatchers)
0%
Sumatran Wren-Babbler Napothera albostriata Pellorneidae (Ground Babblers and Allies)
0%
Sumba Brown Flycatcher Muscicapa segregata Muscicapidae (Old World Flycatchers)
0%
Sumba Flycatcher Ficedula harterti Muscicapidae (Old World Flycatchers)
0%
Sumba Myzomela Myzomela dammermani Meliphagidae (Honeyeaters)
0%
Sumichrast's Wren Hylorchilus sumichrasti Troglodytidae (Wrens)
0%
Sunda Blue Flycatcher Cyornis caerulatus Muscicapidae (Old World Flycatchers)
0%
Sunda Bulbul Ixos virescens Pycnonotidae (Bulbuls)
0%
Sunda Bush Warbler Horornis vulcanius Scotocercidae (Bush Warblers and Allies)
0%
Sunda Cuckooshrike Coracina larvata Campephagidae (Cuckooshrikes)
0%
Sunda Forktail Enicurus velatus Muscicapidae (Old World Flycatchers)
0%
Sunda Honeyeater Lichmera lombokia Meliphagidae (Honeyeaters)
0%
Sunda Laughingthrush Garrulax palliatus Leiothrichidae (Laughingthrushes and Allies)
0%
Sunda Minivet Pericrocotus miniatus Campephagidae (Cuckooshrikes)
0%
Sunda Robin Myiomela diana Muscicapidae (Old World Flycatchers)
0%
Sunda Thrush Zoothera andromedae Turdidae (Thrushes and Allies)
0%
Sunda Warbler Phylloscopus grammiceps Phylloscopidae (Leaf Warblers)
0%
Sun Lark Galerida modesta Alaudidae (Larks)
0%
Superb Pitta Pitta superba Pittidae (Pittas)
0%
Superb Sunbird Cinnyris superbus Nectariniidae (Sunbirds and Spiderhunters)
0%
Superciliaried Hemispingus Thlypopsis superciliaris Thraupidae (Tanagers and Allies)
0%
Superciliated Wren Cantorchilus superciliaris Troglodytidae (Wrens)
0%
Surf Cinclodes Cinclodes taczanowskii Furnariidae (Ovenbirds and Woodcreepers)
0%
Swahili Sparrow Passer suahelicus Passeridae (Old World Sparrows)
0%
Swainson's Flycatcher Myiarchus swainsoni Tyrannidae (Tyrant Flycatchers)
0%
Swallow-tailed Cotinga Phibalura flavirostris Cotingidae (Cotingas)
0%
Swallow-tailed Manakin Chiroxiphia caudata Pipridae (Manakins)
0%
Swallow Tanager Tersina viridis Thraupidae (Tanagers and Allies)
0%
Swamp Flycatcher Muscicapa aquatica Muscicapidae (Old World Flycatchers)
0%
Swamp Grass Babbler Laticilla cinerascens Pellorneidae (Ground Babblers and Allies)
0%
Swamp Greenbul Thescelocichla leucopleura Pycnonotidae (Bulbuls)
0%
Swee Waxbill Coccopygia melanotis Estrildidae (Waxbills and Allies)
0%
Swinhoe's White-eye Zosterops simplex Zosteropidae (White-eyes, Yuhinas, and Allies)
0%
Swynnerton's Robin Swynnertonia swynnertoni Muscicapidae (Old World Flycatchers)
0%
Sykes's Warbler Iduna rama Acrocephalidae (Reed Warblers and Allies)
0%
Syrian Serin Serinus syriacus Fringillidae (Finches, Euphonias, and Allies)
0%
Tabar Pitta Erythropitta splendida Pittidae (Pittas)
0%
Tablas Drongo Dicrurus menagei Dicruridae (Drongos)
0%
Tablas Fantail Rhipidura sauli Rhipiduridae (Fantails)
0%
Tabora Cisticola Cisticola angusticauda Cisticolidae (Cisticolas and Allies)
0%
Tacarcuna Chlorospingus Chlorospingus tacarcunae Passerellidae (New World Sparrows)
0%
Tacarcuna Tapaculo Scytalopus panamensis Rhinocryptidae (Tapaculos)
0%
Tacarcuna Warbler Basileuterus tacarcunae Parulidae (New World Warblers)
0%
Tacazze Sunbird Nectarinia tacazze Nectariniidae (Sunbirds and Spiderhunters)
0%
Tachira Antpitta Grallaria chthonia Grallariidae (Antpittas)
0%
Taczanowski's Ground-Tyrant Muscisaxicola griseus Tyrannidae (Tyrant Flycatchers)
0%
Tagula Butcherbird Cracticus louisiadensis Artamidae (Woodswallows, Bellmagpies, and Allies)
0%
Tagula Honeyeater Microptilotis vicina Meliphagidae (Honeyeaters)
0%
Tagula Shrikethrush Colluricincla discolor Pachycephalidae (Whistlers and Allies)
0%
Tagula White-eye Zosterops meeki Zosteropidae (White-eyes, Yuhinas, and Allies)
0%
Tahiti Monarch Pomarea nigra Monarchidae (Monarch Flycatchers)
0%
Tahiti Reed Warbler Acrocephalus caffer Acrocephalidae (Reed Warblers and Allies)
0%
Taiga Flycatcher Ficedula albicilla Muscicapidae (Old World Flycatchers)
0%
Taita Apalis Apalis fuscigularis Cisticolidae (Cisticolas and Allies)
0%
Taita Fiscal Lanius dorsalis Laniidae (Shrikes)
0%
Taita Thrush Turdus helleri Turdidae (Thrushes and Allies)
0%
Taita White-eye Zosterops silvanus Zosteropidae (White-eyes, Yuhinas, and Allies)
0%
Taiwan Barwing Actinodura morrisoniana Leiothrichidae (Laughingthrushes and Allies)
0%
Taiwan Blue-Magpie Urocissa caerulea Corvidae (Crows, Jays, and Magpies)
0%
Taiwan Bullfinch Pyrrhula owstoni Fringillidae (Finches, Euphonias, and Allies)
0%
Taiwan Bush Warbler Locustella alishanensis Locustellidae (Grassbirds and Allies)
0%
Taiwan Cupwing Pnoepyga formosana Pnoepygidae (Cupwings)
0%
Taiwan Fulvetta Fulvetta formosana Sylviidae (Sylviid Warblers, Parrotbills, and Allies)
0%
Taiwan Hwamei Garrulax taewanus Leiothrichidae (Laughingthrushes and Allies)
0%
Taiwan Rosefinch Carpodacus formosanus Fringillidae (Finches, Euphonias, and Allies)
0%
Taiwan Scimitar-Babbler Pomatorhinus musicus Timaliidae (Tree-Babblers, Scimitar-Babblers, and Allies)
0%
Taiwan Shortwing Brachypteryx goodfellowi Muscicapidae (Old World Flycatchers)
0%
Taiwan Thrush Turdus niveiceps Turdidae (Thrushes and Allies)
0%
Taiwan Whistling-Thrush Myophonus insularis Muscicapidae (Old World Flycatchers)
0%
Taiwan Yellow Tit Machlolophus holsti Paridae (Tits, Chickadees, and Titmice)
0%
Taiwan Yuhina Yuhina brunneiceps Zosteropidae (White-eyes, Yuhinas, and Allies)
0%
Taliabu Bush Warbler Locustella portenta Locustellidae (Grassbirds and Allies)
0%
Taliabu Fantail Rhipidura sulaensis Rhipiduridae (Fantails)
0%
Taliabu Myzomela Myzomela wahe Meliphagidae (Honeyeaters)
0%
Tamarugo Conebill Conirostrum tamarugense Thraupidae (Tanagers and Allies)
0%
Tanager Finch Oreothraupis arremonops Passerellidae (New World Sparrows)
0%
Tana River Cisticola Cisticola restrictus Cisticolidae (Cisticolas and Allies)
0%
Tan-capped Catbird Ailuroedus geislerorum Ptilonorhynchidae (Bowerbirds)
0%
Tanganyika Masked-Weaver Ploceus reichardi Ploceidae (Weavers and Allies)
0%
Tanimbar Bush Warbler Horornis carolinae Scotocercidae (Bush Warblers and Allies)
0%
Tanimbar Flycatcher Ficedula riedeli Muscicapidae (Old World Flycatchers)
0%
Tanimbar Friarbird Philemon plumigenis Meliphagidae (Honeyeaters)
0%
Tanimbar Oriole Oriolus decipiens Oriolidae (Old World Orioles)
0%
Tanimbar Starling Aplonis crassa Sturnidae (Starlings)
0%
Tanzania Seedeater Crithagra melanochroa Fringillidae (Finches, Euphonias, and Allies)
0%
Tapajos Antpitta Myrmothera subcanescens Grallariidae (Antpittas)
0%
Tapajos Fire-eye Pyriglena similis Thamnophilidae (Typical Antbirds)
0%
Tarim Babbler Rhopophilus albosuperciliaris Sylviidae (Sylviid Warblers, Parrotbills, and Allies)
0%
Tasmanian Scrubwren Sericornis humilis Acanthizidae (Thornbills and Allies)
0%
Tatama Tapaculo Scytalopus alvarezlopezi Rhinocryptidae (Tapaculos)
0%
Taveta Golden-Weaver Ploceus castaneiceps Ploceidae (Weavers and Allies)
0%
Taveuni Silktail Lamprolia victoriae Rhipiduridae (Fantails)
0%
Tawny Antpitta Grallaria quitensis Grallariidae (Antpittas)
0%
Tawny-backed Fantail Rhipidura superflua Rhipiduridae (Fantails)
0%
Tawny-bellied Babbler Dumetia hyperythra Timaliidae (Tree-Babblers, Scimitar-Babblers, and Allies)
0%
Tawny-bellied Seedeater Sporophila hypoxantha Thraupidae (Tanagers and Allies)
0%
Tawny-breasted Flycatcher Myiobius villosus Oxyruncidae (Sharpbill, Royal Flycatcher, and Allies)
0%
Tawny-breasted Honeyeater Xanthotis flaviventer Meliphagidae (Honeyeaters)
0%
Tawny-breasted Parrotfinch Erythrura hyperythra Estrildidae (Waxbills and Allies)
0%
Tawny-breasted Wren-Babbler Spelaeornis longicaudatus Timaliidae (Tree-Babblers, Scimitar-Babblers, and Allies)
0%
Tawny-capped Euphonia Euphonia anneae Fringillidae (Finches, Euphonias, and Allies)
0%
Tawny-chested Flycatcher Aphanotriccus capitalis Tyrannidae (Tyrant Flycatchers)
0%
Tawny-crested Tanager Tachyphonus delatrii Thraupidae (Tanagers and Allies)
0%
Tawny-crowned Greenlet Tunchiornis ochraceiceps Vireonidae (Vireos, Shrike-Babblers, and Erpornis)
0%
Tawny-faced Gnatwren Microbates cinereiventris Polioptilidae (Gnatcatchers)
0%
Tawny-flanked Prinia Prinia subflava Cisticolidae (Cisticolas and Allies)
0%
Tawny-headed Swallow Alopochelidon fucata Hirundinidae (Swallows)
0%
Tawny Lark Galerida deva Alaudidae (Larks)
0%
Tawny Pipit Anthus campestris Motacillidae (Wagtails and Pipits)
0%
Tawny-rumped Tyrannulet Phyllomyias uropygialis Tyrannidae (Tyrant Flycatchers)
0%
Tawny-shouldered Blackbird Agelaius humeralis Icteridae (Troupials and Allies)
0%
Tawny Straightbill Timeliopsis griseigula Meliphagidae (Honeyeaters)
0%
Tawny Tit-Spinetail Sylviorthorhynchus yanacensis Furnariidae (Ovenbirds and Woodcreepers)
0%
Tawny-winged Woodcreeper Dendrocincla anabatina Furnariidae (Ovenbirds and Woodcreepers)
0%
Tboli Sunbird Aethopyga tibolii Nectariniidae (Sunbirds and Spiderhunters)
0%
Temminck's Babbler Pellorneum pyrrogenys Pellorneidae (Ground Babblers and Allies)
0%
Temminck's Lark Eremophila bilopha Alaudidae (Larks)
0%
Temminck's Seedeater Sporophila falcirostris Thraupidae (Tanagers and Allies)
0%
Temminck's Sunbird Aethopyga temminckii Nectariniidae (Sunbirds and Spiderhunters)
0%
Temotu Whistler Pachycephala vanikorensis Pachycephalidae (Whistlers and Allies)
0%
Tenerife Blue Chaffinch Fringilla teydea Fringillidae (Finches, Euphonias, and Allies)
0%
Tepui Antpitta Myrmothera simplex Grallariidae (Antpittas)
0%
Tepui Brushfinch Atlapetes personatus Passerellidae (New World Sparrows)
0%
Tepui Elaenia Elaenia olivina Tyrannidae (Tyrant Flycatchers)
0%
Tepui Redstart Myioborus castaneocapilla Parulidae (New World Warblers)
0%
Tepui Spinetail Cranioleuca demissa Furnariidae (Ovenbirds and Woodcreepers)
0%
Tepui Vireo Vireo sclateri Vireonidae (Vireos, Shrike-Babblers, and Erpornis)
0%
Tepui Wren Troglodytes rufulus Troglodytidae (Wrens)
0%
Terrestrial Brownbul Phyllastrephus terrestris Pycnonotidae (Bulbuls)
0%
Tessmann's Flycatcher Fraseria tessmanni Muscicapidae (Old World Flycatchers)
0%
Thamnornis Thamnornis chloropetoides Bernieridae (Malagasy Warblers)
0%
Thekla's Lark Galerida theklae Alaudidae (Larks)
0%
Thick-billed Euphonia Euphonia laniirostris Fringillidae (Finches, Euphonias, and Allies)
0%
Thick-billed Flowerpecker Dicaeum agile Dicaeidae (Flowerpeckers)
0%
Thick-billed Lark Ramphocoris clotbey Alaudidae (Larks)
0%
Thick-billed Miner Geositta crassirostris Furnariidae (Ovenbirds and Woodcreepers)
0%
Thick-billed Saltator Saltator maxillosus Thraupidae (Tanagers and Allies)
0%
Thick-billed Seedeater Crithagra burtoni Fringillidae (Finches, Euphonias, and Allies)
0%
Thick-billed Seed-Finch Sporophila funerea Thraupidae (Tanagers and Allies)
0%
Thick-billed Siskin Spinus crassirostris Fringillidae (Finches, Euphonias, and Allies)
0%
Thick-billed Spiderhunter Arachnothera crassirostris Nectariniidae (Sunbirds and Spiderhunters)
0%
Thick-billed Vireo Vireo crassirostris Vireonidae (Vireos, Shrike-Babblers, and Erpornis)
0%
Thick-billed Warbler Arundinax aedon Acrocephalidae (Reed Warblers and Allies)
0%
Thicket Antpitta Myrmothera dives Grallariidae (Antpittas)
0%
Thorn-tailed Rayadito Aphrastura spinicauda Furnariidae (Ovenbirds and Woodcreepers)
0%
Three-banded Rosefinch Carpodacus trifasciatus Fringillidae (Finches, Euphonias, and Allies)
0%
Three-banded Warbler Basileuterus trifasciatus Parulidae (New World Warblers)
0%
Three-streaked Tchagra Tchagra jamesi Malaconotidae (Bushshrikes and Allies)
0%
Three-striped Flycatcher Conopias trivirgatus Tyrannidae (Tyrant Flycatchers)
0%
Three-striped Hemispingus Microspingus trifasciatus Thraupidae (Tanagers and Allies)
0%
Three-striped Warbler Basileuterus tristriatus Parulidae (New World Warblers)
0%
Three-toed Parrotbill Cholornis paradoxus Sylviidae (Sylviid Warblers, Parrotbills, and Allies)
0%
Three-wattled Bellbird Procnias tricarunculatus Cotingidae (Cotingas)
0%
Thrush Babbler Illadopsis turdina Pellorneidae (Ground Babblers and Allies)
0%
Thrush-like Antpitta Myrmothera campanisona Grallariidae (Antpittas)
0%
Thrush-like Wren Campylorhynchus turdinus Troglodytidae (Wrens)
0%
Thrush Nightingale Luscinia luscinia Muscicapidae (Old World Flycatchers)
0%
Tibetan Babax Pterorhinus koslowi Leiothrichidae (Laughingthrushes and Allies)
0%
Tibetan Blackbird Turdus maximus Turdidae (Thrushes and Allies)
0%
Tibetan Bunting Emberiza koslowi Emberizidae (Old World Buntings)
0%
Tibetan Lark Melanocorypha maxima Alaudidae (Larks)
0%
Tibetan Rosefinch Carpodacus roborowskii Fringillidae (Finches, Euphonias, and Allies)
0%
Tibetan Serin Spinus thibetanus Fringillidae (Finches, Euphonias, and Allies)
0%
Tibetan Snowfinch Montifringilla henrici Passeridae (Old World Sparrows)
0%
Tickell's Blue Flycatcher Cyornis tickelliae Muscicapidae (Old World Flycatchers)
0%
Tickell's Leaf Warbler Phylloscopus affinis Phylloscopidae (Leaf Warblers)
0%
Tickell's Thrush Turdus unicolor Turdidae (Thrushes and Allies)
0%
Ticking Doradito Pseudocolopteryx citreola Tyrannidae (Tyrant Flycatchers)
0%
Timberline Wren Thryorchilus browni Troglodytidae (Wrens)
0%
Timor Blue Flycatcher Cyornis hyacinthinus Muscicapidae (Old World Flycatchers)
0%
Timor Bushchat Saxicola gutturalis Muscicapidae (Old World Flycatchers)
0%
Timor Friarbird Philemon inornatus Meliphagidae (Honeyeaters)
0%
Timor Leaf Warbler Phylloscopus presbytes Phylloscopidae (Leaf Warblers)
0%
Timor Oriole Oriolus melanotis Oriolidae (Old World Orioles)
0%
Timor Sparrow Padda fuscata Estrildidae (Waxbills and Allies)
0%
Timor Stubtail Urosphena subulata Scotocercidae (Bush Warblers and Allies)
0%
Timor White-eye Heleia muelleri Zosteropidae (White-eyes, Yuhinas, and Allies)
0%
Tinian Monarch Monarcha takatsukasae Monarchidae (Monarch Flycatchers)
0%
Tinkling Cisticola Cisticola rufilatus Cisticolidae (Cisticolas and Allies)
0%
Tiny Cisticola Cisticola nana Cisticolidae (Cisticolas and Allies)
0%
Tiny Greenbul Phyllastrephus debilis Pycnonotidae (Bulbuls)
0%
Tiny Sunbird Cinnyris minullus Nectariniidae (Sunbirds and Spiderhunters)
0%
Tiny Tyrant-Manakin Tyranneutes virescens Pipridae (Manakins)
0%
Tit-hylia Pholidornis rushiae Macrosphenidae (African Warblers)
0%
Tit-like Dacnis Xenodacnis parina Thraupidae (Tanagers and Allies)
0%
Tocuyo Sparrow Arremonops tocuyensis Passerellidae (New World Sparrows)
0%
Todd's Antwren Herpsilochmus stictocephalus Thamnophilidae (Typical Antbirds)
0%
Todd's Sirystes Sirystes subcanescens Tyrannidae (Tyrant Flycatchers)
0%
Togian Golden-Bulbul Alophoixus aureus Pycnonotidae (Bulbuls)
0%
Togian White-eye Zosterops somadikartai Zosteropidae (White-eyes, Yuhinas, and Allies)
0%
Togo Paradise-Whydah Vidua togoensis Viduidae (Indigobirds)
0%
Tongan Whistler Pachycephala jacquinoti Pachycephalidae (Whistlers and Allies)
0%
Tooth-billed Wren Odontorchilus cinereus Troglodytidae (Wrens)
0%
Toro Olive-Greenbul Phyllastrephus hypochloris Pycnonotidae (Bulbuls)
0%
Torrent Flycatcher Monachella muelleriana Petroicidae (Australasian Robins)
0%
Torrent-lark Grallina bruijnii Monarchidae (Monarch Flycatchers)
0%
Torrent Tyrannulet Serpophaga cinerea Tyrannidae (Tyrant Flycatchers)
0%
Tractrac Chat Emarginata tractrac Muscicapidae (Old World Flycatchers)
0%
Tree Pipit Anthus trivialis Motacillidae (Wagtails and Pipits)
0%
Tricolored Brushfinch Atlapetes tricolor Passerellidae (New World Sparrows)
0%
Tricolored Munia Lonchura malacca Estrildidae (Waxbills and Allies)
0%
Tricolored Parrotfinch Erythrura tricolor Estrildidae (Waxbills and Allies)
0%
Trilling Shrike-Babbler Pteruthius aenobarbus Vireonidae (Vireos, Shrike-Babblers, and Erpornis)
0%
Trilling Tapaculo Scytalopus parvirostris Rhinocryptidae (Tapaculos)
0%
Trinidad Euphonia Euphonia trinitatis Fringillidae (Finches, Euphonias, and Allies)
0%
Tristan Thrush Turdus eremita Turdidae (Thrushes and Allies)
0%
Tristram's Bunting Emberiza tristrami Emberizidae (Old World Buntings)
0%
Tristram's Starling Onychognathus tristramii Sturnidae (Starlings)
0%
Tristram's Warbler Curruca deserticola Sylviidae (Sylviid Warblers, Parrotbills, and Allies)
0%
Tropeiro Seedeater Sporophila beltoni Thraupidae (Tanagers and Allies)
0%
Tropical Boubou Laniarius major Malaconotidae (Bushshrikes and Allies)
0%
Tropical Gnatcatcher Polioptila plumbea Polioptilidae (Gnatcatchers)
0%
Tropical Pewee Contopus cinereus Tyrannidae (Tyrant Flycatchers)
0%
Truk Monarch Metabolus rugensis Monarchidae (Monarch Flycatchers)
0%
Truk White-eye Rukia ruki Zosteropidae (White-eyes, Yuhinas, and Allies)
0%
Trumpeter Finch Bucanetes githagineus Fringillidae (Finches, Euphonias, and Allies)
0%
Tsavo Sunbird Cinnyris tsavoensis Nectariniidae (Sunbirds and Spiderhunters)
0%
Tschudi's Tapaculo Scytalopus acutirostris Rhinocryptidae (Tapaculos)
0%
Tuamotu Reed Warbler Acrocephalus atyphus Acrocephalidae (Reed Warblers and Allies)
0%
Tucuman Mountain Finch Poospiza baeri Thraupidae (Tanagers and Allies)
0%
Tufted Antshrike Mackenziaena severa Thamnophilidae (Typical Antbirds)
0%
Tufted Tit-Spinetail Leptasthenura platensis Furnariidae (Ovenbirds and Woodcreepers)
0%
Tufted Tit-Tyrant Anairetes parulus Tyrannidae (Tyrant Flycatchers)
0%
Tui Prosthemadera novaeseelandiae Meliphagidae (Honeyeaters)
0%
Tumbes Sparrow Rhynchospiza stolzmanni Passerellidae (New World Sparrows)
0%
Tumbes Swallow Tachycineta stolzmanni Hirundinidae (Swallows)
0%
Tumbes Tyrant Tumbezia salvini Tyrannidae (Tyrant Flycatchers)
0%
Turati's Boubou Laniarius turatii Malaconotidae (Bushshrikes and Allies)
0%
Turkestan Ground-Jay Podoces panderi Corvidae (Crows, Jays, and Magpies)
0%
Turkestan Short-toed Lark Alaudala heinei Alaudidae (Larks)
0%
Turner's Eremomela Eremomela turneri Cisticolidae (Cisticolas and Allies)
0%
Turquoise Cotinga Cotinga ridgwayi Cotingidae (Cotingas)
0%
Turquoise Dacnis Dacnis hartlaubi Thraupidae (Tanagers and Allies)
0%
Turquoise Flycatcher Eumyias panayensis Muscicapidae (Old World Flycatchers)
0%
Turquoise Tanager Tangara mexicana Thraupidae (Tanagers and Allies)
0%
Twelve-wired Bird-of-Paradise Seleucidis melanoleucus Paradisaeidae (Birds-of-Paradise)
0%
Twite Linaria flavirostris Fringillidae (Finches, Euphonias, and Allies)
0%
Two-banded Warbler Myiothlypis bivittata Parulidae (New World Warblers)
0%
Two-barred Warbler Phylloscopus plumbeitarsus Phylloscopidae (Leaf Warblers)
0%
Tylas Vanga Tylas eduardi Vangidae (Vangas, Helmetshrikes, and Allies)
0%
Tyrannine Woodcreeper Dendrocincla tyrannina Furnariidae (Ovenbirds and Woodcreepers)
0%
Tytler's Leaf Warbler Phylloscopus tytleri Phylloscopidae (Leaf Warblers)
0%
Ua Pou Monarch Pomarea mira Monarchidae (Monarch Flycatchers)
0%
Uganda Woodland-Warbler Phylloscopus budongoensis Phylloscopidae (Leaf Warblers)
0%
Ula-ai-hawane Ciridops anna Fringillidae (Finches, Euphonias, and Allies)
0%
Ultramarine Flycatcher Ficedula superciliaris Muscicapidae (Old World Flycatchers)
0%
Ultramarine Grosbeak Cyanoloxia brissonii Cardinalidae (Cardinals and Allies)
0%
Uluguru Bushshrike Malaconotus alius Malaconotidae (Bushshrikes and Allies)
0%
Uluguru Mountain Greenbul Arizelocichla neumanni Pycnonotidae (Bulbuls)
0%
Uluguru Violet-backed Sunbird Anthreptes neglectus Nectariniidae (Sunbirds and Spiderhunters)
0%
Unadorned Flycatcher Myiophobus inornatus Tyrannidae (Tyrant Flycatchers)
0%
Undulated Antpitta Grallaria squamigera Grallariidae (Antpittas)
0%
Undulated Antshrike Frederickena unduliger Thamnophilidae (Typical Antbirds)
0%
Unicolored Antwren Myrmotherula unicolor Thamnophilidae (Typical Antbirds)
0%
Unicolored Blackbird Agelasticus cyanopus Icteridae (Troupials and Allies)
0%
Unicolored Tapaculo Scytalopus unicolor Rhinocryptidae (Tapaculos)
0%
Unicolored Thrush Turdus haplochrous Turdidae (Thrushes and Allies)
0%
Uniform Antshrike Thamnophilus unicolor Thamnophilidae (Typical Antbirds)
0%
Uniform Finch Haplospiza unicolor Thraupidae (Tanagers and Allies)
0%
Uniform Treehunter Thripadectes ignobilis Furnariidae (Ovenbirds and Woodcreepers)
0%
Uniform Woodcreeper Hylexetastes uniformis Furnariidae (Ovenbirds and Woodcreepers)
0%
Unstreaked Tit-Tyrant Uromyias agraphia Tyrannidae (Tyrant Flycatchers)
0%
Upcher's Warbler Hippolais languida Acrocephalidae (Reed Warblers and Allies)
0%
Upland Antshrike Thamnophilus aroyae Thamnophilidae (Typical Antbirds)
0%
Upland Pipit Anthus sylvanus Motacillidae (Wagtails and Pipits)
0%
Urich's Tyrannulet Phyllomyias urichi Tyrannidae (Tyrant Flycatchers)
0%
Urrao Antpitta Grallaria urraoensis Grallariidae (Antpittas)
0%
Ursula's Sunbird Cinnyris ursulae Nectariniidae (Sunbirds and Spiderhunters)
0%
Urubamba Antpitta Grallaria occabambae Grallariidae (Antpittas)
0%
Usambara Akalat Sheppardia montana Muscicapidae (Old World Flycatchers)
0%
Usambara Double-collared Sunbird Cinnyris usambaricus Nectariniidae (Sunbirds and Spiderhunters)
0%
Usambara Greenbul Phyllastrephus albigula Pycnonotidae (Bulbuls)
0%
Usambara Hyliota Hyliota usambara Hyliotidae (Hyliotas)
0%
Usambara Thrush Turdus roehli Turdidae (Thrushes and Allies)
0%
Usambara Weaver Ploceus nicolli Ploceidae (Weavers and Allies)
0%
Ussher's Flycatcher Bradornis ussheri Muscicapidae (Old World Flycatchers)
0%
Utcubamba Tapaculo Scytalopus intermedius Rhinocryptidae (Tapaculos)
0%
Vampire Ground-Finch Geospiza septentrionalis Thraupidae (Tanagers and Allies)
0%
Van Dam's Vanga Xenopirostris damii Vangidae (Vangas, Helmetshrikes, and Allies)
0%
Van Hasselt's Sunbird Leptocoma brasiliana Nectariniidae (Sunbirds and Spiderhunters)
0%
Vanikoro Flycatcher Myiagra vanikorensis Monarchidae (Monarch Flycatchers)
0%
Vanikoro Monarch Mayrornis schistaceus Monarchidae (Monarch Flycatchers)
0%
Vanikoro White-eye Zosterops gibbsi Zosteropidae (White-eyes, Yuhinas, and Allies)
0%
Vanuatu Honeyeater Gliciphila notabilis Meliphagidae (Honeyeaters)
0%
Vanuatu Whistler Pachycephala chlorura Pachycephalidae (Whistlers and Allies)
0%
Variable Antshrike Thamnophilus caerulescens Thamnophilidae (Typical Antbirds)
0%
Variable Indigobird Vidua funerea Viduidae (Indigobirds)
0%
Variable Limestone Babbler Gypsophila crispifrons Pellorneidae (Ground Babblers and Allies)
0%
Variable Oriole Icterus pyrrhopterus Icteridae (Troupials and Allies)
0%
Variable Seedeater Sporophila corvina Thraupidae (Tanagers and Allies)
0%
Variable Shrikethrush Colluricincla fortis Pachycephalidae (Whistlers and Allies)
0%
Variable Sunbird Cinnyris venustus Nectariniidae (Sunbirds and Spiderhunters)
0%
Variable Wheatear Oenanthe picata Muscicapidae (Old World Flycatchers)
0%
Varied Bunting Passerina versicolor Cardinalidae (Cardinals and Allies)
0%
Varied Sittella Daphoenositta chrysoptera Neosittidae (Sittellas)
0%
Varied Solitaire Myadestes coloratus Turdidae (Thrushes and Allies)
0%
Varied Tit Sittiparus varius Paridae (Tits, Chickadees, and Titmice)
0%
Varied Triller Lalage leucomela Campephagidae (Cuckooshrikes)
0%
Variegated Antpitta Grallaria varia Grallariidae (Antpittas)
0%
Variegated Bristle-Tyrant Phylloscartes poecilotis Tyrannidae (Tyrant Flycatchers)
0%
Variegated Flycatcher Empidonomus varius Tyrannidae (Tyrant Flycatchers)
0%
Variegated Laughingthrush Trochalopteron variegatum Leiothrichidae (Laughingthrushes and Allies)
0%
Varzea Schiffornis Schiffornis major Tityridae (Tityras and Allies)
0%
Varzea Thrush Turdus sanchezorum Turdidae (Thrushes and Allies)
0%
Vegetarian Finch Platyspiza crassirostris Thraupidae (Tanagers and Allies)
0%
Velvet Asity Philepitta castanea Philepittidae (Asities)
0%
Velvet-fronted Euphonia Euphonia concinna Fringillidae (Finches, Euphonias, and Allies)
0%
Velvet-fronted Grackle Lampropsar tanagrinus Icteridae (Troupials and Allies)
0%
Velvet-fronted Nuthatch Sitta frontalis Sittidae (Nuthatches)
0%
Velvet-mantled Drongo Dicrurus modestus Dicruridae (Drongos)
0%
Velvety Black-Tyrant Knipolegus nigerrimus Tyrannidae (Tyrant Flycatchers)
0%
Venezuelan Bristle-Tyrant Phylloscartes venezuelanus Tyrannidae (Tyrant Flycatchers)
0%
Venezuelan Flowerpiercer Diglossa venezuelensis Thraupidae (Tanagers and Allies)
0%
Venezuelan Flycatcher Myiarchus venezuelensis Tyrannidae (Tyrant Flycatchers)
0%
Venezuelan Troupial Icterus icterus Icteridae (Troupials and Allies)
0%
Venezuelan Tyrannulet Zimmerius petersi Tyrannidae (Tyrant Flycatchers)
0%
Verdin Auriparus flaviceps Remizidae (Penduline-Tits)
0%
Verditer Flycatcher Eumyias thalassinus Muscicapidae (Old World Flycatchers)
0%
Vermilion Cardinal Cardinalis phoeniceus Cardinalidae (Cardinals and Allies)
0%
Vermilion Tanager Calochaetes coccineus Thraupidae (Tanagers and Allies)
0%
Verreaux's Batis Batis minima Platysteiridae (Wattle-eyes and Batises)
0%
Victorin's Warbler Cryptillas victorini Macrosphenidae (African Warblers)
0%
Vieillot's Weaver Ploceus nigerrimus Ploceidae (Weavers and Allies)
0%
Vietnamese Cutia Cutia legalleni Leiothrichidae (Laughingthrushes and Allies)
0%
Vietnamese Greenfinch Chloris monguilloti Fringillidae (Finches, Euphonias, and Allies)
0%
Vigors's Sunbird Aethopyga vigorsii Nectariniidae (Sunbirds and Spiderhunters)
0%
Vilcabamba Brushfinch Atlapetes terborghi Passerellidae (New World Sparrows)
0%
Vilcabamba Tapaculo Scytalopus urubambae Rhinocryptidae (Tapaculos)
0%
Vilcabamba Thistletail Asthenes vilcabambae Furnariidae (Ovenbirds and Woodcreepers)
0%
Village Indigobird Vidua chalybeata Viduidae (Indigobirds)
0%
Village Weaver Ploceus cucullatus Ploceidae (Weavers and Allies)
0%
Vinaceous Rosefinch Carpodacus vinaceus Fringillidae (Finches, Euphonias, and Allies)
0%
Vincent's Bunting Emberiza vincenti Emberizidae (Old World Buntings)
0%
Vinous-breasted Starling Acridotheres burmannicus Sturnidae (Starlings)
0%
Vinous-throated Parrotbill Sinosuthora webbiana Sylviidae (Sylviid Warblers, Parrotbills, and Allies)
0%
Violet-backed Hyliota Hyliota violacea Hyliotidae (Hyliotas)
0%
Violet-breasted Sunbird Cinnyris chalcomelas Nectariniidae (Sunbirds and Spiderhunters)
0%
Violet Crow Corvus violaceus Corvidae (Crows, Jays, and Magpies)
0%
Violet-eared Waxbill Granatina granatina Estrildidae (Waxbills and Allies)
0%
Violet-tailed Sunbird Anthreptes aurantius Nectariniidae (Sunbirds and Spiderhunters)
0%
Viridian Dacnis Dacnis viguieri Thraupidae (Tanagers and Allies)
0%
Visayan Blue-Fantail Rhipidura samarensis Rhipiduridae (Fantails)
0%
Visayan Broadbill Sarcophanops samarensis Eurylaimidae (Asian and Grauer's Broadbills)
0%
Visayan Bulbul Hypsipetes guimarasensis Pycnonotidae (Bulbuls)
0%
Visayan Fantail Rhipidura albiventris Rhipiduridae (Fantails)
0%
Visayan Pygmy-Babbler Dasycrotapha pygmaea Zosteropidae (White-eyes, Yuhinas, and Allies)
0%
Visayan Rhabdornis Rhabdornis rabori Sturnidae (Starlings)
0%
Visayan Shama Copsychus superciliaris Muscicapidae (Old World Flycatchers)
0%
Visayan Tailorbird Orthotomus castaneiceps Cisticolidae (Cisticolas and Allies)
0%
Vitelline Masked-Weaver Ploceus vitellinus Ploceidae (Weavers and Allies)
0%
Vivid Niltava Niltava vivida Muscicapidae (Old World Flycatchers)
0%
Vogelkop Bowerbird Amblyornis inornata Ptilonorhynchidae (Bowerbirds)
0%
Vogelkop Lophorina Lophorina niedda Paradisaeidae (Birds-of-Paradise)
0%
Vogelkop Melidectes Melidectes leucostephes Meliphagidae (Honeyeaters)
0%
Vogelkop Scrubwren Sericornis rufescens Acanthizidae (Thornbills and Allies)
0%
Vogelkop Whistler Pachycephala meyeri Pachycephalidae (Whistlers and Allies)
0%
Volcano Junco Junco vulcani Passerellidae (New World Sparrows)
0%
Wahnes's Parotia Parotia wahnesi Paradisaeidae (Birds-of-Paradise)
0%
Waigeo Shrikethrush Colluricincla affinis Pachycephalidae (Whistlers and Allies)
0%
Wailing Cisticola Cisticola lais Cisticolidae (Cisticolas and Allies)
0%
Wakatobi White-eye Zosterops flavissimus Zosteropidae (White-eyes, Yuhinas, and Allies)
0%
Wakolo Myzomela Myzomela wakoloensis Meliphagidae (Honeyeaters)
0%
Wallacean Cuckooshrike Coracina personata Campephagidae (Cuckooshrikes)
0%
Wallacean Drongo Dicrurus densus Dicruridae (Drongos)
0%
Wallacean Whistler Pachycephala arctitorquis Pachycephalidae (Whistlers and Allies)
0%
Wallace's Fairywren Sipodotus wallacii Maluridae (Fairywrens)
0%
Waller's Starling Onychognathus walleri Sturnidae (Starlings)
0%
Warbling Doradito Pseudocolopteryx flaviventris Tyrannidae (Tyrant Flycatchers)
0%
Ward's Flycatcher Pseudobias wardi Vangidae (Vangas, Helmetshrikes, and Allies)
0%
Warsangli Linnet Linaria johannis Fringillidae (Finches, Euphonias, and Allies)
0%
Watkins's Antpitta Grallaria watkinsi Grallariidae (Antpittas)
0%
Wattled Broadbill Sarcophanops steerii Eurylaimidae (Asian and Grauer's Broadbills)
0%
Wattled Ploughbill Eulacestoma nigropectus Eulacestomatidae (Ploughbill)
0%
Wattled Starling Creatophora cinerea Sturnidae (Starlings)
0%
Wayanad Laughingthrush Pterorhinus delesserti Leiothrichidae (Laughingthrushes and Allies)
0%
Wedge-billed Woodcreeper Glyphorynchus spirurus Furnariidae (Ovenbirds and Woodcreepers)
0%
Wedge-tailed Grass-Finch Emberizoides herbicola Thraupidae (Tanagers and Allies)
0%
Wedge-tailed Jery Hartertula flavoviridis Bernieridae (Malagasy Warblers)
0%
West African Batis Batis occulta Platysteiridae (Wattle-eyes and Batises)
0%
West African Seedeater Crithagra canicapilla Fringillidae (Finches, Euphonias, and Allies)
0%
West African Wattle-eye Platysteira hormophora Platysteiridae (Wattle-eyes and Batises)
0%
Western Bearded-Greenbul Criniger barbatus Pycnonotidae (Bulbuls)
0%
Western Black-eared Wheatear Oenanthe hispanica Muscicapidae (Old World Flycatchers)
0%
Western Black-headed Batis Batis erlangeri Platysteiridae (Wattle-eyes and Batises)
0%
Western Black-headed Oriole Oriolus brachyrynchus Oriolidae (Old World Orioles)
0%
Western Bluebill Spermophaga haematina Estrildidae (Waxbills and Allies)
0%
Western Bonelli's Warbler Phylloscopus bonelli Phylloscopidae (Leaf Warblers)
0%
Western Boubou Laniarius poensis Malaconotidae (Bushshrikes and Allies)
0%
Western Bristlebird Dasyornis longirostris Dasyornithidae (Bristlebirds)
0%
Western Citril Crithagra frontalis Fringillidae (Finches, Euphonias, and Allies)
0%
Western Crowned Warbler Phylloscopus occipitalis Phylloscopidae (Leaf Warblers)
0%
Western Fire-eye Pyriglena maura Thamnophilidae (Typical Antbirds)
0%
Western Miombo Sunbird Cinnyris gertrudis Nectariniidae (Sunbirds and Spiderhunters)
0%
Western Mountain Greenbul Arizelocichla tephrolaema Pycnonotidae (Bulbuls)
0%
Western Olivaceous Warbler Iduna opaca Acrocephalidae (Reed Warblers and Allies)
0%
Western Orphean Warbler Curruca hortensis Sylviidae (Sylviid Warblers, Parrotbills, and Allies)
0%
Western Parotia Parotia sefilata Paradisaeidae (Birds-of-Paradise)
0%
Western Rock Nuthatch Sitta neumayer Sittidae (Nuthatches)
0%
Western Square-tailed Drongo Dicrurus occidentalis Dicruridae (Drongos)
0%
Western Subalpine Warbler Curruca iberiae Sylviidae (Sylviid Warblers, Parrotbills, and Allies)
0%
Western Violet-backed Sunbird Anthreptes longuemarei Nectariniidae (Sunbirds and Spiderhunters)
0%
Western Wattled-Honeyeater Foulehaio procerior Meliphagidae (Honeyeaters)
0%
Western Whipbird Psophodes nigrogularis Psophodidae (Whipbirds and Wedgebills)
0%
Western Whistler Pachycephala fuliginosa Pachycephalidae (Whistlers and Allies)
0%
West Himalayan Bush Warbler Locustella kashmirensis Locustellidae (Grassbirds and Allies)
0%
West Mexican Euphonia Euphonia godmani Fringillidae (Finches, Euphonias, and Allies)
0%
Wetar Figbird Sphecotheres hypoleucus Oriolidae (Old World Orioles)
0%
Weyns's Weaver Ploceus weynsi Ploceidae (Weavers and Allies)
0%
Whinchat Saxicola rubetra Muscicapidae (Old World Flycatchers)
0%
Whiskered Flowerpecker Dicaeum proprium Dicaeidae (Flowerpeckers)
0%
Whiskered Flycatcher Myiobius barbatus Oxyruncidae (Sharpbill, Royal Flycatcher, and Allies)
0%
Whiskered Pitta Erythropitta kochi Pittidae (Pittas)
0%
Whiskered Wren Pheugopedius mystacalis Troglodytidae (Wrens)
0%
Whiskered Yuhina Yuhina flavicollis Zosteropidae (White-eyes, Yuhinas, and Allies)
0%
Whistler's Warbler Phylloscopus whistleri Phylloscopidae (Leaf Warblers)
0%
Whistling Cisticola Cisticola lateralis Cisticolidae (Cisticolas and Allies)
0%
Whistling Warbler Catharopeza bishopi Parulidae (New World Warblers)
0%
White-backed Black-Tit Melaniparus leuconotus Paridae (Tits, Chickadees, and Titmice)
0%
White-backed Thrush Turdus kessleri Turdidae (Thrushes and Allies)
0%
White-banded Mockingbird Mimus triurus Mimidae (Mockingbirds and Thrashers)
0%
White-banded Swallow Atticora fasciata Hirundinidae (Swallows)
0%
White-banded Tanager Neothraupis fasciata Thraupidae (Tanagers and Allies)
0%
White-banded Tyrannulet Mecocerculus stictopterus Tyrannidae (Tyrant Flycatchers)
0%
White-bearded Antshrike Biatas nigropectus Thamnophilidae (Typical Antbirds)
0%
White-bearded Flycatcher Phelpsia inornata Tyrannidae (Tyrant Flycatchers)
0%
White-bearded Greenbul Criniger ndussumensis Pycnonotidae (Bulbuls)
0%
White-bearded Manakin Manacus manacus Pipridae (Manakins)
0%
White Bellbird Procnias albus Cotingidae (Cotingas)
0%
White-bellied Antbird Myrmeciza longipes Thamnophilidae (Typical Antbirds)
0%
White-bellied Antpitta Grallaria hypoleuca Grallariidae (Antpittas)
0%
White-bellied Blue Flycatcher Cyornis pallidipes Muscicapidae (Old World Flycatchers)
0%
White-bellied Canary Crithagra dorsostriata Fringillidae (Finches, Euphonias, and Allies)
0%
White-bellied Cinclodes Cinclodes palliatus Furnariidae (Ovenbirds and Woodcreepers)
0%
White-bellied Crested-Flycatcher Elminia albiventris Stenostiridae (Fairy Flycatchers)
0%
White-bellied Dacnis Dacnis albiventris Thraupidae (Tanagers and Allies)
0%
White-bellied Drongo Dicrurus caerulescens Dicruridae (Drongos)
0%
White-bellied Erpornis Erpornis zantholeuca Vireonidae (Vireos, Shrike-Babblers, and Erpornis)
0%
White-bellied Fantail Rhipidura euryura Rhipiduridae (Fantails)
0%
White-bellied Flowerpecker Dicaeum hypoleucum Dicaeidae (Flowerpeckers)
0%
White-bellied Minivet Pericrocotus erythropygius Campephagidae (Cuckooshrikes)
0%
White-bellied Munia Lonchura leucogastra Estrildidae (Waxbills and Allies)
0%
White-bellied Pitohui Pseudorectes incertus Pachycephalidae (Whistlers and Allies)
0%
White-bellied Pygmy-Tyrant Myiornis albiventris Tyrannidae (Tyrant Flycatchers)
0%
White-bellied Redstart Luscinia phaenicuroides Muscicapidae (Old World Flycatchers)
0%
White-bellied Robin-Chat Cossyphicula roberti Muscicapidae (Old World Flycatchers)
0%
White-bellied Seedeater Sporophila leucoptera Thraupidae (Tanagers and Allies)
0%
White-bellied Sholakili Sholicola albiventris Muscicapidae (Old World Flycatchers)
0%
White-bellied Spinetail Mazaria propinqua Furnariidae (Ovenbirds and Woodcreepers)
0%
White-bellied Thicket-Fantail Rhipidura leucothorax Rhipiduridae (Fantails)
0%
White-bellied Tit Melaniparus albiventris Paridae (Tits, Chickadees, and Titmice)
0%
White-bellied Tody-Tyrant Hemitriccus griseipectus Tyrannidae (Tyrant Flycatchers)
0%
White-bellied Treepie Dendrocitta leucogastra Corvidae (Crows, Jays, and Magpies)
0%
White-bellied Tyrannulet Serpophaga munda Tyrannidae (Tyrant Flycatchers)
0%
White-bellied Whistler Pachycephala leucogastra Pachycephalidae (Whistlers and Allies)
0%
White-bellied Wren Uropsila leucogastra Troglodytidae (Wrens)
0%
White-bibbed Antbird Myrmoderus loricatus Thamnophilidae (Typical Antbirds)
0%
White-bibbed Babbler Stachyris thoracica Timaliidae (Tree-Babblers, Scimitar-Babblers, and Allies)
0%
White-bibbed Manakin Corapipo leucorrhoa Pipridae (Manakins)
0%
White-billed Buffalo-Weaver Bubalornis albirostris Ploceidae (Weavers and Allies)
0%
White-billed Starling Onychognathus albirostris Sturnidae (Starlings)
0%
White-breasted Antbird Rhegmatorhina hoffmannsi Thamnophilidae (Typical Antbirds)
0%
White-breasted Babbler Stachyris grammiceps Timaliidae (Tree-Babblers, Scimitar-Babblers, and Allies)
0%
White-breasted Cuckooshrike Coracina pectoralis Campephagidae (Cuckooshrikes)
0%
White-breasted Monarch Symposiachrus menckei Monarchidae (Monarch Flycatchers)
0%
White-breasted Nigrita Nigrita fusconotus Estrildidae (Waxbills and Allies)
0%
White-breasted Parrotbill Psittiparus ruficeps Sylviidae (Sylviid Warblers, Parrotbills, and Allies)
0%
White-breasted Sunbird Cinnyris talatala Nectariniidae (Sunbirds and Spiderhunters)
0%
White-breasted Tapaculo Eleoscytalopus indigoticus Rhinocryptidae (Tapaculos)
0%
White-breasted Thrasher Ramphocinclus brachyurus Mimidae (Mockingbirds and Thrashers)
0%
White-breasted Wood-Wren Henicorhina leucosticta Troglodytidae (Wrens)
0%
White-bridled Finch Melanodera melanodera Thraupidae (Tanagers and Allies)
0%
White-browed Antbird Myrmoborus leucophrys Thamnophilidae (Typical Antbirds)
0%
White-browed Antpitta Hylopezus ochroleucus Grallariidae (Antpittas)
0%
White-browed Brushfinch Arremon torquatus Passerellidae (New World Sparrows)
0%
White-browed Bulbul Pycnonotus luteolus Pycnonotidae (Bulbuls)
0%
White-browed Bushchat Saxicola macrorhynchus Muscicapidae (Old World Flycatchers)
0%
White-browed Bush-Robin Tarsiger indicus Muscicapidae (Old World Flycatchers)
0%
White-browed Chat-Tyrant Ochthoeca leucophrys Tyrannidae (Tyrant Flycatchers)
0%
White-browed Conebill Conirostrum ferrugineiventre Thraupidae (Tanagers and Allies)
0%
White-browed Crombec Sylvietta leucophrys Macrosphenidae (African Warblers)
0%
White-browed Fantail Rhipidura aureola Rhipiduridae (Fantails)
0%
White-browed Foliage-gleaner Anabacerthia amaurotis Furnariidae (Ovenbirds and Woodcreepers)
0%
White-browed Forest-Flycatcher Fraseria cinerascens Muscicapidae (Old World Flycatchers)
0%
White-browed Fulvetta Fulvetta vinipectus Sylviidae (Sylviid Warblers, Parrotbills, and Allies)
0%
White-browed Gnatcatcher Polioptila bilineata Polioptilidae (Gnatcatchers)
0%
White-browed Ground-Tyrant Muscisaxicola albilora Tyrannidae (Tyrant Flycatchers)
0%
White-browed Laughingthrush Pterorhinus sannio Leiothrichidae (Laughingthrushes and Allies)
0%
White-browed Meadowlark Leistes superciliaris Icteridae (Troupials and Allies)
0%
White-browed Nuthatch Sitta victoriae Sittidae (Nuthatches)
0%
White-browed Purpletuft Iodopleura isabellae Tityridae (Tityras and Allies)
0%
White-browed Robin-Chat Cossypha heuglini Muscicapidae (Old World Flycatchers)
0%
White-browed Scimitar-Babbler Pomatorhinus schisticeps Timaliidae (Tree-Babblers, Scimitar-Babblers, and Allies)
0%
White-browed Shama Copsychus luzoniensis Muscicapidae (Old World Flycatchers)
0%
White-browed Shortwing Brachypteryx montana Muscicapidae (Old World Flycatchers)
0%
White-browed Sparrow-Weaver Plocepasser mahali Ploceidae (Weavers and Allies)
0%
White-browed Spinetail Hellmayrea gularis Furnariidae (Ovenbirds and Woodcreepers)
0%
White-browed Tailorbird Orthotomus nigriceps Cisticolidae (Cisticolas and Allies)
0%
White-browed Tapaculo Scytalopus superciliaris Rhinocryptidae (Tapaculos)
0%
White-browed Tit Poecile superciliosus Paridae (Tits, Chickadees, and Titmice)
0%
White-browed Tit-Spinetail Leptasthenura xenothorax Furnariidae (Ovenbirds and Woodcreepers)
0%
White-browed Tit-Warbler Leptopoecile sophiae Aegithalidae (Long-tailed Tits)
0%
White-browed Triller Lalage moesta Campephagidae (Cuckooshrikes)
0%
White-browed Wagtail Motacilla maderaspatensis Motacillidae (Wagtails and Pipits)
0%
White-browed Warbler Myiothlypis leucoblephara Parulidae (New World Warblers)
0%
White-browed White-eye Heleia superciliaris Zosteropidae (White-eyes, Yuhinas, and Allies)
0%
White-capped Bunting Emberiza stewarti Emberizidae (Old World Buntings)
0%
White-capped Dipper Cinclus leucocephalus Cinclidae (Dippers)
0%
White-capped Monarch Monarcha richardsii Monarchidae (Monarch Flycatchers)
0%
White-capped Munia Lonchura ferruginosa Estrildidae (Waxbills and Allies)
0%
White-capped Redstart Phoenicurus leucocephalus Muscicapidae (Old World Flycatchers)
0%
White-capped Tanager Sericossypha albocristata Thraupidae (Tanagers and Allies)
0%
White-cheeked Antbird Gymnopithys leucaspis Thamnophilidae (Typical Antbirds)
0%
White-cheeked Bullfinch Pyrrhula leucogenis Fringillidae (Finches, Euphonias, and Allies)
0%
White-cheeked Cotinga Zaratornis stresemanni Cotingidae (Cotingas)
0%
White-cheeked Laughingthrush Pterorhinus vassali Leiothrichidae (Laughingthrushes and Allies)
0%
White-cheeked Nuthatch Sitta leucopsis Sittidae (Nuthatches)
0%
White-cheeked Starling Spodiopsar cineraceus Sturnidae (Starlings)
0%
White-cheeked Tit Aegithalos leucogenys Aegithalidae (Long-tailed Tits)
0%
White-cheeked Tody-Flycatcher Poecilotriccus albifacies Tyrannidae (Tyrant Flycatchers)
0%
White-chested Alethe Chamaetylas fuelleborni Muscicapidae (Old World Flycatchers)
0%
White-chested Babbler Pellorneum rostratum Pellorneidae (Ground Babblers and Allies)
0%
White-chested White-eye Zosterops albogularis Zosteropidae (White-eyes, Yuhinas, and Allies)
0%
White-chinned Myzomela Myzomela albigula Meliphagidae (Honeyeaters)
0%
White-chinned Prinia Schistolais leucopogon Cisticolidae (Cisticolas and Allies)
0%
White-chinned Thistletail Asthenes fuliginosa Furnariidae (Ovenbirds and Woodcreepers)
0%
White-chinned Thrush Turdus aurantius Turdidae (Thrushes and Allies)
0%
White-chinned Woodcreeper Dendrocincla merula Furnariidae (Ovenbirds and Woodcreepers)
0%
White-collared Blackbird Turdus albocinctus Turdidae (Thrushes and Allies)
0%
White-collared Foliage-gleaner Anabazenops fuscus Furnariidae (Ovenbirds and Woodcreepers)
0%
White-collared Jay Cyanolyca viridicyanus Corvidae (Crows, Jays, and Magpies)
0%
White-collared Manakin Manacus candei Pipridae (Manakins)
0%
White-collared Monarch Symposiachrus vidua Monarchidae (Monarch Flycatchers)
0%
White-collared Oliveback Nesocharis ansorgei Estrildidae (Waxbills and Allies)
0%
White-collared Starling Grafisia torquata Sturnidae (Starlings)
0%
White-collared Yuhina Parayuhina diademata Zosteropidae (White-eyes, Yuhinas, and Allies)
0%
White-crested Elaenia Elaenia albiceps Tyrannidae (Tyrant Flycatchers)
0%
White-crested Laughingthrush Garrulax leucolophus Leiothrichidae (Laughingthrushes and Allies)
0%
White-crested Spadebill Platyrinchus platyrhynchos Tyrannidae (Tyrant Flycatchers)
0%
White-crested Tyrannulet Serpophaga subcristata Tyrannidae (Tyrant Flycatchers)
0%
White-crowned Forktail Enicurus leschenaulti Muscicapidae (Old World Flycatchers)
0%
White-crowned Manakin Pseudopipra pipra Pipridae (Manakins)
0%
White-crowned Penduline-Tit Remiz coronatus Remizidae (Penduline-Tits)
0%
White-crowned Robin-Chat Cossypha albicapillus Muscicapidae (Old World Flycatchers)
0%
White-crowned Shrike Eurocephalus anguitimens Laniidae (Shrikes)
0%
White-crowned Starling Lamprotornis albicapillus Sturnidae (Starlings)
0%
White-crowned Tapaculo Scytalopus atratus Rhinocryptidae (Tapaculos)
0%
White-crowned Wheatear Oenanthe leucopyga Muscicapidae (Old World Flycatchers)
0%
White-eared Bulbul Pycnonotus leucotis Pycnonotidae (Bulbuls)
0%
White-eared Catbird Ailuroedus buccoides Ptilonorhynchidae (Bowerbirds)
0%
White-eared Conebill Conirostrum leucogenys Thraupidae (Tanagers and Allies)
0%
White-eared Ground-Sparrow Melozone leucotis Passerellidae (New World Sparrows)
0%
White-eared Monarch Carterornis leucotis Monarchidae (Monarch Flycatchers)
0%
White-eared Myza Myza sarasinorum Meliphagidae (Honeyeaters)
0%
White-eared Sibia Heterophasia auricularis Leiothrichidae (Laughingthrushes and Allies)
0%
White-eared Solitaire Entomodestes leucotis Turdidae (Thrushes and Allies)
0%
White-eared Tailorbird Orthotomus cinereiceps Cisticolidae (Cisticolas and Allies)
0%
White-edged Oriole Icterus graceannae Icteridae (Troupials and Allies)
0%
White-eyed Foliage-gleaner Automolus leucophthalmus Furnariidae (Ovenbirds and Woodcreepers)
0%
White-eyed River Martin Pseudochelidon sirintarae Hirundinidae (Swallows)
0%
White-eyed Robin Pachycephalopsis poliosoma Petroicidae (Australasian Robins)
0%
White-eyed Slaty-Flycatcher Melaenornis fischeri Muscicapidae (Old World Flycatchers)
0%
White-eyed Starling Aplonis brunneicapillus Sturnidae (Starlings)
0%
White-eyed Stipplethroat Epinecrophylla leucophthalma Thamnophilidae (Typical Antbirds)
0%
White-eyed Thrush Turdus jamaicensis Turdidae (Thrushes and Allies)
0%
White-eyed Tody-Tyrant Hemitriccus zosterops Tyrannidae (Tyrant Flycatchers)
0%
White-faced Ground-Sparrow Melozone biarcuata Passerellidae (New World Sparrows)
0%
White-faced Redstart Myioborus albifacies Parulidae (New World Warblers)
0%
White-faced Starling Sturnornis albofrontatus Sturnidae (Starlings)
0%
White-flanked Antwren Myrmotherula axillaris Thamnophilidae (Typical Antbirds)
0%
White-flanked Sunbird Aethopyga eximia Nectariniidae (Sunbirds and Spiderhunters)
0%
White-fringed Antwren Formicivora grisea Thamnophilidae (Typical Antbirds)
0%
White-fronted Black-Chat Oenanthe albifrons Muscicapidae (Old World Flycatchers)
0%
White-fronted Ground-Tyrant Muscisaxicola albifrons Tyrannidae (Tyrant Flycatchers)
0%
White-fronted Manakin Lepidothrix serena Pipridae (Manakins)
0%
White-fronted Redstart Myioborus albifrons Parulidae (New World Warblers)
0%
White-fronted Tit Sittiparus semilarvatus Paridae (Tits, Chickadees, and Titmice)
0%
White-fronted Wattle-eye Platysteira albifrons Platysteiridae (Wattle-eyes and Batises)
0%
White-gorgeted Flycatcher Anthipes monileger Muscicapidae (Old World Flycatchers)
0%
White-headed Brushfinch Atlapetes albiceps Passerellidae (New World Sparrows)
0%
White-headed Buffalo-Weaver Dinemellia dinemelli Ploceidae (Weavers and Allies)
0%
White-headed Bulbul Hypsipetes thompsoni Pycnonotidae (Bulbuls)
0%
White-headed Marsh Tyrant Arundinicola leucocephala Tyrannidae (Tyrant Flycatchers)
0%
White-headed Munia Lonchura maja Estrildidae (Waxbills and Allies)
0%
White-headed Robin-Chat Cossypha heinrichi Muscicapidae (Old World Flycatchers)
0%
White-headed Sawwing Psalidoprocne albiceps Hirundinidae (Swallows)
0%
White-headed Starling Sturnia erythropygia Sturnidae (Starlings)
0%
White-headed Vanga Artamella viridis Vangidae (Vangas, Helmetshrikes, and Allies)
0%
White-headed Wren Campylorhynchus albobrunneus Troglodytidae (Wrens)
0%
Whitehead's Broadbill Calyptomena whiteheadi Calyptomenidae (African and Green Broadbills)
0%
Whitehead's Spiderhunter Arachnothera juliae Nectariniidae (Sunbirds and Spiderhunters)
0%
White Helmetshrike Prionops plumatus Vangidae (Vangas, Helmetshrikes, and Allies)
0%
White-hooded Babbler Gampsorhynchus rufulus Pellorneidae (Ground Babblers and Allies)
0%
White-lined Antbird Myrmoborus lophotes Thamnophilidae (Typical Antbirds)
0%
White-lined Honeyeater Territornis albilineata Meliphagidae (Honeyeaters)
0%
White-lined Tanager Tachyphonus rufus Thraupidae (Tanagers and Allies)
0%
White-lored Antpitta Myrmothera fulviventris Grallariidae (Antpittas)
0%
White-lored Gnatcatcher Polioptila albiloris Polioptilidae (Gnatcatchers)
0%
White-lored Oriole Oriolus albiloris Oriolidae (Old World Orioles)
0%
White-lored Spinetail Synallaxis albilora Furnariidae (Ovenbirds and Woodcreepers)
0%
White-lored Tyrannulet Ornithion inerme Tyrannidae (Tyrant Flycatchers)
0%
White-lored Warbler Myiothlypis conspicillata Parulidae (New World Warblers)
0%
White-masked Antbird Pithys castaneus Thamnophilidae (Typical Antbirds)
0%
White Monjita Xolmis irupero Tyrannidae (Tyrant Flycatchers)
0%
White-naped Brushfinch Atlapetes albinucha Passerellidae (New World Sparrows)
0%
White-naped Friarbird Philemon albitorques Meliphagidae (Honeyeaters)
0%
White-naped Jay Cyanocorax cyanopogon Corvidae (Crows, Jays, and Magpies)
0%
White-naped Monarch Carterornis pileatus Monarchidae (Monarch Flycatchers)
0%
White-naped Seedeater Sporophila fringilloides Thraupidae (Tanagers and Allies)
0%
White-naped Tit Machlolophus nuchalis Paridae (Tits, Chickadees, and Titmice)
0%
White-naped Xenopsaris Xenopsaris albinucha Tityridae (Tityras and Allies)
0%
White-naped Yuhina Yuhina bakeri Zosteropidae (White-eyes, Yuhinas, and Allies)
0%
White-necked Babbler Stachyris leucotis Timaliidae (Tree-Babblers, Scimitar-Babblers, and Allies)
0%
White-necked Crow Corvus leucognaphalus Corvidae (Crows, Jays, and Magpies)
0%
White-necked Laughingthrush Garrulax strepitans Leiothrichidae (Laughingthrushes and Allies)
0%
White-necked Myna Streptocitta albicollis Sturnidae (Starlings)
0%
White-necked Rockfowl Picathartes gymnocephalus Picathartidae (Rockfowl)
0%
White-necked Thrush Turdus albicollis Turdidae (Thrushes and Allies)
0%
White-plumed Antbird Pithys albifrons Thamnophilidae (Typical Antbirds)
0%
White-rimmed Brushfinch Atlapetes leucopis Passerellidae (New World Sparrows)
0%
White-ringed Flycatcher Conopias albovittatus Tyrannidae (Tyrant Flycatchers)
0%
White-ruffed Manakin Corapipo altera Pipridae (Manakins)
0%
White-rumped Babbler Turdoides leucopygia Leiothrichidae (Laughingthrushes and Allies)
0%
White-rumped Cuckooshrike Coracina leucopygia Campephagidae (Cuckooshrikes)
0%
White-rumped Monjita Xolmis velatus Tyrannidae (Tyrant Flycatchers)
0%
White-rumped Munia Lonchura striata Estrildidae (Waxbills and Allies)
0%
White-rumped Robin Peneothello bimaculata Petroicidae (Australasian Robins)
0%
White-rumped Seedeater Crithagra leucopygia Fringillidae (Finches, Euphonias, and Allies)
0%
White-rumped Shama Copsychus malabaricus Muscicapidae (Old World Flycatchers)
0%
White-rumped Shrike Eurocephalus ruppelli Laniidae (Shrikes)
0%
White-rumped Sirystes Sirystes albocinereus Tyrannidae (Tyrant Flycatchers)
0%
White-rumped Snowfinch Montifringilla taczanowskii Passeridae (Old World Sparrows)
0%
White-rumped Swallow Tachycineta leucorrhoa Hirundinidae (Swallows)
0%
White-rumped Tanager Cypsnagra hirundinacea Thraupidae (Tanagers and Allies)
0%
White-rumped Triller Lalage leucopygialis Campephagidae (Cuckooshrikes)
0%
White-shouldered Antbird Akletos melanoceps Thamnophilidae (Typical Antbirds)
0%
White-shouldered Antshrike Thamnophilus aethiops Thamnophilidae (Typical Antbirds)
0%
White-shouldered Black-Tit Melaniparus guineensis Paridae (Tits, Chickadees, and Titmice)
0%
White-shouldered Fairywren Malurus alboscapulatus Maluridae (Fairywrens)
0%
White-shouldered Fire-eye Pyriglena leucoptera Thamnophilidae (Typical Antbirds)
0%
White-shouldered Starling Sturnia sinensis Sturnidae (Starlings)
0%
White-shouldered Tanager Loriotus luctuosus Thraupidae (Tanagers and Allies)
0%
White-shouldered Triller Lalage sueurii Campephagidae (Cuckooshrikes)
0%
White-sided Flowerpiercer Diglossa albilatera Thraupidae (Tanagers and Allies)
0%
White-spectacled Bulbul Pycnonotus xanthopygos Pycnonotidae (Bulbuls)
0%
White-spectacled Warbler Phylloscopus intermedius Phylloscopidae (Leaf Warblers)
0%
White-spotted Munia Mayrimunia leucosticta Estrildidae (Waxbills and Allies)
0%
White-spotted Wattle-eye Platysteira tonsa Platysteiridae (Wattle-eyes and Batises)
0%
White-starred Robin Pogonocichla stellata Muscicapidae (Old World Flycatchers)
0%
White's Thrush Zoothera aurea Turdidae (Thrushes and Allies)
0%
White-streaked Antvireo Dysithamnus leucostictus Thamnophilidae (Typical Antbirds)
0%
White-streaked Friarbird Melitograis gilolensis Meliphagidae (Honeyeaters)
0%
White-streaked Honeyeater Trichodere cockerelli Meliphagidae (Honeyeaters)
0%
White-striped Warbler Myiothlypis leucophrys Parulidae (New World Warblers)
0%
White-striped Woodcreeper Lepidocolaptes leucogaster Furnariidae (Ovenbirds and Woodcreepers)
0%
White-tailed Alethe Alethe diademata Muscicapidae (Old World Flycatchers)
0%
White-tailed Ant-Thrush Neocossyphus poensis Turdidae (Thrushes and Allies)
0%
White-tailed Blue Flycatcher Elminia albicauda Stenostiridae (Fairy Flycatchers)
0%
White-tailed Cisticola Cisticola anderseni Cisticolidae (Cisticolas and Allies)
0%
White-tailed Cotinga Xipholena lamellipennis Cotingidae (Cotingas)
0%
White-tailed Crested-Flycatcher Elminia albonotata Stenostiridae (Fairy Flycatchers)
0%
White-tailed Flycatcher Cyornis concretus Muscicapidae (Old World Flycatchers)
0%
White-tailed Iora Aegithina nigrolutea Aegithinidae (Ioras)
0%
White-tailed Jay Cyanocorax mystacalis Corvidae (Crows, Jays, and Magpies)
0%
White-tailed Lark Mirafra albicauda Alaudidae (Larks)
0%
White-tailed Monarch Symposiachrus leucurus Monarchidae (Monarch Flycatchers)
0%
White-tailed Nuthatch Sitta himalayensis Sittidae (Nuthatches)
0%
White-tailed Robin Myiomela leucura Muscicapidae (Old World Flycatchers)
0%
White-tailed Shrike Lanioturdus torquatus Platysteiridae (Wattle-eyes and Batises)
0%
White-tailed Shrike-Tyrant Agriornis albicauda Tyrannidae (Tyrant Flycatchers)
0%
White-tailed Stonechat Saxicola leucurus Muscicapidae (Old World Flycatchers)
0%
White-tailed Swallow Hirundo megaensis Hirundinidae (Swallows)
0%
White-tailed Tyrannulet Mecocerculus poecilocercus Tyrannidae (Tyrant Flycatchers)
0%
White-tailed Warbler Poliolais lopezi Cisticolidae (Cisticolas and Allies)
0%
White-thighed Swallow Atticora tibialis Hirundinidae (Swallows)
0%
White-throated Antbird Oneillornis salvini Thamnophilidae (Typical Antbirds)
0%
White-throated Antpitta Grallaria albigula Grallariidae (Antpittas)
0%
White-throated Babbler Argya gularis Leiothrichidae (Laughingthrushes and Allies)
0%
White-throated Barbtail Premnoplex tatei Furnariidae (Ovenbirds and Woodcreepers)
0%
White-throated Blue Swallow Hirundo nigrita Hirundinidae (Swallows)
0%
White-throated Bulbul Alophoixus flaveolus Pycnonotidae (Bulbuls)
0%
White-throated Bushchat Saxicola insignis Muscicapidae (Old World Flycatchers)
0%
White-throated Cacholote Pseudoseisura gutturalis Furnariidae (Ovenbirds and Woodcreepers)
0%
White-throated Canary Crithagra albogularis Fringillidae (Finches, Euphonias, and Allies)
0%
White-throated Earthcreeper Upucerthia albigula Furnariidae (Ovenbirds and Woodcreepers)
0%
White-throated Fantail Rhipidura albicollis Rhipiduridae (Fantails)
0%
White-throated Flowerpecker Dicaeum vincens Dicaeidae (Flowerpeckers)
0%
White-throated Flycatcher Empidonax albigularis Tyrannidae (Tyrant Flycatchers)
0%
White-throated Foliage-gleaner Syndactyla roraimae Furnariidae (Ovenbirds and Woodcreepers)
0%
White-throated Greenbul Phyllastrephus albigularis Pycnonotidae (Bulbuls)
0%
White-throated Kingbird Tyrannus albogularis Tyrannidae (Tyrant Flycatchers)
0%
White-throated Laughingthrush Pterorhinus albogularis Leiothrichidae (Laughingthrushes and Allies)
0%
White-throated Manakin Corapipo gutturalis Pipridae (Manakins)
0%
White-throated Mountain-Babbler Turdoides gilberti Leiothrichidae (Laughingthrushes and Allies)
0%
White-throated Oxylabes Oxylabes madagascariensis Bernieridae (Malagasy Warblers)
0%
White-throated Pewee Contopus albogularis Tyrannidae (Tyrant Flycatchers)
0%
White-throated Redstart Phoenicurus schisticeps Muscicapidae (Old World Flycatchers)
0%
White-throated Robin Irania gutturalis Muscicapidae (Old World Flycatchers)
0%
White-throated Robin-Chat Cossypha humeralis Muscicapidae (Old World Flycatchers)
0%
White-throated Rock-Thrush Monticola gularis Muscicapidae (Old World Flycatchers)
0%
White-throated Seedeater Sporophila albogularis Thraupidae (Tanagers and Allies)
0%
White-throated Shrike-Tanager Lanio leucothorax Thraupidae (Tanagers and Allies)
0%
White-throated Sierra Finch Idiopsar erythronotus Thraupidae (Tanagers and Allies)
0%
White-throated Spadebill Platyrinchus mystaceus Tyrannidae (Tyrant Flycatchers)
0%
White-throated Swallow Hirundo albigularis Hirundinidae (Swallows)
0%
White-throated Tapaculo Scelorchilus albicollis Rhinocryptidae (Tapaculos)
0%
White-throated Thrush Turdus assimilis Turdidae (Thrushes and Allies)
0%
White-throated Tit Aegithalos niveogularis Aegithalidae (Long-tailed Tits)
0%
White-throated Towhee Melozone albicollis Passerellidae (New World Sparrows)
0%
White-throated Treerunner Pygarrhichas albogularis Furnariidae (Ovenbirds and Woodcreepers)
0%
White-throated Tyrannulet Mecocerculus leucophrys Tyrannidae (Tyrant Flycatchers)
0%
White-throated Woodcreeper Xiphocolaptes albicollis Furnariidae (Ovenbirds and Woodcreepers)
0%
White-throated Wren-Babbler Napothera pasquieri Pellorneidae (Ground Babblers and Allies)
0%
White-tipped Monarch Symposiachrus everetti Monarchidae (Monarch Flycatchers)
0%
White-tipped Plantcutter Phytotoma rutila Cotingidae (Cotingas)
0%
White-vented Euphonia Euphonia minuta Fringillidae (Finches, Euphonias, and Allies)
0%
White-vented Shama Copsychus niger Muscicapidae (Old World Flycatchers)
0%
White-vented Whistler Pachycephala homeyeri Pachycephalidae (Whistlers and Allies)
0%
White-whiskered Laughingthrush Trochalopteron morrisonianum Leiothrichidae (Laughingthrushes and Allies)
0%
White-whiskered Spinetail Synallaxis candei Furnariidae (Ovenbirds and Woodcreepers)
0%
White-winged Apalis Apalis chariessa Cisticolidae (Cisticolas and Allies)
0%
White-winged Becard Pachyramphus polychopterus Tityridae (Tityras and Allies)
0%
White-winged Black-Tit Melaniparus leucomelas Paridae (Tits, Chickadees, and Titmice)
0%
White-winged Black-Tyrant Knipolegus aterrimus Tyrannidae (Tyrant Flycatchers)
0%
White-winged Brushfinch Atlapetes leucopterus Passerellidae (New World Sparrows)
0%
White-winged Cinclodes Cinclodes atacamensis Furnariidae (Ovenbirds and Woodcreepers)
0%
White-winged Cliff-Chat Thamnolaea semirufa Muscicapidae (Old World Flycatchers)
0%
White-winged Cuckooshrike Analisoma ostenta Campephagidae (Cuckooshrikes)
0%
White-winged Grosbeak Mycerobas carnipes Fringillidae (Finches, Euphonias, and Allies)
0%
White-winged Lark Alauda leucoptera Alaudidae (Larks)
0%
White-winged Magpie Urocissa whiteheadi Corvidae (Crows, Jays, and Magpies)
0%
White-winged Redstart Phoenicurus erythrogastrus Muscicapidae (Old World Flycatchers)
0%
White-winged Robin Peneothello sigillata Petroicidae (Australasian Robins)
0%
White-winged Shrike-Tanager Lanio versicolor Thraupidae (Tanagers and Allies)
0%
White-winged Snowfinch Montifringilla nivalis Passeridae (Old World Sparrows)
0%
White-winged Swallow Tachycineta albiventer Hirundinidae (Swallows)
0%
White-winged Swamp Warbler Bradypterus carpalis Locustellidae (Grassbirds and Allies)
0%
White-winged Tanager Piranga leucoptera Cardinalidae (Cardinals and Allies)
0%
White-winged Tapaculo Scytalopus krabbei Rhinocryptidae (Tapaculos)
0%
White-winged Triller Lalage tricolor Campephagidae (Cuckooshrikes)
0%
White-winged Warbler Xenoligea montana Phaenicophilidae (Hispaniolan Tanagers)
0%
White-winged Widowbird Euplectes albonotatus Ploceidae (Weavers and Allies)
0%
Wied's Tyrant-Manakin Neopelma aurifrons Pipridae (Manakins)
0%
Wilkins's Finch Nesospiza wilkinsi Thraupidae (Tanagers and Allies)
0%
Willard's Sooty Boubou Laniarius willardi Malaconotidae (Bushshrikes and Allies)
0%
Williams's Lark Mirafra williamsi Alaudidae (Larks)
0%
Willis's Antbird Cercomacroides laeta Thamnophilidae (Typical Antbirds)
0%
Wilson's Indigobird Vidua wilsoni Viduidae (Indigobirds)
0%
Winding Cisticola Cisticola marginatus Cisticolidae (Cisticolas and Allies)
0%
Wing-banded Antbird Myrmornis torquata Thamnophilidae (Typical Antbirds)
0%
Wing-banded Hornero Furnarius figulus Furnariidae (Ovenbirds and Woodcreepers)
0%
Wing-banded Wren Microcerculus bambla Troglodytidae (Wrens)
0%
Wing-barred Piprites Piprites chloris Tyrannidae (Tyrant Flycatchers)
0%
Wing-barred Seedeater Sporophila americana Thraupidae (Tanagers and Allies)
0%
Wing-snapping Cisticola Cisticola ayresii Cisticolidae (Cisticolas and Allies)
0%
Wire-tailed Manakin Pipra filicauda Pipridae (Manakins)
0%
Wire-tailed Swallow Hirundo smithii Hirundinidae (Swallows)
0%
Woodchat Shrike Lanius senator Laniidae (Shrikes)
0%
Woodhouse's Antpecker Parmoptila woodhousei Estrildidae (Waxbills and Allies)
0%
Woodland Pipit Anthus nyassae Motacillidae (Wagtails and Pipits)
0%
Wood Lark Lullula arborea Alaudidae (Larks)
0%
Woodpecker Finch Camarhynchus pallidus Thraupidae (Tanagers and Allies)
0%
Wood Warbler Phylloscopus sibilatrix Phylloscopidae (Leaf Warblers)
0%
Woodward's Batis Batis fratrum Platysteiridae (Wattle-eyes and Batises)
0%
Worthen's Sparrow Spizella wortheni Passerellidae (New World Sparrows)
0%
Wren-like Rushbird Phleocryptes melanops Furnariidae (Ovenbirds and Woodcreepers)
0%
Xavier's Greenbul Phyllastrephus xavieri Pycnonotidae (Bulbuls)
0%
Xingu Scale-backed Antbird Willisornis vidua Thamnophilidae (Typical Antbirds)
0%
Xinjiang Ground-Jay Podoces biddulphi Corvidae (Crows, Jays, and Magpies)
0%
Yapacana Antbird Aprositornis disjuncta Thamnophilidae (Typical Antbirds)
0%
Yap Monarch Monarcha godeffroyi Monarchidae (Monarch Flycatchers)
0%
Yap White-eye Zosterops oleagineus Zosteropidae (White-eyes, Yuhinas, and Allies)
0%
Yellow-backed Oriole Icterus chrysater Icteridae (Troupials and Allies)
0%
Yellow-backed Tanager Hemithraupis flavicollis Thraupidae (Tanagers and Allies)
0%
Yellow-bearded Greenbul Criniger olivaceus Pycnonotidae (Bulbuls)
0%
Yellow-bellied Bulbul Alophoixus phaeocephalus Pycnonotidae (Bulbuls)
0%
Yellow-bellied Chat-Tyrant Ochthoeca diadema Tyrannidae (Tyrant Flycatchers)
0%
Yellow-bellied Dacnis Dacnis flaviventer Thraupidae (Tanagers and Allies)
0%
Yellow-bellied Elaenia Elaenia flavogaster Tyrannidae (Tyrant Flycatchers)
0%
Yellow-bellied Eremomela Eremomela icteropygialis Cisticolidae (Cisticolas and Allies)
0%
Yellow-bellied Fairy-Fantail Chelidorhynx hypoxanthus Stenostiridae (Fairy Flycatchers)
0%
Yellow-bellied Flowerpecker Dicaeum melanozanthum Dicaeidae (Flowerpeckers)
0%
Yellow-bellied Flycatcher Empidonax flaviventris Tyrannidae (Tyrant Flycatchers)
0%
Yellow-bellied Gerygone Gerygone chrysogaster Acanthizidae (Thornbills and Allies)
0%
Yellow-bellied Greenbul Chlorocichla flaviventris Pycnonotidae (Bulbuls)
0%
Yellow-bellied Longbill Toxorhamphus novaeguineae Melanocharitidae (Berrypeckers and Longbills)
0%
Yellow-bellied Prinia Prinia flaviventris Cisticolidae (Cisticolas and Allies)
0%
Yellow-bellied Robin Eopsaltria flaviventris Petroicidae (Australasian Robins)
0%
Yellow-bellied Seedeater Sporophila nigricollis Thraupidae (Tanagers and Allies)
0%
Yellow-bellied Siskin Spinus xanthogastrus Fringillidae (Finches, Euphonias, and Allies)
0%
Yellow-bellied Sunbird-Asity Neodrepanis hypoxantha Philepittidae (Asities)
0%
Yellow-bellied Tanager Ixothraupis xanthogastra Thraupidae (Tanagers and Allies)
0%
Yellow-bellied Tit Periparus venustulus Paridae (Tits, Chickadees, and Titmice)
0%
Yellow-bellied Tyrannulet Ornithion semiflavum Tyrannidae (Tyrant Flycatchers)
0%
Yellow-bellied Warbler Abroscopus superciliaris Scotocercidae (Bush Warblers and Allies)
0%
Yellow-bellied Wattle-eye Platysteira concreta Platysteiridae (Wattle-eyes and Batises)
0%
Yellow-bellied Waxbill Coccopygia quartinia Estrildidae (Waxbills and Allies)
0%
Yellow-bellied Whistler Pachycephala philippinensis Pachycephalidae (Whistlers and Allies)
0%
Yellow-billed Babbler Argya affinis Leiothrichidae (Laughingthrushes and Allies)
0%
Yellow-billed Blue-Magpie Urocissa flavirostris Corvidae (Crows, Jays, and Magpies)
0%
Yellow-billed Cacique Amblycercus holosericeus Icteridae (Troupials and Allies)
0%
Yellow-billed Cardinal Paroaria capitata Thraupidae (Tanagers and Allies)
0%
Yellow-billed Chough Pyrrhocorax graculus Corvidae (Crows, Jays, and Magpies)
0%
Yellow-billed Cotinga Carpodectes antoniae Cotingidae (Cotingas)
0%
Yellow-billed Grosbeak Eophona migratoria Fringillidae (Finches, Euphonias, and Allies)
0%
Yellow-billed Nuthatch Sitta solangiae Sittidae (Nuthatches)
0%
Yellow-billed Oxpecker Buphagus africanus Buphagidae (Oxpeckers)
0%
Yellow-billed Shrike Lanius corvinus Laniidae (Shrikes)
0%
Yellow-billed Tit-Tyrant Anairetes flavirostris Tyrannidae (Tyrant Flycatchers)
0%
Yellow-breasted Antpitta Grallaria flavotincta Grallariidae (Antpittas)
0%
Yellow-breasted Antwren Herpsilochmus axillaris Thamnophilidae (Typical Antbirds)
0%
Yellow-breasted Apalis Apalis flavida Cisticolidae (Cisticolas and Allies)
0%
Yellow-breasted Boatbill Machaerirhynchus flaviventer Machaerirhynchidae (Boatbills)
0%
Yellow-breasted Boubou Laniarius atroflavus Malaconotidae (Bushshrikes and Allies)
0%
Yellow-breasted Brushfinch Atlapetes latinuchus Passerellidae (New World Sparrows)
0%
Yellow-breasted Bunting Emberiza aureola Emberizidae (Old World Buntings)
0%
Yellow-breasted Flowerpecker Prionochilus maculatus Dicaeidae (Flowerpeckers)
0%
Yellow-breasted Flycatcher Tolmomyias flaviventris Tyrannidae (Tyrant Flycatchers)
0%
Yellow-breasted Greenfinch Chloris spinoides Fringillidae (Finches, Euphonias, and Allies)
0%
Yellow-breasted Pipit Hemimacronyx chloris Motacillidae (Wagtails and Pipits)
0%
Yellow-breasted Satinbird Loboparadisea sericea Cnemophilidae (Satinbirds)
0%
Yellow-breasted Tailorbird Orthotomus samarensis Cisticolidae (Cisticolas and Allies)
0%
Yellow-breasted Warbler Phylloscopus montis Phylloscopidae (Leaf Warblers)
0%
Yellow-breasted Warbling-Antbird Hypocnemis subflava Thamnophilidae (Typical Antbirds)
0%
Yellow-bridled Finch Melanodera xanthogramma Thraupidae (Tanagers and Allies)
0%
Yellow-browed Antbird Hypocnemis hypoxantha Thamnophilidae (Typical Antbirds)
0%
Yellow-browed Bulbul Iole indica Pycnonotidae (Bulbuls)
0%
Yellow-browed Bunting Emberiza chrysophrys Emberizidae (Old World Buntings)
0%
Yellow-browed Camaroptera Camaroptera superciliaris Cisticolidae (Cisticolas and Allies)
0%
Yellow-browed Melidectes Melidectes rufocrissalis Meliphagidae (Honeyeaters)
0%
Yellow-browed Oxylabes Crossleyia xanthophrys Bernieridae (Malagasy Warblers)
0%
Yellow-browed Seedeater Crithagra whytii Fringillidae (Finches, Euphonias, and Allies)
0%
Yellow-browed Shrike-Vireo Vireolanius eximius Vireonidae (Vireos, Shrike-Babblers, and Erpornis)
0%
Yellow-browed Sparrow Ammodramus aurifrons Passerellidae (New World Sparrows)
0%
Yellow-browed Tit Sylviparus modestus Paridae (Tits, Chickadees, and Titmice)
0%
Yellow-browed Tody-Flycatcher Todirostrum chrysocrotaphum Tyrannidae (Tyrant Flycatchers)
0%
Yellow-browed Tyrant Satrapa icterophrys Tyrannidae (Tyrant Flycatchers)
0%
Yellow-browed Warbler Phylloscopus inornatus Phylloscopidae (Leaf Warblers)
0%
Yellow Bunting Emberiza sulphurata Emberizidae (Old World Buntings)
0%
Yellow-capped Weaver Ploceus dorsomaculatus Ploceidae (Weavers and Allies)
0%
Yellow-cheeked Tit Machlolophus spilonotus Paridae (Tits, Chickadees, and Titmice)
0%
Yellow-chinned Spinetail Certhiaxis cinnamomeus Furnariidae (Ovenbirds and Woodcreepers)
0%
Yellow-collared Chlorophonia Chlorophonia flavirostris Fringillidae (Finches, Euphonias, and Allies)
0%
Yellow-crested Helmetshrike Prionops alberti Vangidae (Vangas, Helmetshrikes, and Allies)
0%
Yellow-crested Tanager Loriotus rufiventer Thraupidae (Tanagers and Allies)
0%
Yellow-crowned Bishop Euplectes afer Ploceidae (Weavers and Allies)
0%
Yellow-crowned Canary Serinus flavivertex Fringillidae (Finches, Euphonias, and Allies)
0%
Yellow-crowned Elaenia Myiopagis flavivertex Tyrannidae (Tyrant Flycatchers)
0%
Yellow-crowned Euphonia Euphonia luteicapilla Fringillidae (Finches, Euphonias, and Allies)
0%
Yellow-crowned Gonolek Laniarius barbarus Malaconotidae (Bushshrikes and Allies)
0%
Yellow-crowned Manakin Heterocercus flavivertex Pipridae (Manakins)
0%
Yellow-crowned Redstart Myioborus flavivertex Parulidae (New World Warblers)
0%
Yellow-crowned Tyrannulet Tyrannulus elatus Tyrannidae (Tyrant Flycatchers)
0%
Yellow-eared Bulbul Pycnonotus penicillatus Pycnonotidae (Bulbuls)
0%
Yellow-eared Honeyeater Lichmera flavicans Meliphagidae (Honeyeaters)
0%
Yellow-eared Spiderhunter Arachnothera chrysogenys Nectariniidae (Sunbirds and Spiderhunters)
0%
Yellow-eyed Babbler Chrysomma sinense Sylviidae (Sylviid Warblers, Parrotbills, and Allies)
0%
Yellow-eyed Black-Flycatcher Melaenornis ardesiacus Muscicapidae (Old World Flycatchers)
0%
Yellow-eyed Starling Aplonis mystacea Sturnidae (Starlings)
0%
Yellow-faced Grassquit Tiaris olivaceus Thraupidae (Tanagers and Allies)
0%
Yellow-faced Myna Mino dumontii Sturnidae (Starlings)
0%
Yellow-faced Siskin Spinus yarrellii Fringillidae (Finches, Euphonias, and Allies)
0%
Yellow Flycatcher Erythrocercus holochlorus Scotocercidae (Bush Warblers and Allies)
0%
Yellow-footed Flycatcher Muscicapa sethsmithi Muscicapidae (Old World Flycatchers)
0%
Yellow-fronted Canary Crithagra mozambica Fringillidae (Finches, Euphonias, and Allies)
0%
Yellow-fronted White-eye Zosterops flavifrons Zosteropidae (White-eyes, Yuhinas, and Allies)
0%
Yellow-gaped Honeyeater Microptilotis flavirictus Meliphagidae (Honeyeaters)
0%
Yellow-green Brushfinch Atlapetes luteoviridis Passerellidae (New World Sparrows)
0%
Yellow-green Grosbeak Caryothraustes canadensis Cardinalidae (Cardinals and Allies)
0%
Yellow-green Tanager Bangsia flavovirens Thraupidae (Tanagers and Allies)
0%
Yellow-green Tyrannulet Phylloscartes flavovirens Tyrannidae (Tyrant Flycatchers)
0%
Yellow Grosbeak Pheucticus chrysopeplus Cardinalidae (Cardinals and Allies)
0%
Yellow-headed Brushfinch Atlapetes flaviceps Passerellidae (New World Sparrows)
0%
Yellow-headed Manakin Chloropipo flavicapilla Pipridae (Manakins)
0%
Yellow-headed Warbler Teretistris fernandinae Teretistridae (Cuban Warblers)
0%
Yellow-hooded Blackbird Chrysomus icterocephalus Icteridae (Troupials and Allies)
0%
Yellowish-bellied Bush Warbler Horornis acanthizoides Scotocercidae (Bush Warblers and Allies)
0%
Yellowish Bulbul Hypsipetes everetti Pycnonotidae (Bulbuls)
0%
Yellowish Flycatcher Empidonax flavescens Tyrannidae (Tyrant Flycatchers)
0%
Yellowish Pipit Anthus lutescens Motacillidae (Wagtails and Pipits)
0%
Yellowish White-eye Zosterops nigrorum Zosteropidae (White-eyes, Yuhinas, and Allies)
0%
Yellow-legged Thrush Turdus flavipes Turdidae (Thrushes and Allies)
0%
Yellow-legged Weaver Ploceus flavipes Ploceidae (Weavers and Allies)
0%
Yellow Longbill Macrosphenus flavicans Macrosphenidae (African Warblers)
0%
Yellow-mantled Weaver Ploceus tricolor Ploceidae (Weavers and Allies)
0%
Yellow-mantled Widowbird Euplectes macroura Ploceidae (Weavers and Allies)
0%
Yellow-margined Flycatcher Tolmomyias assimilis Tyrannidae (Tyrant Flycatchers)
0%
Yellow-necked Greenbul Chlorocichla falkensteini Pycnonotidae (Bulbuls)
0%
Yellow-olive Flycatcher Tolmomyias sulphurescens Tyrannidae (Tyrant Flycatchers)
0%
Yellow Penduline-Tit Anthoscopus parvulus Remizidae (Penduline-Tits)
0%
Yellow-rumped Antwren Euchrepomis sharpei Thamnophilidae (Typical Antbirds)
0%
Yellow-rumped Cacique Cacicus cela Icteridae (Troupials and Allies)
0%
Yellow-rumped Eremomela Eremomela gregalis Cisticolidae (Cisticolas and Allies)
0%
Yellow-rumped Flowerpecker Prionochilus xanthopygius Dicaeidae (Flowerpeckers)
0%
Yellow-rumped Flycatcher Ficedula zanthopygia Muscicapidae (Old World Flycatchers)
0%
Yellow-rumped Marshbird Pseudoleistes guirahuro Icteridae (Troupials and Allies)
0%
Yellow-rumped Serin Crithagra xanthopygia Fringillidae (Finches, Euphonias, and Allies)
0%
Yellow-rumped Siskin Spinus uropygialis Fringillidae (Finches, Euphonias, and Allies)
0%
Yellow-scarfed Tanager Iridosornis reinhardti Thraupidae (Tanagers and Allies)
0%
Yellow-shouldered Blackbird Agelaius xanthomus Icteridae (Troupials and Allies)
0%
Yellow-shouldered Grassquit Loxipasser anoxanthus Thraupidae (Tanagers and Allies)
0%
Yellow-shouldered Grosbeak Parkerthraustes humeralis Thraupidae (Tanagers and Allies)
0%
Yellow-sided Flowerpecker Dicaeum aureolimbatum Dicaeidae (Flowerpeckers)
0%
Yellow-spectacled White-eye Heleia wallacei Zosteropidae (White-eyes, Yuhinas, and Allies)
0%
Yellow-spotted Bush Sparrow Gymnoris pyrgita Passeridae (Old World Sparrows)
0%
Yellow-streaked Greenbul Phyllastrephus flavostriatus Pycnonotidae (Bulbuls)
0%
Yellow-streaked Honeyeater Ptiloprora meekiana Meliphagidae (Honeyeaters)
0%
Yellow-streaked Warbler Phylloscopus armandii Phylloscopidae (Leaf Warblers)
0%
Yellow-striped Brushfinch Atlapetes citrinellus Passerellidae (New World Sparrows)
0%
Yellow-tailed Oriole Icterus mesomelas Icteridae (Troupials and Allies)
0%
Yellow-thighed Brushfinch Atlapetes tibialis Passerellidae (New World Sparrows)
0%
Yellow-throated Antwren Myrmotherula ambigua Thamnophilidae (Typical Antbirds)
0%
Yellow-throated Apalis Apalis flavigularis Cisticolidae (Cisticolas and Allies)
0%
Yellow-throated Bulbul Pycnonotus xantholaemus Pycnonotidae (Bulbuls)
0%
Yellow-throated Bunting Emberiza elegans Emberizidae (Old World Buntings)
0%
Yellow-throated Bush Sparrow Gymnoris superciliaris Passeridae (Old World Sparrows)
0%
Yellow-throated Chlorospingus Chlorospingus flavigularis Passerellidae (New World Sparrows)
0%
Yellow-throated Flycatcher Conopias parvus Tyrannidae (Tyrant Flycatchers)
0%
Yellow-throated Fulvetta Schoeniparus cinereus Pellorneidae (Ground Babblers and Allies)
0%
Yellow-throated Greenbul Atimastillas flavicollis Pycnonotidae (Bulbuls)
0%
Yellow-throated Laughingthrush Pterorhinus galbanus Leiothrichidae (Laughingthrushes and Allies)
0%
Yellow-throated Leafbird Chloropsis palawanensis Chloropseidae (Leafbirds)
0%
Yellow-throated Longclaw Macronyx croceus Motacillidae (Wagtails and Pipits)
0%
Yellow-throated Mountain Greenbul Arizelocichla chlorigula Pycnonotidae (Bulbuls)
0%
Yellow-throated Nicator Nicator vireo Nicatoridae (Nicators)
0%
Yellow-throated Nightingale-Thrush Catharus dryas Turdidae (Thrushes and Allies)
0%
Yellow-throated Serin Crithagra flavigula Fringillidae (Finches, Euphonias, and Allies)
0%
Yellow-throated Spadebill Platyrinchus flavigularis Tyrannidae (Tyrant Flycatchers)
0%
Yellow-throated Sparrow Gymnoris xanthocollis Passeridae (Old World Sparrows)
0%
Yellow-throated Tanager Iridosornis analis Thraupidae (Tanagers and Allies)
0%
Yellow-throated Warbler Setophaga dominica Parulidae (New World Warblers)
0%
Yellow-throated Whistler Pachycephala macrorhyncha Pachycephalidae (Whistlers and Allies)
0%
Yellow-throated White-eye Zosterops metcalfii Zosteropidae (White-eyes, Yuhinas, and Allies)
0%
Yellow-throated Woodland-Warbler Phylloscopus ruficapilla Phylloscopidae (Leaf Warblers)
0%
Yellow-tufted Pipit Anthus crenatus Motacillidae (Wagtails and Pipits)
0%
Yellow Tyrannulet Capsiempis flaveola Tyrannidae (Tyrant Flycatchers)
0%
Yellow-vented Bulbul Pycnonotus goiavier Pycnonotidae (Bulbuls)
0%
Yellow-vented Eremomela Eremomela flavicrissalis Cisticolidae (Cisticolas and Allies)
0%
Yellow-vented Flowerpecker Dicaeum chrysorrheum Dicaeidae (Flowerpeckers)
0%
Yellow-vented Myzomela Myzomela eichhorni Meliphagidae (Honeyeaters)
0%
Yellow-vented Warbler Phylloscopus cantator Phylloscopidae (Leaf Warblers)
0%
Yellow-wattled Bulbul Brachypodius urostictus Pycnonotidae (Bulbuls)
0%
Yellow-whiskered Greenbul Eurillas latirostris Pycnonotidae (Bulbuls)
0%
Yellow-winged Blackbird Agelasticus thilius Icteridae (Troupials and Allies)
0%
Yellow-winged Cacique Cassiculus melanicterus Icteridae (Troupials and Allies)
0%
Yellow-winged Tanager Thraupis abbas Thraupidae (Tanagers and Allies)
0%
Yellow-winged Vireo Vireo carmioli Vireonidae (Vireos, Shrike-Babblers, and Erpornis)
0%
Yemen Accentor Prunella fagani Prunellidae (Accentors)
0%
Yemen Linnet Linaria yemenensis Fringillidae (Finches, Euphonias, and Allies)
0%
Yemen Serin Crithagra menachensis Fringillidae (Finches, Euphonias, and Allies)
0%
Yemen Thrush Turdus menachensis Turdidae (Thrushes and Allies)
0%
Yemen Warbler Curruca buryi Sylviidae (Sylviid Warblers, Parrotbills, and Allies)
0%
Yucatan Flycatcher Myiarchus yucatanensis Tyrannidae (Tyrant Flycatchers)
0%
Yucatan Gnatcatcher Polioptila albiventris Polioptilidae (Gnatcatchers)
0%
Yucatan Jay Cyanocorax yucatanicus Corvidae (Crows, Jays, and Magpies)
0%
Yucatan Vireo Vireo magister Vireonidae (Vireos, Shrike-Babblers, and Erpornis)
0%
Yucatan Wren Campylorhynchus yucatanicus Troglodytidae (Wrens)
0%
Yungas Manakin Chiroxiphia boliviana Pipridae (Manakins)
0%
Yungas Sparrow Rhynchospiza dabbenei Passerellidae (New World Sparrows)
0%
Yungas Tody-Tyrant Hemitriccus spodiops Tyrannidae (Tyrant Flycatchers)
0%
Yungas Tyrannulet Phyllomyias weedeni Tyrannidae (Tyrant Flycatchers)
0%
Yunnan Fulvetta Alcippe fratercula Leiothrichidae (Laughingthrushes and Allies)
0%
Yunnan Nuthatch Sitta yunnanensis Sittidae (Nuthatches)
0%
Zamboanga Bulbul Hypsipetes rufigularis Pycnonotidae (Bulbuls)
0%
Zanzibar Boubou Laniarius sublacteus Malaconotidae (Bushshrikes and Allies)
0%
Zanzibar Red Bishop Euplectes nigroventris Ploceidae (Weavers and Allies)
0%
Zapata Sparrow Torreornis inexpectata Passerellidae (New World Sparrows)
0%
Zapata Wren Ferminia cerverai Troglodytidae (Wrens)
0%
Zappey's Flycatcher Cyanoptila cumatilis Muscicapidae (Old World Flycatchers)
0%
Zarudny's Sparrow Passer zarudnyi Passeridae (Old World Sparrows)
0%
Zebra Waxbill Amandava subflava Estrildidae (Waxbills and Allies)
0%
Zeledon's Antbird Hafferia zeledoni Thamnophilidae (Typical Antbirds)
0%
Zimmer's Antbird Sciaphylax castanea Thamnophilidae (Typical Antbirds)
0%
Zimmer's Tapaculo Scytalopus zimmeri Rhinocryptidae (Tapaculos)
0%
Zimmer's Tody-Tyrant Hemitriccus minimus Tyrannidae (Tyrant Flycatchers)
0%
Zimmer's Woodcreeper Dendroplex kienerii Furnariidae (Ovenbirds and Woodcreepers)
0%
No matching quizzes found
Score Distribution
Percent of People with Each Score
Percentile by Number Answered
Your Score History
You have not taken this quiz